{"text_format":"1","workbook":"xlsx","n_sheets":14,"sheets":["свод","1632-2021-1.1,1.2-КМ1 ","1632-2021-1.1,1.2-КМ2","1632-2021-1.1,1.2-КМ3","1632-2021-2.1.11-КМ ","1632-2021-2.1.12.КМ","1632-2021-2.2.1-КМ ","1632-2021-2.2.4,2.1.6-КМ ","1632-2021-2.2.5,2.1.6,2.1.13-1","1632-2021-2.2.5,2.1.6,2.1.13-2","1632-2021-2.2.5,2.1.6,2.1.13-3","1632-2021-2.2.6-КМ","1632-2021-2.2.7-КМ ","1632-2021-3.3.9-КМ"],"not_rendered":{"charts":0,"images":0,"macros":1,"external_links":0,"defined_names":26,"comments":0,"pivot_tables":0},"unopened":[],"bounds":{"document_bytes":16777216,"sheet_cells":100000,"rows_first":2000,"rows_last":500,"rows_between":2000,"halvings":0,"cell_chars":16384,"cell_head_chars":4096},"cells_cut":0,"cells_raw":0,"read":"whole","date_system":"1900"}

{"sheet":"свод","index":0,"n_rows":25,"n_cols":5,"rows_kept":25,"cut":false,"hidden":false,"merged":[[22,3,22,4],[23,3,23,4],[24,3,24,4],[0,0,0,1],[0,2,0,4],[1,0,1,1],[3,0,3,1],[4,0,4,1],[6,3,6,4]]}
["Наименование закупки: ",null,"Выполнение комплекса строительно-монтажных работ по монтажу подкрановых путей крытого склада №1 и №2 на объекте «Терминал по перевалке минеральных удобрений в морском торговом порту Усть-Луга».\n"]
["Исх. № ______________ от __.__.2023г."]
[]
["Наименование Участника:"]
["ИНН Участника "]
[]
["№ п/п","Наименование","Требование ООО «ЕТУ»","Предложение Участника, руб без НДС"]
[null,null,null,"Материалы","Работы"]
[1,"1632-2021-1.1,1.2-КМ1_07.02.010-П-01-01","Конструкции металлические. Основные конструкции.",{"$f":"'1632-2021-1.1,1.2-КМ1 '!I324","v":46675351.420000002},{"$f":"'1632-2021-1.1,1.2-КМ1 '!G324","v":39889570.579999998}]
[2,"1632-2021-1.1,1.2-КМ2_07.02.010-П-01-01","Конструкции металлические. Второстипенные конструкции.",{"$f":"'1632-2021-1.1,1.2-КМ2'!I247","v":4499126.28},{"$f":"'1632-2021-1.1,1.2-КМ2'!G247","v":3580643.47}]
[3,"1632-2021-1.1,1.2-КМ3_07.02.010-П-01-01","Конструкции металлические. Этажерка аспирационной установки.",{"$f":"'1632-2021-1.1,1.2-КМ3'!I246","v":10578865.689999999},{"$f":"'1632-2021-1.1,1.2-КМ3'!G246","v":8620382.5099999998}]
[4,"1632-2021-2.1.11-КМ-07.05.050-П-01-02","Конструкции металлические",{"$f":"'1632-2021-2.1.11-КМ '!I315","v":15092564.710000001},{"$f":"'1632-2021-2.1.11-КМ '!G315","v":19228127.379999999}]
[5,"1632-2021-2.1.12.КМ_07.04.051-П-01-02","Конструкции металлические",{"$f":"'1632-2021-2.1.12.КМ'!I286","v":9425487.6199999992},{"$f":"'1632-2021-2.1.12.КМ'!G286","v":9086068.6600000001}]
[6,"1632-2021-2.2.1-КМ_07.04.020-П-01-03","Конструкции металлические.",{"$f":"'1632-2021-2.2.1-КМ '!I333","v":14121176.33},{"$f":"'1632-2021-2.2.1-КМ '!G333","v":14353816.039999999}]
[7,"1632-2021-2.2.4,2.1.6-КМ_07.04.023_07.04.045-П-01-02","Конструкции металлические",{"$f":"'1632-2021-2.2.4,2.1.6-КМ '!I581","v":29636648.829999998},{"$f":"'1632-2021-2.2.4,2.1.6-КМ '!G581","v":20054287.530000001}]
[8,"1632-2021-2.2.5,2.1.6,2.1.13-КМ_07.04.052-П-00-01","Конструкции металлические",{"$f":"'1632-2021-2.2.5,2.1.6,2.1.13-1'!I331","v":21547098.329999998},{"$f":"'1632-2021-2.2.5,2.1.6,2.1.13-1'!G331","v":25271466.02}]
[9,"1632-2021-2.2.5,2.1.6,2.1.13-КМ_07.04.045-П-00-01","Конструкции металлические",{"$f":"'1632-2021-2.2.5,2.1.6,2.1.13-2'!I257","v":5520997.0499999998},{"$f":"'1632-2021-2.2.5,2.1.6,2.1.13-2'!G257","v":4695592.2300000004}]
[10,"1632-2021-2.2.5,2.1.6,2.1.13-КМ_07.04.024-П-01-03","Конструкции металлические",{"$f":"'1632-2021-2.2.5,2.1.6,2.1.13-3'!I229","v":2620244.58},{"$f":"'1632-2021-2.2.5,2.1.6,2.1.13-3'!G229","v":2215781.69}]
[11,"1632-2021-2.2.6-КМ_07.04.025-П-01-03","Конструкции металлические",{"$f":"'1632-2021-2.2.6-КМ'!I324","v":8194253.1799999997},{"$f":"'1632-2021-2.2.6-КМ'!G324","v":9336256.8800000008}]
[12,"1632-2021-2.2.7-КМ_07.04.026-П-01-03","Конструкции металлические.",{"$f":"'1632-2021-2.2.7-КМ '!I328","v":9185413.8300000001},{"$f":"'1632-2021-2.2.7-КМ '!G328","v":9674020.5800000001}]
[13,"1632-2021-3.3.9-КМ-03.02.080-П-00-00","Конструкции металлические",{"$f":"'1632-2021-3.3.9-КМ'!I129","v":2354674.59},{"$f":"'1632-2021-3.3.9-КМ'!G129","v":744545.23}]
[null,"Итоговая стоимость строительно-монтажных работ",null,{"$f":"SUM(D9:D21)","v":179451902.44},{"$f":"SUM(E9:E21)","v":166750558.80000001}]
[null,"ВСЕГО",null,{"$f":"D22+E22","v":346202461.24000001}]
[null,"НДС",0.2,{"$f":"D23*0.2","v":69240492.25}]
[null,"Итоговая стоимость СМР, руб с НДС",null,{"$f":"D23+D24","v":415442953.49000001}]

{"sheet":"1632-2021-1.1,1.2-КМ1 ","index":1,"n_rows":324,"n_cols":10,"rows_kept":324,"cut":false,"hidden":false,"merged":[]}
[]
["Терминал по перевалке минеральных удобрений в морском торговом порту Усть-Луга. Береговые объекты терминала"]
["(наименование стройки)"]
[]
["ЛОКАЛЬНАЯ СМЕТА № 1632-2021-1.1,1.2-КМ1_07.02.010-П-01-01"]
["(локальная смета)"]
["на Конструкции металлические. Основные конструкции., 07.02.010 Станция разгрузки вагонов (код SAP 01.04.001) код ГП 1.1"]
["(наименование работ и затрат, наименование объекта)"]
[null,"Основание:","1632-2021-1.1,1,2-КМ1_2_0_RU_IFС"]
[]
["№ п/п","Обоснование","Наименование работ и затрат","Ед. изм.","Кол-во","Цена за ед.измерения работ, руб. с НДС","Всего, стоимость работ,руб. с НДС","Цена за ед.измерения материалов, руб. с НДС","Всего, стоимость материалов, руб. с НДС","Итого, руб. с НДС"]
[1,2,3,4,5,6,7,8,9,10]
["Раздел 1. Колонны"]
["1","ТЕР09-03-002-03","Монтаж колонн одноэтажных и многоэтажных зданий и крановых эстакад высотой: до 25 м цельного сечения массой до 5,0 т","1 т конструкций",87.152000000000001,{"$f":"G14/E14","v":10717.15},934020.67,{"$f":"I14/E14","v":721.99},62922.85,{"$f":"G14+I14","v":996943.52}]
[null,"101-0309","Канаты пеньковые пропитанные","т","0,000113\n0,0098",null,null,null,null,{"$f":"G15+I15","v":0}]
[null,"101-0324","Кислород технический: газообразный","м3","0,678\n59,09",null,null,null,null,0]
[null,"101-0797","Проволока горячекатаная в мотках, диаметром 6,3-6,5 мм","т","0,0000339\n0,003",null,null,null,null,0]
[null,"101-1019","Швеллеры № 40 из стали марки: Ст0","т","0,0021922\n0,1911",null,null,null,null,0]
[null,"101-1513","Электроды диаметром: 4 мм Э42","т","0,001243\n0,1083",null,null,null,null,0]
[null,"101-1714","Болты с гайками и шайбами строительные","т","0,0000791\n0,0069",null,null,null,null,0]
[null,"101-1805","Гвозди строительные","т","0,0000113\n0,001",null,null,null,null,0]
[null,"101-2278","Пропан-бутан, смесь техническая","кг","0,2034\n17,73",null,null,null,null,0]
[null,"101-2467","Растворитель марки: Р-4","т","0,000678\n0,0591",null,null,null,null,0]
[null,"102-0023","Бруски обрезные хвойных пород длиной: 4-6,5 м, шириной 75-150 мм, толщиной 40-75 мм, I сорта","м3","0,0011639\n0,1014",null,null,null,null,0]
[null,"113-0021","Грунтовка: ГФ-021 красно-коричневая","т","0,0003503\n0,0305",null,null,null,null,0]
[null,"201-0756","Отдельные конструктивные элементы зданий и сооружений с преобладанием: горячекатаных профилей, средняя масса сборочной единицы от 0,1 до 0,5 т","т","0,000339\n0,0295",null,null,null,null,0]
[null,"508-0097","Канат двойной свивки типа ТК, конструкции 6х19(1+6+12)+1 о.с., оцинкованный из проволок марки В, маркировочная группа: 1770 н/мм2, диаметром 5,5 мм","10 м","0,021131\n1,842",null,null,null,null,0]
["2","ТЕРм38-01-002-03","Монорельсы, балки и другие аналогичные конструкции промышленных зданий, сборка с помощью: лебедок электрических (с установкой и снятием их в процессе работы)","1 т конструкций",83.8,{"$f":"G28/E28","v":38757.43},3247873.03,{"$f":"I28/E28","v":602.19000000000005},50463.55,3298336.58]
[null,"101-0324","Кислород технический: газообразный","м3","0,6\n50,28",null,null,null,null,0]
[null,"101-1521","Электроды диаметром: 5 мм Э42","т","0,0032\n0,2682",null,null,null,null,0]
[null,"101-2278","Пропан-бутан, смесь техническая","кг","0,2\n16,76",null,null,null,null,0]
[null,"999-9950","Вспомогательные ненормируемые ресурсы (2% от Оплаты труда рабочих)","руб","10,14\n849,7",null,null,null,null,0]
["3","Прайс","Двутавр 60Ш1","т",87.082319999999996,0,0,100458.78,8748183.5099999998,8748183.5099999998]
["4","Прайс","Прокат листовой 40мм","т",8.3439200000000007,0,0,121283.21,1011977.4,1011977.4]
["5","Прайс","Прокат листовой 16мм","т",2.1153599999999999,0,0,103817.57,219611.53,219611.53]
["6","Прайс","Прокат листовой 12мм","т",0.94016,0,0,96028.52,90282.17,90282.17]
["7","ТЕР09-03-002-03","Монтаж колонн одноэтажных и многоэтажных зданий и крановых эстакад высотой: до 25 м цельного сечения массой до 5,0 т","1 т конструкций",15.6,9484.23,147953.99,638.9,9966.8700000000008,157920.85999999999]
[null,"101-0309","Канаты пеньковые пропитанные","т","0,0001\n0,0016",null,null,null,null,0]
[null,"101-0324","Кислород технический: газообразный","м3","0,6\n9,36",null,null,null,null,0]
[null,"101-0797","Проволока горячекатаная в мотках, диаметром 6,3-6,5 мм","т","0,00003\n0,0005",null,null,null,null,0]
[null,"101-1019","Швеллеры № 40 из стали марки: Ст0","т","0,00194\n0,0303",null,null,null,null,0]
[null,"101-1513","Электроды диаметром: 4 мм Э42","т","0,0011\n0,0172",null,null,null,null,0]
[null,"101-1714","Болты с гайками и шайбами строительные","т","0,00007\n0,0011",null,null,null,null,0]
[null,"101-1805","Гвозди строительные","т","0,00001\n0,0002",null,null,null,null,0]
[null,"101-2278","Пропан-бутан, смесь техническая","кг","0,18\n2,808",null,null,null,null,0]
[null,"101-2467","Растворитель марки: Р-4","т","0,0006\n0,0094",null,null,null,null,0]
[null,"102-0023","Бруски обрезные хвойных пород длиной: 4-6,5 м, шириной 75-150 мм, толщиной 40-75 мм, I сорта","м3","0,00103\n0,0161",null,null,null,null,0]
[null,"113-0021","Грунтовка: ГФ-021 красно-коричневая","т","0,00031\n0,0048",null,null,null,null,0]
[null,"201-0756","Отдельные конструктивные элементы зданий и сооружений с преобладанием: горячекатаных профилей, средняя масса сборочной единицы от 0,1 до 0,5 т","т","0,0003\n0,0047",null,null,null,null,0]
[null,"508-0097","Канат двойной свивки типа ТК, конструкции 6х19(1+6+12)+1 о.с., оцинкованный из проволок марки В, маркировочная группа: 1770 н/мм2, диаметром 5,5 мм","10 м","0,0187\n0,2917",null,null,null,null,0]
["8","ТЕРм38-01-002-03","Монорельсы, балки и другие аналогичные конструкции промышленных зданий, сборка с помощью: лебедок электрических (с установкой и снятием их в процессе работы)","1 т конструкций",15,38757.279999999999,581359.22,602.29999999999995,9034.5400000000009,590393.76]
[null,"101-0324","Кислород технический: газообразный","м3","0,6\n9",null,null,null,null,0]
[null,"101-1521","Электроды диаметром: 5 мм Э42","т","0,0032\n0,048",null,null,null,null,0]
[null,"101-2278","Пропан-бутан, смесь техническая","кг","0,2\n3",null,null,null,null,0]
[null,"999-9950","Вспомогательные ненормируемые ресурсы (2% от Оплаты труда рабочих)","руб","10,14\n152,1",null,null,null,null,0]
["9","Прайс","Профиль гн. 200*6","т",12.064,0,0,134183.5,1618789.76,1618789.76]
["10","Прайс","Уголок равнополочный 100*8","т",0.52,0,0,112543.58,58522.66,58522.66]
["11","Прайс","Прокат листовой 30мм","т",3.016,0,0,117874.28,355508.84,355508.84]
["Перевозка материалов (металл 140 км. ОП \"МКМ-СПб\")",null,null,null,null,null,null,null,null,0]
["12",null,"металлопрокат, трубопрокат и металлоконструкции","т",98.8,0,0,0,0,0]
["13","ТССЦпг-03-02-01-140","Перевозка строительных грузов (кроме массовых навалочных, перевозимых автомобилями-самосвалами, а также бетонных и железобетонных изделий, стеновых и перегородочных материалов, лесоматериалов круглых и пиломатериалов, включенных в таблицу 03-01), бортовым автомобилем грузоподъемностью 5 т, на расстояние до 140 км I класс груза","1 т груза",98.8,0,0,2338.66,231059.49,231059.49]
["14","ТССЦпг-01-01-02-015","Разгрузочные работы при автомобильных перевозках: металлических конструкций массой до 1 т","1 т груза",98.8,0,0,470.66,46501.51,46501.51]
["Раздел 2. Балки",null,null,null,null,null,null,null,null,0]
["15","ТЕР09-03-002-12","Монтаж балок, ригелей перекрытия, покрытия и под установку оборудования многоэтажных зданий при высоте здания: до 25 м","1 т конструкций",58.863999999999997,39819.4,2343929.35,1853.52,109105.44,2453034.79]
[null,"101-0309","Канаты пеньковые пропитанные","т","0,000113\n0,0067",null,null,null,null,0]
[null,"101-0324","Кислород технический: газообразный","м3","2,2035\n129,7",null,null,null,null,0]
[null,"101-0797","Проволока горячекатаная в мотках, диаметром 6,3-6,5 мм","т","0,0000339\n0,002",null,null,null,null,0]
[null,"101-1019","Швеллеры № 40 из стали марки: Ст0","т","0,0021922\n0,129",null,null,null,null,0]
[null,"101-1513","Электроды диаметром: 4 мм Э42","т","0,003503\n0,2062",null,null,null,null,0]
[null,"101-1714","Болты с гайками и шайбами строительные","т","0,003503\n0,2062",null,null,null,null,0]
[null,"101-1805","Гвозди строительные","т","0,0000113\n0,0007",null,null,null,null,0]
[null,"101-2278","Пропан-бутан, смесь техническая","кг","0,6667\n39,24",null,null,null,null,0]
[null,"101-2467","Растворитель марки: Р-4","т","0,000678\n0,0399",null,null,null,null,0]
[null,"102-0023","Бруски обрезные хвойных пород длиной: 4-6,5 м, шириной 75-150 мм, толщиной 40-75 мм, I сорта","м3","0,0011639\n0,0685",null,null,null,null,0]
[null,"113-0021","Грунтовка: ГФ-021 красно-коричневая","т","0,0003503\n0,0206",null,null,null,null,0]
[null,"201-0756","Отдельные конструктивные элементы зданий и сооружений с преобладанием: горячекатаных профилей, средняя масса сборочной единицы от 0,1 до 0,5 т","т","0,000565\n0,0333",null,null,null,null,0]
[null,"508-0097","Канат двойной свивки типа ТК, конструкции 6х19(1+6+12)+1 о.с., оцинкованный из проволок марки В, маркировочная группа: 1770 н/мм2, диаметром 5,5 мм","10 м","0,021131\n1,244",null,null,null,null,0]
["16","ТЕРм38-01-002-03","Монорельсы, балки и другие аналогичные конструкции промышленных зданий, сборка с помощью: лебедок электрических (с установкой и снятием их в процессе работы)","1 т конструкций",56.6,38757.39,2193668.4300000002,602.19000000000005,34083.870000000003,2227752.2999999998]
[null,"101-0324","Кислород технический: газообразный","м3","0,6\n33,96",null,null,null,null,{"$f":"G79+I79","v":0}]
[null,"101-1521","Электроды диаметром: 5 мм Э42","т","0,0032\n0,1811",null,null,null,null,0]
[null,"101-2278","Пропан-бутан, смесь техническая","кг","0,2\n11,32",null,null,null,null,0]
[null,"999-9950","Вспомогательные ненормируемые ресурсы (2% от Оплаты труда рабочих)","руб","10,14\n573,9",null,null,null,null,0]
["17","Прайс","Двутавр 60Б2","т",61.933039999999998,{"$f":"G83/E83","v":0},0,{"$f":"I83/E83","v":120613.71},7469973.8399999999,7469973.8399999999]
["18","Прайс","Двутавр 40Б1","т",1.6452800000000001,0,0,117753.58,193737.61,193737.61]
["19","Прайс","Двутавр 40Ш1","т",1.52776,0,0,96028.75,146708.88,146708.88]
["20","Прайс","Прокат листовой 25мм","т",1.4102399999999999,0,0,112337.34,158422.60999999999,158422.60999999999]
["21","ТЕР09-03-002-12","Монтаж балок, ригелей перекрытия, покрытия и под установку оборудования многоэтажных зданий при высоте здания: до 25 м","1 т конструкций",45.344000000000001,35238.44,1597851.72,1640.24,74375.12,1672226.84]
[null,"101-0309","Канаты пеньковые пропитанные","т","0,0001\n0,0045",null,null,null,null,0]
[null,"101-0324","Кислород технический: газообразный","м3","1,95\n88,42",null,null,null,null,0]
[null,"101-0797","Проволока горячекатаная в мотках, диаметром 6,3-6,5 мм","т","0,00003\n0,0014",null,null,null,null,0]
[null,"101-1019","Швеллеры № 40 из стали марки: Ст0","т","0,00194\n0,088",null,null,null,null,0]
[null,"101-1513","Электроды диаметром: 4 мм Э42","т","0,0031\n0,1406",null,null,null,null,0]
[null,"101-1714","Болты с гайками и шайбами строительные","т","0,0031\n0,1406",null,null,null,null,0]
[null,"101-1805","Гвозди строительные","т","0,00001\n0,0005",null,null,null,null,0]
[null,"101-2278","Пропан-бутан, смесь техническая","кг","0,59\n26,75",null,null,null,null,0]
[null,"101-2467","Растворитель марки: Р-4","т","0,0006\n0,0272",null,null,null,null,0]
[null,"102-0023","Бруски обрезные хвойных пород длиной: 4-6,5 м, шириной 75-150 мм, толщиной 40-75 мм, I сорта","м3","0,00103\n0,0467",null,null,null,null,0]
[null,"113-0021","Грунтовка: ГФ-021 красно-коричневая","т","0,00031\n0,0141",null,null,null,null,0]
[null,"201-0756","Отдельные конструктивные элементы зданий и сооружений с преобладанием: горячекатаных профилей, средняя масса сборочной единицы от 0,1 до 0,5 т","т","0,0005\n0,0227",null,null,null,null,0]
[null,"508-0097","Канат двойной свивки типа ТК, конструкции 6х19(1+6+12)+1 о.с., оцинкованный из проволок марки В, маркировочная группа: 1770 н/мм2, диаметром 5,5 мм","10 м","0,0187\n0,8479",null,null,null,null,0]
["22","ТЕРм38-01-002-03","Монорельсы, балки и другие аналогичные конструкции промышленных зданий, сборка с помощью: лебедок электрических (с установкой и снятием их в процессе работы)","1 т конструкций",43.6,38757.42,1689823.58,602.16999999999996,26254.61,1716078.19]
[null,"101-0324","Кислород технический: газообразный","м3","0,6\n26,16",null,null,null,null,0]
[null,"101-1521","Электроды диаметром: 5 мм Э42","т","0,0032\n0,1395",null,null,null,null,0]
[null,"101-2278","Пропан-бутан, смесь техническая","кг","0,2\n8,72",null,null,null,null,0]
[null,"999-9950","Вспомогательные ненормируемые ресурсы (2% от Оплаты труда рабочих)","руб","10,14\n442,1",null,null,null,null,0]
["23","Прайс","Двутавр 25Б1","т",0.52,0,0,113714.92,59131.76,59131.76]
["24","Прайс","Двутавр М45","т",29.224,0,0,113067.46,3304283.4,3304283.4]
["25","Прайс","Двутавр М30","т",8.6319999999999997,0,0,110754.56,956033.37,956033.37]
["26","Прайс","Швеллер 24П","т",0.624,0,0,109841.73,68541.240000000005,68541.240000000005]
["27","Прайс","Швеллер 8П","т",0.72799999999999998,0,0,95590.56,69589.929999999993,69589.929999999993]
["28","Прайс","Уголок не равнополочный 160*100*9","т",0.93600000000000005,0,0,143616.28,134424.84,134424.84]
["29","Прайс","Уголок равнополочный 100*8","т",0.104,0,0,112549.13,11705.11,11705.11]
["30","Прайс","Уголок равнополочный 63*5","т",0.312,0,0,103575.19,32315.46,32315.46]
["31","Прайс","Прокат листовой 20мм","т",3.8479999999999999,0,0,106982.05,411666.92,411666.92]
["32","Прайс","Прокат листовой 12мм","т",0.20799999999999999,0,0,96028.65,19973.96,19973.96]
["33","Прайс","Прокат листовой 8мм","т",0.20799999999999999,0,0,93155.53,19376.349999999999,19376.349999999999]
["Перевозка материалов (металл 140 км. ОП \"МКМ-СПб\")",null,null,null,null,null,null,null,null,0]
["34",null,"металлопрокат, трубопрокат и металлоконструкции","т",100.2,0,0,0,0,0]
["35","ТССЦпг-03-02-01-140","Перевозка строительных грузов (кроме массовых навалочных, перевозимых автомобилями-самосвалами, а также бетонных и железобетонных изделий, стеновых и перегородочных материалов, лесоматериалов круглых и пиломатериалов, включенных в таблицу 03-01), бортовым автомобилем грузоподъемностью 5 т, на расстояние до 140 км I класс груза","1 т груза",100.2,0,0,2338.66,234333.41,234333.41]
["36","ТССЦпг-01-01-02-015","Разгрузочные работы при автомобильных перевозках: металлических конструкций массой до 1 т","1 т груза",100.2,0,0,470.67,47160.89,47160.89]
["Раздел 3. Связи и распорки",null,null,null,null,null,null,null,null,0]
["37","ТЕР09-03-014-01","Монтаж связей и распорок из одиночных и парных уголков, гнутосварных профилей для пролетов: до 24 м при высоте здания до  25 м","1 т конструкций",39.832000000000001,85073.62,3388652.44,4252.34,169379.27,3558031.71]
[null,"101-0309","Канаты пеньковые пропитанные","т","0,0001\n0,004",null,null,null,null,0]
[null,"101-0324","Кислород технический: газообразный","м3","1,2\n47,8",null,null,null,null,0]
[null,"101-0797","Проволока горячекатаная в мотках, диаметром 6,3-6,5 мм","т","0,00003\n0,0012",null,null,null,null,0]
[null,"101-1019","Швеллеры № 40 из стали марки: Ст0","т","0,00194\n0,0773",null,null,null,null,0]
[null,"101-1513","Электроды диаметром: 4 мм Э42","т","0,00044\n0,0175",null,null,null,null,0]
[null,"101-1714","Болты с гайками и шайбами строительные","т","0,021\n0,8365",null,null,null,null,0]
[null,"101-1805","Гвозди строительные","т","0,00001\n0,0004",null,null,null,null,0]
[null,"101-2278","Пропан-бутан, смесь техническая","кг","0,36\n14,34",null,null,null,null,0]
[null,"101-2467","Растворитель марки: Р-4","т","0,0006\n0,0239",null,null,null,null,0]
[null,"102-0023","Бруски обрезные хвойных пород длиной: 4-6,5 м, шириной 75-150 мм, толщиной 40-75 мм, I сорта","м3","0,00103\n0,041",null,null,null,null,0]
[null,"113-0021","Грунтовка: ГФ-021 красно-коричневая","т","0,00031\n0,0123",null,null,null,null,0]
[null,"201-0756","Отдельные конструктивные элементы зданий и сооружений с преобладанием: горячекатаных профилей, средняя масса сборочной единицы от 0,1 до 0,5 т","т","0,0002\n0,008",null,null,null,null,0]
[null,"508-0097","Канат двойной свивки типа ТК, конструкции 6х19(1+6+12)+1 о.с., оцинкованный из проволок марки В, маркировочная группа: 1770 н/мм2, диаметром 5,5 мм","10 м","0,0187\n0,7449",null,null,null,null,0]
["38","ТЕРм38-01-003-03","Решетчатые конструкции (стойки, опоры, фермы и пр.), сборка с помощью: лебедок электрических (с установкой и снятием их в процессе работы)","1 т конструкций",38.299999999999997,144453.66,5532575.1500000004,3563.16,136469.07,5669044.2199999997]
[null,"101-0324","Кислород технический: газообразный","м3","2,6\n99,58",null,null,null,null,0]
[null,"101-1521","Электроды диаметром: 5 мм Э42","т","0,0215\n0,8235",null,null,null,null,0]
[null,"101-2278","Пропан-бутан, смесь техническая","кг","0,5\n19,15",null,null,null,null,0]
[null,"999-9950","Вспомогательные ненормируемые ресурсы (2% от Оплаты труда рабочих)","руб","42,32\n1621",null,null,null,null,0]
["39","Прайс","Профиль гн. 140*5","т",3.2240000000000002,0,0,120369.54,388071.39,388071.39]
["40","Прайс","Профиль гн. 120*5","т",17.783999999999999,0,0,113870.47,2025072.45,2025072.45]
["41","Прайс","Профиль гн. 100*5","т",11.128,{"$f":"G143/E143","v":0},0,{"$f":"I143/E143","v":109780.67},1221639.3,{"$f":"G143+I143","v":1221639.3}]
["42","Прайс","Швеллер 12П","т",5.2,0,0,98426.04,511815.4,511815.4]
["43","Прайс","Уголок не равнополочный 125*80*8","т",1.3520000000000001,0,0,123474.19,166937.10999999999,166937.10999999999]
["44","Прайс","Уголок равнополочный 63*5","т",0.312,0,0,103575.19,32315.46,32315.46]
["45","Прайс","Прокат листовой 8мм","т",0.52,0,0,93155.520000000004,48440.87,48440.87]
["46","Прайс","Прокат листовой 4мм","т",0.312,0,0,76432.47,23846.93,23846.93]
["Перевозка материалов (металл 140 км. ОП \"МКМ-СПб\")",null,null,null,null,null,null,null,null,0]
["47",null,"металлопрокат, трубопрокат и металлоконструкции","т",38.299999999999997,0,0,0,0,0]
["48","ТССЦпг-03-02-01-140","Перевозка строительных грузов (кроме массовых навалочных, перевозимых автомобилями-самосвалами, а также бетонных и железобетонных изделий, стеновых и перегородочных материалов, лесоматериалов круглых и пиломатериалов, включенных в таблицу 03-01), бортовым автомобилем грузоподъемностью 5 т, на расстояние до 140 км I класс груза","1 т груза",38.299999999999997,0,0,2338.67,89571.07,89571.07]
["49","ТССЦпг-01-01-02-015","Разгрузочные работы при автомобильных перевозках: металлических конструкций массой до 1 т","1 т груза",38.299999999999997,0,0,470.65,18025.98,18025.98]
["Раздел 4. Прогоны",null,null,null,null,null,null,null,null,0]
["50","ТЕР09-03-015-01","Монтаж прогонов при шаге ферм до 12 м при высоте здания: до 25 м","1 т конструкций",19.135999999999999,24539.93,469596.01,1307.51,25020.6,494616.61]
[null,"101-0309","Канаты пеньковые пропитанные","т","0,0001\n0,0019",null,null,null,null,0]
[null,"101-0324","Кислород технический: газообразный","м3","0,5\n9,568",null,null,null,null,0]
[null,"101-0797","Проволока горячекатаная в мотках, диаметром 6,3-6,5 мм","т","0,00003\n0,0006",null,null,null,null,0]
[null,"101-1019","Швеллеры № 40 из стали марки: Ст0","т","0,00194\n0,0371",null,null,null,null,0]
[null,"101-1513","Электроды диаметром: 4 мм Э42","т","0,0026\n0,0498",null,null,null,null,0]
[null,"101-1714","Болты с гайками и шайбами строительные","т","0,003\n0,0574",null,null,null,null,0]
[null,"101-1805","Гвозди строительные","т","0,00001\n0,0002",null,null,null,null,0]
[null,"101-2278","Пропан-бутан, смесь техническая","кг","0,15\n2,87",null,null,null,null,0]
[null,"101-2467","Растворитель марки: Р-4","т","0,0006\n0,0115",null,null,null,null,0]
[null,"102-0023","Бруски обрезные хвойных пород длиной: 4-6,5 м, шириной 75-150 мм, толщиной 40-75 мм, I сорта","м3","0,00103\n0,0197",null,null,null,null,0]
[null,"113-0021","Грунтовка: ГФ-021 красно-коричневая","т","0,00031\n0,0059",null,null,null,null,0]
[null,"201-0756","Отдельные конструктивные элементы зданий и сооружений с преобладанием: горячекатаных профилей, средняя масса сборочной единицы от 0,1 до 0,5 т","т","0,0001\n0,0019",null,null,null,null,0]
[null,"508-0097","Канат двойной свивки типа ТК, конструкции 6х19(1+6+12)+1 о.с., оцинкованный из проволок марки В, маркировочная группа: 1770 н/мм2, диаметром 5,5 мм","10 м","0,0187\n0,3578",null,null,null,null,0]
["51","ТЕРм38-01-003-03","Решетчатые конструкции (стойки, опоры, фермы и пр.), сборка с помощью: лебедок электрических (с установкой и снятием их в процессе работы)","1 т конструкций",18.399999999999999,144453.68,2657947.67,3563.14,65561.81,2723509.48]
[null,"101-0324","Кислород технический: газообразный","м3","2,6\n47,84",null,null,null,null,0]
[null,"101-1521","Электроды диаметром: 5 мм Э42","т","0,0215\n0,3956",null,null,null,null,0]
[null,"101-2278","Пропан-бутан, смесь техническая","кг","0,5\n9,2",null,null,null,null,0]
[null,"999-9950","Вспомогательные ненормируемые ресурсы (2% от Оплаты труда рабочих)","руб","42,32\n778,7",null,null,null,null,0]
["52","Прайс","Швеллер 24П","т",2.8079999999999998,0,0,109842.24000000001,308437.02,308437.02]
["53","Прайс","Швеллер 20П","т",16.224,0,0,107663.16,1746727.09,1746727.09]
["54","Прайс","Швеллер 12П","т",0.104,0,0,98432.12,10236.94,10236.94]
["Перевозка материалов (металл 140 км. ОП \"МКМ-СПб\")",null,null,null,null,null,null,null,null,0]
["55",null,"металлопрокат, трубопрокат и металлоконструкции","т",18.399999999999999,0,0,0,0,0]
["56","ТССЦпг-03-02-01-140","Перевозка строительных грузов (кроме массовых навалочных, перевозимых автомобилями-самосвалами, а также бетонных и железобетонных изделий, стеновых и перегородочных материалов, лесоматериалов круглых и пиломатериалов, включенных в таблицу 03-01), бортовым автомобилем грузоподъемностью 5 т, на расстояние до 140 км I класс груза","1 т груза",18.399999999999999,0,0,2338.63,43030.77,43030.77]
["57","ТССЦпг-01-01-02-015","Разгрузочные работы при автомобильных перевозках: металлических конструкций массой до 1 т","1 т груза",18.399999999999999,0,0,470.63,8659.6,8659.6]
["Раздел 5. Фахверк",null,null,null,null,null,null,null,null,0]
["58","ТЕР09-04-006-01","Монтаж фахверка","1 т конструкций",3.2240000000000002,26664.53,85966.44,2974.27,9589.0499999999993,95555.49]
[null,"101-0309","Канаты пеньковые пропитанные","т","0,000112\n0,0004",null,null,null,null,0]
[null,"101-0324","Кислород технический: газообразный","м3","2,912\n9,388",null,null,null,null,0]
[null,"101-0797","Проволока горячекатаная в мотках, диаметром 6,3-6,5 мм","т","0,0000336\n0,0001",null,null,null,null,0]
[null,"101-1019","Швеллеры № 40 из стали марки: Ст0","т","0,0021728\n0,007",null,null,null,null,0]
[null,"101-1515","Электроды диаметром: 4 мм Э46","т","0,01792\n0,0578",null,null,null,null,0]
[null,"101-1805","Гвозди строительные","т","0,0000112\n0",null,null,null,null,0]
[null,"101-2278","Пропан-бутан, смесь техническая","кг","0,8736\n2,816",null,null,null,null,0]
[null,"101-2467","Растворитель марки: Р-4","т","0,000672\n0,0022",null,null,null,null,0]
[null,"113-0021","Грунтовка: ГФ-021 красно-коричневая","т","0,0003472\n0,0011",null,null,null,null,0]
[null,"201-0756","Отдельные конструктивные элементы зданий и сооружений с преобладанием: горячекатаных профилей, средняя масса сборочной единицы от 0,1 до 0,5 т","т","0,00112\n0,0036",null,null,null,null,0]
[null,"508-0097","Канат двойной свивки типа ТК, конструкции 6х19(1+6+12)+1 о.с., оцинкованный из проволок марки В, маркировочная группа: 1770 н/мм2, диаметром 5,5 мм","10 м","0,020944\n0,0675",null,null,null,null,0]
["59","ТЕРм38-01-002-03","Монорельсы, балки и другие аналогичные конструкции промышленных зданий, сборка с помощью: лебедок электрических (с установкой и снятием их в процессе работы)","1 т конструкций",3.1,38756.589999999997,120145.42,49815.8,154428.97,274574.39]
[null,"101-0324","Кислород технический: газообразный","м3","0,6\n1,86",null,null,null,null,0]
[null,"101-1015","Балки двутавровые № 60 из стали марки: Ст3сп","т","1,02\n3,162",null,null,null,null,0]
[null,"101-1521","Электроды диаметром: 5 мм Э42","т","0,0032\n0,0099",null,null,null,null,0]
[null,"101-2278","Пропан-бутан, смесь техническая","кг","0,2\n0,62",null,null,null,null,0]
[null,"999-9950","Вспомогательные ненормируемые ресурсы (2% от Оплаты труда рабочих)","руб","10,14\n31,43",null,null,null,null,0]
["60","Прайс","Двутавр 40Б1","т",3.6108799999999999,0,0,117753.45,425193.59,425193.59]
["61","ТЕР09-04-006-01","Монтаж фахверка","1 т конструкций",35.984000000000002,23807.33,856683.09,2656.03,95574.46,952257.55]
[null,"101-0309","Канаты пеньковые пропитанные","т","0,0001\n0,0036",null,null,null,null,0]
[null,"101-0324","Кислород технический: газообразный","м3","2,6\n93,56",null,null,null,null,0]
[null,"101-0797","Проволока горячекатаная в мотках, диаметром 6,3-6,5 мм","т","0,00003\n0,0011",null,null,null,null,0]
[null,"101-1019","Швеллеры № 40 из стали марки: Ст0","т","0,00194\n0,0698",null,null,null,null,0]
[null,"101-1515","Электроды диаметром: 4 мм Э46","т","0,016\n0,5757",null,null,null,null,0]
[null,"101-1805","Гвозди строительные","т","0,00001\n0,0004",null,null,null,null,0]
[null,"101-2278","Пропан-бутан, смесь техническая","кг","0,78\n28,07",null,null,null,null,{"$f":"G207+I207","v":0}]
[null,"101-2467","Растворитель марки: Р-4","т","0,0006\n0,0216",null,null,null,null,0]
[null,"113-0021","Грунтовка: ГФ-021 красно-коричневая","т","0,00031\n0,0112",null,null,null,null,0]
[null,"201-0756","Отдельные конструктивные элементы зданий и сооружений с преобладанием: горячекатаных профилей, средняя масса сборочной единицы от 0,1 до 0,5 т","т","0,001\n0,036",null,null,null,null,0]
[null,"508-0097","Канат двойной свивки типа ТК, конструкции 6х19(1+6+12)+1 о.с., оцинкованный из проволок марки В, маркировочная группа: 1770 н/мм2, диаметром 5,5 мм","10 м","0,0187\n0,6729",null,null,null,null,0]
["62","ТЕРм38-01-003-03","Решетчатые конструкции (стойки, опоры, фермы и пр.), сборка с помощью: лебедок электрических (с установкой и снятием их в процессе работы)","1 т конструкций",34.6,{"$f":"G212/E212","v":144453.6},4998094.4000000004,{"$f":"I212/E212","v":3563.17},123285.74,5121380.1399999997]
[null,"101-0324","Кислород технический: газообразный","м3","2,6\n89,96",null,null,null,null,0]
[null,"101-1521","Электроды диаметром: 5 мм Э42","т","0,0215\n0,7439",null,null,null,null,0]
[null,"101-2278","Пропан-бутан, смесь техническая","кг","0,5\n17,3",null,null,null,null,0]
[null,"999-9950","Вспомогательные ненормируемые ресурсы (2% от Оплаты труда рабочих)","руб","42,32\n1464",null,null,null,null,0]
["63","Прайс","Профиль гн. 120*5","т",28.184000000000001,0,0,113870.47,3209325.22,3209325.22]
["64","Прайс","Швеллер гнутый 120*60*5","т",7.8,0,0,134535.49,1049376.8500000001,1049376.8500000001]
["65","ТССЦ-110-0008","Болты сборочные с гайками и шайбами по классу прочности: 8,8","т",3.2239999999999998E-2,0,0,150384.62,4848.3999999999996,4848.3999999999996]
["Перевозка материалов (металл 140 км. ОП \"МКМ-СПб\")",null,null,null,null,null,null,null,null,0]
["66",null,"металлопрокат, трубопрокат и металлоконструкции","т",37.700000000000003,0,0,0,0,0]
["67","ТССЦпг-03-02-01-140","Перевозка строительных грузов (кроме массовых навалочных, перевозимых автомобилями-самосвалами, а также бетонных и железобетонных изделий, стеновых и перегородочных материалов, лесоматериалов круглых и пиломатериалов, включенных в таблицу 03-01), бортовым автомобилем грузоподъемностью 5 т, на расстояние до 140 км I класс груза","1 т груза",37.700000000000003,0,0,2338.66,88167.55,88167.55]
["68","ТССЦпг-01-01-02-015","Разгрузочные работы при автомобильных перевозках: металлических конструкций массой до 1 т","1 т груза",37.700000000000003,0,0,470.67,17744.41,17744.41]
["Раздел 6. Лестницы, площадки, ограждения",null,null,null,null,null,null,null,null,0]
["69","ТЕР09-03-029-01","Монтаж лестниц прямолинейных и криволинейных, пожарных с ограждением","1 т конструкций",19.968,57444.86,1147059.02,1156.99,23102.79,1170161.81]
[null,"101-0309","Канаты пеньковые пропитанные","т","0,0001\n0,002",null,null,null,null,0]
[null,"101-0324","Кислород технический: газообразный","м3","1,37\n27,36",null,null,null,null,0]
[null,"101-0797","Проволока горячекатаная в мотках, диаметром 6,3-6,5 мм","т","0,00003\n0,0006",null,null,null,null,0]
[null,"101-1019","Швеллеры № 40 из стали марки: Ст0","т","0,00194\n0,0387",null,null,null,null,0]
[null,"101-1515","Электроды диаметром: 4 мм Э46","т","0,004\n0,0799",null,null,null,null,0]
[null,"101-1805","Гвозди строительные","т","0,00001\n0,0002",null,null,null,null,0]
[null,"101-2278","Пропан-бутан, смесь техническая","кг","0,41\n8,187",null,null,null,null,0]
[null,"101-2467","Растворитель марки: Р-4","т","0,0006\n0,012",null,null,null,null,0]
[null,"102-0023","Бруски обрезные хвойных пород длиной: 4-6,5 м, шириной 75-150 мм, толщиной 40-75 мм, I сорта","м3","0,00103\n0,0206",null,null,null,null,0]
[null,"113-0021","Грунтовка: ГФ-021 красно-коричневая","т","0,00031\n0,0062",null,null,null,null,0]
[null,"201-0756","Отдельные конструктивные элементы зданий и сооружений с преобладанием: горячекатаных профилей, средняя масса сборочной единицы от 0,1 до 0,5 т","т","0,001\n0,02",null,null,null,null,0]
[null,"508-0097","Канат двойной свивки типа ТК, конструкции 6х19(1+6+12)+1 о.с., оцинкованный из проволок марки В, маркировочная группа: 1770 н/мм2, диаметром 5,5 мм","10 м","0,0187\n0,3734",null,null,null,null,0]
["70","ТЕРм38-01-004-06","Сборка с помощью лебедок электрических (с установкой и снятием их в процессе работы): лестницы прямолинейные и криволинейные с ограждением","1 т конструкций",19.2,180027.01,3456518.51,2724.98,52319.58,3508838.09]
[null,"101-0324","Кислород технический: газообразный","м3","0,6\n11,52",null,null,null,null,0]
[null,"101-1521","Электроды диаметром: 5 мм Э42","т","0,016\n0,3072",null,null,null,null,0]
[null,"101-2278","Пропан-бутан, смесь техническая","кг","0,2\n3,84",null,null,null,null,0]
[null,"999-9950","Вспомогательные ненормируемые ресурсы (2% от Оплаты труда рабочих)","руб","51,07\n980,5",null,null,null,null,0]
["71","Прайс","Швеллер 24П","т",0.624,0,0,109841.73,68541.240000000005,68541.240000000005]
["72","Прайс","Швеллер 18П","т",11.336,0,0,104913.62,1189300.8500000001,1189300.8500000001]
["73","Прайс","Швеллер 8П","т",0.72799999999999998,0,0,95590.56,69589.929999999993,69589.929999999993]
["74","Прайс","Уголок равнополочный 90*6","т",1.248,0,0,108953.09,135973.46,135973.46]
["75","Прайс","Уголок равнополочный 40*4","т",0.20799999999999999,0,0,98825.77,20555.759999999998,20555.759999999998]
["76","Прайс","Прокат листовой 4мм","т",0.20799999999999999,0,0,76434.759999999995,15898.43,15898.43]
["77","Прайс","ВГП 42,3*2,8","т",4.68,0,0,80170.28,375196.92,375196.92]
["78","Прайс","ВГП 21,3*2,5","т",0.83199999999999996,0,0,74791,62226.11,62226.11]
["79","Прайс","Прокат стальной горячетканый круглый диаметр 16","т",0.104,0,0,102990.48,10711.01,10711.01]
["80","ТССЦ-110-0008","Болты сборочные с гайками и шайбами по классу прочности: 8,8","т",0.25958399999999998,0,0,150372.37,39034.26,39034.26]
["Перевозка материалов (металл 140 км. ОП \"МКМ-СПб\")",null,null,null,null,null,null,null,null,0]
["81",null,"металлопрокат, трубопрокат и металлоконструкции","т",19.2,0,0,0,0,0]
["82","ТССЦпг-03-02-01-140","Перевозка строительных грузов (кроме массовых навалочных, перевозимых автомобилями-самосвалами, а также бетонных и железобетонных изделий, стеновых и перегородочных материалов, лесоматериалов круглых и пиломатериалов, включенных в таблицу 03-01), бортовым автомобилем грузоподъемностью 5 т, на расстояние до 140 км I класс груза","1 т груза",19.2,0,0,2338.6799999999998,44902.61,44902.61]
["83","ТССЦпг-01-01-02-015","Разгрузочные работы при автомобильных перевозках: металлических конструкций массой до 1 т","1 т груза",19.2,0,0,470.7,9037.41,9037.41]
["Раздел 7. Настил",null,null,null,null,null,null,null,null,0]
["84","ТЕР09-03-030-01","Монтаж площадок с настилом и ограждением из листовой, рифленой, просечной и круглой стали","1 т конструкций",13.208,62911.15,830930.52,1156.93,15280.71,846211.23]
[null,"101-0309","Канаты пеньковые пропитанные","т","0,0001\n0,0013",null,null,null,null,0]
[null,"101-0324","Кислород технический: газообразный","м3","1,37\n18,09",null,null,null,null,0]
[null,"101-0797","Проволока горячекатаная в мотках, диаметром 6,3-6,5 мм","т","0,00003\n0,0004",null,null,null,null,0]
[null,"101-1019","Швеллеры № 40 из стали марки: Ст0","т","0,00194\n0,0256",null,null,null,null,0]
[null,"101-1515","Электроды диаметром: 4 мм Э46","т","0,004\n0,0528",null,null,null,null,0]
[null,"101-1805","Гвозди строительные","т","0,00001\n0,0001",null,null,null,null,0]
[null,"101-2278","Пропан-бутан, смесь техническая","кг","0,41\n5,415",null,null,null,null,0]
[null,"101-2467","Растворитель марки: Р-4","т","0,0006\n0,0079",null,null,null,null,0]
[null,"102-0023","Бруски обрезные хвойных пород длиной: 4-6,5 м, шириной 75-150 мм, толщиной 40-75 мм, I сорта","м3","0,00103\n0,0136",null,null,null,null,0]
[null,"113-0021","Грунтовка: ГФ-021 красно-коричневая","т","0,00031\n0,0041",null,null,null,null,0]
[null,"201-0756","Отдельные конструктивные элементы зданий и сооружений с преобладанием: горячекатаных профилей, средняя масса сборочной единицы от 0,1 до 0,5 т","т","0,001\n0,0132",null,null,null,null,0]
[null,"508-0097","Канат двойной свивки типа ТК, конструкции 6х19(1+6+12)+1 о.с., оцинкованный из проволок марки В, маркировочная группа: 1770 н/мм2, диаметром 5,5 мм","10 м","0,0187\n0,247",null,null,null,null,0]
["85","ТЕРм38-01-004-05","Сборка с помощью лебедок электрических (с установкой и снятием их в процессе работы): площадки для обслуживания оборудования и трубопроводов","1 т конструкций",12.7,{"$f":"G271/E271","v":152466.76999999999},1936328.02,{"$f":"I271/E271","v":2902.19},36857.870000000003,{"$f":"G271+I271","v":1973185.89}]
[null,"101-0324","Кислород технический: газообразный","м3","0,9\n11,43",null,null,null,null,0]
[null,"101-1521","Электроды диаметром: 5 мм Э42","т","0,0179\n0,2273",null,null,null,null,0]
[null,"101-2278","Пропан-бутан, смесь техническая","кг","0,2\n2,54",null,null,null,null,0]
[null,"999-9950","Вспомогательные ненормируемые ресурсы (2% от Оплаты труда рабочих)","руб","42,08\n534,4",null,null,null,null,0]
["86","Прайс","Прокат листовой 6мм","т",0.312,0,0,91037.5,28403.7,28403.7]
["87","Прайс","Лист стальной с рифлением ромбическим 4мм","т",12.48,0,0,105765.49,1319953.28,1319953.28]
["88","Прайс","Лист ПВЛ ПВ506","т",0.41599999999999998,0,0,165781.32,68965.03,68965.03]
["89","ТССЦ-110-0008","Болты сборочные с гайками и шайбами по классу прочности: 8,8","т",0.136042,0,0,150370.03,20456.64,20456.64]
["90","ТЕР09-04-002-01\n10% на подрезку","Монтаж кровельного покрытия: из профилированного листа при высоте здания до 25 м","100 м2 покрытия",24.06,51660.09,1242941.81,3033.56,72987.399999999994,1315929.21]
[null,"101-0309","Канаты пеньковые пропитанные","т","0,00015\n0,0036",null,null,null,null,0]
[null,"101-0324","Кислород технический: газообразный","м3","1,4\n33,68",null,null,null,null,0]
[null,"101-0797","Проволока горячекатаная в мотках, диаметром 6,3-6,5 мм","т","0,00004\n0,001",null,null,null,null,0]
[null,"101-1019","Швеллеры № 40 из стали марки: Ст0","т","0,00297\n0,0715",null,null,null,null,0]
[null,"101-1513","Электроды диаметром: 4 мм Э42","т","0,00061\n0,0147",null,null,null,null,0]
[null,"101-1714","Болты с гайками и шайбами строительные","т","0,0022\n0,0529",null,null,null,null,0]
[null,"101-2278","Пропан-бутан, смесь техническая","кг","0,42\n10,11",null,null,null,null,0]
[null,"101-2467","Растворитель марки: Р-4","т","0,00009\n0,0022",null,null,null,null,0]
[null,"102-0023","Бруски обрезные хвойных пород длиной: 4-6,5 м, шириной 75-150 мм, толщиной 40-75 мм, I сорта","м3","0,0013\n0,0313",null,null,null,null,0]
[null,"113-0021","Грунтовка: ГФ-021 красно-коричневая","т","0,00047\n0,0113",null,null,null,null,0]
[null,"201-0756","Отдельные конструктивные элементы зданий и сооружений с преобладанием: горячекатаных профилей, средняя масса сборочной единицы от 0,1 до 0,5 т","т","0,011\n0,2647",null,null,null,null,0]
[null,"508-0097","Канат двойной свивки типа ТК, конструкции 6х19(1+6+12)+1 о.с., оцинкованный из проволок марки В, маркировочная группа: 1770 н/мм2, диаметром 5,5 мм","10 м","0,016\n0,385",null,null,null,null,0]
["91","Прайс","Профиль H57-750-0,8","т",26.2,0,0,153670.45000000001,4026165.8,4026165.8]
["92","ТССЦ-101-1810","Винты самонарезающие: для крепления профилированного настила и панелей к несущим конструкциям","т",9.2399999999999996E-2,0,0,256482.25,23698.959999999999,23698.959999999999]
["93","ТЕР09-04-006-02\n10% на подрезку","Монтаж ограждающих конструкций стен: из профилированного листа при высоте здания до 30 м","100 м2",27.851400000000002,183330.08,5105999.4400000004,5922.36,164946.04,5270945.4800000004]
[null,"101-0309","Канаты пеньковые пропитанные","т","0,00015\n0,0042",null,null,null,null,0]
[null,"101-0324","Кислород технический: газообразный","м3","2,98\n83",null,null,null,null,0]
[null,"101-0797","Проволока горячекатаная в мотках, диаметром 6,3-6,5 мм","т","0,00004\n0,0011",null,null,null,null,0]
[null,"101-1019","Швеллеры № 40 из стали марки: Ст0","т","0,00297\n0,0827",null,null,null,null,0]
[null,"101-1513","Электроды диаметром: 4 мм Э42","т","0,0034\n0,0947",null,null,null,null,0]
[null,"101-1714","Болты с гайками и шайбами строительные","т","0,007\n0,195",null,null,null,null,0]
[null,"101-1805","Гвозди строительные","т","0,00002\n0,0006",null,null,null,null,0]
[null,"101-2278","Пропан-бутан, смесь техническая","кг","0,903\n25,15",null,null,null,null,0]
[null,"101-2467","Растворитель марки: Р-4","т","0,00009\n0,0025",null,null,null,null,0]
[null,"102-0023","Бруски обрезные хвойных пород длиной: 4-6,5 м, шириной 75-150 мм, толщиной 40-75 мм, I сорта","м3","0,0013\n0,0362",null,null,null,null,0]
[null,"113-0021","Грунтовка: ГФ-021 красно-коричневая","т","0,00047\n0,0131",null,null,null,null,0]
[null,"201-0756","Отдельные конструктивные элементы зданий и сооружений с преобладанием: горячекатаных профилей, средняя масса сборочной единицы от 0,1 до 0,5 т","т","0,019\n0,5292",null,null,null,null,0]
[null,"508-0097","Канат двойной свивки типа ТК, конструкции 6х19(1+6+12)+1 о.с., оцинкованный из проволок марки В, маркировочная группа: 1770 н/мм2, диаметром 5,5 мм","10 м","0,016\n0,4456",null,null,null,null,0]
["94","ТССЦ-201-0382","Конструкции: стальные нащельников и деталей обрамления","т",1.61,0,0,179936.07,289697.07,289697.07]
["95","ТССЦ-101-1810","Винты самонарезающие: для крепления профилированного настила и панелей к несущим конструкциям","т",0.1069,0,0,256484.75,27418.22,27418.22]
["96","Прайс","Профиль HC35-1000-0,7","т",22.9,0,0,190108.83,4353492.17,4353492.17]
["Перевозка материалов (металл 140 км. ОП \"МКМ-СПб\")",null,null,null,null,null,null,null,null,0]
["97",null,"металлопрокат, трубопрокат и металлоконструкции","т",61.8,0,0,0,0,0]
["98","ТССЦпг-03-02-01-140","Перевозка строительных грузов (кроме массовых навалочных, перевозимых автомобилями-самосвалами, а также бетонных и железобетонных изделий, стеновых и перегородочных материалов, лесоматериалов круглых и пиломатериалов, включенных в таблицу 03-01), бортовым автомобилем грузоподъемностью 5 т, на расстояние до 140 км I класс груза","1 т груза",61.8,0,0,2338.67,144529.62,144529.62]
["99","ТССЦпг-01-01-02-015","Разгрузочные работы при автомобильных перевозках: металлических конструкций массой до 1 т","1 т груза",61.8,0,0,470.67,29087.51,29087.51]
["Раздел 8. Антикоррозионная обработка",null,null,null,null,null,null,null,null,0]
["100","ТЕР13-03-002-04","Огрунтовка металлических поверхностей за один раз: грунтовкой ГФ-021","100 м2 окрашиваемой поверхности",201.01,7358.51,1479134.94,384.87,77361.73,1556496.67]
[null,"113-0077","Ксилол нефтяной марки А","т","0,002\n0,402",null,null,null,null,0]
["101","Прайс\nАналог ТССЦ-113-0021 18353,45/17895,65=3%","Грунтовка: ГФ-021 красно-коричневая","кг",2412,0,0,403.96,974340.92,974340.92]
["102","ТЕР13-03-004-26","Окраска металлических огрунтованных поверхностей: эмалью ПФ-115 (за 2 раза) К=2","100 м2 окрашиваемой поверхности",201.01,9066.3700000000008,1822431.82,240.43,48328.81,1870760.63]
[null,"101-1292","Уайт-спирит","т","0,0028\n0,5628",null,null,null,null,0]
["103","Прайс\nАналог ТССЦ-113-0246 25096,77/24506,75=2%","Эмаль ПФ-115 серая","кг",7638,0,0,505.53,3861244.19,3861244.19]
[null,null,"Всего, руб. с НДС",null,null,null,{"$f":"SUM(G14:G322)","v":47867484.689999998},null,{"$f":"SUM(I14:I322)","v":56010421.700000003},{"$f":"SUM(J14:J322)","v":103877906.39}]
[null,null,"Всего, руб. без НДС",null,null,null,{"$f":"G323/1.2","v":39889570.579999998},null,{"$f":"I323/1.2","v":46675351.420000002},{"$f":"J323/1.2","v":86564921.989999995}]

{"sheet":"1632-2021-1.1,1.2-КМ2","index":2,"n_rows":247,"n_cols":10,"rows_kept":247,"cut":false,"hidden":false,"merged":[]}
[]
["Терминал по перевалке минеральных удобрений в морском торговом порту Усть-Луга. Береговые объекты терминала"]
["(наименование стройки)"]
[]
["ЛОКАЛЬНАЯ СМЕТА № 1632-2021-1.1,1.2-КМ2_07.02.010-П-01-01"]
["(локальная смета)"]
["на Конструкции металлические. Второстипенные конструкции., 07.02.010 Станция разгрузки вагонов (код SAP 01.04.001) код ГП 1.1"]
["(наименование работ и затрат, наименование объекта)"]
[null,"Основание:","1632-2021-1.1, 1.2-КМ2_1_0_RU_IFС"]
[]
["№ п/п","Обоснование","Наименование работ и затрат","Ед. изм.","Кол-во","Цена за ед.измерения работ, руб. с НДС","Всего, стоимость работ,руб. с НДС","Цена за ед.измерения материалов, руб. с НДС","Всего, стоимость материалов, руб. с НДС","Итого, руб. с НДС"]
[1,2,3,4,5,6,7,8,9,10]
["Раздел 1. Колонны"]
["1","ТЕР09-03-002-10","Монтаж колонн многоэтажных зданий различного назначения при высоте здания: до 25 м","т",1.1439999999999999,12993.1,14864.11,860.17,984.04,{"$f":"G14+I14","v":15848.15}]
[null,"01.3.02.08-0001","Кислород газообразный технический","м3","1,95\n2,231",null,null,null,null,{"$f":"G15+I15","v":0}]
[null,"01.3.02.09-0022","Пропан-бутан смесь техническая","кг","0,59\n0,675",null,null,null,null,0]
[null,"01.7.11.07-0032","Электроды сварочные Э42, диаметр 4 мм","т","0,0016\n0,0018",null,null,null,null,0]
[null,"01.7.15.03-0042","Болты с гайками и шайбами строительные","кг","0,04\n0,0458",null,null,null,null,0]
[null,"01.7.15.06-0111","Гвозди строительные","т","0,00001\n0",null,null,null,null,0]
[null,"01.7.20.08-0071","Канат пеньковый пропитанный","т","0,0001\n0,0001",null,null,null,null,0]
[null,"07.2.07.12-0020","Элементы конструктивные зданий и сооружений с преобладанием горячекатаных профилей, средняя масса сборочной единицы от 0,1 до 0,5 т","т","0,0023\n0,0026",null,null,null,null,0]
[null,"08.2.02.11-0007","Канат двойной свивки ТК, конструкции 6х19(1+6+12)+1 о.с., оцинкованный, из проволок марки В, маркировочная группа 1770 н/мм2, диаметр 5,5 мм","10 м","0,0187\n0,0214",null,null,null,null,0]
[null,"08.3.03.06-0002","Проволока горячекатаная в мотках, диаметр 6,3-6,5 мм","т","0,00003\n0",null,null,null,null,0]
[null,"08.3.11.01-0091","Швеллеры № 40, марка стали Ст0","т","0,00194\n0,0022",null,null,null,null,0]
[null,"11.1.03.01-0077","Бруски обрезные, хвойных пород, длина 4-6,5 м, ширина 75-150 мм, толщина 40-75 мм, сорт I","м3","0,00103\n0,0012",null,null,null,null,0]
[null,"14.4.01.01-0003","Грунтовка ГФ-021","т","0,00031\n0,0004",null,null,null,null,0]
[null,"14.5.09.07-0030","Растворитель Р-4","кг","0,6\n0,6864",null,null,null,null,0]
["2","ТЕРм38-01-002-03","Монорельсы, балки и другие аналогичные конструкции промышленных зданий, сборка с помощью: лебедок электрических (с установкой и снятием их в процессе работы)","1 т конструкций",1.1000000000000001,39049.699999999997,42954.64,603.35,663.69,43618.33]
[null,"101-0324","Кислород технический: газообразный","м3","0,6\n0,66",null,null,null,null,0]
[null,"101-1521","Электроды диаметром: 5 мм Э42","т","0,0032\n0,0035",null,null,null,null,0]
[null,"101-2278","Пропан-бутан, смесь техническая","кг","0,2\n0,22",null,null,null,null,0]
[null,"999-9950","Вспомогательные ненормируемые ресурсы (2% от Оплаты труда рабочих)","руб","10,14\n11,15",null,null,null,null,0]
["3","Прайс","Профиль гн. 200*6","т",0.83199999999999996,0,0,134183.85999999999,111640.97,111640.97]
["4","Прайс","Профиль гн. 120*5","т",0.312,0,0,113870.54,35527.61,35527.61]
["5","ТЕР09-03-002-10","Монтаж колонн многоэтажных зданий различного назначения при высоте здания: до 25 м","т",2.496,14031.8,35023.379999999997,928.93,2318.61,37341.99]
[null,"01.3.02.08-0001","Кислород газообразный технический","м3","2,106\n5,257",null,null,null,null,0]
[null,"01.3.02.09-0022","Пропан-бутан смесь техническая","кг","0,6372\n1,59",null,null,null,null,0]
[null,"01.7.11.07-0032","Электроды сварочные Э42, диаметр 4 мм","т","0,001728\n0,0043",null,null,null,null,0]
[null,"01.7.15.03-0042","Болты с гайками и шайбами строительные","кг","0,0432\n0,1078",null,null,null,null,0]
[null,"01.7.15.06-0111","Гвозди строительные","т","0,0000108\n0",null,null,null,null,0]
[null,"01.7.20.08-0071","Канат пеньковый пропитанный","т","0,000108\n0,0003",null,null,null,null,0]
[null,"07.2.07.12-0020","Элементы конструктивные зданий и сооружений с преобладанием горячекатаных профилей, средняя масса сборочной единицы от 0,1 до 0,5 т","т","0,002484\n0,0062",null,null,null,null,0]
[null,"08.2.02.11-0007","Канат двойной свивки ТК, конструкции 6х19(1+6+12)+1 о.с., оцинкованный, из проволок марки В, маркировочная группа 1770 н/мм2, диаметр 5,5 мм","10 м","0,020196\n0,0504",null,null,null,null,0]
[null,"08.3.03.06-0002","Проволока горячекатаная в мотках, диаметр 6,3-6,5 мм","т","0,0000324\n0,0001",null,null,null,null,0]
[null,"08.3.11.01-0091","Швеллеры № 40, марка стали Ст0","т","0,0020952\n0,0052",null,null,null,null,0]
[null,"11.1.03.01-0077","Бруски обрезные, хвойных пород, длина 4-6,5 м, ширина 75-150 мм, толщина 40-75 мм, сорт I","м3","0,0011124\n0,0028",null,null,null,null,0]
[null,"14.4.01.01-0003","Грунтовка ГФ-021","т","0,0003348\n0,0008",null,null,null,null,0]
[null,"14.5.09.07-0030","Растворитель Р-4","кг","0,648\n1,617",null,null,null,null,0]
["6","ТЕРм38-01-002-03","Монорельсы, балки и другие аналогичные конструкции промышленных зданий, сборка с помощью: лебедок электрических (с установкой и снятием их в процессе работы)","1 т конструкций",2.4,39050.5,93721.3,602.16,1445.18,95166.48]
[null,"101-0324","Кислород технический: газообразный","м3","0,6\n1,44",null,null,null,null,0]
[null,"101-1521","Электроды диаметром: 5 мм Э42","т","0,0032\n0,0077",null,null,null,null,0]
[null,"101-2278","Пропан-бутан, смесь техническая","кг","0,2\n0,48",null,null,null,null,0]
[null,"999-9950","Вспомогательные ненормируемые ресурсы (2% от Оплаты труда рабочих)","руб","10,14\n24,34",null,null,null,null,0]
["7","Прайс","Прокат листовой 40мм","т",1.7971200000000001,0,0,121283.45,217960.92,217960.92]
["8","Прайс","Прокат листовой 25мм","т",0.33695999999999998,0,0,112337.99,37853.410000000003,37853.410000000003]
["9","Прайс","Прокат листовой 16мм","т",0.56159999999999999,0,0,103818.2,58304.3,58304.3]
["10","ТЕР09-03-002-10","Монтаж колонн многоэтажных зданий различного назначения при высоте здания: до 25 м","т",12.792,14420.76,184470.35,955.13,12217.96,196688.31]
[null,"01.3.02.08-0001","Кислород газообразный технический","м3","2,1645\n27,69",null,null,null,null,0]
[null,"01.3.02.09-0022","Пропан-бутан смесь техническая","кг","0,6549\n8,377",null,null,null,null,0]
[null,"01.7.11.07-0032","Электроды сварочные Э42, диаметр 4 мм","т","0,001776\n0,0227",null,null,null,null,0]
[null,"01.7.15.03-0042","Болты с гайками и шайбами строительные","кг","0,0444\n0,568",null,null,null,null,0]
[null,"01.7.15.06-0111","Гвозди строительные","т","0,0000111\n0,0001",null,null,null,null,0]
[null,"01.7.20.08-0071","Канат пеньковый пропитанный","т","0,000111\n0,0014",null,null,null,null,0]
[null,"07.2.07.12-0020","Элементы конструктивные зданий и сооружений с преобладанием горячекатаных профилей, средняя масса сборочной единицы от 0,1 до 0,5 т","т","0,002553\n0,0327",null,null,null,null,0]
[null,"08.2.02.11-0007","Канат двойной свивки ТК, конструкции 6х19(1+6+12)+1 о.с., оцинкованный, из проволок марки В, маркировочная группа 1770 н/мм2, диаметр 5,5 мм","10 м","0,020757\n0,2655",null,null,null,null,0]
[null,"08.3.03.06-0002","Проволока горячекатаная в мотках, диаметр 6,3-6,5 мм","т","0,0000333\n0,0004",null,null,null,null,0]
[null,"08.3.11.01-0091","Швеллеры № 40, марка стали Ст0","т","0,0021534\n0,0275",null,null,null,null,0]
[null,"11.1.03.01-0077","Бруски обрезные, хвойных пород, длина 4-6,5 м, ширина 75-150 мм, толщина 40-75 мм, сорт I","м3","0,0011433\n0,0146",null,null,null,null,0]
[null,"14.4.01.01-0003","Грунтовка ГФ-021","т","0,0003441\n0,0044",null,null,null,null,0]
[null,"14.5.09.07-0030","Растворитель Р-4","кг","0,666\n8,519",null,null,null,null,0]
["11","ТЕРм38-01-002-03","Монорельсы, балки и другие аналогичные конструкции промышленных зданий, сборка с помощью: лебедок электрических (с установкой и снятием их в процессе работы)","1 т конструкций",12.3,39050.400000000001,480320.21,602.19000000000005,7406.91,487727.12]
[null,"101-0324","Кислород технический: газообразный","м3","0,6\n7,38",null,null,null,null,0]
[null,"101-1521","Электроды диаметром: 5 мм Э42","т","0,0032\n0,0394",null,null,null,null,0]
[null,"101-2278","Пропан-бутан, смесь техническая","кг","0,2\n2,46",null,null,null,null,0]
[null,"999-9950","Вспомогательные ненормируемые ресурсы (2% от Оплаты труда рабочих)","руб","10,14\n124,7",null,null,null,null,0]
["12","Прайс","Двутавр 30Ш1","т",14.199120000000001,0,0,94324.63,1339326.76,1339326.76]
["Перевозка материалов (металл 140 км. ОП \"МКМ-СПб\")",null,null,null,null,null,null,null,null,0]
["13",null," металлопрокат, трубопрокат и металлоконструкции\n201-0757","т",15.8,0,0,0,0,0]
["14","ТССЦпг-03-02-01-140","Перевозка строительных грузов (кроме массовых навалочных, перевозимых автомобилями-самосвалами, а также бетонных и железобетонных изделий, стеновых и перегородочных материалов, лесоматериалов круглых и пиломатериалов, включенных в таблицу 03-01), бортовым автомобилем грузоподъемностью 5 т, на расстояние до 140 км I класс груза","1 т груза",15.8,0,0,2338.69,36951.24,{"$f":"G79+I79","v":36951.24}]
["15","ТССЦпг-01-01-02-015","Разгрузочные работы при автомобильных перевозках: металлических конструкций массой до 1 т","1 т груза",15.8,0,0,470.7,7437.08,7437.08]
["Раздел 2. Балки",null,null,null,null,null,null,null,null,0]
["16","ТЕР09-03-002-12","Монтаж балок, ригелей перекрытия, покрытия и под установку оборудования многоэтажных зданий при высоте здания: до 25 м","1 т конструкций",0.312,35508.879999999997,11078.77,1639.17,511.42,11590.19]
[null,"101-0309","Канаты пеньковые пропитанные","т","0,0001\n0",null,null,null,null,0]
[null,"101-0324","Кислород технический: газообразный","м3","1,95\n0,6084",null,null,null,null,0]
[null,"101-0797","Проволока горячекатаная в мотках, диаметром 6,3-6,5 мм","т","0,00003\n0",null,null,null,null,0]
[null,"101-1019","Швеллеры № 40 из стали марки: Ст0","т","0,00194\n0,0006",null,null,null,null,0]
[null,"101-1513","Электроды диаметром: 4 мм Э42","т","0,0031\n0,001",null,null,null,null,0]
[null,"101-1714","Болты с гайками и шайбами строительные","т","0,0031\n0,001",null,null,null,null,0]
[null,"101-1805","Гвозди строительные","т","0,00001\n0",null,null,null,null,0]
[null,"101-2278","Пропан-бутан, смесь техническая","кг","0,59\n0,1841",null,null,null,null,0]
[null,"101-2467","Растворитель марки: Р-4","т","0,0006\n0,0002",null,null,null,null,0]
[null,"102-0023","Бруски обрезные хвойных пород длиной: 4-6,5 м, шириной 75-150 мм, толщиной 40-75 мм, I сорта","м3","0,00103\n0,0003",null,null,null,null,0]
[null,"113-0021","Грунтовка: ГФ-021 красно-коричневая","т","0,00031\n0,0001",null,null,null,null,0]
[null,"201-0756","Отдельные конструктивные элементы зданий и сооружений с преобладанием: горячекатаных профилей, средняя масса сборочной единицы от 0,1 до 0,5 т","т","0,0005\n0,0002",null,null,null,null,0]
[null,"508-0097","Канат двойной свивки типа ТК, конструкции 6х19(1+6+12)+1 о.с., оцинкованный из проволок марки В, маркировочная группа: 1770 н/мм2, диаметром 5,5 мм","10 м","0,0187\n0,0058",null,null,null,null,0]
["17","ТЕРм38-01-002-03","Монорельсы, балки и другие аналогичные конструкции промышленных зданий, сборка с помощью: лебедок электрических (с установкой и снятием их в процессе работы)","1 т конструкций",0.3,39045.800000000003,11713.73,603.37,181.01,11894.74]
[null,"101-0324","Кислород технический: газообразный","м3","0,6\n0,18",null,null,null,null,0]
[null,"101-1521","Электроды диаметром: 5 мм Э42","т","0,0032\n0,001",null,null,null,null,0]
[null,"101-2278","Пропан-бутан, смесь техническая","кг","0,2\n0,06",null,null,null,null,0]
[null,"999-9950","Вспомогательные ненормируемые ресурсы (2% от Оплаты труда рабочих)","руб","10,14\n3,042",null,null,null,null,0]
["18","Прайс","Прокат листовой 8мм","т",0.312,0,0,93155.51,29064.52,29064.52]
["19","ТЕР09-03-002-12","Монтаж балок, ригелей перекрытия, покрытия и под установку оборудования многоэтажных зданий при высоте здания: до 25 м","1 т конструкций",18.72,40120.29,751051.79,1853.49,34697.279999999999,785749.07]
[null,"101-0309","Канаты пеньковые пропитанные","т","0,000113\n0,0021",null,null,null,null,0]
[null,"101-0324","Кислород технический: газообразный","м3","2,2035\n41,25",null,null,null,null,0]
[null,"101-0797","Проволока горячекатаная в мотках, диаметром 6,3-6,5 мм","т","0,0000339\n0,0006",null,null,null,null,0]
[null,"101-1019","Швеллеры № 40 из стали марки: Ст0","т","0,0021922\n0,041",null,null,null,null,0]
[null,"101-1513","Электроды диаметром: 4 мм Э42","т","0,003503\n0,0656",null,null,null,null,0]
[null,"101-1714","Болты с гайками и шайбами строительные","т","0,003503\n0,0656",null,null,null,null,0]
[null,"101-1805","Гвозди строительные","т","0,0000113\n0,0002",null,null,null,null,0]
[null,"101-2278","Пропан-бутан, смесь техническая","кг","0,6667\n12,48",null,null,null,null,0]
[null,"101-2467","Растворитель марки: Р-4","т","0,000678\n0,0127",null,null,null,null,0]
[null,"102-0023","Бруски обрезные хвойных пород длиной: 4-6,5 м, шириной 75-150 мм, толщиной 40-75 мм, I сорта","м3","0,0011639\n0,0218",null,null,null,null,0]
[null,"113-0021","Грунтовка: ГФ-021 красно-коричневая","т","0,0003503\n0,0066",null,null,null,null,0]
[null,"201-0756","Отдельные конструктивные элементы зданий и сооружений с преобладанием: горячекатаных профилей, средняя масса сборочной единицы от 0,1 до 0,5 т","т","0,000565\n0,0106",null,null,null,null,0]
[null,"508-0097","Канат двойной свивки типа ТК, конструкции 6х19(1+6+12)+1 о.с., оцинкованный из проволок марки В, маркировочная группа: 1770 н/мм2, диаметром 5,5 мм","10 м","0,021131\n0,3956",null,null,null,null,0]
["20","ТЕРм38-01-002-03","Монорельсы, балки и другие аналогичные конструкции промышленных зданий, сборка с помощью: лебедок электрических (с установкой и снятием их в процессе работы)","1 т конструкций",18,39050,702905.42,602.16,10838.86,713744.28]
[null,"101-0324","Кислород технический: газообразный","м3","0,6\n10,8",null,null,null,null,0]
[null,"101-1521","Электроды диаметром: 5 мм Э42","т","0,0032\n0,0576",null,null,null,null,0]
[null,"101-2278","Пропан-бутан, смесь техническая","кг","0,2\n3,6",null,null,null,null,0]
[null,"999-9950","Вспомогательные ненормируемые ресурсы (2% от Оплаты труда рабочих)","руб","10,14\n182,5",null,null,null,null,0]
["21","Прайс","Двутавр 30Ш1","т",2.3504,0,0,94324.49,221700.29,221700.29]
["22","Прайс","Двутавр 25Ш1","т",6.4635999999999996,0,0,93228.5,602591.74,602591.74]
["23","Прайс","Прокат листовой 16мм","т",0.70511999999999997,0,0,103818.24000000001,73204.320000000007,73204.320000000007]
["24","Прайс","Двутавр 30Б1","т",7.7563199999999997,0,0,114649.06,889254.79,889254.79]
["25","Прайс","Двутавр 25Б2","т",3.8781599999999998,0,0,113715.22,441005.82,441005.82]
["Перевозка материалов (металл 140 км. ОП \"МКМ-СПб\")",null,null,null,null,null,null,null,null,0]
["26",null," металлопрокат, трубопрокат и металлоконструкции","т",18.3,0,0,0,0,0]
["27","ТССЦпг-03-02-01-140","Перевозка строительных грузов (кроме массовых навалочных, перевозимых автомобилями-самосвалами, а также бетонных и железобетонных изделий, стеновых и перегородочных материалов, лесоматериалов круглых и пиломатериалов, включенных в таблицу 03-01), бортовым автомобилем грузоподъемностью 5 т, на расстояние до 140 км I класс груза","1 т груза",18.3,0,0,2338.69,42798.05,42798.05]
["28","ТССЦпг-01-01-02-015","Разгрузочные работы при автомобильных перевозках: металлических конструкций массой до 1 т","1 т груза",18.3,0,0,470.69,8613.6299999999992,8613.6299999999992]
["Раздел 3. Связи и распорки",null,null,null,null,null,null,null,null,0]
["29","ТЕР09-03-014-01","Монтаж связей и распорок из одиночных и парных уголков, гнутосварных профилей для пролетов: до 24 м при высоте здания до  25 м","1 т конструкций",1.768,85715.94,151545.79,4252.8100000000004,7518.96,159064.75]
[null,"101-0309","Канаты пеньковые пропитанные","т","0,0001\n0,0002",null,null,null,null,0]
[null,"101-0324","Кислород технический: газообразный","м3","1,2\n2,122",null,null,null,null,0]
[null,"101-0797","Проволока горячекатаная в мотках, диаметром 6,3-6,5 мм","т","0,00003\n0,0001",null,null,null,null,0]
[null,"101-1019","Швеллеры № 40 из стали марки: Ст0","т","0,00194\n0,0034",null,null,null,null,0]
[null,"101-1513","Электроды диаметром: 4 мм Э42","т","0,00044\n0,0008",null,null,null,null,0]
[null,"101-1714","Болты с гайками и шайбами строительные","т","0,021\n0,0371",null,null,null,null,0]
[null,"101-1805","Гвозди строительные","т","0,00001\n0",null,null,null,null,0]
[null,"101-2278","Пропан-бутан, смесь техническая","кг","0,36\n0,6365",null,null,null,null,0]
[null,"101-2467","Растворитель марки: Р-4","т","0,0006\n0,0011",null,null,null,null,0]
[null,"102-0023","Бруски обрезные хвойных пород длиной: 4-6,5 м, шириной 75-150 мм, толщиной 40-75 мм, I сорта","м3","0,00103\n0,0018",null,null,null,null,0]
[null,"113-0021","Грунтовка: ГФ-021 красно-коричневая","т","0,00031\n0,0005",null,null,null,null,0]
[null,"201-0756","Отдельные конструктивные элементы зданий и сооружений с преобладанием: горячекатаных профилей, средняя масса сборочной единицы от 0,1 до 0,5 т","т","0,0002\n0,0004",null,null,null,null,{"$f":"G143+I143","v":0}]
[null,"508-0097","Канат двойной свивки типа ТК, конструкции 6х19(1+6+12)+1 о.с., оцинкованный из проволок марки В, маркировочная группа: 1770 н/мм2, диаметром 5,5 мм","10 м","0,0187\n0,0331",null,null,null,null,0]
["30","ТЕРм38-01-003-03","Решетчатые конструкции (стойки, опоры, фермы и пр.), сборка с помощью: лебедок электрических (с установкой и снятием их в процессе работы)","1 т конструкций",1.7,145545.70000000001,247427.67,3563.52,6057.98,253485.65]
[null,"101-0324","Кислород технический: газообразный","м3","2,6\n4,42",null,null,null,null,0]
[null,"101-1521","Электроды диаметром: 5 мм Э42","т","0,0215\n0,0366",null,null,null,null,0]
[null,"101-2278","Пропан-бутан, смесь техническая","кг","0,5\n0,85",null,null,null,null,0]
[null,"999-9950","Вспомогательные ненормируемые ресурсы (2% от Оплаты труда рабочих)","руб","42,32\n71,94",null,null,null,null,0]
["31","Прайс","Профиль гн. 120*5","т",1.3520000000000001,0,0,113870.9,153953.46,153953.46]
["32","Прайс","Швеллер гнутый 120*60*5","т",0.104,0,0,134539.51999999999,13992.11,13992.11]
["33","Прайс","Прокат листовой 8мм","т",0.20799999999999999,0,0,93155.53,19376.349999999999,19376.349999999999]
["34","Прайс","Прокат листовой 4мм","т",0.104,0,0,76427.88,7948.5,7948.5]
["Перевозка материалов (металл 140 км. ОП \"МКМ-СПб\")",null,null,null,null,null,null,null,null,0]
["35",null," металлопрокат, трубопрокат и металлоконструкции","т",1.7,0,0,0,0,0]
["36","ТССЦпг-03-02-01-140","Перевозка строительных грузов (кроме массовых навалочных, перевозимых автомобилями-самосвалами, а также бетонных и железобетонных изделий, стеновых и перегородочных материалов, лесоматериалов круглых и пиломатериалов, включенных в таблицу 03-01), бортовым автомобилем грузоподъемностью 5 т, на расстояние до 140 км I класс груза","1 т груза",1.7,0,0,2339.06,3976.4,3976.4]
["37","ТССЦпг-01-01-02-015","Разгрузочные работы при автомобильных перевозках: металлических конструкций массой до 1 т","1 т груза",1.7,0,0,470.68,800.16,800.16]
["Раздел 4. Фахверк",null,null,null,null,null,null,null,null,0]
["38","ТЕР09-04-006-01","Монтаж фахверка","1 т конструкций",3.2240000000000002,50227.53,161933.57,2655.68,8561.91,170495.48]
[null,"101-0309","Канаты пеньковые пропитанные","т","0,0001\n0,0003",null,null,null,null,0]
[null,"101-0324","Кислород технический: газообразный","м3","2,6\n8,382",null,null,null,null,0]
[null,"101-0797","Проволока горячекатаная в мотках, диаметром 6,3-6,5 мм","т","0,00003\n0,0001",null,null,null,null,0]
[null,"101-1019","Швеллеры № 40 из стали марки: Ст0","т","0,00194\n0,0063",null,null,null,null,0]
[null,"101-1515","Электроды диаметром: 4 мм Э46","т","0,016\n0,0516",null,null,null,null,0]
[null,"101-1805","Гвозди строительные","т","0,00001\n0",null,null,null,null,0]
[null,"101-2278","Пропан-бутан, смесь техническая","кг","0,78\n2,515",null,null,null,null,0]
[null,"101-2467","Растворитель марки: Р-4","т","0,0006\n0,0019",null,null,null,null,0]
[null,"113-0021","Грунтовка: ГФ-021 красно-коричневая","т","0,00031\n0,001",null,null,null,null,0]
[null,"201-0756","Отдельные конструктивные элементы зданий и сооружений с преобладанием: горячекатаных профилей, средняя масса сборочной единицы от 0,1 до 0,5 т","т","0,001\n0,0032",null,null,null,null,0]
[null,"508-0097","Канат двойной свивки типа ТК, конструкции 6х19(1+6+12)+1 о.с., оцинкованный из проволок марки В, маркировочная группа: 1770 н/мм2, диаметром 5,5 мм","10 м","0,0187\n0,0603",null,null,null,null,0]
["39","ТЕРм38-01-003-03","Решетчатые конструкции (стойки, опоры, фермы и пр.), сборка с помощью: лебедок электрических (с установкой и снятием их в процессе работы)","1 т конструкций",3.1,145545.5,451191.05,3563.14,11045.72,462236.77]
[null,"101-0324","Кислород технический: газообразный","м3","2,6\n8,06",null,null,null,null,0]
[null,"101-1521","Электроды диаметром: 5 мм Э42","т","0,0215\n0,0667",null,null,null,null,0]
[null,"101-2278","Пропан-бутан, смесь техническая","кг","0,5\n1,55",null,null,null,null,0]
[null,"999-9950","Вспомогательные ненормируемые ресурсы (2% от Оплаты труда рабочих)","руб","42,32\n131,2",null,null,null,null,0]
["40","Прайс","Профиль гн. 120*5","т",2.9119999999999999,0,0,113870.22,331590.09000000003,331590.09000000003]
["41","Прайс","Уголок равнополочный 75*5","т",0.312,0,0,106130.61,33112.75,33112.75]
["42","ТССЦ-110-0008","Болты сборочные с гайками и шайбами по классу прочности: 8,8","т",3.2239999999999998E-2,0,0,150384.62,4848.3999999999996,4848.3999999999996]
["Перевозка материалов (металл 140 км. ОП \"МКМ-СПб\")",null,null,null,null,null,null,null,null,0]
["43",null," металлопрокат, трубопрокат и металлоконструкции","т",3.1,0,0,0,0,0]
["44","ТССЦпг-03-02-01-140","Перевозка строительных грузов (кроме массовых навалочных, перевозимых автомобилями-самосвалами, а также бетонных и железобетонных изделий, стеновых и перегородочных материалов, лесоматериалов круглых и пиломатериалов, включенных в таблицу 03-01), бортовым автомобилем грузоподъемностью 5 т, на расстояние до 140 км I класс груза","1 т груза",3.1,0,0,2338.8200000000002,7250.33,7250.33]
["45","ТССЦпг-01-01-02-015","Разгрузочные работы при автомобильных перевозках: металлических конструкций массой до 1 т","1 т груза",3.1,0,0,470.82,1459.55,1459.55]
["Раздел 5. Лестницы, площадки, ограждения",null,null,null,null,null,null,null,null,0]
["46","ТЕР09-03-029-01","Монтаж лестниц прямолинейных и криволинейных, пожарных с ограждением","1 т конструкций",3.64,57879.24,{"$f":"210680.42*0.9","v":189612.38},1157.1400000000001,4212,193824.38]
[null,"101-0309","Канаты пеньковые пропитанные","т","0,0001\n0,0004",null,null,null,null,0]
[null,"101-0324","Кислород технический: газообразный","м3","1,37\n4,987",null,null,null,null,0]
[null,"101-0797","Проволока горячекатаная в мотках, диаметром 6,3-6,5 мм","т","0,00003\n0,0001",null,null,null,null,0]
[null,"101-1019","Швеллеры № 40 из стали марки: Ст0","т","0,00194\n0,0071",null,null,null,null,0]
[null,"101-1515","Электроды диаметром: 4 мм Э46","т","0,004\n0,0146",null,null,null,null,0]
[null,"101-1805","Гвозди строительные","т","0,00001\n0",null,null,null,null,0]
[null,"101-2278","Пропан-бутан, смесь техническая","кг","0,41\n1,492",null,null,null,null,0]
[null,"101-2467","Растворитель марки: Р-4","т","0,0006\n0,0022",null,null,null,null,0]
[null,"102-0023","Бруски обрезные хвойных пород длиной: 4-6,5 м, шириной 75-150 мм, толщиной 40-75 мм, I сорта","м3","0,00103\n0,0037",null,null,null,null,0]
[null,"113-0021","Грунтовка: ГФ-021 красно-коричневая","т","0,00031\n0,0011",null,null,null,null,0]
[null,"201-0756","Отдельные конструктивные элементы зданий и сооружений с преобладанием: горячекатаных профилей, средняя масса сборочной единицы от 0,1 до 0,5 т","т","0,001\n0,0036",null,null,null,null,0]
[null,"508-0097","Канат двойной свивки типа ТК, конструкции 6х19(1+6+12)+1 о.с., оцинкованный из проволок марки В, маркировочная группа: 1770 н/мм2, диаметром 5,5 мм","10 м","0,0187\n0,0681",null,null,null,null,0]
["47","ТЕРм38-01-004-06","Сборка с помощью лебедок электрических (с установкой и снятием их в процессе работы): лестницы прямолинейные и криволинейные с ограждением","1 т конструкций",3.5,181388.1,622161.18999999994,2724.95,9537.33,631698.52]
[null,"101-0324","Кислород технический: газообразный","м3","0,6\n2,1",null,null,null,null,0]
[null,"101-1521","Электроды диаметром: 5 мм Э42","т","0,016\n0,056",null,null,null,null,0]
[null,"101-2278","Пропан-бутан, смесь техническая","кг","0,2\n0,7",null,null,null,null,0]
[null,"999-9950","Вспомогательные ненормируемые ресурсы (2% от Оплаты труда рабочих)","руб","51,07\n178,7",null,null,null,null,0]
["48","Прайс","Швеллер 16П","т",1.8720000000000001,0,0,102843.1,192522.28,192522.28]
["49","Прайс","Швеллер 160х80х4","т",0.52,0,0,152029.69,79055.44,79055.44]
["50","Прайс","Прокат листовой 6мм","т",0.20799999999999999,0,0,91035.19,18935.32,18935.32]
["51","Прайс","Прокат листовой 4мм","т",0.20799999999999999,0,0,76434.759999999995,15898.43,15898.43]
["52","Прайс","ВГП 42,3*2,8","т",0.624,0,0,80171.199999999997,50026.83,50026.83]
["53","Прайс","ВГП 21,3*2,5","т",0.104,0,0,74784.13,7777.55,{"$f":"G207+I207","v":7777.55}]
["54","Прайс","Прокат стальной горячетканый круглый диаметр 16","т",0.104,0,0,102990.48,10711.01,10711.01]
["55","ТССЦ-110-0008","Болты сборочные с гайками и шайбами по классу прочности: 8,8","т",4.7320000000000001E-2,0,0,150365.38,7115.29,7115.29]
["Перевозка материалов (металл 140 км. ОП \"МКМ-СПб\")",null,null,null,null,null,null,null,null,0]
["56",null," металлопрокат, трубопрокат и металлоконструкции","т",3.5,0,0,0,0,0]
["57","ТССЦпг-03-02-01-140","Перевозка строительных грузов (кроме массовых навалочных, перевозимых автомобилями-самосвалами, а также бетонных и железобетонных изделий, стеновых и перегородочных материалов, лесоматериалов круглых и пиломатериалов, включенных в таблицу 03-01), бортовым автомобилем грузоподъемностью 5 т, на расстояние до 140 км I класс груза","1 т груза",3.5,0,0,2338.7199999999998,8185.53,8185.53]
["58","ТССЦпг-01-01-02-015","Разгрузочные работы при автомобильных перевозках: металлических конструкций массой до 1 т","1 т груза",3.5,0,0,470.78,1647.74,1647.74]
["Раздел 6. Настил",null,null,null,null,null,null,null,null,0]
["59","ТЕР09-03-030-01","Монтаж площадок с настилом и ограждением из листовой, рифленой, просечной и круглой стали","1 т конструкций",0.41599999999999998,63384.83,26368.09,1156.8499999999999,481.25,26849.34]
[null,"101-0309","Канаты пеньковые пропитанные","т","0,0001\n0",null,null,null,null,0]
[null,"101-0324","Кислород технический: газообразный","м3","1,37\n0,5699",null,null,null,null,0]
[null,"101-0797","Проволока горячекатаная в мотках, диаметром 6,3-6,5 мм","т","0,00003\n0",null,null,null,null,0]
[null,"101-1019","Швеллеры № 40 из стали марки: Ст0","т","0,00194\n0,0008",null,null,null,null,0]
[null,"101-1515","Электроды диаметром: 4 мм Э46","т","0,004\n0,0017",null,null,null,null,0]
[null,"101-1805","Гвозди строительные","т","0,00001\n0",null,null,null,null,0]
[null,"101-2278","Пропан-бутан, смесь техническая","кг","0,41\n0,1706",null,null,null,null,0]
[null,"101-2467","Растворитель марки: Р-4","т","0,0006\n0,0002",null,null,null,null,0]
[null,"102-0023","Бруски обрезные хвойных пород длиной: 4-6,5 м, шириной 75-150 мм, толщиной 40-75 мм, I сорта","м3","0,00103\n0,0004",null,null,null,null,0]
[null,"113-0021","Грунтовка: ГФ-021 красно-коричневая","т","0,00031\n0,0001",null,null,null,null,0]
[null,"201-0756","Отдельные конструктивные элементы зданий и сооружений с преобладанием: горячекатаных профилей, средняя масса сборочной единицы от 0,1 до 0,5 т","т","0,001\n0,0004",null,null,null,null,0]
[null,"508-0097","Канат двойной свивки типа ТК, конструкции 6х19(1+6+12)+1 о.с., оцинкованный из проволок марки В, маркировочная группа: 1770 н/мм2, диаметром 5,5 мм","10 м","0,0187\n0,0078",null,null,null,null,0]
["60","ТЕРм38-01-004-05","Сборка с помощью лебедок электрических (с установкой и снятием их в процессе работы): площадки для обслуживания оборудования и трубопроводов","1 т конструкций",0.4,153618.79999999999,61447.5,2901.85,1160.74,62608.24]
[null,"101-0324","Кислород технический: газообразный","м3","0,9\n0,36",null,null,null,null,0]
[null,"101-1521","Электроды диаметром: 5 мм Э42","т","0,0179\n0,0072",null,null,null,null,0]
[null,"101-2278","Пропан-бутан, смесь техническая","кг","0,2\n0,08",null,null,null,null,0]
[null,"999-9950","Вспомогательные ненормируемые ресурсы (2% от Оплаты труда рабочих)","руб","42,08\n16,83",null,null,null,null,0]
["61","Прайс","Лист ПВЛ ПВ506","т",0.41599999999999998,0,0,165781.32,68965.03,68965.03]
["62","ТССЦ-110-0008","Болты сборочные с гайками и шайбами по классу прочности: 8,8","т",4.2849999999999997E-3,0,0,150529.75,645.02,645.02]
["Перевозка материалов (металл 140 км. ОП \"МКМ-СПб\")",null,null,null,null,null,null,null,null,0]
["63",null," металлопрокат, трубопрокат и металлоконструкции","т",0.4,0,0,0,0,0]
["64","ТССЦпг-03-02-01-140","Перевозка строительных грузов (кроме массовых навалочных, перевозимых автомобилями-самосвалами, а также бетонных и железобетонных изделий, стеновых и перегородочных материалов, лесоматериалов круглых и пиломатериалов, включенных в таблицу 03-01), бортовым автомобилем грузоподъемностью 5 т, на расстояние до 140 км I класс груза","1 т груза",0.4,0,0,2338,935.2,935.2]
["65","ТССЦпг-01-01-02-015","Разгрузочные работы при автомобильных перевозках: металлических конструкций массой до 1 т","1 т груза",0.4,0,0,470.48,188.19,188.19]
["Раздел 7. Антикоррозионная обработка",null,null,null,null,null,null,null,null,0]
["66","ТЕР13-03-002-04","Огрунтовка металлических поверхностей за один раз: грунтовкой ГФ-021","100 м2 окрашиваемой поверхности",3.4430000000000001,7414.38,25527.7,384.7,1324.51,26852.21]
[null,"113-0077","Ксилол нефтяной марки А","т","0,002\n0,0069",null,null,null,null,0]
["67","Прайс\nАналог ТССЦ-113-0021 18353,45/17895,65=3%","Грунтовка: ГФ-021 красно-коричневая","кг",41.3,0,0,403.94,16682.79,16682.79]
["68","ТЕР13-03-004-26","Окраска металлических огрунтованных поверхностей: эмалью ПФ-115 (за 2 раза) К=2","100 м2 окрашиваемой поверхности",3.4430000000000001,9135.5,31453.52,240.33,827.46,32280.98]
[null,"101-1292","Уайт-спирит","т","0,0028\n0,0096",null,null,null,null,0]
["69","Прайс\nАналог ТССЦ-113-0246 25096,77/24506,75=2%","Эмаль ПФ-115 серая","кг",130.80000000000001,0,0,505.53,66123.509999999995,66123.509999999995]
[null,null,"Всего, руб. с НДС",null,null,null,{"$f":"SUM(G14:G245)","v":4296772.16},null,{"$f":"SUM(I14:I245)","v":5398951.5300000003},{"$f":"SUM(J14:J245)","v":9695723.6899999995}]
[null,null,"Всего, руб. без НДС",null,null,null,{"$f":"G246/1.2","v":3580643.47},null,{"$f":"I246/1.2","v":4499126.28},{"$f":"J246/1.2","v":8079769.7400000002}]

{"sheet":"1632-2021-1.1,1.2-КМ3","index":3,"n_rows":246,"n_cols":10,"rows_kept":246,"cut":false,"hidden":false,"merged":[]}
[]
["Терминал по перевалке минеральных удобрений в морском торговом порту Усть-Луга. Береговые объекты терминала"]
["(наименование стройки)"]
[]
["ЛОКАЛЬНАЯ СМЕТА № 1632-2021-1.1,1.2-КМ3_07.02.010-П-01-01"]
["(локальная смета)"]
["на Конструкции металлические. Этажерка аспирационной установки., 07.02.010 Станция разгрузки вагонов (код SAP 01.04.001) код ГП 1.1"]
["(наименование работ и затрат, наименование объекта)"]
[null,"Основание:","1632-2021-1.1, 1.2-КМ3_0_0_RU_IFС"]
[]
["№ п/п","Обоснование","Наименование работ и затрат","Ед. изм.","Кол-во","Цена за ед.измерения работ, руб. с НДС","Всего, стоимость работ,руб. с НДС","Цена за ед.измерения материалов, руб. с НДС","Всего, стоимость материалов, руб. с НДС","Итого, руб. с НДС"]
[1,2,3,4,5,6,7,8,9,10]
["Раздел 1. Колонны"]
["1","ТЕР09-03-002-10","Монтаж колонн многоэтажных зданий различного назначения при высоте здания: до 25 м","т",0.83199999999999996,14032.38,11674.94,928.93,772.87,{"$f":"G14+I14","v":12447.81}]
[null,"01.3.02.08-0001","Кислород газообразный технический","м3","2,106\n1,752",null,null,null,null,{"$f":"G15+I15","v":0}]
[null,"01.3.02.09-0022","Пропан-бутан смесь техническая","кг","0,6372\n0,5302",null,null,null,null,0]
[null,"01.7.11.07-0032","Электроды сварочные Э42, диаметр 4 мм","т","0,001728\n0,0014",null,null,null,null,0]
[null,"01.7.15.03-0042","Болты с гайками и шайбами строительные","кг","0,0432\n0,0359",null,null,null,null,0]
[null,"01.7.15.06-0111","Гвозди строительные","т","0,0000108\n0",null,null,null,null,0]
[null,"01.7.20.08-0071","Канат пеньковый пропитанный","т","0,000108\n0,0001",null,null,null,null,0]
[null,"07.2.07.12-0020","Элементы конструктивные зданий и сооружений с преобладанием горячекатаных профилей, средняя масса сборочной единицы от 0,1 до 0,5 т","т","0,002484\n0,0021",null,null,null,null,0]
[null,"08.2.02.11-0007","Канат двойной свивки ТК, конструкции 6х19(1+6+12)+1 о.с., оцинкованный, из проволок марки В, маркировочная группа 1770 н/мм2, диаметр 5,5 мм","10 м","0,020196\n0,0168",null,null,null,null,0]
[null,"08.3.03.06-0002","Проволока горячекатаная в мотках, диаметр 6,3-6,5 мм","т","0,0000324\n0",null,null,null,null,0]
[null,"08.3.11.01-0091","Швеллеры № 40, марка стали Ст0","т","0,0020952\n0,0017",null,null,null,null,0]
[null,"11.1.03.01-0077","Бруски обрезные, хвойных пород, длина 4-6,5 м, ширина 75-150 мм, толщина 40-75 мм, сорт I","м3","0,0011124\n0,0009",null,null,null,null,0]
[null,"14.4.01.01-0003","Грунтовка ГФ-021","т","0,0003348\n0,0003",null,null,null,null,0]
[null,"14.5.09.07-0030","Растворитель Р-4","кг","0,648\n0,5391",null,null,null,null,0]
["2","ТЕРм38-01-002-03","Монорельсы, балки и другие аналогичные конструкции промышленных зданий, сборка с помощью: лебедок электрических (с установкой и снятием их в процессе работы)","1 т конструкций",0.8,39051.1,31240.91,601.55999999999995,481.25,31722.16]
[null,"101-0324","Кислород технический: газообразный","м3","0,6\n0,48",null,null,null,null,0]
[null,"101-1521","Электроды диаметром: 5 мм Э42","т","0,0032\n0,0026",null,null,null,null,0]
[null,"101-2278","Пропан-бутан, смесь техническая","кг","0,2\n0,16",null,null,null,null,0]
[null,"999-9950","Вспомогательные ненормируемые ресурсы (2% от Оплаты труда рабочих)","руб","10,14\n8,112",null,null,null,null,0]
["3","Прайс","Профиль гн. 200*10","т",0.89856000000000003,0,0,136811.99,122933.78,122933.78]
["4","ТЕР09-03-002-10","Монтаж колонн многоэтажных зданий различного назначения при высоте здания: до 25 м","т",27.143999999999998,14291.1,387917.68,946.38,25688.6,413606.28]
[null,"01.3.02.08-0001","Кислород газообразный технический","м3","2,145\n58,22",null,null,null,null,0]
[null,"01.3.02.09-0022","Пропан-бутан смесь техническая","кг","0,649\n17,62",null,null,null,null,0]
[null,"01.7.11.07-0032","Электроды сварочные Э42, диаметр 4 мм","т","0,00176\n0,0478",null,null,null,null,0]
[null,"01.7.15.03-0042","Болты с гайками и шайбами строительные","кг","0,044\n1,194",null,null,null,null,0]
[null,"01.7.15.06-0111","Гвозди строительные","т","0,000011\n0,0003",null,null,null,null,0]
[null,"01.7.20.08-0071","Канат пеньковый пропитанный","т","0,00011\n0,003",null,null,null,null,0]
[null,"07.2.07.12-0020","Элементы конструктивные зданий и сооружений с преобладанием горячекатаных профилей, средняя масса сборочной единицы от 0,1 до 0,5 т","т","0,00253\n0,0687",null,null,null,null,0]
[null,"08.2.02.11-0007","Канат двойной свивки ТК, конструкции 6х19(1+6+12)+1 о.с., оцинкованный, из проволок марки В, маркировочная группа 1770 н/мм2, диаметр 5,5 мм","10 м","0,02057\n0,5584",null,null,null,null,0]
[null,"08.3.03.06-0002","Проволока горячекатаная в мотках, диаметр 6,3-6,5 мм","т","0,000033\n0,0009",null,null,null,null,0]
[null,"08.3.11.01-0091","Швеллеры № 40, марка стали Ст0","т","0,002134\n0,0579",null,null,null,null,0]
[null,"11.1.03.01-0077","Бруски обрезные, хвойных пород, длина 4-6,5 м, ширина 75-150 мм, толщина 40-75 мм, сорт I","м3","0,001133\n0,0308",null,null,null,null,0]
[null,"14.4.01.01-0003","Грунтовка ГФ-021","т","0,000341\n0,0093",null,null,null,null,0]
[null,"14.5.09.07-0030","Растворитель Р-4","кг","0,66\n17,92",null,null,null,null,0]
["5","ТЕРм38-01-002-03","Монорельсы, балки и другие аналогичные конструкции промышленных зданий, сборка с помощью: лебедок электрических (с установкой и снятием их в процессе работы)","1 т конструкций",26.1,39050.300000000003,1019213.36,602.20000000000005,15717.42,1034930.78]
[null,"101-0324","Кислород технический: газообразный","м3","0,6\n15,66",null,null,null,null,0]
[null,"101-1521","Электроды диаметром: 5 мм Э42","т","0,0032\n0,0835",null,null,null,null,0]
[null,"101-2278","Пропан-бутан, смесь техническая","кг","0,2\n5,22",null,null,null,null,0]
[null,"999-9950","Вспомогательные ненормируемые ресурсы (2% от Оплаты труда рабочих)","руб","10,14\n264,7",null,null,null,null,0]
["6","Прайс","Прокат листовой 60мм","т",5.1479999999999997,0,0,132054.57999999999,679817,679817]
["7","Прайс","Прокат листовой 40мм","т",0.57199999999999995,0,0,121284,69374.45,69374.45]
["8","Прайс","Прокат листовой 25мм","т",12.698399999999999,0,0,112337.68,1426508.83,1426508.83]
["9","Прайс","Прокат листовой 20мм","т",11.44,0,0,106982.17,1223876.03,1223876.03]
["Перевозка материалов ( металл 140 км. ОП \"МКМ-СПб\")",null,null,null,null,null,null,null,null,0]
["10",null,"металлопрокат, трубопрокат и металлоконструкции\n201-0757","т",26.9,0,0,0,0,0]
["11","ТССЦпг-03-02-01-140","Перевозка строительных грузов (кроме массовых навалочных, перевозимых автомобилями-самосвалами, а также бетонных и железобетонных изделий, стеновых и перегородочных материалов, лесоматериалов круглых и пиломатериалов, включенных в таблицу 03-01), бортовым автомобилем грузоподъемностью 5 т, на расстояние до 140 км I класс груза","1 т груза",26.9,0,0,2338.66,62909.919999999998,62909.919999999998]
["12","ТССЦпг-01-01-02-015","Разгрузочные работы при автомобильных перевозках: металлических конструкций массой до 1 т","1 т груза",26.9,0,0,470.65,12660.42,12660.42]
["Раздел 2. Балки",null,null,null,null,null,null,null,null,0]
["13","ТЕР09-03-002-12","Монтаж балок, ригелей перекрытия, покрытия и под установку оборудования многоэтажных зданий при высоте здания: до 25 м","1 т конструкций",34.32,40830.379999999997,1401298.6,1886.32,64738.66,1466037.26]
[null,"101-0309","Канаты пеньковые пропитанные","т","0,000115\n0,0039",null,null,null,null,0]
[null,"101-0324","Кислород технический: газообразный","м3","2,2425\n76,96",null,null,null,null,0]
[null,"101-0797","Проволока горячекатаная в мотках, диаметром 6,3-6,5 мм","т","0,0000345\n0,0012",null,null,null,null,0]
[null,"101-1019","Швеллеры № 40 из стали марки: Ст0","т","0,002231\n0,0766",null,null,null,null,0]
[null,"101-1513","Электроды диаметром: 4 мм Э42","т","0,003565\n0,1224",null,null,null,null,0]
[null,"101-1714","Болты с гайками и шайбами строительные","т","0,003565\n0,1224",null,null,null,null,0]
[null,"101-1805","Гвозди строительные","т","0,0000115\n0,0004",null,null,null,null,0]
[null,"101-2278","Пропан-бутан, смесь техническая","кг","0,6785\n23,29",null,null,null,null,0]
[null,"101-2467","Растворитель марки: Р-4","т","0,00069\n0,0237",null,null,null,null,0]
[null,"102-0023","Бруски обрезные хвойных пород длиной: 4-6,5 м, шириной 75-150 мм, толщиной 40-75 мм, I сорта","м3","0,0011845\n0,0407",null,null,null,null,0]
[null,"113-0021","Грунтовка: ГФ-021 красно-коричневая","т","0,0003565\n0,0122",null,null,null,null,0]
[null,"201-0756","Отдельные конструктивные элементы зданий и сооружений с преобладанием: горячекатаных профилей, средняя масса сборочной единицы от 0,1 до 0,5 т","т","0,000575\n0,0197",null,null,null,null,0]
[null,"508-0097","Канат двойной свивки типа ТК, конструкции 6х19(1+6+12)+1 о.с., оцинкованный из проволок марки В, маркировочная группа: 1770 н/мм2, диаметром 5,5 мм","10 м","0,021505\n0,7381",null,null,null,null,0]
["14","ТЕРм38-01-002-03","Монорельсы, балки и другие аналогичные конструкции промышленных зданий, сборка с помощью: лебедок электрических (с установкой и снятием их в процессе работы)","1 т конструкций",33,39050,1288659.22,602.17999999999995,19871.96,1308531.18]
[null,"101-0324","Кислород технический: газообразный","м3","0,6\n19,8",null,null,null,null,0]
[null,"101-1521","Электроды диаметром: 5 мм Э42","т","0,0032\n0,1056",null,null,null,null,0]
[null,"101-2278","Пропан-бутан, смесь техническая","кг","0,2\n6,6",null,null,null,null,{"$f":"G79+I79","v":0}]
[null,"999-9950","Вспомогательные ненормируемые ресурсы (2% от Оплаты труда рабочих)","руб","10,14\n334,6",null,null,null,null,0]
["15","Прайс","Прокат листовой 30мм","т",2.2724000000000002,0,0,117874.06,267857.02,267857.02]
["16","Прайс","Прокат листовой 25мм","т",17.102799999999998,0,0,112337.71,1921289.47,1921289.47]
["17","Прайс","Прокат листовой 20мм","т",19.3752,0,0,106982.24,2072802.22,2072802.22]
["18","Прайс","Прокат листовой 12мм","т",0.71760000000000002,0,0,96029.04,68910.44,68910.44]
["19","ТЕР09-03-002-12","Монтаж балок, ригелей перекрытия, покрытия и под установку оборудования многоэтажных зданий при высоте здания: до 25 м","1 т конструкций",7.4880000000000004,35504.83,265860.2,1640.11,12281.17,278141.37]
[null,"101-0309","Канаты пеньковые пропитанные","т","0,0001\n0,0007",null,null,null,null,0]
[null,"101-0324","Кислород технический: газообразный","м3","1,95\n14,6",null,null,null,null,0]
[null,"101-0797","Проволока горячекатаная в мотках, диаметром 6,3-6,5 мм","т","0,00003\n0,0002",null,null,null,null,0]
[null,"101-1019","Швеллеры № 40 из стали марки: Ст0","т","0,00194\n0,0145",null,null,null,null,0]
[null,"101-1513","Электроды диаметром: 4 мм Э42","т","0,0031\n0,0232",null,null,null,null,0]
[null,"101-1714","Болты с гайками и шайбами строительные","т","0,0031\n0,0232",null,null,null,null,0]
[null,"101-1805","Гвозди строительные","т","0,00001\n0,0001",null,null,null,null,0]
[null,"101-2278","Пропан-бутан, смесь техническая","кг","0,59\n4,418",null,null,null,null,0]
[null,"101-2467","Растворитель марки: Р-4","т","0,0006\n0,0045",null,null,null,null,0]
[null,"102-0023","Бруски обрезные хвойных пород длиной: 4-6,5 м, шириной 75-150 мм, толщиной 40-75 мм, I сорта","м3","0,00103\n0,0077",null,null,null,null,0]
[null,"113-0021","Грунтовка: ГФ-021 красно-коричневая","т","0,00031\n0,0023",null,null,null,null,0]
[null,"201-0756","Отдельные конструктивные элементы зданий и сооружений с преобладанием: горячекатаных профилей, средняя масса сборочной единицы от 0,1 до 0,5 т","т","0,0005\n0,0037",null,null,null,null,0]
[null,"508-0097","Канат двойной свивки типа ТК, конструкции 6х19(1+6+12)+1 о.с., оцинкованный из проволок марки В, маркировочная группа: 1770 н/мм2, диаметром 5,5 мм","10 м","0,0187\n0,14",null,null,null,null,0]
["20","ТЕРм38-01-002-03","Монорельсы, балки и другие аналогичные конструкции промышленных зданий, сборка с помощью: лебедок электрических (с установкой и снятием их в процессе работы)","1 т конструкций",7.2,39050.300000000003,281162.46000000002,602.36,4336.9799999999996,285499.44]
[null,"101-0324","Кислород технический: газообразный","м3","0,6\n4,32",null,null,null,null,0]
[null,"101-1521","Электроды диаметром: 5 мм Э42","т","0,0032\n0,023",null,null,null,null,0]
[null,"101-2278","Пропан-бутан, смесь техническая","кг","0,2\n1,44",null,null,null,null,0]
[null,"999-9950","Вспомогательные ненормируемые ресурсы (2% от Оплаты труда рабочих)","руб","10,14\n73,01",null,null,null,null,0]
["21","Прайс","Швеллер 20П","т",7.0720000000000001,0,0,107663.12,761393.6,761393.6]
["22","Прайс","Прокат листовой 8мм","т",0.41599999999999998,0,0,93155.5,38752.69,38752.69]
["Перевозка материалов ( металл 140 км. ОП \"МКМ-СПб\")",null,null,null,null,null,null,null,null,0]
["23",null,"металлопрокат, трубопрокат и металлоконструкции","т",40.200000000000003,0,0,0,0,0]
["24","ТССЦпг-03-02-01-140","Перевозка строительных грузов (кроме массовых навалочных, перевозимых автомобилями-самосвалами, а также бетонных и железобетонных изделий, стеновых и перегородочных материалов, лесоматериалов круглых и пиломатериалов, включенных в таблицу 03-01), бортовым автомобилем грузоподъемностью 5 т, на расстояние до 140 км I класс груза","1 т груза",40.200000000000003,0,0,2338.67,94014.36,94014.36]
["25","ТССЦпг-01-01-02-015","Разгрузочные работы при автомобильных перевозках: металлических конструкций массой до 1 т","1 т груза",40.200000000000003,0,0,470.67,18920.96,18920.96]
["Раздел 3. Связи и распорки",null,null,null,null,null,null,null,null,0]
["26","ТЕР09-03-014-01","Монтаж связей и распорок из одиночных и парных уголков, гнутосварных профилей для пролетов: до 24 м при высоте здания до  25 м","1 т конструкций",2.1840000000000002,85716.18,187204.13,4252.46,9287.3700000000008,196491.5]
[null,"101-0309","Канаты пеньковые пропитанные","т","0,0001\n0,0002",null,null,null,null,0]
[null,"101-0324","Кислород технический: газообразный","м3","1,2\n2,621",null,null,null,null,0]
[null,"101-0797","Проволока горячекатаная в мотках, диаметром 6,3-6,5 мм","т","0,00003\n0,0001",null,null,null,null,0]
[null,"101-1019","Швеллеры № 40 из стали марки: Ст0","т","0,00194\n0,0042",null,null,null,null,0]
[null,"101-1513","Электроды диаметром: 4 мм Э42","т","0,00044\n0,001",null,null,null,null,0]
[null,"101-1714","Болты с гайками и шайбами строительные","т","0,021\n0,0459",null,null,null,null,0]
[null,"101-1805","Гвозди строительные","т","0,00001\n0",null,null,null,null,0]
[null,"101-2278","Пропан-бутан, смесь техническая","кг","0,36\n0,7862",null,null,null,null,0]
[null,"101-2467","Растворитель марки: Р-4","т","0,0006\n0,0013",null,null,null,null,0]
[null,"102-0023","Бруски обрезные хвойных пород длиной: 4-6,5 м, шириной 75-150 мм, толщиной 40-75 мм, I сорта","м3","0,00103\n0,0022",null,null,null,null,0]
[null,"113-0021","Грунтовка: ГФ-021 красно-коричневая","т","0,00031\n0,0007",null,null,null,null,0]
[null,"201-0756","Отдельные конструктивные элементы зданий и сооружений с преобладанием: горячекатаных профилей, средняя масса сборочной единицы от 0,1 до 0,5 т","т","0,0002\n0,0004",null,null,null,null,0]
[null,"508-0097","Канат двойной свивки типа ТК, конструкции 6х19(1+6+12)+1 о.с., оцинкованный из проволок марки В, маркировочная группа: 1770 н/мм2, диаметром 5,5 мм","10 м","0,0187\n0,0408",null,null,null,null,0]
["27","ТЕРм38-01-003-03","Решетчатые конструкции (стойки, опоры, фермы и пр.), сборка с помощью: лебедок электрических (с установкой и снятием их в процессе работы)","1 т конструкций",2.1,145545.60000000001,305645.78000000003,3563.36,7483.05,313128.83]
[null,"101-0324","Кислород технический: газообразный","м3","2,6\n5,46",null,null,null,null,0]
[null,"101-1521","Электроды диаметром: 5 мм Э42","т","0,0215\n0,0452",null,null,null,null,0]
[null,"101-2278","Пропан-бутан, смесь техническая","кг","0,5\n1,05",null,null,null,null,0]
[null,"999-9950","Вспомогательные ненормируемые ресурсы (2% от Оплаты труда рабочих)","руб","42,32\n88,87",null,null,null,null,0]
["28","Прайс","Швеллер 20П","т",1.56,0,0,107662.95,167954.2,167954.2]
["29","Прайс","Уголок равнополочный 63*5","т",0.312,0,0,103575.19,32315.46,32315.46]
["30","Прайс","Прокат листовой 4мм","т",0.104,0,0,76427.88,7948.5,7948.5]
["31","Прайс","Прокат листовой 8мм","т",0.20799999999999999,0,0,93155.53,19376.349999999999,19376.349999999999]
["32","ТЕР09-03-014-01","Монтаж связей и распорок из одиночных и парных уголков, гнутосварных профилей для пролетов: до 24 м при высоте здания до  25 м","1 т конструкций",0.72799999999999998,96004.96,69891.61,4761.57,3466.42,73358.03]
[null,"101-0309","Канаты пеньковые пропитанные","т","0,000112\n0,0001",null,null,null,null,0]
[null,"101-0324","Кислород технический: газообразный","м3","1,344\n0,9784",null,null,null,null,0]
[null,"101-0797","Проволока горячекатаная в мотках, диаметром 6,3-6,5 мм","т","0,0000336\n0",null,null,null,null,0]
[null,"101-1019","Швеллеры № 40 из стали марки: Ст0","т","0,0021728\n0,0016",null,null,null,null,0]
[null,"101-1513","Электроды диаметром: 4 мм Э42","т","0,0004928\n0,0004",null,null,null,null,0]
[null,"101-1714","Болты с гайками и шайбами строительные","т","0,02352\n0,0171",null,null,null,null,0]
[null,"101-1805","Гвозди строительные","т","0,0000112\n0",null,null,null,null,0]
[null,"101-2278","Пропан-бутан, смесь техническая","кг","0,4032\n0,2935",null,null,null,null,0]
[null,"101-2467","Растворитель марки: Р-4","т","0,000672\n0,0005",null,null,null,null,{"$f":"G143+I143","v":0}]
[null,"102-0023","Бруски обрезные хвойных пород длиной: 4-6,5 м, шириной 75-150 мм, толщиной 40-75 мм, I сорта","м3","0,0011536\n0,0008",null,null,null,null,0]
[null,"113-0021","Грунтовка: ГФ-021 красно-коричневая","т","0,0003472\n0,0003",null,null,null,null,0]
[null,"201-0756","Отдельные конструктивные элементы зданий и сооружений с преобладанием: горячекатаных профилей, средняя масса сборочной единицы от 0,1 до 0,5 т","т","0,000224\n0,0002",null,null,null,null,0]
[null,"508-0097","Канат двойной свивки типа ТК, конструкции 6х19(1+6+12)+1 о.с., оцинкованный из проволок марки В, маркировочная группа: 1770 н/мм2, диаметром 5,5 мм","10 м","0,020944\n0,0152",null,null,null,null,0]
["33","ТЕРм38-01-003-03","Решетчатые конструкции (стойки, опоры, фермы и пр.), сборка с помощью: лебедок электрических (с установкой и снятием их в процессе работы)","1 т конструкций",0.7,145546.29999999999,101882.41,3562.67,2493.87,104376.28]
[null,"101-0324","Кислород технический: газообразный","м3","2,6\n1,82",null,null,null,null,0]
[null,"101-1521","Электроды диаметром: 5 мм Э42","т","0,0215\n0,0151",null,null,null,null,0]
[null,"101-2278","Пропан-бутан, смесь техническая","кг","0,5\n0,35",null,null,null,null,0]
[null,"999-9950","Вспомогательные ненормируемые ресурсы (2% от Оплаты труда рабочих)","руб","42,32\n29,62",null,null,null,null,0]
["34","Прайс","Прокат листовой 25мм","т",0.20799999999999999,0,0,112335,23365.68,23365.68]
["35","Прайс","Прокат листовой 16мм","т",0.312,0,0,103819.23,32391.599999999999,32391.599999999999]
["36","Прайс","Прокат листовой 12мм","т",0.20799999999999999,0,0,96028.65,19973.96,19973.96]
["37","ТЕР09-03-014-01","Монтаж связей и распорок из одиночных и парных уголков, гнутосварных профилей для пролетов: до 24 м при высоте здания до  25 м","1 т конструкций",5.2,94288.2,490298.57,4677.3900000000003,24322.43,514621]
[null,"101-0309","Канаты пеньковые пропитанные","т","0,00011\n0,0006",null,null,null,null,0]
[null,"101-0324","Кислород технический: газообразный","м3","1,32\n6,864",null,null,null,null,0]
[null,"101-0797","Проволока горячекатаная в мотках, диаметром 6,3-6,5 мм","т","0,000033\n0,0002",null,null,null,null,0]
[null,"101-1019","Швеллеры № 40 из стали марки: Ст0","т","0,002134\n0,0111",null,null,null,null,0]
[null,"101-1513","Электроды диаметром: 4 мм Э42","т","0,000484\n0,0025",null,null,null,null,0]
[null,"101-1714","Болты с гайками и шайбами строительные","т","0,0231\n0,1201",null,null,null,null,0]
[null,"101-1805","Гвозди строительные","т","0,000011\n0,0001",null,null,null,null,0]
[null,"101-2278","Пропан-бутан, смесь техническая","кг","0,396\n2,059",null,null,null,null,0]
[null,"101-2467","Растворитель марки: Р-4","т","0,00066\n0,0034",null,null,null,null,0]
[null,"102-0023","Бруски обрезные хвойных пород длиной: 4-6,5 м, шириной 75-150 мм, толщиной 40-75 мм, I сорта","м3","0,001133\n0,0059",null,null,null,null,0]
[null,"113-0021","Грунтовка: ГФ-021 красно-коричневая","т","0,000341\n0,0018",null,null,null,null,0]
[null,"201-0756","Отдельные конструктивные элементы зданий и сооружений с преобладанием: горячекатаных профилей, средняя масса сборочной единицы от 0,1 до 0,5 т","т","0,00022\n0,0011",null,null,null,null,0]
[null,"508-0097","Канат двойной свивки типа ТК, конструкции 6х19(1+6+12)+1 о.с., оцинкованный из проволок марки В, маркировочная группа: 1770 н/мм2, диаметром 5,5 мм","10 м","0,02057\n0,107",null,null,null,null,0]
["38","ТЕРм38-01-003-03","Решетчатые конструкции (стойки, опоры, фермы и пр.), сборка с помощью: лебедок электрических (с установкой и снятием их в процессе работы)","1 т конструкций",5,145546,727727.77,3562.96,17814.8,745542.57]
[null,"101-0324","Кислород технический: газообразный","м3","2,6\n13",null,null,null,null,0]
[null,"101-1521","Электроды диаметром: 5 мм Э42","т","0,0215\n0,1075",null,null,null,null,0]
[null,"101-2278","Пропан-бутан, смесь техническая","кг","0,5\n2,5",null,null,null,null,0]
[null,"999-9950","Вспомогательные ненормируемые ресурсы (2% от Оплаты труда рабочих)","руб","42,32\n211,6",null,null,null,null,0]
["39","Прайс","Профиль гн. 200*9","т",3.5464000000000002,0,0,136812.43,485191.59,485191.59]
["40","Прайс","Профиль гн. 160*5","т",2.1736,0,0,124873.02,271424,271424]
["Перевозка материалов ( металл 140 км. ОП \"МКМ-СПб\")",null,null,null,null,null,null,null,null,0]
["41",null,"металлопрокат, трубопрокат и металлоконструкции","т",7.8,0,0,0,0,0]
["42","ТССЦпг-03-02-01-140","Перевозка строительных грузов (кроме массовых навалочных, перевозимых автомобилями-самосвалами, а также бетонных и железобетонных изделий, стеновых и перегородочных материалов, лесоматериалов круглых и пиломатериалов, включенных в таблицу 03-01), бортовым автомобилем грузоподъемностью 5 т, на расстояние до 140 км I класс груза","1 т груза",7.8,0,0,2338.65,18241.46,18241.46]
["43","ТССЦпг-01-01-02-015","Разгрузочные работы при автомобильных перевозках: металлических конструкций массой до 1 т","1 т груза",7.8,0,0,470.75,3671.85,3671.85]
["Раздел 4. Лестницы, площадки, ограждения",null,null,null,null,null,null,null,null,0]
["44","ТЕР09-03-029-01","Монтаж лестниц прямолинейных и криволинейных, пожарных с ограждением","1 т конструкций",3.952,57879.41,228739.44,1156.6600000000001,4571.1400000000003,233310.58]
[null,"101-0309","Канаты пеньковые пропитанные","т","0,0001\n0,0004",null,null,null,null,0]
[null,"101-0324","Кислород технический: газообразный","м3","1,37\n5,414",null,null,null,null,0]
[null,"101-0797","Проволока горячекатаная в мотках, диаметром 6,3-6,5 мм","т","0,00003\n0,0001",null,null,null,null,0]
[null,"101-1019","Швеллеры № 40 из стали марки: Ст0","т","0,00194\n0,0077",null,null,null,null,0]
[null,"101-1515","Электроды диаметром: 4 мм Э46","т","0,004\n0,0158",null,null,null,null,0]
[null,"101-1805","Гвозди строительные","т","0,00001\n0",null,null,null,null,0]
[null,"101-2278","Пропан-бутан, смесь техническая","кг","0,41\n1,62",null,null,null,null,0]
[null,"101-2467","Растворитель марки: Р-4","т","0,0006\n0,0024",null,null,null,null,0]
[null,"102-0023","Бруски обрезные хвойных пород длиной: 4-6,5 м, шириной 75-150 мм, толщиной 40-75 мм, I сорта","м3","0,00103\n0,0041",null,null,null,null,0]
[null,"113-0021","Грунтовка: ГФ-021 красно-коричневая","т","0,00031\n0,0012",null,null,null,null,0]
[null,"201-0756","Отдельные конструктивные элементы зданий и сооружений с преобладанием: горячекатаных профилей, средняя масса сборочной единицы от 0,1 до 0,5 т","т","0,001\n0,004",null,null,null,null,0]
[null,"508-0097","Канат двойной свивки типа ТК, конструкции 6х19(1+6+12)+1 о.с., оцинкованный из проволок марки В, маркировочная группа: 1770 н/мм2, диаметром 5,5 мм","10 м","0,0187\n0,0739",null,null,null,null,0]
["45","ТЕРм38-01-004-06","Сборка с помощью лебедок электрических (с установкой и снятием их в процессе работы): лестницы прямолинейные и криволинейные с ограждением","1 т конструкций",3.8,181387.1,{"$f":"689271.01","v":689271.01},2724.93,10354.74,699625.75]
[null,"101-0324","Кислород технический: газообразный","м3","0,6\n2,28",null,null,null,null,0]
[null,"101-1521","Электроды диаметром: 5 мм Э42","т","0,016\n0,0608",null,null,null,null,0]
[null,"101-2278","Пропан-бутан, смесь техническая","кг","0,2\n0,76",null,null,null,null,0]
[null,"999-9950","Вспомогательные ненормируемые ресурсы (2% от Оплаты труда рабочих)","руб","51,07\n194,1",null,null,null,null,0]
["46","Прайс","Швеллер 20П","т",1.3520000000000001,0,0,107663.51,145561.07,145561.07]
["47","Прайс","Уголок равнополочный 100*8","т",0.52,0,0,112543.58,58522.66,58522.66]
["48","Прайс","Уголок равнополочный 32*4","т",0.312,0,0,95176.83,29695.17,29695.17]
["49","Прайс","Прокат листовой 6мм","т",0.20799999999999999,0,0,91035.19,18935.32,18935.32]
["50","Прайс","Прокат листовой 4мм","т",0.41599999999999998,0,0,76434.759999999995,31796.86,31796.86]
["51","Прайс","ВГП 42,3*2,8","т",0.93600000000000005,0,0,80169.67,75038.81,75038.81]
["52","Прайс","ВГП 21,3*2,5","т",0.20799999999999999,0,0,74791.009999999995,15556.53,15556.53]
["53","ТССЦ-110-0008","Болты сборочные с гайками и шайбами по классу прочности: 8,8","т",5.1375999999999998E-2,0,0,150378.19,7725.83,{"$f":"G207+I207","v":7725.83}]
["Перевозка материалов ( металл 140 км. ОП \"МКМ-СПб\")",null,null,null,null,null,null,null,null,0]
["54",null,"металлопрокат, трубопрокат и металлоконструкции","т",3.8,0,0,0,0,0]
["55","ТССЦпг-03-02-01-140","Перевозка строительных грузов (кроме массовых навалочных, перевозимых автомобилями-самосвалами, а также бетонных и железобетонных изделий, стеновых и перегородочных материалов, лесоматериалов круглых и пиломатериалов, включенных в таблицу 03-01), бортовым автомобилем грузоподъемностью 5 т, на расстояние до 140 км I класс груза","1 т груза",3.8,0,0,2338.5700000000002,8886.57,8886.57]
["56","ТССЦпг-01-01-02-015","Разгрузочные работы при автомобильных перевозках: металлических конструкций массой до 1 т","1 т груза",3.8,0,0,470.66,1788.52,1788.52]
["Раздел 5. Настил",null,null,null,null,null,null,null,null,0]
["57","ТЕР09-03-030-01","Монтаж площадок с настилом и ограждением из листовой, рифленой, просечной и круглой стали","1 т конструкций",14.768000000000001,29208.86,{"$f":"431356.44","v":431356.44},1156.99,17086.47,448442.91]
[null,"101-0309","Канаты пеньковые пропитанные","т","0,0001\n0,0015",null,null,null,null,0]
[null,"101-0324","Кислород технический: газообразный","м3","1,37\n20,23",null,null,null,null,0]
[null,"101-0797","Проволока горячекатаная в мотках, диаметром 6,3-6,5 мм","т","0,00003\n0,0004",null,null,null,null,0]
[null,"101-1019","Швеллеры № 40 из стали марки: Ст0","т","0,00194\n0,0286",null,null,null,null,0]
[null,"101-1515","Электроды диаметром: 4 мм Э46","т","0,004\n0,0591",null,null,null,null,0]
[null,"101-1805","Гвозди строительные","т","0,00001\n0,0001",null,null,null,null,0]
[null,"101-2278","Пропан-бутан, смесь техническая","кг","0,41\n6,055",null,null,null,null,0]
[null,"101-2467","Растворитель марки: Р-4","т","0,0006\n0,0089",null,null,null,null,0]
[null,"102-0023","Бруски обрезные хвойных пород длиной: 4-6,5 м, шириной 75-150 мм, толщиной 40-75 мм, I сорта","м3","0,00103\n0,0152",null,null,null,null,0]
[null,"113-0021","Грунтовка: ГФ-021 красно-коричневая","т","0,00031\n0,0046",null,null,null,null,0]
[null,"201-0756","Отдельные конструктивные элементы зданий и сооружений с преобладанием: горячекатаных профилей, средняя масса сборочной единицы от 0,1 до 0,5 т","т","0,001\n0,0148",null,null,null,null,0]
[null,"508-0097","Канат двойной свивки типа ТК, конструкции 6х19(1+6+12)+1 о.с., оцинкованный из проволок марки В, маркировочная группа: 1770 н/мм2, диаметром 5,5 мм","10 м","0,0187\n0,2762",null,null,null,null,0]
["58","ТЕРм38-01-004-05","Сборка с помощью лебедок электрических (с установкой и снятием их в процессе работы): площадки для обслуживания оборудования и трубопроводов","1 т конструкций",14.2,153619,2101550.2200000002,2902.16,41210.65,2142760.87]
[null,"101-0324","Кислород технический: газообразный","м3","0,9\n12,78",null,null,null,null,0]
[null,"101-1521","Электроды диаметром: 5 мм Э42","т","0,0179\n0,2542",null,null,null,null,0]
[null,"101-2278","Пропан-бутан, смесь техническая","кг","0,2\n2,84",null,null,null,null,0]
[null,"999-9950","Вспомогательные ненормируемые ресурсы (2% от Оплаты труда рабочих)","руб","42,08\n597,5",null,null,null,null,0]
["59","Прайс","Прокат стальной горячетканый круглый диаметр 16","т",14.456,0,0,102990.04,1488824.01,1488824.01]
["60","Прайс","Лист ПВЛ ПВ506","т",0.41599999999999998,0,0,165781.32,68965.03,68965.03]
["61","ТССЦ-101-1810","Винты самонарезающие: для крепления профилированного настила и панелей к несущим конструкциям","т",5.6709000000000002E-2,0,0,256488.21,14545.19,14545.19]
["Перевозка материалов ( металл 140 км. ОП \"МКМ-СПб\")",null,null,null,null,null,null,null,null,0]
["62",null,"металлопрокат, трубопрокат и металлоконструкции","т",14.2,0,0,0,0,0]
["63","ТССЦпг-03-02-01-140","Перевозка строительных грузов (кроме массовых навалочных, перевозимых автомобилями-самосвалами, а также бетонных и железобетонных изделий, стеновых и перегородочных материалов, лесоматериалов круглых и пиломатериалов, включенных в таблицу 03-01), бортовым автомобилем грузоподъемностью 5 т, на расстояние до 140 км I класс груза","1 т груза",14.2,0,0,2338.66,33209,33209]
["64","ТССЦпг-01-01-02-015","Разгрузочные работы при автомобильных перевозках: металлических конструкций массой до 1 т","1 т груза",14.2,0,0,470.63,6682.89,6682.89]
["Раздел 6. Антикоррозионная обработка",null,null,null,null,null,null,null,null,0]
["65","ТЕР13-03-002-04","Огрунтовка металлических поверхностей за один раз: грунтовкой ГФ-021","100 м2 окрашиваемой поверхности",19.57,7414.11,145094.19,384.87,7531.89,152626.07999999999]
[null,"113-0077","Ксилол нефтяной марки А","т","0,002\n0,0391",null,null,null,null,0]
["66","Прайс\nАналог ТССЦ-113-0021 18353,45/17895,65=3%","Грунтовка: ГФ-021 красно-коричневая","кг",234.8,0,0,403.96,94849,94849]
["67","ТЕР13-03-004-26","Окраска металлических огрунтованных поверхностей: эмалью ПФ-115 (за 2 раза) К=2","100 м2 окрашиваемой поверхности",19.57,9134.9,178770.07,240.48,4706.18,183476.25]
[null,"101-1292","Уайт-спирит","т","0,0028\n0,0548",null,null,null,null,0]
["68","Прайс\nАналог ТССЦ-113-0246 25096,77/24506,75=2%","Эмаль ПФ-115 серая","кг",743.7,0,0,505.53,375962.61,375962.61]
[null,null,"Всего, руб. с НДС",null,null,null,{"$f":"SUM(G13:G244)","v":10344459.01},null,{"$f":"SUM(I13:I244)","v":12694638.83},{"$f":"SUM(J13:J244)","v":23039097.84}]
[null,null,"Всего, руб. без НДС",null,null,null,{"$f":"G245/1.2","v":8620382.5099999998},null,{"$f":"I245/1.2","v":10578865.689999999},{"$f":"J245/1.2","v":19199248.199999999}]

{"sheet":"1632-2021-2.1.11-КМ ","index":4,"n_rows":315,"n_cols":10,"rows_kept":315,"cut":false,"hidden":false,"merged":[]}
[]
["Терминал по перевалке минеральных удобрений в морском торговом порту Усть-Луга. Береговые объекты терминала"]
["(наименование стройки)"]
[]
["ЛОКАЛЬНАЯ СМЕТА № 1632-2021-2.1.11-КМ-07.05.050-П-01-02"]
["(локальная смета)"]
["на Конструкции металлические, 07.04.050 Конвейерная галерея №11 (код SAP 01.02.008) код ГП 2.1.11"]
["(наименование работ и затрат, наименование объекта)"]
[null,"Основание:","1632-2021-2.1.11-КМ_0_0_RU_IFС"]
[]
["№ п/п","Обоснование","Наименование работ и затрат","Ед. изм.","Кол-во","Цена за ед.измерения работ, руб. с НДС","Всего, стоимость работ,руб. с НДС","Цена за ед.измерения материалов, руб. с НДС","Всего, стоимость материалов, руб. с НДС","Итого, руб. с НДС"]
[1,2,3,4,5,"6","7","8","9",10]
["Раздел 1. Колонны"]
["1","ТЕР09-03-002-02","Монтаж колонн одноэтажных и многоэтажных зданий и крановых эстакад высотой: до 25 м цельного сечения массой до 3,0 т","1 т конструкций",20.8,11888.3,247276.83,834.93,17366.599999999999,{"$f":"G14+I14","v":264643.43}]
[null,"101-0309","Канаты пеньковые пропитанные","т","0,0001\n0,0021",null,null,null,null,{"$f":"G15+I15","v":0}]
[null,"101-0324","Кислород технический: газообразный","м3","0,7\n14,56",null,null,null,null,0]
[null,"101-0797","Проволока горячекатаная в мотках, диаметром 6,3-6,5 мм","т","0,00003\n0,0006",null,null,null,null,0]
[null,"101-1019","Швеллеры № 40 из стали марки: Ст0","т","0,00194\n0,0404",null,null,null,null,0]
[null,"101-1513","Электроды диаметром: 4 мм Э42","т","0,0018\n0,0374",null,null,null,null,0]
[null,"101-1714","Болты с гайками и шайбами строительные","т","0,00015\n0,0031",null,null,null,null,0]
[null,"101-1805","Гвозди строительные","т","0,00001\n0,0002",null,null,null,null,0]
[null,"101-2278","Пропан-бутан, смесь техническая","кг","0,21\n4,368",null,null,null,null,0]
[null,"101-2467","Растворитель марки: Р-4","т","0,0006\n0,0125",null,null,null,null,0]
[null,"102-0023","Бруски обрезные хвойных пород длиной: 4-6,5 м, шириной 75-150 мм, толщиной 40-75 мм, I сорта","м3","0,00103\n0,0214",null,null,null,null,0]
[null,"113-0021","Грунтовка: ГФ-021 красно-коричневая","т","0,00031\n0,0064",null,null,null,null,0]
[null,"201-0756","Отдельные конструктивные элементы зданий и сооружений с преобладанием: горячекатаных профилей, средняя масса сборочной единицы от 0,1 до 0,5 т","т","0,0007\n0,0146",null,null,null,null,0]
[null,"508-0097","Канат двойной свивки типа ТК, конструкции 6х19(1+6+12)+1 о.с., оцинкованный из проволок марки В, маркировочная группа: 1770 н/мм2, диаметром 5,5 мм","10 м","0,0187\n0,389",null,null,null,null,0]
["2","ТЕРм38-01-002-03","Монорельсы, балки и другие аналогичные конструкции промышленных зданий, сборка с помощью: лебедок электрических (с установкой и снятием их в процессе работы)","1 т конструкций",20,39050,781005.54,602.21,12044.13,793049.67]
[null,"101-0324","Кислород технический: газообразный","м3","0,6\n12",null,null,null,null,0]
[null,"101-1521","Электроды диаметром: 5 мм Э42","т","0,0032\n0,064",null,null,null,null,0]
[null,"101-2278","Пропан-бутан, смесь техническая","кг","0,2\n4",null,null,null,null,0]
[null,"999-9950","Вспомогательные ненормируемые ресурсы (2% от Оплаты труда рабочих)","руб","10,14\n202,8",null,null,null,null,0]
["Колонны",null,null,null,null,null,null,null,null,0]
["3","Прайс","Двутавр 50Ш1","т",6.76,0,0,98826.96,668070.23,668070.23]
["4","Прайс","Двутавр 40Ш1","т",7.9039999999999999,0,0,96028.46,759008.91,759008.91]
["5","Прайс","Двутавр 35Ш1","т",3.8479999999999999,0,0,95663.52,368113.24,368113.24]
["6","Прайс","Уголок равнополочный 100*7","т",0.20799999999999999,0,0,112542.21,23408.78,23408.78]
["7","Прайс","Прокат листовой 30мм","т",0.624,0,0,117874.05,73553.41,73553.41]
["8","Прайс","Прокат листовой 16мм","т",0.20799999999999999,0,0,103819.23,21594.400000000001,21594.400000000001]
["9","Прайс","Прокат листовой 12мм","т",0.93600000000000005,0,0,96028.63,89882.8,89882.8]
["10","Прайс","Прокат листовой 10мм","т",0.20799999999999999,0,0,94509.18,19657.91,19657.91]
["11","Прайс","Прокат листовой 8мм","т",0.104,0,0,93155.48,9688.17,9688.17]
["Перевозка материалов ( металл 140 км. ОП \"МКМ-СПб\")",null,null,null,null,null,null,null,null,0]
["12",null,"Арматура, металлопрокат, трубопрокат и металлоконструкции","т",20,0,0,0,0,0]
["13","ТССЦпг-03-02-01-140","Перевозка строительных грузов (кроме массовых навалочных, перевозимых автомобилями-самосвалами, а также бетонных и железобетонных изделий, стеновых и перегородочных материалов, лесоматериалов круглых и пиломатериалов, включенных в таблицу 03-01), бортовым автомобилем грузоподъемностью 5 т, на расстояние до 140 км I класс груза","1 т груза",20,0,0,2338.65,46773.02,46773.02]
["14","ТССЦпг-01-01-02-015","Разгрузочные работы при автомобильных перевозках: металлических конструкций массой до 1 т","1 т груза",20,0,0,470.69,9413.7900000000009,9413.7900000000009]
["Раздел 2. Балки и рамы",null,null,null,null,null,null,null,null,0]
["15","ТЕР09-03-002-12","Монтаж балок, ригелей перекрытия, покрытия и под установку оборудования многоэтажных зданий при высоте здания: до 25 м","1 т конструкций",29.847999999999999,35504.71,1059744.52,1640.24,48958.03,1108702.55]
[null,"101-0309","Канаты пеньковые пропитанные","т","0,0001\n0,003",null,null,null,null,0]
[null,"101-0324","Кислород технический: газообразный","м3","1,95\n58,2",null,null,null,null,0]
[null,"101-0797","Проволока горячекатаная в мотках, диаметром 6,3-6,5 мм","т","0,00003\n0,0009",null,null,null,null,0]
[null,"101-1019","Швеллеры № 40 из стали марки: Ст0","т","0,00194\n0,0579",null,null,null,null,0]
[null,"101-1513","Электроды диаметром: 4 мм Э42","т","0,0031\n0,0925",null,null,null,null,0]
[null,"101-1714","Болты с гайками и шайбами строительные","т","0,0031\n0,0925",null,null,null,null,0]
[null,"101-1805","Гвозди строительные","т","0,00001\n0,0003",null,null,null,null,0]
[null,"101-2278","Пропан-бутан, смесь техническая","кг","0,59\n17,61",null,null,null,null,0]
[null,"101-2467","Растворитель марки: Р-4","т","0,0006\n0,0179",null,null,null,null,0]
[null,"102-0023","Бруски обрезные хвойных пород длиной: 4-6,5 м, шириной 75-150 мм, толщиной 40-75 мм, I сорта","м3","0,00103\n0,0307",null,null,null,null,0]
[null,"113-0021","Грунтовка: ГФ-021 красно-коричневая","т","0,00031\n0,0093",null,null,null,null,0]
[null,"201-0756","Отдельные конструктивные элементы зданий и сооружений с преобладанием: горячекатаных профилей, средняя масса сборочной единицы от 0,1 до 0,5 т","т","0,0005\n0,0149",null,null,null,null,0]
[null,"508-0097","Канат двойной свивки типа ТК, конструкции 6х19(1+6+12)+1 о.с., оцинкованный из проволок марки В, маркировочная группа: 1770 н/мм2, диаметром 5,5 мм","10 м","0,0187\n0,5582",null,null,null,null,0]
["16","ТЕРм38-01-002-03","Монорельсы, балки и другие аналогичные конструкции промышленных зданий, сборка с помощью: лебедок электрических (с установкой и снятием их в процессе работы)","1 т конструкций",28.7,39050.400000000001,1120746.68,602.15,17281.84,1138028.52]
[null,"101-0324","Кислород технический: газообразный","м3","0,6\n17,22",null,null,null,null,0]
[null,"101-1521","Электроды диаметром: 5 мм Э42","т","0,0032\n0,0918",null,null,null,null,0]
[null,"101-2278","Пропан-бутан, смесь техническая","кг","0,2\n5,74",null,null,null,null,0]
[null,"999-9950","Вспомогательные ненормируемые ресурсы (2% от Оплаты труда рабочих)","руб","10,14\n291",null,null,null,null,0]
["17","Прайс","Швеллер 24П","т",5.8239999999999998,0,0,109842.47,639722.56000000006,639722.56000000006]
["18","Прайс","Швеллер 20П","т",5.5119999999999996,0,0,107663.17,593439.41,593439.41]
["19","Прайс","Двутавр 25Ш1","т",14.456,0,0,93228.55,1347711.97,1347711.97]
["20","Прайс","Двутавр 25К1","т",0.312,0,0,89393.75,27890.85,27890.85]
["21","Прайс","Уголок не равнополочный 100*63*8","т",0.83199999999999996,0,0,118666.57,98730.59,98730.59]
["22","Прайс","Прокат листовой 16мм","т",0.312,0,0,103819.23,32391.599999999999,32391.599999999999]
["23","Прайс","Прокат листовой 12мм","т",0.72799999999999998,0,0,96028.64,69908.850000000006,69908.850000000006]
["24","Прайс","Прокат листовой 10мм","т",1.56,0,0,94507.35,147431.47,147431.47]
["25","Прайс","Прокат листовой 8мм","т",0.20799999999999999,0,0,93155.53,19376.349999999999,19376.349999999999]
["26","Прайс","Прокат листовой 6мм","т",0.104,0,0,91042.12,9468.3799999999992,9468.3799999999992]
["Перевозка материалов ( металл 140 км. ОП \"МКМ-СПб\")",null,null,null,null,null,null,null,null,0]
["27",null,"Арматура, металлопрокат, трубопрокат и металлоконструкции","т",28.7,0,0,0,0,0]
["28","ТССЦпг-03-02-01-140","Перевозка строительных грузов (кроме массовых навалочных, перевозимых автомобилями-самосвалами, а также бетонных и железобетонных изделий, стеновых и перегородочных материалов, лесоматериалов круглых и пиломатериалов, включенных в таблицу 03-01), бортовым автомобилем грузоподъемностью 5 т, на расстояние до 140 км I класс груза","1 т груза",28.7,0,0,2338.64,67119.039999999994,{"$f":"G79+I79","v":67119.039999999994}]
["29","ТССЦпг-01-01-02-015","Разгрузочные работы при автомобильных перевозках: металлических конструкций массой до 1 т","1 т груза",28.7,0,0,470.66,13507.99,13507.99]
["Раздел 3. Прогоны",null,null,null,null,null,null,null,null,0]
["30","ТЕР09-03-015-01","Монтаж прогонов при шаге ферм до 12 м при высоте здания: до 25 м","1 т конструкций",8.9440000000000008,24725.119999999999,221141.46,1307.5899999999999,11695.05,232836.51]
[null,"101-0309","Канаты пеньковые пропитанные","т","0,0001\n0,0009",null,null,null,null,0]
[null,"101-0324","Кислород технический: газообразный","м3","0,5\n4,472",null,null,null,null,0]
[null,"101-0797","Проволока горячекатаная в мотках, диаметром 6,3-6,5 мм","т","0,00003\n0,0003",null,null,null,null,0]
[null,"101-1019","Швеллеры № 40 из стали марки: Ст0","т","0,00194\n0,0174",null,null,null,null,0]
[null,"101-1513","Электроды диаметром: 4 мм Э42","т","0,0026\n0,0233",null,null,null,null,0]
[null,"101-1714","Болты с гайками и шайбами строительные","т","0,003\n0,0268",null,null,null,null,0]
[null,"101-1805","Гвозди строительные","т","0,00001\n0,0001",null,null,null,null,0]
[null,"101-2278","Пропан-бутан, смесь техническая","кг","0,15\n1,342",null,null,null,null,0]
[null,"101-2467","Растворитель марки: Р-4","т","0,0006\n0,0054",null,null,null,null,0]
[null,"102-0023","Бруски обрезные хвойных пород длиной: 4-6,5 м, шириной 75-150 мм, толщиной 40-75 мм, I сорта","м3","0,00103\n0,0092",null,null,null,null,0]
[null,"113-0021","Грунтовка: ГФ-021 красно-коричневая","т","0,00031\n0,0028",null,null,null,null,0]
[null,"201-0756","Отдельные конструктивные элементы зданий и сооружений с преобладанием: горячекатаных профилей, средняя масса сборочной единицы от 0,1 до 0,5 т","т","0,0001\n0,0009",null,null,null,null,0]
[null,"508-0097","Канат двойной свивки типа ТК, конструкции 6х19(1+6+12)+1 о.с., оцинкованный из проволок марки В, маркировочная группа: 1770 н/мм2, диаметром 5,5 мм","10 м","0,0187\n0,1673",null,null,null,null,0]
["31","ТЕРм38-01-003-03","Решетчатые конструкции (стойки, опоры, фермы и пр.), сборка с помощью: лебедок электрических (с установкой и снятием их в процессе работы)","1 т конструкций",8.6,145545.1,1251687.8600000001,3563.17,30643.3,1282331.1599999999]
[null,"101-0324","Кислород технический: газообразный","м3","2,6\n22,36",null,null,null,null,0]
[null,"101-1521","Электроды диаметром: 5 мм Э42","т","0,0215\n0,1849",null,null,null,null,0]
[null,"101-2278","Пропан-бутан, смесь техническая","кг","0,5\n4,3",null,null,null,null,0]
[null,"999-9950","Вспомогательные ненормируемые ресурсы (2% от Оплаты труда рабочих)","руб","42,32\n364",null,null,null,null,0]
["32","Прайс","Швеллер 20П","т",8.5280000000000005,0,0,107663.14,918151.23,918151.23]
["33","Прайс","Уголок не равнополочный 140*90*8","т",0.312,0,0,139176.15,43422.96,43422.96]
["34","Прайс","Прокат листовой 6мм","т",0.104,0,0,91042.12,9468.3799999999992,9468.3799999999992]
["Перевозка материалов ( металл 140 км. ОП \"МКМ-СПб\")",null,null,null,null,null,null,null,null,0]
["35",null,"Арматура, металлопрокат, трубопрокат и металлоконструкции","т",8.6,0,0,0,0,0]
["36","ТССЦпг-03-02-01-140","Перевозка строительных грузов (кроме массовых навалочных, перевозимых автомобилями-самосвалами, а также бетонных и железобетонных изделий, стеновых и перегородочных материалов, лесоматериалов круглых и пиломатериалов, включенных в таблицу 03-01), бортовым автомобилем грузоподъемностью 5 т, на расстояние до 140 км I класс груза","1 т груза",8.6,0,0,2338.59,20111.87,20111.87]
["37","ТССЦпг-01-01-02-015","Разгрузочные работы при автомобильных перевозках: металлических конструкций массой до 1 т","1 т груза",8.6,0,0,470.72,4048.23,4048.23]
["Раздел 4. Фермы",null,null,null,null,null,null,null,null,0]
["38","ТЕР09-03-012-01","Монтаж стропильных и подстропильных ферм на высоте до 25 м пролетом: до 24 м массой до 3,0 т","1 т конструкций",22.984000000000002,44491.6,1022595.03,1506.57,34626.89,1057221.92]
[null,"101-0309","Канаты пеньковые пропитанные","т","0,0001\n0,0023",null,null,null,null,0]
[null,"101-0324","Кислород технический: газообразный","м3","0,72\n16,55",null,null,null,null,0]
[null,"101-0797","Проволока горячекатаная в мотках, диаметром 6,3-6,5 мм","т","0,00003\n0,0007",null,null,null,null,0]
[null,"101-1019","Швеллеры № 40 из стали марки: Ст0","т","0,00194\n0,0446",null,null,null,null,0]
[null,"101-1513","Электроды диаметром: 4 мм Э42","т","0,0027\n0,0621",null,null,null,null,0]
[null,"101-1714","Болты с гайками и шайбами строительные","т","0,0019\n0,0437",null,null,null,null,0]
[null,"101-1805","Гвозди строительные","т","0,00001\n0,0002",null,null,null,null,0]
[null,"101-2278","Пропан-бутан, смесь техническая","кг","0,22\n5,056",null,null,null,null,0]
[null,"101-2467","Растворитель марки: Р-4","т","0,0006\n0,0138",null,null,null,null,0]
[null,"102-0023","Бруски обрезные хвойных пород длиной: 4-6,5 м, шириной 75-150 мм, толщиной 40-75 мм, I сорта","м3","0,00103\n0,0237",null,null,null,null,0]
[null,"113-0021","Грунтовка: ГФ-021 красно-коричневая","т","0,00031\n0,0071",null,null,null,null,0]
[null,"201-0756","Отдельные конструктивные элементы зданий и сооружений с преобладанием: горячекатаных профилей, средняя масса сборочной единицы от 0,1 до 0,5 т","т","0,002\n0,046",null,null,null,null,0]
[null,"508-0097","Канат двойной свивки типа ТК, конструкции 6х19(1+6+12)+1 о.с., оцинкованный из проволок марки В, маркировочная группа: 1770 н/мм2, диаметром 5,5 мм","10 м","0,0187\n0,4298",null,null,null,null,0]
["39","ТЕРм38-01-003-03","Решетчатые конструкции (стойки, опоры, фермы и пр.), сборка с помощью: лебедок электрических (с установкой и снятием их в процессе работы)","1 т конструкций",22.1,145545.20000000001,3216549.69,3563.19,78746.58,3295296.27]
[null,"101-0324","Кислород технический: газообразный","м3","2,6\n57,46",null,null,null,null,0]
[null,"101-1521","Электроды диаметром: 5 мм Э42","т","0,0215\n0,4752",null,null,null,null,0]
[null,"101-2278","Пропан-бутан, смесь техническая","кг","0,5\n11,05",null,null,null,null,0]
[null,"999-9950","Вспомогательные ненормируемые ресурсы (2% от Оплаты труда рабочих)","руб","42,32\n935,3",null,null,null,null,0]
["40","Прайс","Двутавр 25К1","т",11.231999999999999,0,0,89394.39,1004077.75,1004077.75]
["41","Прайс","Профиль гн. 180*7","т",2.3919999999999999,0,0,128950.05,308448.51,308448.51]
["42","Прайс","Профиль гн. 140*6","т",2.9119999999999999,0,0,120369.28,350515.35,350515.35]
["43","Прайс","Профиль гн. 120*5","т",1.768,0,0,113870.28,201322.66,201322.66]
["44","Прайс","Профиль гн. 100*5","т",2.1840000000000002,0,0,109780.56,239760.74,239760.74]
["45","Прайс","Профиль гн. 80*5","т",0.52,0,0,99241.56,51605.61,51605.61]
["46","Прайс","Прокат листовой 25мм","т",0.624,0,0,112337.29,70098.47,70098.47]
["47","Прайс","Прокат листовой 12мм","т",0.83199999999999996,0,0,96028.64,79895.83,79895.83]
["48","Прайс","Прокат листовой 10мм","т",0.104,0,0,94509.23,9828.9599999999991,9828.9599999999991]
["49","Прайс","Прокат листовой 8мм","т",0.20799999999999999,0,0,93155.53,19376.349999999999,19376.349999999999]
["50","Прайс","Прокат листовой 6мм","т",0.104,0,0,91042.12,9468.3799999999992,9468.3799999999992]
["51","Прайс","Прокат листовой 4мм","т",0.104,0,0,76427.88,7948.5,7948.5]
["Перевозка материалов ( металл 140 км. ОП \"МКМ-СПб\")",null,null,null,null,null,null,null,null,0]
["52",null,"Арматура, металлопрокат, трубопрокат и металлоконструкции","т",22.1,0,0,0,0,0]
["53","ТССЦпг-03-02-01-140","Перевозка строительных грузов (кроме массовых навалочных, перевозимых автомобилями-самосвалами, а также бетонных и железобетонных изделий, стеновых и перегородочных материалов, лесоматериалов круглых и пиломатериалов, включенных в таблицу 03-01), бортовым автомобилем грузоподъемностью 5 т, на расстояние до 140 км I класс груза","1 т груза",22.1,0,0,2338.67,51684.62,51684.62]
["54","ТССЦпг-01-01-02-015","Разгрузочные работы при автомобильных перевозках: металлических конструкций массой до 1 т","1 т груза",22.1,0,0,470.69,10402.14,{"$f":"G143+I143","v":10402.14}]
["Раздел 5. Фахверк",null,null,null,null,null,null,null,null,0]
["55","ТЕР09-04-006-01","Монтаж фахверка","1 т конструкций",6.032,50227.03,302969.46999999997,2655.93,16020.54,318990.01]
[null,"101-0309","Канаты пеньковые пропитанные","т","0,0001\n0,0006",null,null,null,null,0]
[null,"101-0324","Кислород технический: газообразный","м3","2,6\n15,68",null,null,null,null,0]
[null,"101-0797","Проволока горячекатаная в мотках, диаметром 6,3-6,5 мм","т","0,00003\n0,0002",null,null,null,null,0]
[null,"101-1019","Швеллеры № 40 из стали марки: Ст0","т","0,00194\n0,0117",null,null,null,null,0]
[null,"101-1515","Электроды диаметром: 4 мм Э46","т","0,016\n0,0965",null,null,null,null,0]
[null,"101-1805","Гвозди строительные","т","0,00001\n0,0001",null,null,null,null,0]
[null,"101-2278","Пропан-бутан, смесь техническая","кг","0,78\n4,705",null,null,null,null,0]
[null,"101-2467","Растворитель марки: Р-4","т","0,0006\n0,0036",null,null,null,null,0]
[null,"113-0021","Грунтовка: ГФ-021 красно-коричневая","т","0,00031\n0,0019",null,null,null,null,0]
[null,"201-0756","Отдельные конструктивные элементы зданий и сооружений с преобладанием: горячекатаных профилей, средняя масса сборочной единицы от 0,1 до 0,5 т","т","0,001\n0,006",null,null,null,null,0]
[null,"508-0097","Канат двойной свивки типа ТК, конструкции 6х19(1+6+12)+1 о.с., оцинкованный из проволок марки В, маркировочная группа: 1770 н/мм2, диаметром 5,5 мм","10 м","0,0187\n0,1128",null,null,null,null,0]
["56","ТЕРм38-01-003-03","Решетчатые конструкции (стойки, опоры, фермы и пр.), сборка с помощью: лебедок электрических (с установкой и снятием их в процессе работы)","1 т конструкций",5.8,145545.5,844163.99,3562.92,20664.939999999999,864828.93]
[null,"101-0324","Кислород технический: газообразный","м3","2,6\n15,08",null,null,null,null,0]
[null,"101-1521","Электроды диаметром: 5 мм Э42","т","0,0215\n0,1247",null,null,null,null,0]
[null,"101-2278","Пропан-бутан, смесь техническая","кг","0,5\n2,9",null,null,null,null,0]
[null,"999-9950","Вспомогательные ненормируемые ресурсы (2% от Оплаты труда рабочих)","руб","42,32\n245,5",null,null,null,null,0]
["57","Прайс","Профиль гн. 80*5","т",4.7839999999999998,0,0,99241.98,474773.65,474773.65]
["58","Прайс","Уголок равнополочный 100*7","т",0.312,0,0,112544.49,35113.879999999997,35113.879999999997]
["59","Прайс","Уголок равнополочный 63*5","т",0.72799999999999998,0,0,103574.53,75402.259999999995,75402.259999999995]
["60","Прайс","Прокат листовой 10мм","т",0.20799999999999999,0,0,94509.18,19657.91,19657.91]
["Перевозка материалов ( металл 140 км. ОП \"МКМ-СПб\")",null,null,null,null,null,null,null,null,0]
["61",null,"Арматура, металлопрокат, трубопрокат и металлоконструкции","т",5.8,0,0,0,0,0]
["62","ТССЦпг-03-02-01-140","Перевозка строительных грузов (кроме массовых навалочных, перевозимых автомобилями-самосвалами, а также бетонных и железобетонных изделий, стеновых и перегородочных материалов, лесоматериалов круглых и пиломатериалов, включенных в таблицу 03-01), бортовым автомобилем грузоподъемностью 5 т, на расстояние до 140 км I класс груза","1 т груза",5.8,0,0,2338.62,13564.02,13564.02]
["Раздел 6. Связи, распорки",null,null,null,null,null,null,null,null,0]
["63","ТЕР09-03-014-01","Монтаж связей и распорок из одиночных и парных уголков, гнутосварных профилей для пролетов: до 24 м при высоте здания до  25 м","1 т конструкций",15.704000000000001,85716.66,1346094.4,4252.33,66778.58,1412872.98]
[null,"101-0309","Канаты пеньковые пропитанные","т","0,0001\n0,0016",null,null,null,null,0]
[null,"101-0324","Кислород технический: газообразный","м3","1,2\n18,84",null,null,null,null,0]
[null,"101-0797","Проволока горячекатаная в мотках, диаметром 6,3-6,5 мм","т","0,00003\n0,0005",null,null,null,null,0]
[null,"101-1019","Швеллеры № 40 из стали марки: Ст0","т","0,00194\n0,0305",null,null,null,null,0]
[null,"101-1513","Электроды диаметром: 4 мм Э42","т","0,00044\n0,0069",null,null,null,null,0]
[null,"101-1714","Болты с гайками и шайбами строительные","т","0,021\n0,3298",null,null,null,null,0]
[null,"101-1805","Гвозди строительные","т","0,00001\n0,0002",null,null,null,null,0]
[null,"101-2278","Пропан-бутан, смесь техническая","кг","0,36\n5,653",null,null,null,null,0]
[null,"101-2467","Растворитель марки: Р-4","т","0,0006\n0,0094",null,null,null,null,0]
[null,"102-0023","Бруски обрезные хвойных пород длиной: 4-6,5 м, шириной 75-150 мм, толщиной 40-75 мм, I сорта","м3","0,00103\n0,0162",null,null,null,null,0]
[null,"113-0021","Грунтовка: ГФ-021 красно-коричневая","т","0,00031\n0,0049",null,null,null,null,0]
[null,"201-0756","Отдельные конструктивные элементы зданий и сооружений с преобладанием: горячекатаных профилей, средняя масса сборочной единицы от 0,1 до 0,5 т","т","0,0002\n0,0031",null,null,null,null,0]
[null,"508-0097","Канат двойной свивки типа ТК, конструкции 6х19(1+6+12)+1 о.с., оцинкованный из проволок марки В, маркировочная группа: 1770 н/мм2, диаметром 5,5 мм","10 м","0,0187\n0,2937",null,null,null,null,0]
["64","ТЕРм38-01-003-03","Решетчатые конструкции (стойки, опоры, фермы и пр.), сборка с помощью: лебедок электрических (с установкой и снятием их в процессе работы)","1 т конструкций",15.1,145545.29999999999,2197734.2599999998,3563.15,53803.55,2251537.81]
[null,"101-0324","Кислород технический: газообразный","м3","2,6\n39,26",null,null,null,null,0]
[null,"101-1521","Электроды диаметром: 5 мм Э42","т","0,0215\n0,3247",null,null,null,null,0]
[null,"101-2278","Пропан-бутан, смесь техническая","кг","0,5\n7,55",null,null,null,null,0]
[null,"999-9950","Вспомогательные ненормируемые ресурсы (2% от Оплаты труда рабочих)","руб","42,32\n639",null,null,null,null,0]
["65","Прайс","Профиль гн. 160*5","т",4.056,0,0,124873.21,506485.75,506485.75]
["66","Прайс","Профиль гн. 120*5","т",6.76,0,0,113870.48,769764.45,769764.45]
["67","Прайс","Профиль гн. 100*5","т",1.3520000000000001,0,0,109781.17,148424.14000000001,148424.14000000001]
["68","Прайс","Уголок равнополочный 125*9","т",2.1840000000000002,0,0,123900.83,270599.42,270599.42]
["69","Прайс","Уголок равнополочный 100*7","т",0.104,0,0,112549.13,11705.11,11705.11]
["70","Прайс","Прокат листовой 12мм","т",0.72799999999999998,0,0,96028.64,69908.850000000006,69908.850000000006]
["71","Прайс","Прокат листовой 10мм","т",0.104,0,0,94509.23,9828.9599999999991,9828.9599999999991]
["72","Прайс","Прокат листовой 4мм","т",0.312,0,0,76432.47,23846.93,23846.93]
["Перевозка материалов ( металл 140 км. ОП \"МКМ-СПб\")",null,null,null,null,null,null,null,null,0]
["73",null,"Арматура, металлопрокат, трубопрокат и металлоконструкции","т",15.1,0,0,0,0,0]
["74","ТССЦпг-03-02-01-140","Перевозка строительных грузов (кроме массовых навалочных, перевозимых автомобилями-самосвалами, а также бетонных и железобетонных изделий, стеновых и перегородочных материалов, лесоматериалов круглых и пиломатериалов, включенных в таблицу 03-01), бортовым автомобилем грузоподъемностью 5 т, на расстояние до 140 км I класс груза","1 т груза",15.1,0,0,2338.65,35313.56,35313.56]
["75","ТССЦпг-01-01-02-015","Разгрузочные работы при автомобильных перевозках: металлических конструкций массой до 1 т","1 т груза",15.1,0,0,470.64,7106.67,7106.67]
["Раздел 7. Лестницы, площадки, ограждение",null,null,null,null,null,null,null,null,0]
["76","ТЕР09-03-029-01","Монтаж лестниц прямолинейных и криволинейных, пожарных с ограждением","1 т конструкций",15.08,57878.96,872814.78,1156.97,17447.04,890261.82]
[null,"101-0309","Канаты пеньковые пропитанные","т","0,0001\n0,0015",null,null,null,null,0]
[null,"101-0324","Кислород технический: газообразный","м3","1,37\n20,66",null,null,null,null,0]
[null,"101-0797","Проволока горячекатаная в мотках, диаметром 6,3-6,5 мм","т","0,00003\n0,0005",null,null,null,null,0]
[null,"101-1019","Швеллеры № 40 из стали марки: Ст0","т","0,00194\n0,0293",null,null,null,null,0]
[null,"101-1515","Электроды диаметром: 4 мм Э46","т","0,004\n0,0603",null,null,null,null,{"$f":"G207+I207","v":0}]
[null,"101-1805","Гвозди строительные","т","0,00001\n0,0002",null,null,null,null,0]
[null,"101-2278","Пропан-бутан, смесь техническая","кг","0,41\n6,183",null,null,null,null,0]
[null,"101-2467","Растворитель марки: Р-4","т","0,0006\n0,009",null,null,null,null,0]
[null,"102-0023","Бруски обрезные хвойных пород длиной: 4-6,5 м, шириной 75-150 мм, толщиной 40-75 мм, I сорта","м3","0,00103\n0,0155",null,null,null,null,0]
[null,"113-0021","Грунтовка: ГФ-021 красно-коричневая","т","0,00031\n0,0047",null,null,null,null,0]
[null,"201-0756","Отдельные конструктивные элементы зданий и сооружений с преобладанием: горячекатаных профилей, средняя масса сборочной единицы от 0,1 до 0,5 т","т","0,001\n0,0151",null,null,null,null,0]
[null,"508-0097","Канат двойной свивки типа ТК, конструкции 6х19(1+6+12)+1 о.с., оцинкованный из проволок марки В, маркировочная группа: 1770 н/мм2, диаметром 5,5 мм","10 м","0,0187\n0,282",null,null,null,null,0]
["77","ТЕРм38-01-004-06","Сборка с помощью лебедок электрических (с установкой и снятием их в процессе работы): лестницы прямолинейные и криволинейные с ограждением","1 т конструкций",14.5,181387.4,2630117.84,2724.91,39511.199999999997,2669629.04]
[null,"101-0324","Кислород технический: газообразный","м3","0,6\n8,7",null,null,null,null,0]
[null,"101-1521","Электроды диаметром: 5 мм Э42","т","0,016\n0,232",null,null,null,null,0]
[null,"101-2278","Пропан-бутан, смесь техническая","кг","0,2\n2,9",null,null,null,null,0]
[null,"999-9950","Вспомогательные ненормируемые ресурсы (2% от Оплаты труда рабочих)","руб","51,07\n740,5",null,null,null,null,0]
["78","Прайс","Швеллер 20П","т",8.4239999999999995,0,0,107663.18,906954.67,906954.67]
["79","Прайс","Уголок равнополочный 75*5","т",0.20799999999999999,0,0,106132.93,22075.65,22075.65]
["80","Прайс","Уголок равнополочный 63*5","т",1.3520000000000001,0,0,103574.84,140033.18,140033.18]
["81","Прайс","Уголок не равнополочный 100*63*8","т",0.104,0,0,118668.27,12341.5,12341.5]
["82","Прайс","Прокат листовой 10мм","т",0.104,0,0,94509.23,9828.9599999999991,9828.9599999999991]
["83","Прайс","Прокат листовой 6мм","т",0.312,0,0,91037.5,28403.7,28403.7]
["84","Прайс","Прокат листовой 4мм","т",1.04,0,0,76433.38,79490.720000000001,79490.720000000001]
["85","Прайс","ВГП 42,3*2,8","т",2.8079999999999998,0,0,80170.179999999993,225117.87,225117.87]
["86","Прайс","ВГП 21,3*2,5","т",0.624,0,0,74791.009999999995,46669.59,46669.59]
["87","Прайс","Прокат стальной горячетканый круглый диаметр 20","т",0.104,0,0,107838.85,11215.24,11215.24]
["88","Прайс","Прокат стальной горячетканый круглый диаметр 16","т",1.04,0,0,102990.43,107110.05,107110.05]
["89","ТССЦ-110-0008","Болты сборочные с гайками и шайбами по классу прочности: 8,8","т",0.19603999999999999,0,0,150375.89000000001,29479.69,29479.69]
["Перевозка материалов ( металл 140 км. ОП \"МКМ-СПб\")",null,null,null,null,null,null,null,null,0]
["90",null,"Арматура, металлопрокат, трубопрокат и металлоконструкции","т",14.5,0,0,0,0,0]
["91","ТССЦпг-03-02-01-140","Перевозка строительных грузов (кроме массовых навалочных, перевозимых автомобилями-самосвалами, а также бетонных и железобетонных изделий, стеновых и перегородочных материалов, лесоматериалов круглых и пиломатериалов, включенных в таблицу 03-01), бортовым автомобилем грузоподъемностью 5 т, на расстояние до 140 км I класс груза","1 т груза",14.5,0,0,2338.62,33910.04,33910.04]
["92","ТССЦпг-01-01-02-015","Разгрузочные работы при автомобильных перевозках: металлических конструкций массой до 1 т","1 т груза",14.5,0,0,470.7,6825.11,6825.11]
["Раздел 8. Закладные детали",null,null,null,null,null,null,null,null,0]
["93","ТЕР06-01-015-09","Установка закладных деталей весом: более 20 кг","1 т",0.312,27755.13,8659.6,0,0,8659.6]
["94","ТЕРм38-01-006-07","Сборка с помощью лебедок ручных (с установкой и снятием их в процессе работы) или вручную (мелких деталей): листовые конструкции массой до 0,5 т (бачки, течки, воронки, желоба, лотки и пр.)","1 т конструкций",0.3,274694.59999999998,82408.37,7096.6,2128.98,84537.35]
[null,"101-0324","Кислород технический: газообразный","м3","1,1\n0,33",null,null,null,null,0]
[null,"101-1521","Электроды диаметром: 5 мм Э42","т","0,0476\n0,0143",null,null,null,null,0]
[null,"101-2278","Пропан-бутан, смесь техническая","кг","0,3\n0,09",null,null,null,null,0]
[null,"999-9950","Вспомогательные ненормируемые ресурсы (2% от Оплаты труда рабочих)","руб","69,18\n20,75",null,null,null,null,0]
["95","Прайс","Прокат листовой 16мм","т",0.312,0,0,103819.23,32391.599999999999,32391.599999999999]
["Перевозка материалов ( металл 140 км. ОП \"МКМ-СПб\")",null,null,null,null,null,null,null,null,0]
["96",null,"Арматура, металлопрокат, трубопрокат и металлоконструкции","т",0.3,0,0,0,0,0]
["97","ТССЦпг-03-02-01-140","Перевозка строительных грузов (кроме массовых навалочных, перевозимых автомобилями-самосвалами, а также бетонных и железобетонных изделий, стеновых и перегородочных материалов, лесоматериалов круглых и пиломатериалов, включенных в таблицу 03-01), бортовым автомобилем грузоподъемностью 5 т, на расстояние до 140 км I класс груза","1 т груза",0.3,0,0,2336.8000000000002,701.04,701.04]
["98","ТССЦпг-01-01-02-015","Разгрузочные работы при автомобильных перевозках: металлических конструкций массой до 1 т","1 т груза",0.3,0,0,469.27,140.78,140.78]
["Раздел 9. Настил",null,null,null,null,null,null,null,null,0]
["99","ТЕР09-03-030-01","Монтаж площадок с настилом и ограждением из листовой, рифленой, просечной и круглой стали","1 т конструкций",20.8,63386.5,1318439.1499999999,1156.92,24063.85,1342503]
[null,"101-0309","Канаты пеньковые пропитанные","т","0,0001\n0,0021",null,null,null,null,0]
[null,"101-0324","Кислород технический: газообразный","м3","1,37\n28,5",null,null,null,null,0]
[null,"101-0797","Проволока горячекатаная в мотках, диаметром 6,3-6,5 мм","т","0,00003\n0,0006",null,null,null,null,0]
[null,"101-1019","Швеллеры № 40 из стали марки: Ст0","т","0,00194\n0,0404",null,null,null,null,0]
[null,"101-1515","Электроды диаметром: 4 мм Э46","т","0,004\n0,0832",null,null,null,null,0]
[null,"101-1805","Гвозди строительные","т","0,00001\n0,0002",null,null,null,null,0]
[null,"101-2278","Пропан-бутан, смесь техническая","кг","0,41\n8,528",null,null,null,null,0]
[null,"101-2467","Растворитель марки: Р-4","т","0,0006\n0,0125",null,null,null,null,0]
[null,"102-0023","Бруски обрезные хвойных пород длиной: 4-6,5 м, шириной 75-150 мм, толщиной 40-75 мм, I сорта","м3","0,00103\n0,0214",null,null,null,null,0]
[null,"113-0021","Грунтовка: ГФ-021 красно-коричневая","т","0,00031\n0,0064",null,null,null,null,0]
[null,"201-0756","Отдельные конструктивные элементы зданий и сооружений с преобладанием: горячекатаных профилей, средняя масса сборочной единицы от 0,1 до 0,5 т","т","0,001\n0,0208",null,null,null,null,0]
[null,"508-0097","Канат двойной свивки типа ТК, конструкции 6х19(1+6+12)+1 о.с., оцинкованный из проволок марки В, маркировочная группа: 1770 н/мм2, диаметром 5,5 мм","10 м","0,0187\n0,389",null,null,null,null,0]
["100","ТЕРм38-01-004-05","Сборка с помощью лебедок электрических (с установкой и снятием их в процессе работы): площадки для обслуживания оборудования и трубопроводов","1 т конструкций",20,153619,3072376.34,2902.29,58045.72,3130422.06]
[null,"101-0324","Кислород технический: газообразный","м3","0,9\n18",null,null,null,null,0]
[null,"101-1521","Электроды диаметром: 5 мм Э42","т","0,0179\n0,358",null,null,null,null,0]
[null,"101-2278","Пропан-бутан, смесь техническая","кг","0,2\n4",null,null,null,null,0]
[null,"999-9950","Вспомогательные ненормируемые ресурсы (2% от Оплаты труда рабочих)","руб","42,08\n841,6",null,null,null,null,0]
["101","Прайс","Уголок равнополочный 35*5","т",1.1439999999999999,0,0,95175.99,108881.33,108881.33]
["102","Прайс","Лист стальной с рифлением ромбическим 4мм","т",16.399999999999999,0,0,105765.47,1734553.66,1734553.66]
["103","Прайс","Лист ПВЛ ПВ506","т",2.5,0,0,165782.12,414455.29,414455.29]
["104","ТССЦ-110-0008","Болты сборочные с гайками и шайбами по классу прочности: 8,8","т",0.21424000000000001,0,0,150375,32216.34,32216.34]
["105","ТЕР09-04-002-01\nПлощадь кровли согласно тому 1632-2021-2.1.11-АР","Монтаж кровельного покрытия: из профилированного листа при высоте здания до 25 м\n(10% на подрезку)","100 м2 покрытия",5.34,52050.35,277948.87,3033.46,16198.67,{"$f":"G271+I271","v":294147.53999999998}]
[null,"101-0309","Канаты пеньковые пропитанные","т","0,00015\n0,0008",null,null,null,null,0]
[null,"101-0324","Кислород технический: газообразный","м3","1,4\n7,476",null,null,null,null,0]
[null,"101-0797","Проволока горячекатаная в мотках, диаметром 6,3-6,5 мм","т","0,00004\n0,0002",null,null,null,null,0]
[null,"101-1019","Швеллеры № 40 из стали марки: Ст0","т","0,00297\n0,0159",null,null,null,null,0]
[null,"101-1513","Электроды диаметром: 4 мм Э42","т","0,00061\n0,0033",null,null,null,null,0]
[null,"101-1714","Болты с гайками и шайбами строительные","т","0,0022\n0,0117",null,null,null,null,0]
[null,"101-2278","Пропан-бутан, смесь техническая","кг","0,42\n2,243",null,null,null,null,0]
[null,"101-2467","Растворитель марки: Р-4","т","0,00009\n0,0005",null,null,null,null,0]
[null,"102-0023","Бруски обрезные хвойных пород длиной: 4-6,5 м, шириной 75-150 мм, толщиной 40-75 мм, I сорта","м3","0,0013\n0,0069",null,null,null,null,0]
[null,"113-0021","Грунтовка: ГФ-021 красно-коричневая","т","0,00047\n0,0025",null,null,null,null,0]
[null,"201-0756","Отдельные конструктивные элементы зданий и сооружений с преобладанием: горячекатаных профилей, средняя масса сборочной единицы от 0,1 до 0,5 т","т","0,011\n0,0587",null,null,null,null,0]
[null,"508-0097","Канат двойной свивки типа ТК, конструкции 6х19(1+6+12)+1 о.с., оцинкованный из проволок марки В, маркировочная группа: 1770 н/мм2, диаметром 5,5 мм","10 м","0,016\n0,0854",null,null,null,null,0]
["106","Прайс","Профиль H57-750-0,8","т",6,0,0,153670.46,922022.77,922022.77]
["107","ТССЦ-101-1810","Винты самонарезающие: для крепления профилированного настила и панелей к несущим конструкциям","т",0.19220000000000001,0,0,256488.35,49297.06,49297.06]
["108","ТЕР09-04-006-02","Монтаж ограждающих конструкций стен: из профилированного листа при высоте здания до 30 м \n(10% на подрезку)","100 м2",4.5,166243.79999999999,748097.22,5922.47,26651.1,774748.32]
[null,"101-0309","Канаты пеньковые пропитанные","т","0,00015\n0,0007",null,null,null,null,0]
[null,"101-0324","Кислород технический: газообразный","м3","2,98\n13,41",null,null,null,null,0]
[null,"101-0797","Проволока горячекатаная в мотках, диаметром 6,3-6,5 мм","т","0,00004\n0,0002",null,null,null,null,0]
[null,"101-1019","Швеллеры № 40 из стали марки: Ст0","т","0,00297\n0,0134",null,null,null,null,0]
[null,"101-1513","Электроды диаметром: 4 мм Э42","т","0,0034\n0,0153",null,null,null,null,0]
[null,"101-1714","Болты с гайками и шайбами строительные","т","0,007\n0,0315",null,null,null,null,0]
[null,"101-1805","Гвозди строительные","т","0,00002\n0,0001",null,null,null,null,0]
[null,"101-2278","Пропан-бутан, смесь техническая","кг","0,903\n4,064",null,null,null,null,0]
[null,"101-2467","Растворитель марки: Р-4","т","0,00009\n0,0004",null,null,null,null,0]
[null,"102-0023","Бруски обрезные хвойных пород длиной: 4-6,5 м, шириной 75-150 мм, толщиной 40-75 мм, I сорта","м3","0,0013\n0,0059",null,null,null,null,0]
[null,"113-0021","Грунтовка: ГФ-021 красно-коричневая","т","0,00047\n0,0021",null,null,null,null,0]
[null,"201-0756","Отдельные конструктивные элементы зданий и сооружений с преобладанием: горячекатаных профилей, средняя масса сборочной единицы от 0,1 до 0,5 т","т","0,019\n0,0855",null,null,null,null,0]
[null,"508-0097","Канат двойной свивки типа ТК, конструкции 6х19(1+6+12)+1 о.с., оцинкованный из проволок марки В, маркировочная группа: 1770 н/мм2, диаметром 5,5 мм","10 м","0,016\n0,072",null,null,null,null,0]
["109","ТССЦ-201-0382","Конструкции: стальные нащельников и деталей обрамления","т",0.2601,0,0,179937.52,46801.75,46801.75]
["110","ТССЦ-101-1810","Винты самонарезающие: для крепления профилированного настила и панелей к несущим конструкциям","т",0.16200000000000001,0,0,256488.4,41551.120000000003,41551.120000000003]
["111","Прайс","Профиль HC35-1000-0,7","т",3.7,0,0,190108.78,703402.47,703402.47]
["Перевозка материалов ( металл 140 км. ОП \"МКМ-СПб\")",null,null,null,null,null,null,null,null,0]
["112",null,"Арматура, металлопрокат, трубопрокат и металлоконструкции","т",39.4,0,0,0,0,0]
["113","ТССЦпг-03-02-01-140","Перевозка строительных грузов (кроме массовых навалочных, перевозимых автомобилями-самосвалами, а также бетонных и железобетонных изделий, стеновых и перегородочных материалов, лесоматериалов круглых и пиломатериалов, включенных в таблицу 03-01), бортовым автомобилем грузоподъемностью 5 т, на расстояние до 140 км I класс груза","1 т груза",39.4,0,0,2338.6799999999998,92143.95,92143.95]
["114","ТССЦпг-01-01-02-015","Разгрузочные работы при автомобильных перевозках: металлических конструкций массой до 1 т","1 т груза",39.4,0,0,470.67,18544.580000000002,18544.580000000002]
["Раздел 10. Антикоррозионная обработка",null,null,null,null,null,null,null,null,0]
["115","ТЕР13-03-002-04","Огрунтовка металлических поверхностей за один раз: грунтовкой ГФ-021","100 м2 окрашиваемой поверхности",42.622999999999998,6598.57,281250.69,384.86,16404.099999999999,297654.78999999998]
[null,"113-0077","Ксилол нефтяной марки А","т","0,002\n0,0852",null,null,null,null,0]
["116","Прайс","Грунтовка: ГФ-021 красно-коричневая","кг",511.5,0,0,392.24,200628.8,200628.8]
["117","ТЕР13-03-004-26","Окраска металлических огрунтованных поверхностей: эмалью ПФ-115 (за 2 раза) К=2","100 м2 окрашиваемой поверхности",21.382000000000001,7947.35,169930.26,240.39,5140.0200000000004,175070.28]
[null,"101-1292","Уайт-спирит","т","0,0028\n0,0599",null,null,null,null,0]
["118","Прайс","Эмаль ПФ-115 серая","кг",812.5,0,0,495.6,402672.61,402672.61]
[null,null,"Всего, руб. с НДС",null,null,null,{"$f":"SUM(G14:G313)","v":23073752.850000001},null,{"$f":"SUM(I14:I313)","v":18111077.649999999},{"$f":"SUM(J14:J313)","v":41184830.5}]
[null,null,"Всего, руб. без НДС",null,null,null,{"$f":"G314/1.2","v":19228127.379999999},null,{"$f":"I314/1.2","v":15092564.710000001},{"$f":"J314/1.2","v":34320692.079999998}]

{"sheet":"1632-2021-2.1.12.КМ","index":5,"n_rows":286,"n_cols":10,"rows_kept":286,"cut":false,"hidden":false,"merged":[]}
[]
["Терминал по перевалке минеральных удобрений в морском торговом порту Усть-Луга. Береговые объекты терминала"]
["(наименование стройки)"]
[]
["ЛОКАЛЬНАЯ СМЕТА № 1632-2021-2.1.12.КМ_07.04.051-П-01-02"]
["(локальная смета)"]
["на Конструкции металлические, 07.04.051 Конвейерная галерея №12 (код SAP 01.02.008) код ГП 2.1.12"]
["(наименование работ и затрат, наименование объекта)"]
[null,"Основание:","1632-2021-2.1.12-КМ_1_0_RU_IFC"]
[]
["№ п/п","Обоснование","Наименование работ и затрат","Ед. изм.","Кол-во","Цена за ед.измерения работ, руб. с НДС","Всего, стоимость работ,руб. с НДС","Цена за ед.измерения материалов, руб. с НДС","Всего, стоимость материалов, руб. с НДС","Итого, руб. с НДС"]
[1,2,3,4,5,"6","7","8","9",10]
["Раздел 1. Колонны"]
["1","ТЕР09-03-002-02","Монтаж колонн одноэтажных и многоэтажных зданий и крановых эстакад высотой: до 25 м цельного сечения массой до 3,0 т","1 т конструкций",7.4880000000000004,11888.28,89019.43,834.93,6251.92,{"$f":"G14+I14","v":95271.35}]
[null,"101-0309","Канаты пеньковые пропитанные","т","0,0001\n0,0007",null,null,null,null,{"$f":"G15+I15","v":0}]
[null,"101-0324","Кислород технический: газообразный","м3","0,7\n5,242",null,null,null,null,0]
[null,"101-0797","Проволока горячекатаная в мотках, диаметром 6,3-6,5 мм","т","0,00003\n0,0002",null,null,null,null,0]
[null,"101-1019","Швеллеры № 40 из стали марки: Ст0","т","0,00194\n0,0145",null,null,null,null,0]
[null,"101-1513","Электроды диаметром: 4 мм Э42","т","0,0018\n0,0135",null,null,null,null,0]
[null,"101-1714","Болты с гайками и шайбами строительные","т","0,00015\n0,0011",null,null,null,null,0]
[null,"101-1805","Гвозди строительные","т","0,00001\n0,0001",null,null,null,null,0]
[null,"101-2278","Пропан-бутан, смесь техническая","кг","0,21\n1,572",null,null,null,null,0]
[null,"101-2467","Растворитель марки: Р-4","т","0,0006\n0,0045",null,null,null,null,0]
[null,"102-0023","Бруски обрезные хвойных пород длиной: 4-6,5 м, шириной 75-150 мм, толщиной 40-75 мм, I сорта","м3","0,00103\n0,0077",null,null,null,null,0]
[null,"113-0021","Грунтовка: ГФ-021 красно-коричневая","т","0,00031\n0,0023",null,null,null,null,0]
[null,"201-0756","Отдельные конструктивные элементы зданий и сооружений с преобладанием: горячекатаных профилей, средняя масса сборочной единицы от 0,1 до 0,5 т","т","0,0007\n0,0052",null,null,null,null,0]
[null,"508-0097","Канат двойной свивки типа ТК, конструкции 6х19(1+6+12)+1 о.с., оцинкованный из проволок марки В, маркировочная группа: 1770 н/мм2, диаметром 5,5 мм","10 м","0,0187\n0,14",null,null,null,null,0]
["2","ТЕРм38-01-002-03","Монорельсы, балки и другие аналогичные конструкции промышленных зданий, сборка с помощью: лебедок электрических (с установкой и снятием их в процессе работы)","1 т конструкций",7.2,39050.1,281160.76,602.19000000000005,4335.8,285496.56]
[null,"101-0324","Кислород технический: газообразный","м3","0,6\n4,32",null,null,null,null,0]
[null,"101-1521","Электроды диаметром: 5 мм Э42","т","0,0032\n0,023",null,null,null,null,0]
[null,"101-2278","Пропан-бутан, смесь техническая","кг","0,2\n1,44",null,null,null,null,0]
[null,"999-9950","Вспомогательные ненормируемые ресурсы (2% от Оплаты труда рабочих)","руб","10,14\n73,01",null,null,null,null,0]
["3","Прайс","Двутавр 35Ш1","т",2.08,0,0,95663.54,198980.17,198980.17]
["4","Прайс","Двутавр 25Ш1","т",1.976,0,0,93228.53,184219.58,184219.58]
["5","Прайс","Швеллер 24П","т",1.976,0,0,109842.4,217048.58,217048.58]
["6","Прайс","Прокат листовой 40мм","т",0.104,0,0,121283.27,12613.46,12613.46]
["7","Прайс","Прокат листовой 30мм","т",0.72799999999999998,0,0,117874.19,85812.41,85812.41]
["8","Прайс","Прокат листовой 16мм","т",0.312,0,0,103817.44,32391.040000000001,32391.040000000001]
["9","Прайс","Прокат листовой 12мм","т",0.20799999999999999,0,0,96028.41,19973.91,19973.91]
["10","Прайс","Прокат листовой 10мм","т",0.104,0,0,94507.12,9828.74,9828.74]
["Перевозка материалов ( металл 140 км. ОП \"МКМ-СПб\")",null,null,null,null,null,null,null,null,0]
["11",null,"Арматура, металлопрокат, трубопрокат и металлоконструкции","т",7.2,0,0,0,0,0]
["12","ТССЦпг-03-02-01-140","Перевозка строительных грузов (кроме массовых навалочных, перевозимых автомобилями-самосвалами, а также бетонных и железобетонных изделий, стеновых и перегородочных материалов, лесоматериалов круглых и пиломатериалов, включенных в таблицу 03-01), бортовым автомобилем грузоподъемностью 5 т, на расстояние до 140 км I класс груза","1 т груза",7.2,0,0,2338.66,16838.37,16838.37]
["13","ТССЦпг-01-01-02-015","Разгрузочные работы при автомобильных перевозках: металлических конструкций массой до 1 т","1 т груза",7.2,0,0,470.66,3388.76,3388.76]
["Раздел 2. Балки",null,null,null,null,null,null,null,null,0]
["14","ТЕР09-03-002-12","Монтаж балок, ригелей перекрытия, покрытия и под установку оборудования многоэтажных зданий при высоте здания: до 25 м","1 т конструкций",0.20799999999999999,40823.75,8491.34,1886.3,392.35,8883.69]
[null,"101-0309","Канаты пеньковые пропитанные","т","0,000115\n0",null,null,null,null,0]
[null,"101-0324","Кислород технический: газообразный","м3","2,2425\n0,4664",null,null,null,null,0]
[null,"101-0797","Проволока горячекатаная в мотках, диаметром 6,3-6,5 мм","т","0,0000345\n0",null,null,null,null,0]
[null,"101-1019","Швеллеры № 40 из стали марки: Ст0","т","0,002231\n0,0005",null,null,null,null,0]
[null,"101-1513","Электроды диаметром: 4 мм Э42","т","0,003565\n0,0007",null,null,null,null,0]
[null,"101-1714","Болты с гайками и шайбами строительные","т","0,003565\n0,0007",null,null,null,null,0]
[null,"101-1805","Гвозди строительные","т","0,0000115\n0",null,null,null,null,0]
[null,"101-2278","Пропан-бутан, смесь техническая","кг","0,6785\n0,1411",null,null,null,null,0]
[null,"101-2467","Растворитель марки: Р-4","т","0,00069\n0,0001",null,null,null,null,0]
[null,"102-0023","Бруски обрезные хвойных пород длиной: 4-6,5 м, шириной 75-150 мм, толщиной 40-75 мм, I сорта","м3","0,0011845\n0,0002",null,null,null,null,0]
[null,"113-0021","Грунтовка: ГФ-021 красно-коричневая","т","0,0003565\n0,0001",null,null,null,null,0]
[null,"201-0756","Отдельные конструктивные элементы зданий и сооружений с преобладанием: горячекатаных профилей, средняя масса сборочной единицы от 0,1 до 0,5 т","т","0,000575\n0,0001",null,null,null,null,0]
[null,"508-0097","Канат двойной свивки типа ТК, конструкции 6х19(1+6+12)+1 о.с., оцинкованный из проволок марки В, маркировочная группа: 1770 н/мм2, диаметром 5,5 мм","10 м","0,021505\n0,0045",null,null,null,null,0]
["15","Прайс","Прокат листовой 16мм","т",0.20799999999999999,0,0,103817.4,21594.02,21594.02]
["16","ТЕР09-03-002-12","Монтаж балок, ригелей перекрытия, покрытия и под установку оборудования многоэтажных зданий при высоте здания: до 25 м","1 т конструкций",35.152000000000001,35504.699999999997,1248061.1000000001,1640.27,57658.720000000001,1305719.82]
[null,"101-0309","Канаты пеньковые пропитанные","т","0,0001\n0,0035",null,null,null,null,0]
[null,"101-0324","Кислород технический: газообразный","м3","1,95\n68,55",null,null,null,null,0]
[null,"101-0797","Проволока горячекатаная в мотках, диаметром 6,3-6,5 мм","т","0,00003\n0,0011",null,null,null,null,0]
[null,"101-1019","Швеллеры № 40 из стали марки: Ст0","т","0,00194\n0,0682",null,null,null,null,0]
[null,"101-1513","Электроды диаметром: 4 мм Э42","т","0,0031\n0,109",null,null,null,null,0]
[null,"101-1714","Болты с гайками и шайбами строительные","т","0,0031\n0,109",null,null,null,null,0]
[null,"101-1805","Гвозди строительные","т","0,00001\n0,0004",null,null,null,null,0]
[null,"101-2278","Пропан-бутан, смесь техническая","кг","0,59\n20,74",null,null,null,null,0]
[null,"101-2467","Растворитель марки: Р-4","т","0,0006\n0,0211",null,null,null,null,0]
[null,"102-0023","Бруски обрезные хвойных пород длиной: 4-6,5 м, шириной 75-150 мм, толщиной 40-75 мм, I сорта","м3","0,00103\n0,0362",null,null,null,null,0]
[null,"113-0021","Грунтовка: ГФ-021 красно-коричневая","т","0,00031\n0,0109",null,null,null,null,0]
[null,"201-0756","Отдельные конструктивные элементы зданий и сооружений с преобладанием: горячекатаных профилей, средняя масса сборочной единицы от 0,1 до 0,5 т","т","0,0005\n0,0176",null,null,null,null,0]
[null,"508-0097","Канат двойной свивки типа ТК, конструкции 6х19(1+6+12)+1 о.с., оцинкованный из проволок марки В, маркировочная группа: 1770 н/мм2, диаметром 5,5 мм","10 м","0,0187\n0,6573",null,null,null,null,0]
["17","ТЕРм38-01-002-01","Монорельсы, балки и другие аналогичные конструкции промышленных зданий, сборка с помощью: крана на автомобильном ходу","1 т конструкций",34,32736,1113007.55,583.89,19852.22,1132859.77]
[null,"101-0324","Кислород технический: газообразный","м3","0,6\n20,4",null,null,null,null,0]
[null,"101-1521","Электроды диаметром: 5 мм Э42","т","0,0032\n0,1088",null,null,null,null,0]
[null,"101-2278","Пропан-бутан, смесь техническая","кг","0,2\n6,8",null,null,null,null,0]
[null,"999-9950","Вспомогательные ненормируемые ресурсы (2% от Оплаты труда рабочих)","руб","8,5\n289",null,null,null,null,{"$f":"G79+I79","v":0}]
["18","Прайс","Двутавр 70Б1","т",4.68,0,0,121465.60000000001,568458.99,568458.99]
["19","Прайс","Двутавр 60Б2","т",3.4319999999999999,0,0,120613.71,413946.24,413946.24]
["20","Прайс","Двутавр 50Ш1","т",5.8239999999999998,0,0,98826.880000000005,575567.73,575567.73]
["21","Прайс","Двутавр 30Ш1","т",10.4,0,0,94324.65,980976.34,980976.34]
["22","Прайс","Двутавр 25Ш1","т",1.3520000000000001,0,0,93228.53,126044.97,126044.97]
["23","Прайс","Швеллер 24П","т",1.8720000000000001,0,0,109842.41,205624.99,205624.99]
["24","Прайс","Швеллер 16П","т",2.6,0,0,102843.44,267392.95,267392.95]
["25","Прайс","Прокат листовой 40мм","т",0.312,0,0,121283.21,37840.36,37840.36]
["26","Прайс","Прокат листовой 25мм","т",0.312,0,0,112337.66,35049.35,35049.35]
["27","Прайс","Прокат листовой 20мм","т",0.83199999999999996,0,0,106982.24,89009.22,89009.22]
["28","Прайс","Прокат листовой 16мм","т",1.3520000000000001,0,0,103817.45,140361.19,140361.19]
["29","Прайс","Прокат листовой 12мм","т",1.56,0,0,96028.42,149804.34,149804.34]
["30","Прайс","Прокат листовой 10мм","т",0.624,0,0,94507.15,58972.46,58972.46]
["Перевозка материалов ( металл 140 км. ОП \"МКМ-СПб\")",null,null,null,null,null,null,null,null,0]
["31",null,"Арматура, металлопрокат, трубопрокат и металлоконструкции","т",34,0,0,0,0,0]
["32","ТССЦпг-03-02-01-140","Перевозка строительных грузов (кроме массовых навалочных, перевозимых автомобилями-самосвалами, а также бетонных и железобетонных изделий, стеновых и перегородочных материалов, лесоматериалов круглых и пиломатериалов, включенных в таблицу 03-01), бортовым автомобилем грузоподъемностью 5 т, на расстояние до 140 км I класс груза","1 т груза",34,0,0,2338.66,79514.55,79514.55]
["33","ТССЦпг-01-01-02-015","Разгрузочные работы при автомобильных перевозках: металлических конструкций массой до 1 т","1 т груза",34,0,0,470.66,16002.47,16002.47]
["Раздел 3. Прогоны",null,null,null,null,null,null,null,null,0]
["34","ТЕР09-03-002-12","Монтаж балок, ригелей перекрытия, покрытия и под установку оборудования многоэтажных зданий при высоте здания: до 25 м","1 т конструкций",8.4239999999999995,35504.68,299091.40999999997,1640.27,13817.63,312909.03999999998]
[null,"101-0309","Канаты пеньковые пропитанные","т","0,0001\n0,0008",null,null,null,null,0]
[null,"101-0324","Кислород технический: газообразный","м3","1,95\n16,43",null,null,null,null,0]
[null,"101-0797","Проволока горячекатаная в мотках, диаметром 6,3-6,5 мм","т","0,00003\n0,0003",null,null,null,null,0]
[null,"101-1019","Швеллеры № 40 из стали марки: Ст0","т","0,00194\n0,0163",null,null,null,null,0]
[null,"101-1513","Электроды диаметром: 4 мм Э42","т","0,0031\n0,0261",null,null,null,null,0]
[null,"101-1714","Болты с гайками и шайбами строительные","т","0,0031\n0,0261",null,null,null,null,0]
[null,"101-1805","Гвозди строительные","т","0,00001\n0,0001",null,null,null,null,0]
[null,"101-2278","Пропан-бутан, смесь техническая","кг","0,59\n4,97",null,null,null,null,0]
[null,"101-2467","Растворитель марки: Р-4","т","0,0006\n0,0051",null,null,null,null,0]
[null,"102-0023","Бруски обрезные хвойных пород длиной: 4-6,5 м, шириной 75-150 мм, толщиной 40-75 мм, I сорта","м3","0,00103\n0,0087",null,null,null,null,0]
[null,"113-0021","Грунтовка: ГФ-021 красно-коричневая","т","0,00031\n0,0026",null,null,null,null,0]
[null,"201-0756","Отдельные конструктивные элементы зданий и сооружений с преобладанием: горячекатаных профилей, средняя масса сборочной единицы от 0,1 до 0,5 т","т","0,0005\n0,0042",null,null,null,null,0]
[null,"508-0097","Канат двойной свивки типа ТК, конструкции 6х19(1+6+12)+1 о.с., оцинкованный из проволок марки В, маркировочная группа: 1770 н/мм2, диаметром 5,5 мм","10 м","0,0187\n0,1575",null,null,null,null,0]
["35","ТЕРм38-01-002-01","Монорельсы, балки и другие аналогичные конструкции промышленных зданий, сборка с помощью: крана на автомобильном ходу","1 т конструкций",8.1,32735.5,265157.39,583.89,4729.49,269886.88]
[null,"101-0324","Кислород технический: газообразный","м3","0,6\n4,86",null,null,null,null,0]
[null,"101-1521","Электроды диаметром: 5 мм Э42","т","0,0032\n0,0259",null,null,null,null,0]
[null,"101-2278","Пропан-бутан, смесь техническая","кг","0,2\n1,62",null,null,null,null,0]
[null,"999-9950","Вспомогательные ненормируемые ресурсы (2% от Оплаты труда рабочих)","руб","8,5\n68,85",null,null,null,null,0]
["36","Прайс","Швеллер 16П","т",6.24,0,0,102843.44,641743.06999999995,641743.06999999995]
["37","Прайс","Швеллер 14П","т",0.41599999999999998,0,0,100093.89,41639.06,41639.06]
["38","Прайс","Уголок не равнополочный 140*90*8","т",0.312,0,0,139174.1,43422.32,43422.32]
["39","Прайс","Прокат листовой 10мм","т",0.624,0,0,94507.15,58972.46,58972.46]
["Перевозка материалов ( металл 140 км. ОП \"МКМ-СПб\")",null,null,null,null,null,null,null,null,0]
["40",null,"Арматура, металлопрокат, трубопрокат и металлоконструкции","т",8.1,0,0,0,0,0]
["41","ТССЦпг-03-02-01-140","Перевозка строительных грузов (кроме массовых навалочных, перевозимых автомобилями-самосвалами, а также бетонных и железобетонных изделий, стеновых и перегородочных материалов, лесоматериалов круглых и пиломатериалов, включенных в таблицу 03-01), бортовым автомобилем грузоподъемностью 5 т, на расстояние до 140 км I класс груза","1 т груза",8.1,0,0,2338.66,18943.169999999998,18943.169999999998]
["42","ТССЦпг-01-01-02-015","Разгрузочные работы при автомобильных перевозках: металлических конструкций массой до 1 т","1 т груза",8.1,0,0,470.66,3812.35,3812.35]
["Раздел 4. Связи, распорки",null,null,null,null,null,null,null,null,0]
["43","ТЕР09-03-014-01","Монтаж связей и распорок из одиночных и парных уголков, гнутосварных профилей для пролетов: до 24 м при высоте здания до  25 м","1 т конструкций",4.056,85716.27,347665.21,4252.3100000000004,17247.36,364912.57]
[null,"101-0309","Канаты пеньковые пропитанные","т","0,0001\n0,0004",null,null,null,null,0]
[null,"101-0324","Кислород технический: газообразный","м3","1,2\n4,867",null,null,null,null,0]
[null,"101-0797","Проволока горячекатаная в мотках, диаметром 6,3-6,5 мм","т","0,00003\n0,0001",null,null,null,null,0]
[null,"101-1019","Швеллеры № 40 из стали марки: Ст0","т","0,00194\n0,0079",null,null,null,null,0]
[null,"101-1513","Электроды диаметром: 4 мм Э42","т","0,00044\n0,0018",null,null,null,null,0]
[null,"101-1714","Болты с гайками и шайбами строительные","т","0,021\n0,0852",null,null,null,null,0]
[null,"101-1805","Гвозди строительные","т","0,00001\n0",null,null,null,null,0]
[null,"101-2278","Пропан-бутан, смесь техническая","кг","0,36\n1,46",null,null,null,null,0]
[null,"101-2467","Растворитель марки: Р-4","т","0,0006\n0,0024",null,null,null,null,0]
[null,"102-0023","Бруски обрезные хвойных пород длиной: 4-6,5 м, шириной 75-150 мм, толщиной 40-75 мм, I сорта","м3","0,00103\n0,0042",null,null,null,null,0]
[null,"113-0021","Грунтовка: ГФ-021 красно-коричневая","т","0,00031\n0,0013",null,null,null,null,0]
[null,"201-0756","Отдельные конструктивные элементы зданий и сооружений с преобладанием: горячекатаных профилей, средняя масса сборочной единицы от 0,1 до 0,5 т","т","0,0002\n0,0008",null,null,null,null,0]
[null,"508-0097","Канат двойной свивки типа ТК, конструкции 6х19(1+6+12)+1 о.с., оцинкованный из проволок марки В, маркировочная группа: 1770 н/мм2, диаметром 5,5 мм","10 м","0,0187\n0,0758",null,null,null,null,0]
["44","ТЕРм38-01-003-01","Решетчатые конструкции (стойки, опоры, фермы и пр.), сборка с помощью: крана на автомобильном ходу","1 т конструкций",3.9,131477.5,512762.15,3461.36,13499.31,526261.46]
[null,"101-0324","Кислород технический: газообразный","м3","2,6\n10,14",null,null,null,null,0]
[null,"101-1521","Электроды диаметром: 5 мм Э42","т","0,0215\n0,0839",null,null,null,null,0]
[null,"101-2278","Пропан-бутан, смесь техническая","кг","0,5\n1,95",null,null,null,null,{"$f":"G143+I143","v":0}]
[null,"999-9950","Вспомогательные ненормируемые ресурсы (2% от Оплаты труда рабочих)","руб","33,2\n129,5",null,null,null,null,0]
["45","Прайс","Профиль гн. 160*5","т",0.312,0,0,124873.14,38960.42,38960.42]
["46","Прайс","Профиль гн. 120*5","т",0.72799999999999998,0,0,113870.45,82897.69,82897.69]
["47","Прайс","Профиль гн. 80*5","т",0.52,0,0,99242,51605.84,51605.84]
["48","Прайс","Уголок равнополочный 125*8","т",1.976,0,0,123900.61,244827.6,244827.6]
["49","Прайс","Прокат листовой 14мм","т",0.312,0,0,99313.91,30985.94,30985.94]
["50","Прайс","Прокат листовой 10мм","т",0.20799999999999999,0,0,94507.12,19657.48,19657.48]
["Перевозка материалов ( металл 140 км. ОП \"МКМ-СПб\")",null,null,null,null,null,null,null,null,0]
["51",null,"Арматура, металлопрокат, трубопрокат и металлоконструкции","т",3.9,0,0,0,0,0]
["52","ТССЦпг-03-02-01-140","Перевозка строительных грузов (кроме массовых навалочных, перевозимых автомобилями-самосвалами, а также бетонных и железобетонных изделий, стеновых и перегородочных материалов, лесоматериалов круглых и пиломатериалов, включенных в таблицу 03-01), бортовым автомобилем грузоподъемностью 5 т, на расстояние до 140 км I класс груза","1 т груза",3.9,0,0,2338.66,9120.7900000000009,9120.7900000000009]
["53","ТССЦпг-01-01-02-015","Разгрузочные работы при автомобильных перевозках: металлических конструкций массой до 1 т","1 т груза",3.9,0,0,470.66,1835.58,1835.58]
["Раздел 5. Фахверк",null,null,null,null,null,null,null,null,0]
["54","ТЕР09-04-006-01","Монтаж фахверка","1 т конструкций",10.504,50226.94,527583.75,2656.02,27898.82,555482.56999999995]
[null,"101-0309","Канаты пеньковые пропитанные","т","0,0001\n0,0011",null,null,null,null,0]
[null,"101-0324","Кислород технический: газообразный","м3","2,6\n27,31",null,null,null,null,0]
[null,"101-0797","Проволока горячекатаная в мотках, диаметром 6,3-6,5 мм","т","0,00003\n0,0003",null,null,null,null,0]
[null,"101-1019","Швеллеры № 40 из стали марки: Ст0","т","0,00194\n0,0204",null,null,null,null,0]
[null,"101-1515","Электроды диаметром: 4 мм Э46","т","0,016\n0,1681",null,null,null,null,0]
[null,"101-1805","Гвозди строительные","т","0,00001\n0,0001",null,null,null,null,0]
[null,"101-2278","Пропан-бутан, смесь техническая","кг","0,78\n8,193",null,null,null,null,0]
[null,"101-2467","Растворитель марки: Р-4","т","0,0006\n0,0063",null,null,null,null,0]
[null,"113-0021","Грунтовка: ГФ-021 красно-коричневая","т","0,00031\n0,0033",null,null,null,null,0]
[null,"201-0756","Отдельные конструктивные элементы зданий и сооружений с преобладанием: горячекатаных профилей, средняя масса сборочной единицы от 0,1 до 0,5 т","т","0,001\n0,0105",null,null,null,null,0]
[null,"508-0097","Канат двойной свивки типа ТК, конструкции 6х19(1+6+12)+1 о.с., оцинкованный из проволок марки В, маркировочная группа: 1770 н/мм2, диаметром 5,5 мм","10 м","0,0187\n0,1964",null,null,null,null,0]
["55","ТЕРм38-01-003-01","Решетчатые конструкции (стойки, опоры, фермы и пр.), сборка с помощью: крана на автомобильном ходу","1 т конструкций",10.1,131477.70000000001,1327925.17,3461.36,34959.769999999997,1362884.94]
[null,"101-0324","Кислород технический: газообразный","м3","2,6\n26,26",null,null,null,null,0]
[null,"101-1521","Электроды диаметром: 5 мм Э42","т","0,0215\n0,2172",null,null,null,null,0]
[null,"101-2278","Пропан-бутан, смесь техническая","кг","0,5\n5,05",null,null,null,null,0]
[null,"999-9950","Вспомогательные ненормируемые ресурсы (2% от Оплаты труда рабочих)","руб","33,2\n335,3",null,null,null,null,0]
["56","Прайс","Профиль гн. 100*5","т",2.1840000000000002,0,0,109780.68,239761,239761]
["57","Прайс","Профиль гн. 80*5","т",6.3440000000000003,0,0,99241.99,629591.19999999995,629591.19999999995]
["58","Прайс","Уголок равнополочный 100*7","т",0.41599999999999998,0,0,112544.5,46818.51,46818.51]
["59","Прайс","Уголок равнополочный 75*5","т",0.72799999999999998,0,0,106130.33,77262.880000000005,77262.880000000005]
["60","Прайс","Уголок не равнополочный 140*90*8","т",0.20799999999999999,0,0,139174.13,28948.22,28948.22]
["61","Прайс","Прокат листовой 10мм","т",0.624,0,0,94507.15,58972.46,58972.46]
["Перевозка материалов ( металл 140 км. ОП \"МКМ-СПб\")",null,null,null,null,null,null,null,null,0]
["62",null,"Арматура, металлопрокат, трубопрокат и металлоконструкции","т",10.1,0,0,0,0,0]
["63","ТССЦпг-03-02-01-140","Перевозка строительных грузов (кроме массовых навалочных, перевозимых автомобилями-самосвалами, а также бетонных и железобетонных изделий, стеновых и перегородочных материалов, лесоматериалов круглых и пиломатериалов, включенных в таблицу 03-01), бортовым автомобилем грузоподъемностью 5 т, на расстояние до 140 км I класс груза","1 т груза",10.1,0,0,2338.66,23620.5,23620.5]
["64","ТССЦпг-01-01-02-015","Разгрузочные работы при автомобильных перевозках: металлических конструкций массой до 1 т","1 т груза",10.1,0,0,470.66,4753.67,4753.67]
["Раздел 6. Лестницы, площадки, ограждение",null,null,null,null,null,null,null,null,0]
["65","ТЕР09-03-029-01","Монтаж лестниц прямолинейных и криволинейных, пожарных с ограждением","1 т конструкций",5.3040000000000003,57878.87,306989.5,1156.95,6136.46,313125.96000000002]
[null,"101-0309","Канаты пеньковые пропитанные","т","0,0001\n0,0005",null,null,null,null,0]
[null,"101-0324","Кислород технический: газообразный","м3","1,37\n7,266",null,null,null,null,0]
[null,"101-0797","Проволока горячекатаная в мотках, диаметром 6,3-6,5 мм","т","0,00003\n0,0002",null,null,null,null,0]
[null,"101-1019","Швеллеры № 40 из стали марки: Ст0","т","0,00194\n0,0103",null,null,null,null,0]
[null,"101-1515","Электроды диаметром: 4 мм Э46","т","0,004\n0,0212",null,null,null,null,0]
[null,"101-1805","Гвозди строительные","т","0,00001\n0,0001",null,null,null,null,0]
[null,"101-2278","Пропан-бутан, смесь техническая","кг","0,41\n2,175",null,null,null,null,0]
[null,"101-2467","Растворитель марки: Р-4","т","0,0006\n0,0032",null,null,null,null,0]
[null,"102-0023","Бруски обрезные хвойных пород длиной: 4-6,5 м, шириной 75-150 мм, толщиной 40-75 мм, I сорта","м3","0,00103\n0,0055",null,null,null,null,0]
[null,"113-0021","Грунтовка: ГФ-021 красно-коричневая","т","0,00031\n0,0016",null,null,null,null,0]
[null,"201-0756","Отдельные конструктивные элементы зданий и сооружений с преобладанием: горячекатаных профилей, средняя масса сборочной единицы от 0,1 до 0,5 т","т","0,001\n0,0053",null,null,null,null,0]
[null,"508-0097","Канат двойной свивки типа ТК, конструкции 6х19(1+6+12)+1 о.с., оцинкованный из проволок марки В, маркировочная группа: 1770 н/мм2, диаметром 5,5 мм","10 м","0,0187\n0,0992",null,null,null,null,0]
["66","ТЕРм38-01-004-02","Сборка с помощью крана на автомобильном ходу: лестницы прямолинейные и криволинейные с ограждением","1 т конструкций",5.0999999999999996,156866.79999999999,800020.67,2404.54,12263.14,812283.81]
[null,"101-0324","Кислород технический: газообразный","м3","0,6\n3,06",null,null,null,null,0]
[null,"101-1515","Электроды диаметром: 4 мм Э46","т","0,016\n0,0816",null,null,null,null,0]
[null,"101-2278","Пропан-бутан, смесь техническая","кг","0,2\n1,02",null,null,null,null,0]
[null,"999-9950","Вспомогательные ненормируемые ресурсы (2% от Оплаты труда рабочих)","руб","43,78\n223,3",null,null,null,null,0]
["67","Прайс","Профиль гн. 120*5","т",0.104,0,0,113870.48,11842.53,11842.53]
["68","Прайс","Швеллер 24П","т",0.52,0,0,109842.4,57118.05,57118.05]
["69","Прайс","Швеллер 16П","т",1.6639999999999999,0,0,102843.44,171131.48,171131.48]
["70","Прайс","ВГП 42,3*2,8","т",0.52,0,0,80170.23,41688.519999999997,41688.519999999997]
["71","Прайс","ВГП 21,3*2,5","т",0.104,0,0,74790.289999999994,7778.19,7778.19]
["72","Прайс","Уголок равнополочный 125*8","т",0.312,0,0,123900.61,38656.99,{"$f":"G207+I207","v":38656.99}]
["73","Прайс","Уголок равнополочный 35*4","т",0.41599999999999998,0,0,95176.54,39593.440000000002,39593.440000000002]
["74","Прайс","Прокат стальной горячетканый круглый диаметр 20","т",0.104,0,0,107834.13,11214.75,11214.75]
["75","Прайс","Прокат стальной горячетканый круглый диаметр 16","т",0.52,0,0,102990,53554.8,53554.8]
["76","Прайс","Прокат листовой 8мм","т",0.312,0,0,93155.32,29064.46,29064.46]
["77","Прайс","Прокат листовой 6мм","т",0.312,0,0,91037.72,28403.77,28403.77]
["78","Прайс","Прокат листовой 4мм","т",0.41599999999999998,0,0,76433.73,31796.43,31796.43]
["79","ТССЦ-110-0008","Болты сборочные с гайками и шайбами по классу прочности: 8,8","т",6.8951999999999999E-2,0,0,150374.75,10368.64,10368.64]
["Перевозка материалов ( металл 140 км. ОП \"МКМ-СПб\")",null,null,null,null,null,null,null,null,0]
["80",null,"Арматура, металлопрокат, трубопрокат и металлоконструкции","т",5.168952,0,0,0,0,0]
["81","ТССЦпг-03-02-01-140","Перевозка строительных грузов (кроме массовых навалочных, перевозимых автомобилями-самосвалами, а также бетонных и железобетонных изделий, стеновых и перегородочных материалов, лесоматериалов круглых и пиломатериалов, включенных в таблицу 03-01), бортовым автомобилем грузоподъемностью 5 т, на расстояние до 140 км I класс груза","1 т груза",5.168952,0,0,2338.66,12088.44,12088.44]
["82","ТССЦпг-01-01-02-015","Разгрузочные работы при автомобильных перевозках: металлических конструкций массой до 1 т","1 т груза",5.168952,0,0,470.66,2432.8200000000002,2432.8200000000002]
["Раздел 7. Настил",null,null,null,null,null,null,null,null,0]
["83","ТЕР09-03-030-01","Монтаж площадок с настилом и ограждением из листовой, рифленой, просечной и круглой стали","1 т конструкций",12.584,63386.39,797654.35,1156.95,14559.07,812213.42]
[null,"101-0309","Канаты пеньковые пропитанные","т","0,0001\n0,0013",null,null,null,null,0]
[null,"101-0324","Кислород технический: газообразный","м3","1,37\n17,24",null,null,null,null,0]
[null,"101-0797","Проволока горячекатаная в мотках, диаметром 6,3-6,5 мм","т","0,00003\n0,0004",null,null,null,null,0]
[null,"101-1019","Швеллеры № 40 из стали марки: Ст0","т","0,00194\n0,0244",null,null,null,null,0]
[null,"101-1515","Электроды диаметром: 4 мм Э46","т","0,004\n0,0503",null,null,null,null,0]
[null,"101-1805","Гвозди строительные","т","0,00001\n0,0001",null,null,null,null,0]
[null,"101-2278","Пропан-бутан, смесь техническая","кг","0,41\n5,159",null,null,null,null,0]
[null,"101-2467","Растворитель марки: Р-4","т","0,0006\n0,0076",null,null,null,null,0]
[null,"102-0023","Бруски обрезные хвойных пород длиной: 4-6,5 м, шириной 75-150 мм, толщиной 40-75 мм, I сорта","м3","0,00103\n0,013",null,null,null,null,0]
[null,"113-0021","Грунтовка: ГФ-021 красно-коричневая","т","0,00031\n0,0039",null,null,null,null,0]
[null,"201-0756","Отдельные конструктивные элементы зданий и сооружений с преобладанием: горячекатаных профилей, средняя масса сборочной единицы от 0,1 до 0,5 т","т","0,001\n0,0126",null,null,null,null,0]
[null,"508-0097","Канат двойной свивки типа ТК, конструкции 6х19(1+6+12)+1 о.с., оцинкованный из проволок марки В, маркировочная группа: 1770 н/мм2, диаметром 5,5 мм","10 м","0,0187\n0,2353",null,null,null,null,0]
["84","ТЕРм38-01-004-01","Сборка с помощью крана на автомобильном ходу: площадки для обслуживания оборудования и трубопроводов","1 т конструкций",12.1,123615.4,1495745.82,2543.2800000000002,30773.7,1526519.52]
[null,"101-0324","Кислород технический: газообразный","м3","0,9\n10,89",null,null,null,null,0]
[null,"101-1515","Электроды диаметром: 4 мм Э46","т","0,0179\n0,2166",null,null,null,null,0]
[null,"101-2278","Пропан-бутан, смесь техническая","кг","0,2\n2,42",null,null,null,null,0]
[null,"999-9950","Вспомогательные ненормируемые ресурсы (2% от Оплаты труда рабочих)","руб","33,88\n409,9",null,null,null,null,0]
["85","Прайс","Лист стальной с рифлением ромбическим 4мм","т",11.648,0,0,105765.45,1231955.98,1231955.98]
["86","Прайс","Лист ПВЛ ПВ506","т",0.312,0,0,165782.07999999999,51724.01,51724.01]
["87","Прайс","Уголок равнополочный 35*4","т",0.624,0,0,95176.52,59390.15,59390.15]
["88","ТССЦ-110-0008","Болты сборочные с гайками и шайбами по классу прочности: 8,8","т",0.12961500000000001,0,0,150374.88,19490.84,19490.84]
["89","ТЕР09-04-002-01","Монтаж кровельного покрытия: из профилированного листа при высоте здания до 25 м","100 м2 покрытия",4.5,52050.3,234226.47,3033.52,13650.84,247877.31]
[null,"101-0309","Канаты пеньковые пропитанные","т","0,00015\n0,0007",null,null,null,null,0]
[null,"101-0324","Кислород технический: газообразный","м3","1,4\n6,3",null,null,null,null,0]
[null,"101-0797","Проволока горячекатаная в мотках, диаметром 6,3-6,5 мм","т","0,00004\n0,0002",null,null,null,null,0]
[null,"101-1019","Швеллеры № 40 из стали марки: Ст0","т","0,00297\n0,0134",null,null,null,null,0]
[null,"101-1513","Электроды диаметром: 4 мм Э42","т","0,00061\n0,0027",null,null,null,null,0]
[null,"101-1714","Болты с гайками и шайбами строительные","т","0,0022\n0,0099",null,null,null,null,0]
[null,"101-2278","Пропан-бутан, смесь техническая","кг","0,42\n1,89",null,null,null,null,0]
[null,"101-2467","Растворитель марки: Р-4","т","0,00009\n0,0004",null,null,null,null,0]
[null,"102-0023","Бруски обрезные хвойных пород длиной: 4-6,5 м, шириной 75-150 мм, толщиной 40-75 мм, I сорта","м3","0,0013\n0,0059",null,null,null,null,0]
[null,"113-0021","Грунтовка: ГФ-021 красно-коричневая","т","0,00047\n0,0021",null,null,null,null,0]
[null,"201-0756","Отдельные конструктивные элементы зданий и сооружений с преобладанием: горячекатаных профилей, средняя масса сборочной единицы от 0,1 до 0,5 т","т","0,011\n0,0495",null,null,null,null,0]
[null,"508-0097","Канат двойной свивки типа ТК, конструкции 6х19(1+6+12)+1 о.с., оцинкованный из проволок марки В, маркировочная группа: 1770 н/мм2, диаметром 5,5 мм","10 м","0,016\n0,072",null,null,null,null,0]
["90","Прайс","Профиль H57-750-0,8","т",4.9000000000000004,0,0,153670.44,752985.17,752985.17]
["91","ТССЦ-101-1810","Винты самонарезающие: для крепления профилированного настила и панелей к несущим конструкциям","т",0.16200000000000001,0,0,256486.48,41550.81,41550.81]
["92","ТЕР09-04-006-02","Монтаж ограждающих конструкций стен: из профилированного листа при высоте здания до 30 м","100 м2",4.8648999999999996,184715.22,898621.07,5922.38,28811.79,927432.86]
[null,"101-0309","Канаты пеньковые пропитанные","т","0,00015\n0,0007",null,null,null,null,0]
[null,"101-0324","Кислород технический: газообразный","м3","2,98\n14,5",null,null,null,null,0]
[null,"101-0797","Проволока горячекатаная в мотках, диаметром 6,3-6,5 мм","т","0,00004\n0,0002",null,null,null,null,0]
[null,"101-1019","Швеллеры № 40 из стали марки: Ст0","т","0,00297\n0,0144",null,null,null,null,0]
[null,"101-1513","Электроды диаметром: 4 мм Э42","т","0,0034\n0,0165",null,null,null,null,0]
[null,"101-1714","Болты с гайками и шайбами строительные","т","0,007\n0,0341",null,null,null,null,0]
[null,"101-1805","Гвозди строительные","т","0,00002\n0,0001",null,null,null,null,0]
[null,"101-2278","Пропан-бутан, смесь техническая","кг","0,903\n4,393",null,null,null,null,0]
[null,"101-2467","Растворитель марки: Р-4","т","0,00009\n0,0004",null,null,null,null,0]
[null,"102-0023","Бруски обрезные хвойных пород длиной: 4-6,5 м, шириной 75-150 мм, толщиной 40-75 мм, I сорта","м3","0,0013\n0,0063",null,null,null,null,0]
[null,"113-0021","Грунтовка: ГФ-021 красно-коричневая","т","0,00047\n0,0023",null,null,null,null,0]
[null,"201-0756","Отдельные конструктивные элементы зданий и сооружений с преобладанием: горячекатаных профилей, средняя масса сборочной единицы от 0,1 до 0,5 т","т","0,019\n0,0924",null,null,null,null,0]
[null,"508-0097","Канат двойной свивки типа ТК, конструкции 6х19(1+6+12)+1 о.с., оцинкованный из проволок марки В, маркировочная группа: 1770 н/мм2, диаметром 5,5 мм","10 м","0,016\n0,0778",null,null,null,null,0]
["93","ТССЦ-201-0382","Конструкции: стальные нащельников и деталей обрамления","т",0.28120000000000001,0,0,179935.7,50597.919999999998,{"$f":"G271+I271","v":50597.919999999998}]
["94","ТССЦ-101-1810","Винты самонарезающие: для крепления профилированного настила и панелей к несущим конструкциям","т",0.17510000000000001,0,0,256486.52,44910.79,44910.79]
["95","Прайс","Профиль HC35-1000-0,7","т",4,0,0,190108.85,760435.4,760435.4]
["Перевозка материалов ( металл 140 км. ОП \"МКМ-СПб\")",null,null,null,null,null,null,null,null,0]
["96",null,"Арматура, металлопрокат, трубопрокат и металлоконструкции","т",21.613614999999999,0,0,0,0,0]
["97","ТССЦпг-03-02-01-140","Перевозка строительных грузов (кроме массовых навалочных, перевозимых автомобилями-самосвалами, а также бетонных и железобетонных изделий, стеновых и перегородочных материалов, лесоматериалов круглых и пиломатериалов, включенных в таблицу 03-01), бортовым автомобилем грузоподъемностью 5 т, на расстояние до 140 км I класс груза","1 т груза",21.613614999999999,0,0,2338.66,50546.97,50546.97]
["98","ТССЦпг-01-01-02-015","Разгрузочные работы при автомобильных перевозках: металлических конструкций массой до 1 т","1 т груза",21.613614999999999,0,0,470.66,10172.68,10172.68]
["Раздел 8. Антикоррозионная обработка",null,null,null,null,null,null,null,null,0]
["99","ТЕР13-03-002-04","Огрунтовка металлических поверхностей за один раз: грунтовкой ГФ-021","100 м2 окрашиваемой поверхности",27.949000000000002,7414.07,207422.93,384.87,10756.7,218179.63]
[null,"113-0077","Ксилол нефтяной марки А","т","0,002\n0,0559",null,null,null,null,0]
["100","Прайс","Грунтовка: ГФ-021 красно-коричневая","кг",335.4,0,0,392.24,131555.85999999999,131555.85999999999]
["101","ТЕР13-03-004-26","Окраска металлических огрунтованных поверхностей: эмалью ПФ-115 (за 2 раза) К=2","100 м2 окрашиваемой поверхности",15.494999999999999,9207.89,142676.32,240.43,3725.48,146401.79999999999]
[null,"101-1292","Уайт-спирит","т","0,0028\n0,0434",null,null,null,null,0]
["102","Прайс","Эмаль ПФ-115 серая","кг",588.79999999999995,0,0,495.6,291807.28000000003,291807.28000000003]
[null,null,"Всего, руб. с НДС",null,null,null,{"$f":"SUM(G14:G284)","v":10903282.390000001},null,{"$f":"SUM(I14:I284)","v":11310585.140000001},{"$f":"SUM(J14:J284)","v":22213867.530000001}]
[null,null,"Всего, руб. без НДС",null,null,null,{"$f":"G285/1.2","v":9086068.6600000001},null,{"$f":"I285/1.2","v":9425487.6199999992},{"$f":"J285/1.2","v":18511556.280000001}]

{"sheet":"1632-2021-2.2.1-КМ ","index":6,"n_rows":333,"n_cols":10,"rows_kept":333,"cut":false,"hidden":false,"merged":[]}
[]
["Терминал по перевалке минеральных удобрений в морском торговом порту Усть-Луга. Береговые объекты терминала"]
["(наименование стройки)"]
[]
["ЛОКАЛЬНАЯ СМЕТА № 1632-2021-2.2.1-КМ_07.04.020-П-01-03"]
["(локальная смета)"]
["на Конструкции металлические., 07.04.020 Пересыпная станция №1 (код SAP 01.02.001) код ГП 2.2.1"]
["(наименование работ и затрат, наименование объекта)"]
[null,"Основание:","1632-2021-2.2.1-КМ_1_0_RU_IFC"]
[]
["№ п/п","Обоснование","Наименование работ и затрат","Ед. изм.","Кол-во","Цена за ед.измерения работ, руб. с НДС","Всего, стоимость работ,руб. с НДС","Цена за ед.измерения материалов, руб. с НДС","Всего, стоимость материалов, руб. с НДС","Итого, руб. с НДС"]
[1,2,3,4,5,6,7,8,9,10]
["Раздел 1. Монорельсы"]
["1","ТЕР09-03-003-03","Монтаж одиночных подкрановых балок на отметке до 25 м массой: более 2,0 т","1 т конструкций",5.4080000000000004,{"$f":"G14/E14","v":19675.41},106404.6,1650.68,8926.9,{"$f":"G14+I14","v":115331.5}]
[null,"101-0309","Канаты пеньковые пропитанные","т","0,000113\n0,0006",null,null,null,null,{"$f":"G15+I15","v":0}]
[null,"101-0324","Кислород технический: газообразный","м3","0,904\n4,889",null,null,null,null,0]
[null,"101-0797","Проволока горячекатаная в мотках, диаметром 6,3-6,5 мм","т","0,0000339\n0,0002",null,null,null,null,0]
[null,"101-1019","Швеллеры № 40 из стали марки: Ст0","т","0,0021922\n0,0119",null,null,null,null,0]
[null,"101-1513","Электроды диаметром: 4 мм Э42","т","0,002599\n0,0141",null,null,null,null,0]
[null,"101-1714","Болты с гайками и шайбами строительные","т","0,002147\n0,0116",null,null,null,null,0]
[null,"101-1805","Гвозди строительные","т","0,0000113\n0,0001",null,null,null,null,0]
[null,"101-2278","Пропан-бутан, смесь техническая","кг","0,2712\n1,467",null,null,null,null,0]
[null,"101-2467","Растворитель марки: Р-4","т","0,000678\n0,0037",null,null,null,null,0]
[null,"102-0023","Бруски обрезные хвойных пород длиной: 4-6,5 м, шириной 75-150 мм, толщиной 40-75 мм, I сорта","м3","0,0011639\n0,0063",null,null,null,null,0]
[null,"113-0021","Грунтовка: ГФ-021 красно-коричневая","т","0,0003503\n0,0019",null,null,null,null,0]
[null,"201-0756","Отдельные конструктивные элементы зданий и сооружений с преобладанием: горячекатаных профилей, средняя масса сборочной единицы от 0,1 до 0,5 т","т","0,00226\n0,0122",null,null,null,null,0]
[null,"508-0097","Канат двойной свивки типа ТК, конструкции 6х19(1+6+12)+1 о.с., оцинкованный из проволок марки В, маркировочная группа: 1770 н/мм2, диаметром 5,5 мм","10 м","0,021131\n0,1143",null,null,null,null,0]
["2","ТЕРм38-01-002-03","Монорельсы, балки и другие аналогичные конструкции промышленных зданий, сборка с помощью: лебедок электрических (с установкой и снятием их в процессе работы)","1 т конструкций",5.2,39050.230000000003,203061.18,602.20000000000005,3131.42,206192.6]
[null,"101-0324","Кислород технический: газообразный","м3","0,6\n3,12",null,null,null,null,0]
[null,"101-1521","Электроды диаметром: 5 мм Э42","т","0,0032\n0,0166",null,null,null,null,0]
[null,"101-2278","Пропан-бутан, смесь техническая","кг","0,2\n1,04",null,null,null,null,0]
[null,"999-9950","Вспомогательные ненормируемые ресурсы (2% от Оплаты труда рабочих)","руб","10,14\n52,73",null,null,null,null,0]
["3","Прайс","Двутавр М36","т",6.2191999999999998,0,0,112215.57,697891.1,697891.1]
["4","ТЕР09-03-003-02","Монтаж одиночных подкрановых балок на отметке до 25 м массой: до 2,0 т","1 т конструкций",2.6,23012.84,59833.38,1989.42,5172.4799999999996,65005.86]
[null,"101-0309","Канаты пеньковые пропитанные","т","0,0001\n0,0003",null,null,null,null,0]
[null,"101-0324","Кислород технический: газообразный","м3","1,1\n2,86",null,null,null,null,0]
[null,"101-0797","Проволока горячекатаная в мотках, диаметром 6,3-6,5 мм","т","0,00003\n0,0001",null,null,null,null,0]
[null,"101-1019","Швеллеры № 40 из стали марки: Ст0","т","0,00194\n0,005",null,null,null,null,0]
[null,"101-1513","Электроды диаметром: 4 мм Э42","т","0,0034\n0,0088",null,null,null,null,0]
[null,"101-1714","Болты с гайками и шайбами строительные","т","0,0028\n0,0073",null,null,null,null,0]
[null,"101-1805","Гвозди строительные","т","0,00001\n0",null,null,null,null,0]
[null,"101-2278","Пропан-бутан, смесь техническая","кг","0,33\n0,858",null,null,null,null,0]
[null,"101-2467","Растворитель марки: Р-4","т","0,0006\n0,0016",null,null,null,null,0]
[null,"102-0023","Бруски обрезные хвойных пород длиной: 4-6,5 м, шириной 75-150 мм, толщиной 40-75 мм, I сорта","м3","0,00103\n0,0027",null,null,null,null,0]
[null,"113-0021","Грунтовка: ГФ-021 красно-коричневая","т","0,00031\n0,0008",null,null,null,null,0]
[null,"201-0756","Отдельные конструктивные элементы зданий и сооружений с преобладанием: горячекатаных профилей, средняя масса сборочной единицы от 0,1 до 0,5 т","т","0,003\n0,0078",null,null,null,null,0]
[null,"508-0097","Канат двойной свивки типа ТК, конструкции 6х19(1+6+12)+1 о.с., оцинкованный из проволок марки В, маркировочная группа: 1770 н/мм2, диаметром 5,5 мм","10 м","0,0187\n0,0486",null,null,null,null,0]
["5","ТЕРм38-01-002-03","Монорельсы, балки и другие аналогичные конструкции промышленных зданий, сборка с помощью: лебедок электрических (с установкой и снятием их в процессе работы)","1 т конструкций",2.5,39049.78,97624.46,602.20000000000005,1505.49,99129.95]
[null,"101-0324","Кислород технический: газообразный","м3","0,6\n1,5",null,null,null,null,0]
[null,"101-1521","Электроды диаметром: 5 мм Э42","т","0,0032\n0,008",null,null,null,null,0]
[null,"101-2278","Пропан-бутан, смесь техническая","кг","0,2\n0,5",null,null,null,null,0]
[null,"999-9950","Вспомогательные ненормируемые ресурсы (2% от Оплаты труда рабочих)","руб","10,14\n25,35",null,null,null,null,0]
["6","Прайс","Уголок равнополочный 100*7","т",0.104,0,0,112544.52,11704.63,11704.63]
["7","Прайс","Прокат листовой 25мм","т",0.624,0,0,112337.69,70098.720000000001,70098.720000000001]
["8","Прайс","Прокат листовой 20мм","т",0.72799999999999998,0,0,106982.23,77883.06,77883.06]
["9","Прайс","Прокат листовой 16мм","т",0.104,0,0,103817.4,10797.01,10797.01]
["10","Прайс","Прокат листовой 10мм","т",0.93600000000000005,0,0,94507.16,88458.7,88458.7]
["11","Прайс","Прокат листовой 8мм","т",0.104,0,0,93155.38,9688.16,9688.16]
["Перевозка материалов (металл 140 км. ОП \"МКМ-СПб\")",null,null,null,null,{"$error":"#DIV/0!"},0,{"$error":"#DIV/0!"},0,0]
["12",null,"металлопрокат, трубопрокат и металлоконструкции\n201-0758","т",7.7,0,0,0,0,0]
["13","ТССЦпг-03-02-01-140","Перевозка строительных грузов (кроме массовых навалочных, перевозимых автомобилями-самосвалами, а также бетонных и железобетонных изделий, стеновых и перегородочных материалов, лесоматериалов круглых и пиломатериалов, включенных в таблицу 03-01), бортовым автомобилем грузоподъемностью 5 т, на расстояние до 140 км I класс груза","1 т груза",7.7,0,0,2338.66,18007.71,18007.71]
["14","ТССЦпг-01-01-02-015","Разгрузочные работы при автомобильных перевозках: металлических конструкций массой до 1 т","1 т груза",7.7,0,0,470.66,3624.09,3624.09]
["Раздел 2. Настил",null,null,null,null,{"$error":"#DIV/0!"},0,{"$error":"#DIV/0!"},0,0]
["15","ТЕР09-03-030-01","Монтаж площадок с настилом и ограждением из листовой, рифленой, просечной и круглой стали","1 т конструкций",4.4720000000000004,63386.18,283463.01,1156.95,5173.88,288636.89]
[null,"101-0309","Канаты пеньковые пропитанные","т","0,0001\n0,0004",null,null,null,null,0]
[null,"101-0324","Кислород технический: газообразный","м3","1,37\n6,127",null,null,null,null,0]
[null,"101-0797","Проволока горячекатаная в мотках, диаметром 6,3-6,5 мм","т","0,00003\n0,0001",null,null,null,null,0]
[null,"101-1019","Швеллеры № 40 из стали марки: Ст0","т","0,00194\n0,0087",null,null,null,null,0]
[null,"101-1515","Электроды диаметром: 4 мм Э46","т","0,004\n0,0179",null,null,null,null,0]
[null,"101-1805","Гвозди строительные","т","0,00001\n0",null,null,null,null,0]
[null,"101-2278","Пропан-бутан, смесь техническая","кг","0,41\n1,834",null,null,null,null,0]
[null,"101-2467","Растворитель марки: Р-4","т","0,0006\n0,0027",null,null,null,null,0]
[null,"102-0023","Бруски обрезные хвойных пород длиной: 4-6,5 м, шириной 75-150 мм, толщиной 40-75 мм, I сорта","м3","0,00103\n0,0046",null,null,null,null,0]
[null,"113-0021","Грунтовка: ГФ-021 красно-коричневая","т","0,00031\n0,0014",null,null,null,null,0]
[null,"201-0756","Отдельные конструктивные элементы зданий и сооружений с преобладанием: горячекатаных профилей, средняя масса сборочной единицы от 0,1 до 0,5 т","т","0,001\n0,0045",null,null,null,null,0]
[null,"508-0097","Канат двойной свивки типа ТК, конструкции 6х19(1+6+12)+1 о.с., оцинкованный из проволок марки В, маркировочная группа: 1770 н/мм2, диаметром 5,5 мм","10 м","0,0187\n0,0836",null,null,null,null,0]
["16","ТССЦ-110-0008","Болты сборочные с гайками и шайбами по классу прочности: 8,8","т",4.6061999999999999E-2,0,0,150374.93,6926.57,6926.57]
["17","ТЕРм38-01-004-05","Сборка с помощью лебедок электрических (с установкой и снятием их в процессе работы): площадки для обслуживания оборудования и трубопроводов","1 т конструкций",4.3,153618.51,660559.61,2902.25,12479.69,673039.3]
[null,"101-0324","Кислород технический: газообразный","м3","0,9\n3,87",null,null,null,null,{"$f":"G79+I79","v":0}]
[null,"101-1521","Электроды диаметром: 5 мм Э42","т","0,0179\n0,077",null,null,null,null,0]
[null,"101-2278","Пропан-бутан, смесь техническая","кг","0,2\n0,86",null,null,null,null,0]
[null,"999-9950","Вспомогательные ненормируемые ресурсы (2% от Оплаты труда рабочих)","руб","42,08\n180,9",null,null,null,null,0]
["18","Прайс","Лист стальной с рифлением ромбическим 4мм","т",3.4,0,0,105765.45,359602.54,359602.54]
["19","Прайс","Лист ПВЛ ПВ506","т",0.9,0,0,165782.07999999999,149203.87,149203.87]
["20","ТЕР09-04-002-01\n10% на подрезку","Монтаж кровельного покрытия: из профилированного листа при высоте здания до 25 м","100 м2 покрытия",4.59,52050.33,238911.03,3033.52,13923.86,252834.89]
[null,"101-0309","Канаты пеньковые пропитанные","т","0,00015\n0,0007",null,null,null,null,0]
[null,"101-0324","Кислород технический: газообразный","м3","1,4\n6,426",null,null,null,null,0]
[null,"101-0797","Проволока горячекатаная в мотках, диаметром 6,3-6,5 мм","т","0,00004\n0,0002",null,null,null,null,0]
[null,"101-1019","Швеллеры № 40 из стали марки: Ст0","т","0,00297\n0,0136",null,null,null,null,0]
[null,"101-1513","Электроды диаметром: 4 мм Э42","т","0,00061\n0,0028",null,null,null,null,0]
[null,"101-1714","Болты с гайками и шайбами строительные","т","0,0022\n0,0101",null,null,null,null,0]
[null,"101-2278","Пропан-бутан, смесь техническая","кг","0,42\n1,928",null,null,null,null,0]
[null,"101-2467","Растворитель марки: Р-4","т","0,00009\n0,0004",null,null,null,null,0]
[null,"102-0023","Бруски обрезные хвойных пород длиной: 4-6,5 м, шириной 75-150 мм, толщиной 40-75 мм, I сорта","м3","0,0013\n0,006",null,null,null,null,0]
[null,"113-0021","Грунтовка: ГФ-021 красно-коричневая","т","0,00047\n0,0022",null,null,null,null,0]
[null,"201-0756","Отдельные конструктивные элементы зданий и сооружений с преобладанием: горячекатаных профилей, средняя масса сборочной единицы от 0,1 до 0,5 т","т","0,011\n0,0505",null,null,null,null,0]
[null,"508-0097","Канат двойной свивки типа ТК, конструкции 6х19(1+6+12)+1 о.с., оцинкованный из проволок марки В, маркировочная группа: 1770 н/мм2, диаметром 5,5 мм","10 м","0,016\n0,0734",null,null,null,null,0]
["21","Прайс","Профиль H57-750-0,8","т",5,0,0,153670.44,768352.22,768352.22]
["22","ТЕР09-04-006-02","Монтаж ограждающих конструкций стен: из профилированного листа при высоте здания до 30 м","100 м2",5.8545999999999996,184715.42,1081434.8700000001,5922.38,34673.160000000003,1116108.03]
[null,"101-0309","Канаты пеньковые пропитанные","т","0,00015\n0,0009",null,null,null,null,0]
[null,"101-0324","Кислород технический: газообразный","м3","2,98\n17,45",null,null,null,null,0]
[null,"101-0797","Проволока горячекатаная в мотках, диаметром 6,3-6,5 мм","т","0,00004\n0,0002",null,null,null,null,0]
[null,"101-1019","Швеллеры № 40 из стали марки: Ст0","т","0,00297\n0,0174",null,null,null,null,0]
[null,"101-1513","Электроды диаметром: 4 мм Э42","т","0,0034\n0,0199",null,null,null,null,0]
[null,"101-1714","Болты с гайками и шайбами строительные","т","0,007\n0,041",null,null,null,null,0]
[null,"101-1805","Гвозди строительные","т","0,00002\n0,0001",null,null,null,null,0]
[null,"101-2278","Пропан-бутан, смесь техническая","кг","0,903\n5,287",null,null,null,null,0]
[null,"101-2467","Растворитель марки: Р-4","т","0,00009\n0,0005",null,null,null,null,0]
[null,"102-0023","Бруски обрезные хвойных пород длиной: 4-6,5 м, шириной 75-150 мм, толщиной 40-75 мм, I сорта","м3","0,0013\n0,0076",null,null,null,null,0]
[null,"113-0021","Грунтовка: ГФ-021 красно-коричневая","т","0,00047\n0,0028",null,null,null,null,0]
[null,"201-0756","Отдельные конструктивные элементы зданий и сооружений с преобладанием: горячекатаных профилей, средняя масса сборочной единицы от 0,1 до 0,5 т","т","0,019\n0,1112",null,null,null,null,0]
[null,"508-0097","Канат двойной свивки типа ТК, конструкции 6х19(1+6+12)+1 о.с., оцинкованный из проволок марки В, маркировочная группа: 1770 н/мм2, диаметром 5,5 мм","10 м","0,016\n0,0937",null,null,null,null,0]
["23","ТССЦ-201-0382","Конструкции: стальные нащельников и деталей обрамления","т",0.33839999999999998,0,0,179935.76,60890.26,60890.26]
["24","Прайс","Профиль HC35-1000-0,7","т",5.0999999999999996,0,0,190108.85,969555.14,969555.14]
["25","ТССЦ-101-1810","Винты самонарезающие: для крепления профилированного настила и панелей к несущим конструкциям","т",2.2499999999999999E-2,0,0,256486.22,5770.94,5770.94]
["Перевозка материалов (металл 140 км. ОП \"МКМ-СПб\")",null,null,null,null,{"$error":"#DIV/0!"},0,{"$error":"#DIV/0!"},0,0]
["26",null,"металлопрокат, трубопрокат и металлоконструкции","т",14.4,0,0,0,0,0]
["27","ТССЦпг-03-02-01-140","Перевозка строительных грузов (кроме массовых навалочных, перевозимых автомобилями-самосвалами, а также бетонных и железобетонных изделий, стеновых и перегородочных материалов, лесоматериалов круглых и пиломатериалов, включенных в таблицу 03-01), бортовым автомобилем грузоподъемностью 5 т, на расстояние до 140 км I класс груза","1 т груза",14.4,0,0,2338.66,33676.75,33676.75]
["28","ТССЦпг-01-01-02-015","Разгрузочные работы при автомобильных перевозках: металлических конструкций массой до 1 т","1 т груза",14.4,0,0,470.66,6777.51,6777.51]
["Раздел 3. Фахверк",null,null,null,null,{"$error":"#DIV/0!"},0,{"$error":"#DIV/0!"},0,0]
["29","ТЕР09-04-006-01","Монтаж фахверка","1 т конструкций",14.976000000000001,50226.94,752198.6,2656.02,39776.53,791975.13]
[null,"101-0309","Канаты пеньковые пропитанные","т","0,0001\n0,0015",null,null,null,null,0]
[null,"101-0324","Кислород технический: газообразный","м3","2,6\n38,94",null,null,null,null,0]
[null,"101-0797","Проволока горячекатаная в мотках, диаметром 6,3-6,5 мм","т","0,00003\n0,0004",null,null,null,null,0]
[null,"101-1019","Швеллеры № 40 из стали марки: Ст0","т","0,00194\n0,0291",null,null,null,null,0]
[null,"101-1515","Электроды диаметром: 4 мм Э46","т","0,016\n0,2396",null,null,null,null,0]
[null,"101-1805","Гвозди строительные","т","0,00001\n0,0001",null,null,null,null,0]
[null,"101-2278","Пропан-бутан, смесь техническая","кг","0,78\n11,68",null,null,null,null,0]
[null,"101-2467","Растворитель марки: Р-4","т","0,0006\n0,009",null,null,null,null,0]
[null,"113-0021","Грунтовка: ГФ-021 красно-коричневая","т","0,00031\n0,0046",null,null,null,null,0]
[null,"201-0756","Отдельные конструктивные элементы зданий и сооружений с преобладанием: горячекатаных профилей, средняя масса сборочной единицы от 0,1 до 0,5 т","т","0,001\n0,015",null,null,null,null,0]
[null,"508-0097","Канат двойной свивки типа ТК, конструкции 6х19(1+6+12)+1 о.с., оцинкованный из проволок марки В, маркировочная группа: 1770 н/мм2, диаметром 5,5 мм","10 м","0,0187\n0,2801",null,null,null,null,0]
["30","ТЕРм38-01-003-03","Решетчатые конструкции (стойки, опоры, фермы и пр.), сборка с помощью: лебедок электрических (с установкой и снятием их в процессе работы)","1 т конструкций",14.4,145545.18,2095850.57,3563.16,51309.52,2147160.09]
[null,"101-0324","Кислород технический: газообразный","м3","2,6\n37,44",null,null,null,null,0]
[null,"101-1521","Электроды диаметром: 5 мм Э42","т","0,0215\n0,3096",null,null,null,null,0]
[null,"101-2278","Пропан-бутан, смесь техническая","кг","0,5\n7,2",null,null,null,null,0]
[null,"999-9950","Вспомогательные ненормируемые ресурсы (2% от Оплаты труда рабочих)","руб","42,32\n609,4",null,null,null,null,0]
["31","ТССЦ-110-0008","Болты сборочные с гайками и шайбами по классу прочности: 8,8","т",0.14976,0,0,150374.79999999999,22520.13,22520.13]
["32","Прайс","Профиль гн. 160*6","т",0.312,0,0,124873.14,38960.42,38960.42]
["33","Прайс","Профиль гн. 140*7","т",5.4080000000000004,0,0,120613.7,652278.91,652278.91]
["34","Прайс","Профиль гн. 120*5","т",5.5119999999999996,0,0,113870.46,627654,627654]
["35","Прайс","Профиль гн. 100*4","т",0.624,0,0,109659.9,68427.78,68427.78]
["36","Прайс","Швеллер 16П","т",0.41599999999999998,0,0,102843.44,42782.87,{"$f":"G143+I143","v":42782.87}]
["37","Прайс","Швеллер гнутый 120*60*5","т",2.8079999999999998,0,0,134535.51,377775.7,377775.7]
["38","Прайс","Уголок равнополочный 90*6","т",0.52,0,0,108953.12,56655.62,56655.62]
["39","Прайс","Уголок равнополочный 50*3","т",0.104,0,0,101626.63,10569.17,10569.17]
["40","Прайс","Уголок равнополочный 35*4","т",1.768,0,0,95176.54,168272.12,168272.12]
["41","Прайс","Уголок не равнополочный 140*90*8","т",0.312,0,0,139174.1,43422.32,43422.32]
["Перевозка материалов (металл 140 км. ОП \"МКМ-СПб\")",null,null,null,null,{"$error":"#DIV/0!"},0,{"$error":"#DIV/0!"},0,0]
["42",null,"металлопрокат, трубопрокат и металлоконструкции","т",14.4,0,0,0,0,0]
["43","ТССЦпг-03-02-01-140","Перевозка строительных грузов (кроме массовых навалочных, перевозимых автомобилями-самосвалами, а также бетонных и железобетонных изделий, стеновых и перегородочных материалов, лесоматериалов круглых и пиломатериалов, включенных в таблицу 03-01), бортовым автомобилем грузоподъемностью 5 т, на расстояние до 140 км I класс груза","1 т груза",14.4,0,0,2338.66,33676.75,33676.75]
["44","ТССЦпг-01-01-02-015","Разгрузочные работы при автомобильных перевозках: металлических конструкций массой до 1 т","1 т груза",14.4,0,0,470.66,6777.51,6777.51]
["Раздел 4. Пристройка",null,null,null,null,{"$error":"#DIV/0!"},0,{"$error":"#DIV/0!"},0,0]
["45","ТЕР09-04-006-01","Монтаж фахверка","1 т конструкций",7.28,50226.83,365651.29,2656.02,19335.810000000001,384987.1]
[null,"101-0309","Канаты пеньковые пропитанные","т","0,0001\n0,0007",null,null,null,null,0]
[null,"101-0324","Кислород технический: газообразный","м3","2,6\n18,93",null,null,null,null,0]
[null,"101-0797","Проволока горячекатаная в мотках, диаметром 6,3-6,5 мм","т","0,00003\n0,0002",null,null,null,null,0]
[null,"101-1019","Швеллеры № 40 из стали марки: Ст0","т","0,00194\n0,0141",null,null,null,null,0]
[null,"101-1515","Электроды диаметром: 4 мм Э46","т","0,016\n0,1165",null,null,null,null,0]
[null,"101-1805","Гвозди строительные","т","0,00001\n0,0001",null,null,null,null,0]
[null,"101-2278","Пропан-бутан, смесь техническая","кг","0,78\n5,678",null,null,null,null,0]
[null,"101-2467","Растворитель марки: Р-4","т","0,0006\n0,0044",null,null,null,null,0]
[null,"113-0021","Грунтовка: ГФ-021 красно-коричневая","т","0,00031\n0,0023",null,null,null,null,0]
[null,"201-0756","Отдельные конструктивные элементы зданий и сооружений с преобладанием: горячекатаных профилей, средняя масса сборочной единицы от 0,1 до 0,5 т","т","0,001\n0,0073",null,null,null,null,0]
[null,"508-0097","Канат двойной свивки типа ТК, конструкции 6х19(1+6+12)+1 о.с., оцинкованный из проволок марки В, маркировочная группа: 1770 н/мм2, диаметром 5,5 мм","10 м","0,0187\n0,1361",null,null,null,null,0]
["46","ТЕРм38-01-002-03","Монорельсы, балки и другие аналогичные конструкции промышленных зданий, сборка с помощью: лебедок электрических (с установкой и снятием их в процессе работы)","1 т конструкций",7,39050.199999999997,273351.38,602.19000000000005,4215.3599999999997,277566.74]
[null,"101-0324","Кислород технический: газообразный","м3","0,6\n4,2",null,null,null,null,0]
[null,"101-1521","Электроды диаметром: 5 мм Э42","т","0,0032\n0,0224",null,null,null,null,0]
[null,"101-2278","Пропан-бутан, смесь техническая","кг","0,2\n1,4",null,null,null,null,0]
[null,"999-9950","Вспомогательные ненормируемые ресурсы (2% от Оплаты труда рабочих)","руб","10,14\n70,98",null,null,null,null,0]
["47","ТССЦ-110-0008","Болты сборочные с гайками и шайбами по классу прочности: 8,8","т",7.2800000000000004E-2,0,0,150374.85999999999,10947.29,10947.29]
["48","Прайс","Профиль гн. 120*5","т",0.41599999999999998,0,0,113870.46,47370.11,47370.11]
["49","Прайс","Профиль гн. 100*4","т",0.52,0,0,109659.9,57023.15,57023.15]
["50","Прайс","Двутавр 30Б1","т",0.93600000000000005,0,0,114649.13,107311.59,107311.59]
["51","Прайс","Двутавр 30Ш1","т",5.0960000000000001,0,0,94324.65,480678.40000000002,480678.40000000002]
["52","Прайс","Уголок равнополочный 100*7","т",0.20799999999999999,0,0,112544.52,23409.26,23409.26]
["53","Прайс","Прокат листовой 20мм","т",0.104,0,0,106982.31,11126.16,11126.16]
["Перевозка материалов (металл 140 км. ОП \"МКМ-СПб\")",null,null,null,null,{"$error":"#DIV/0!"},0,{"$error":"#DIV/0!"},0,0]
["54",null,"металлопрокат, трубопрокат и металлоконструкции","т",7,0,0,0,0,0]
["55","ТССЦпг-03-02-01-140","Перевозка строительных грузов (кроме массовых навалочных, перевозимых автомобилями-самосвалами, а также бетонных и железобетонных изделий, стеновых и перегородочных материалов, лесоматериалов круглых и пиломатериалов, включенных в таблицу 03-01), бортовым автомобилем грузоподъемностью 5 т, на расстояние до 140 км I класс груза","1 т груза",7,0,0,2338.66,16370.64,16370.64]
["56","ТССЦпг-01-01-02-015","Разгрузочные работы при автомобильных перевозках: металлических конструкций массой до 1 т","1 т груза",7,0,0,470.66,3294.63,3294.63]
["Раздел 5. Лестницы, площадки, ограждения",null,null,null,null,{"$error":"#DIV/0!"},0,{"$error":"#DIV/0!"},0,0]
["57","ТЕР09-03-029-01","Монтаж лестниц прямолинейных и криволинейных, пожарных с ограждением","1 т конструкций",19.135999999999999,57878.94,1107571.43,1156.95,22139.4,1129710.83]
[null,"101-0309","Канаты пеньковые пропитанные","т","0,0001\n0,0019",null,null,null,null,0]
[null,"101-0324","Кислород технический: газообразный","м3","1,37\n26,22",null,null,null,null,0]
[null,"101-0797","Проволока горячекатаная в мотках, диаметром 6,3-6,5 мм","т","0,00003\n0,0006",null,null,null,null,0]
[null,"101-1019","Швеллеры № 40 из стали марки: Ст0","т","0,00194\n0,0371",null,null,null,null,0]
[null,"101-1515","Электроды диаметром: 4 мм Э46","т","0,004\n0,0765",null,null,null,null,0]
[null,"101-1805","Гвозди строительные","т","0,00001\n0,0002",null,null,null,null,0]
[null,"101-2278","Пропан-бутан, смесь техническая","кг","0,41\n7,846",null,null,null,null,0]
[null,"101-2467","Растворитель марки: Р-4","т","0,0006\n0,0115",null,null,null,null,0]
[null,"102-0023","Бруски обрезные хвойных пород длиной: 4-6,5 м, шириной 75-150 мм, толщиной 40-75 мм, I сорта","м3","0,00103\n0,0197",null,null,null,null,0]
[null,"113-0021","Грунтовка: ГФ-021 красно-коричневая","т","0,00031\n0,0059",null,null,null,null,0]
[null,"201-0756","Отдельные конструктивные элементы зданий и сооружений с преобладанием: горячекатаных профилей, средняя масса сборочной единицы от 0,1 до 0,5 т","т","0,001\n0,0191",null,null,null,null,0]
[null,"508-0097","Канат двойной свивки типа ТК, конструкции 6х19(1+6+12)+1 о.с., оцинкованный из проволок марки В, маркировочная группа: 1770 н/мм2, диаметром 5,5 мм","10 м","0,0187\n0,3578",null,null,null,null,0]
["58","ТЕРм38-01-004-06","Сборка с помощью лебедок электрических (с установкой и снятием их в процессе работы): лестницы прямолинейные и криволинейные с ограждением","1 т конструкций",18.399999999999999,181387.27,3337525.76,2725,50140,3387665.76]
[null,"101-0324","Кислород технический: газообразный","м3","0,6\n11,04",null,null,null,null,0]
[null,"101-1521","Электроды диаметром: 5 мм Э42","т","0,016\n0,2944",null,null,null,null,0]
[null,"101-2278","Пропан-бутан, смесь техническая","кг","0,2\n3,68",null,null,null,null,0]
[null,"999-9950","Вспомогательные ненормируемые ресурсы (2% от Оплаты труда рабочих)","руб","51,07\n939,7",null,null,null,null,0]
["59","ТССЦ-110-0008","Болты сборочные с гайками и шайбами по классу прочности: 8,8","т",0.24876799999999999,0,0,150374.81,37408.44,37408.44]
["60","Прайс","Профиль гн. 160*6","т",0.83199999999999996,0,0,null,103894.47,103894.47]
["61","Прайс","Профиль гн. 140*7","т",0.52,0,0,null,62719.13,62719.13]
["62","Прайс","Профиль гн. 120*5","т",1.04,0,0,null,118425.28,118425.28]
["63","Прайс","Профиль гн. 100*4","т",1.04,0,0,null,114046.31,114046.31]
["64","Прайс","Швеллер 20П","т",0.312,0,0,null,33590.9,33590.9]
["65","Прайс","Швеллер 16П","т",3.3279999999999998,0,0,null,342262.97,{"$f":"G207+I207","v":342262.97}]
["66","Прайс","Швеллер 12П","т",0.93600000000000005,0,0,null,92126.77,92126.77]
["67","Прайс","Швеллер 10П","т",0.20799999999999999,0,0,null,20201.61,20201.61]
["68","Прайс","Двутавр 30Б1","т",0.41599999999999998,0,0,null,47694.04,47694.04]
["69","Прайс","Уголок равнополочный 100*7","т",0.41599999999999998,0,0,null,46818.51,46818.51]
["70","Прайс","Уголок равнополочный 90*6","т",0.52,0,0,null,56655.62,56655.62]
["71","Прайс","Прокат листовой 10мм","т",0.20799999999999999,0,0,null,19657.48,19657.48]
["72","Прайс","Прокат листовой 8мм","т",0.312,0,0,null,29064.46,29064.46]
["73","Прайс","Прокат листовой 6мм","т",0.312,0,0,null,28403.77,28403.77]
["74","Прайс","Прокат листовой 4мм","т",4.68,0,0,null,357709.81,357709.81]
["75","Прайс","ВГП 42,3*2,8","т",2.7040000000000002,0,0,null,216780.31,216780.31]
["76","Прайс","ВГП 21,3*2,5","т",0.41599999999999998,0,0,null,31112.77,31112.77]
["77","Прайс","ВГП 60*4","т",0.104,0,0,null,8847.76,8847.76]
["78","Прайс","Прокат стальной горячетканый круглый диаметр 20","т",0.312,0,0,null,33644.25,33644.25]
["79","Прайс","Прокат стальной горячетканый круглый диаметр 16","т",0.52,0,0,null,53554.8,53554.8]
["Перевозка материалов (металл 140 км. ОП \"МКМ-СПб\")",null,null,null,null,{"$error":"#DIV/0!"},0,{"$error":"#DIV/0!"},0,0]
["80",null,"металлопрокат, трубопрокат и металлоконструкции","т",18.399999999999999,0,0,0,0,0]
["81","ТССЦпг-03-02-01-140","Перевозка строительных грузов (кроме массовых навалочных, перевозимых автомобилями-самосвалами, а также бетонных и железобетонных изделий, стеновых и перегородочных материалов, лесоматериалов круглых и пиломатериалов, включенных в таблицу 03-01), бортовым автомобилем грузоподъемностью 5 т, на расстояние до 140 км I класс груза","1 т груза",18.399999999999999,0,0,2338.66,43031.39,43031.39]
["82","ТССЦпг-01-01-02-015","Разгрузочные работы при автомобильных перевозках: металлических конструкций массой до 1 т","1 т груза",18.399999999999999,0,0,470.66,8660.16,8660.16]
["Раздел 6. Связи и распорки",null,null,null,null,{"$error":"#DIV/0!"},0,{"$error":"#DIV/0!"},0,0]
["83","ТЕР09-03-014-01","Монтаж связей и распорок из одиночных и парных уголков, гнутосварных профилей для пролетов: до 24 м при высоте здания до  25 м","1 т конструкций",8.84,85716.44,757733.36,4252.3100000000004,37590.400000000001,795323.76]
[null,"101-0309","Канаты пеньковые пропитанные","т","0,0001\n0,0009",null,null,null,null,0]
[null,"101-0324","Кислород технический: газообразный","м3","1,2\n10,61",null,null,null,null,0]
[null,"101-0797","Проволока горячекатаная в мотках, диаметром 6,3-6,5 мм","т","0,00003\n0,0003",null,null,null,null,0]
[null,"101-1019","Швеллеры № 40 из стали марки: Ст0","т","0,00194\n0,0171",null,null,null,null,0]
[null,"101-1513","Электроды диаметром: 4 мм Э42","т","0,00044\n0,0039",null,null,null,null,0]
[null,"101-1714","Болты с гайками и шайбами строительные","т","0,021\n0,1856",null,null,null,null,0]
[null,"101-1805","Гвозди строительные","т","0,00001\n0,0001",null,null,null,null,0]
[null,"101-2278","Пропан-бутан, смесь техническая","кг","0,36\n3,182",null,null,null,null,0]
[null,"101-2467","Растворитель марки: Р-4","т","0,0006\n0,0053",null,null,null,null,0]
[null,"102-0023","Бруски обрезные хвойных пород длиной: 4-6,5 м, шириной 75-150 мм, толщиной 40-75 мм, I сорта","м3","0,00103\n0,0091",null,null,null,null,0]
[null,"113-0021","Грунтовка: ГФ-021 красно-коричневая","т","0,00031\n0,0027",null,null,null,null,0]
[null,"201-0756","Отдельные конструктивные элементы зданий и сооружений с преобладанием: горячекатаных профилей, средняя масса сборочной единицы от 0,1 до 0,5 т","т","0,0002\n0,0018",null,null,null,null,0]
[null,"508-0097","Канат двойной свивки типа ТК, конструкции 6х19(1+6+12)+1 о.с., оцинкованный из проволок марки В, маркировочная группа: 1770 н/мм2, диаметром 5,5 мм","10 м","0,0187\n0,1653",null,null,null,null,0]
["84","ТЕРм38-01-003-03","Решетчатые конструкции (стойки, опоры, фермы и пр.), сборка с помощью: лебедок электрических (с установкой и снятием их в процессе работы)","1 т конструкций",8.5,145545.20000000001,1237134.23,3563.16,30286.86,1267421.0900000001]
[null,"101-0324","Кислород технический: газообразный","м3","2,6\n22,1",null,null,null,null,0]
[null,"101-1521","Электроды диаметром: 5 мм Э42","т","0,0215\n0,1828",null,null,null,null,0]
[null,"101-2278","Пропан-бутан, смесь техническая","кг","0,5\n4,25",null,null,null,null,0]
[null,"999-9950","Вспомогательные ненормируемые ресурсы (2% от Оплаты труда рабочих)","руб","42,32\n359,7",null,null,null,null,0]
["85","Прайс","Профиль гн. 180*7","т",1.3520000000000001,0,0,null,174340.55,174340.55]
["86","Прайс","Профиль гн. 140*7","т",5.5119999999999996,0,0,null,664822.74,664822.74]
["87","Прайс","Профиль гн. 120*5","т",0.93600000000000005,0,0,null,106582.75,106582.75]
["88","Прайс","Прокат листовой 16мм","т",0.312,0,0,null,32391.040000000001,32391.040000000001]
["89","Прайс","Прокат листовой 12мм","т",0.312,0,0,null,29960.86,29960.86]
["90","Прайс","Прокат листовой 10мм","т",0.20799999999999999,0,0,null,19657.48,19657.48]
["91","Прайс","Прокат листовой 4мм","т",0.20799999999999999,0,0,null,15898.21,15898.21]
["Перевозка материалов (металл 140 км. ОП \"МКМ-СПб\")",null,null,null,null,{"$error":"#DIV/0!"},0,{"$error":"#DIV/0!"},0,0]
["92",null,"металлопрокат, трубопрокат и металлоконструкции","т",8.5,0,0,0,0,0]
["93","ТССЦпг-03-02-01-140","Перевозка строительных грузов (кроме массовых навалочных, перевозимых автомобилями-самосвалами, а также бетонных и железобетонных изделий, стеновых и перегородочных материалов, лесоматериалов круглых и пиломатериалов, включенных в таблицу 03-01), бортовым автомобилем грузоподъемностью 5 т, на расстояние до 140 км I класс груза","1 т груза",8.5,0,0,2338.66,19878.64,19878.64]
["94","ТССЦпг-01-01-02-015","Разгрузочные работы при автомобильных перевозках: металлических конструкций массой до 1 т","1 т груза",8.5,0,0,470.66,4000.62,4000.62]
["Раздел 7. Балки",null,null,null,null,{"$error":"#DIV/0!"},0,{"$error":"#DIV/0!"},0,0]
["95","ТЕР09-03-002-12","Монтаж балок, ригелей перекрытия, покрытия и под установку оборудования многоэтажных зданий при высоте здания: до 25 м","1 т конструкций",47.008000000000003,35504.699999999997,1669005.07,1640.27,77105.740000000005,1746110.81]
[null,"101-0309","Канаты пеньковые пропитанные","т","0,0001\n0,0047",null,null,null,null,0]
[null,"101-0324","Кислород технический: газообразный","м3","1,95\n91,67",null,null,null,null,0]
[null,"101-0797","Проволока горячекатаная в мотках, диаметром 6,3-6,5 мм","т","0,00003\n0,0014",null,null,null,null,0]
[null,"101-1019","Швеллеры № 40 из стали марки: Ст0","т","0,00194\n0,0912",null,null,null,null,0]
[null,"101-1513","Электроды диаметром: 4 мм Э42","т","0,0031\n0,1457",null,null,null,null,0]
[null,"101-1714","Болты с гайками и шайбами строительные","т","0,0031\n0,1457",null,null,null,null,0]
[null,"101-1805","Гвозди строительные","т","0,00001\n0,0005",null,null,null,null,0]
[null,"101-2278","Пропан-бутан, смесь техническая","кг","0,59\n27,73",null,null,null,null,0]
[null,"101-2467","Растворитель марки: Р-4","т","0,0006\n0,0282",null,null,null,null,0]
[null,"102-0023","Бруски обрезные хвойных пород длиной: 4-6,5 м, шириной 75-150 мм, толщиной 40-75 мм, I сорта","м3","0,00103\n0,0484",null,null,null,null,0]
[null,"113-0021","Грунтовка: ГФ-021 красно-коричневая","т","0,00031\n0,0146",null,null,null,null,0]
[null,"201-0756","Отдельные конструктивные элементы зданий и сооружений с преобладанием: горячекатаных профилей, средняя масса сборочной единицы от 0,1 до 0,5 т","т","0,0005\n0,0235",null,null,null,null,0]
[null,"508-0097","Канат двойной свивки типа ТК, конструкции 6х19(1+6+12)+1 о.с., оцинкованный из проволок марки В, маркировочная группа: 1770 н/мм2, диаметром 5,5 мм","10 м","0,0187\n0,879",null,null,null,null,{"$f":"G271+I271","v":0}]
["96","ТЕРм38-01-002-03","Монорельсы, балки и другие аналогичные конструкции промышленных зданий, сборка с помощью: лебедок электрических (с установкой и снятием их в процессе работы)","1 т конструкций",45.2,39050.28,1765072.76,602.19000000000005,27219.200000000001,1792291.96]
[null,"101-0324","Кислород технический: газообразный","м3","0,6\n27,12",null,null,null,null,0]
[null,"101-1521","Электроды диаметром: 5 мм Э42","т","0,0032\n0,1446",null,null,null,null,0]
[null,"101-2278","Пропан-бутан, смесь техническая","кг","0,2\n9,04",null,null,null,null,0]
[null,"999-9950","Вспомогательные ненормируемые ресурсы (2% от Оплаты труда рабочих)","руб","10,14\n458,3",null,null,null,null,0]
["97","Прайс","Швеллер 20П","т",6.6559999999999997,0,0,null,716605.71,716605.71]
["98","Прайс","Двутавр 30Б1","т",2.8079999999999998,0,0,null,321934.77,321934.77]
["99","Прайс","Двутавр 60Ш1","т",3.952,0,0,null,397013.07,397013.07]
["100","Прайс","Двутавр 50Ш1","т",3.2240000000000002,0,0,null,318617.84999999998,318617.84999999998]
["101","Прайс","Двутавр 40Ш2","т",9.5679999999999996,0,0,null,918800.01,918800.01]
["102","Прайс","Двутавр 35Ш2","т",7.3840000000000003,0,0,null,706379.59,706379.59]
["103","Прайс","Двутавр 30Ш1","т",9.8800000000000008,0,0,null,931927.53,931927.53]
["104","Прайс","Уголок равнополочный 100*7","т",1.1439999999999999,0,0,null,128750.93,128750.93]
["105","Прайс","Уголок не равнополочный 140*90*8","т",0.20799999999999999,0,0,null,28948.22,28948.22]
["106","Прайс","Прокат листовой 20мм","т",0.312,0,0,null,33378.46,33378.46]
["107","Прайс","Прокат листовой 16мм","т",0.624,0,0,null,64782.09,64782.09]
["108","Прайс","Прокат листовой 12мм","т",0.41599999999999998,0,0,null,39947.83,39947.83]
["109","Прайс","Прокат листовой 10мм","т",0.52,0,0,null,49143.72,49143.72]
["110","Прайс","Прокат листовой 8мм","т",0.312,0,0,null,29064.46,29064.46]
["Перевозка материалов (металл 140 км. ОП \"МКМ-СПб\")",null,null,null,null,{"$error":"#DIV/0!"},0,{"$error":"#DIV/0!"},0,0]
["111",null,"металлопрокат, трубопрокат и металлоконструкции","т",45.2,0,0,0,0,0]
["112","ТССЦпг-03-02-01-140","Перевозка строительных грузов (кроме массовых навалочных, перевозимых автомобилями-самосвалами, а также бетонных и железобетонных изделий, стеновых и перегородочных материалов, лесоматериалов круглых и пиломатериалов, включенных в таблицу 03-01), бортовым автомобилем грузоподъемностью 5 т, на расстояние до 140 км I класс груза","1 т груза",45.2,0,0,2338.66,105707.57,105707.57]
["113","ТССЦпг-01-01-02-015","Разгрузочные работы при автомобильных перевозках: металлических конструкций массой до 1 т","1 т груза",45.2,0,0,470.66,21273.87,21273.87]
["Раздел 8. Колонны",null,null,null,null,{"$error":"#DIV/0!"},0,{"$error":"#DIV/0!"},0,0]
["114","ТЕР09-03-002-03","Монтаж колонн одноэтажных и многоэтажных зданий и крановых эстакад высотой: до 25 м цельного сечения массой до 5,0 т","1 т конструкций",18.408000000000001,9364.73,172385.98,638.91999999999996,11761.2,184147.18]
[null,"101-0309","Канаты пеньковые пропитанные","т","0,0001\n0,0018",null,null,null,null,0]
[null,"101-0324","Кислород технический: газообразный","м3","0,6\n11,04",null,null,null,null,0]
[null,"101-0797","Проволока горячекатаная в мотках, диаметром 6,3-6,5 мм","т","0,00003\n0,0006",null,null,null,null,0]
[null,"101-1019","Швеллеры № 40 из стали марки: Ст0","т","0,00194\n0,0357",null,null,null,null,0]
[null,"101-1513","Электроды диаметром: 4 мм Э42","т","0,0011\n0,0202",null,null,null,null,0]
[null,"101-1714","Болты с гайками и шайбами строительные","т","0,00007\n0,0013",null,null,null,null,0]
[null,"101-1805","Гвозди строительные","т","0,00001\n0,0002",null,null,null,null,0]
[null,"101-2278","Пропан-бутан, смесь техническая","кг","0,18\n3,313",null,null,null,null,0]
[null,"101-2467","Растворитель марки: Р-4","т","0,0006\n0,011",null,null,null,null,0]
[null,"102-0023","Бруски обрезные хвойных пород длиной: 4-6,5 м, шириной 75-150 мм, толщиной 40-75 мм, I сорта","м3","0,00103\n0,019",null,null,null,null,0]
[null,"113-0021","Грунтовка: ГФ-021 красно-коричневая","т","0,00031\n0,0057",null,null,null,null,0]
[null,"201-0756","Отдельные конструктивные элементы зданий и сооружений с преобладанием: горячекатаных профилей, средняя масса сборочной единицы от 0,1 до 0,5 т","т","0,0003\n0,0055",null,null,null,null,0]
[null,"508-0097","Канат двойной свивки типа ТК, конструкции 6х19(1+6+12)+1 о.с., оцинкованный из проволок марки В, маркировочная группа: 1770 н/мм2, диаметром 5,5 мм","10 м","0,0187\n0,3442",null,null,null,null,0]
["115","ТЕРм38-01-002-03","Монорельсы, балки и другие аналогичные конструкции промышленных зданий, сборка с помощью: лебедок электрических (с установкой и снятием их в процессе работы)","1 т конструкций",17.7,34754.71,615158.44999999995,602.19000000000005,10658.84,625817.29]
[null,"101-0324","Кислород технический: газообразный","м3","0,6\n10,62",null,null,null,null,0]
[null,"101-1521","Электроды диаметром: 5 мм Э42","т","0,0032\n0,0566",null,null,null,null,0]
[null,"101-2278","Пропан-бутан, смесь техническая","кг","0,2\n3,54",null,null,null,null,0]
[null,"999-9950","Вспомогательные ненормируемые ресурсы (2% от Оплаты труда рабочих)","руб","10,14\n179,5",null,null,null,null,0]
["116","Прайс","Профиль гн. 180*7","т",0.93600000000000005,0,0,null,120697.3,120697.3]
["117","Прайс","Двутавр 35Ш2","т",16.12,0,0,null,1542096.28,1542096.28]
["118","Прайс","Уголок не равнополочный 100*63*8","т",0.20799999999999999,0,0,null,24682.49,24682.49]
["119","Прайс","Прокат листовой 30мм","т",0.72799999999999998,0,0,null,85812.41,85812.41]
["120","Прайс","Прокат листовой 16мм","т",0.312,0,0,null,32391.040000000001,32391.040000000001]
["121","Прайс","Прокат листовой 12мм","т",0.104,0,0,null,9986.9500000000007,9986.9500000000007]
["Перевозка материалов (металл 140 км. ОП \"МКМ-СПб\")",null,null,null,null,null,null,null,null,0]
["122",null,"металлопрокат, трубопрокат и металлоконструкции\n201-0757","т",17.7,0,0,0,0,0]
["123","ТССЦпг-03-02-01-140","Перевозка строительных грузов (кроме массовых навалочных, перевозимых автомобилями-самосвалами, а также бетонных и железобетонных изделий, стеновых и перегородочных материалов, лесоматериалов круглых и пиломатериалов, включенных в таблицу 03-01), бортовым автомобилем грузоподъемностью 5 т, на расстояние до 140 км I класс груза","1 т груза",17.7,0,0,2338.66,41394.33,41394.33]
["124","ТССЦпг-01-01-02-015","Разгрузочные работы при автомобильных перевозках: металлических конструкций массой до 1 т","1 т груза",17.7,0,0,470.66,8330.69,8330.69]
["Раздел 9. Антикоррозионная обработка",null,null,null,null,null,null,null,null,0]
["125","ТЕР13-03-002-04","Огрунтовка металлических поверхностей за один раз: грунтовкой ГФ-021","100 м2 окрашиваемой поверхности",23.14,6672.69,154406,384.87,8905.86,163311.85999999999]
[null,"113-0077","Ксилол нефтяной марки А","т","0,002\n0,0463",null,null,null,null,0]
["126","Прайс\nАналог ТССЦ-113-0021 18353,45/17895,65=3%","Грунтовка: ГФ-021 красно-коричневая","кг",277.7,0,0,null,112178.55,112178.55]
["127","ТЕР13-03-004-26","Окраска металлических огрунтованных поверхностей: эмалью ПФ-115 (за 2 раза) К=2","100 м2 окрашиваемой поверхности",23.14,8221.36,190242.23,240.43,5563.57,195805.8]
[null,"101-1292","Уайт-спирит","т","0,0028\n0,0648",null,null,null,null,0]
["128","Прайс\nАналог ТССЦ-113-0246 25096,77/24506,75=2%","Эмаль ПФ-115 серая","кг",879.3,0,0,null,444513.29,444513.29]
[null,null,"Всего, руб. с НДС",null,null,null,{"$f":"SUM(G14:G331)","v":17224579.25},null,{"$f":"SUM(I14:I331)","v":16945411.59},{"$f":"SUM(J14:J331)","v":34169990.840000004}]
[null,null,"Всего, руб. без НДС",null,null,null,{"$f":"G332/1.2","v":14353816.039999999},null,{"$f":"I332/1.2","v":14121176.33},{"$f":"J332/1.2","v":28474992.370000001}]

{"sheet":"1632-2021-2.2.4,2.1.6-КМ ","index":7,"n_rows":581,"n_cols":10,"rows_kept":581,"cut":false,"hidden":false,"merged":[]}
[]
["Терминал по перевалке минеральных удобрений в морском торговом порту Усть-Луга. Береговые объекты терминала"]
["(наименование стройки)"]
[]
["ЛОКАЛЬНАЯ СМЕТА № 1632-2021-2.2.4,2.1.6-КМ_07.04.023_07.04.045-П-01-02"]
["(локальная смета)"]
["на Конструкции металлические, 07.04.023 Пересыпная станция №4 (код SAP 01.02.004) код ГП 2.2.4\n07.04.045 Конвейерная галерея №6 код ГП 2.1.6"]
["(наименование работ и затрат, наименование объекта)"]
[null,"Основание:","1632-2021-2.2.4, 2.1.6-КМ_6_0_RU_IFС"]
[]
["№ п/п","Обоснование","Наименование работ и затрат","Ед. изм.","Кол-во","Цена за ед.измерения работ, руб. с НДС","Всего, стоимость работ,руб. с НДС","Цена за ед.измерения материалов, руб. с НДС","Всего, стоимость материалов, руб. с НДС","Итого, руб. с НДС"]
[1,2,3,4,5,"6","7","8","9",10]
["Раздел 1. Пересыпная станция №4, (1632-2021-2.2.4, 2.1.6-КМ.СМ1, л. 1)"]
["Колонны и вертикальные связи",null,null,null,null,null,null,null,null,0]
["1","ТЕРм38-01-002-03","Монорельсы, балки и другие аналогичные конструкции промышленных зданий, сборка с помощью: лебедок электрических (с установкой и снятием их в процессе работы)","1 т конструкций",56.3,39050.300000000003,2198532.98,602.17999999999995,33902.86,{"$f":"G15+I15","v":2232435.84}]
[null,"101-0324","Кислород технический: газообразный","м3","0,6\n33,78",null,null,null,null,{"$f":"G16+I16","v":0}]
[null,"101-1521","Электроды диаметром: 5 мм Э42","т","0,0032\n0,1802",null,null,null,null,0]
[null,"101-2278","Пропан-бутан, смесь техническая","кг","0,2\n11,26",null,null,null,null,0]
[null,"999-9950","Вспомогательные ненормируемые ресурсы (2% от Оплаты труда рабочих)","руб","10,14\n570,9",null,null,null,null,0]
["2","ТЕР09-03-002-03\nТех. часть ТЕР09. Строительные металлические конструкции. II. Исчисление объемов работ, п. 2.9.1, k=1,04, (1 % на массу сварных швов и 3 % к итогу на уточнение массы при разработке чертежей КМД)","Монтаж колонн одноэтажных и многоэтажных зданий и крановых эстакад высотой: до 25 м цельного сечения массой до 5,0 т","1 т конструкций",58.552,9555.9599999999991,559520.74,638.91,37409.51,596930.25]
[null,"101-0309","Канаты пеньковые пропитанные","т","0,0001\n0,0059",null,null,null,null,0]
[null,"101-0324","Кислород технический: газообразный","м3","0,6\n35,13",null,null,null,null,0]
[null,"101-0797","Проволока горячекатаная в мотках, диаметром 6,3-6,5 мм","т","0,00003\n0,0018",null,null,null,null,0]
[null,"101-1019","Швеллеры № 40 из стали марки: Ст0","т","0,00194\n0,1136",null,null,null,null,0]
[null,"101-1513","Электроды диаметром: 4 мм Э42","т","0,0011\n0,0644",null,null,null,null,0]
[null,"101-1714","Болты с гайками и шайбами строительные","т","0,00007\n0,0041",null,null,null,null,0]
[null,"101-1805","Гвозди строительные","т","0,00001\n0,0006",null,null,null,null,0]
[null,"101-2278","Пропан-бутан, смесь техническая","кг","0,18\n10,54",null,null,null,null,0]
[null,"101-2467","Растворитель марки: Р-4","т","0,0006\n0,0351",null,null,null,null,0]
[null,"102-0023","Бруски обрезные хвойных пород длиной: 4-6,5 м, шириной 75-150 мм, толщиной 40-75 мм, I сорта","м3","0,00103\n0,0603",null,null,null,null,0]
[null,"113-0021","Грунтовка: ГФ-021 красно-коричневая","т","0,00031\n0,0182",null,null,null,null,0]
[null,"201-0756","Отдельные конструктивные элементы зданий и сооружений с преобладанием: горячекатаных профилей, средняя масса сборочной единицы от 0,1 до 0,5 т","т","0,0003\n0,0176",null,null,null,null,0]
[null,"508-0097","Канат двойной свивки типа ТК, конструкции 6х19(1+6+12)+1 о.с., оцинкованный из проволок марки В, маркировочная группа: 1770 н/мм2, диаметром 5,5 мм","10 м","0,0187\n1,095",null,null,null,null,0]
["3","Прайс","Двутавры стальные горяекатанные с параллельными гранями полок 40Ш1","т",37.231999999999999,0,0,96028.44,3575331.02,3575331.02]
["4","Прайс","Профили стальные гнутые замкнутые квадратные и прямоугольные для строительных конструкций 200х8 мм","т",5.3040000000000003,0,0,136812.48000000001,725653.38,725653.38]
["5","Прайс","Профили стальные гнутые замкнутые квадратные и прямоугольные для строительных конструкций 200х6 мм","т",1.6639999999999999,0,0,134183.85999999999,223281.94,223281.94]
["6","Прайс","Профили стальные гнутые замкнутые квадратные и прямоугольные для строительных конструкций 120х5 мм","т",4.68,0,0,113870.55,532914.18000000005,532914.18000000005]
["7","Прайс","Профили стальные гнутые замкнутые квадратные и прямоугольные для строительных конструкций 100х5 мм","т",0.41599999999999998,0,0,109779.57,45668.3,45668.3]
["8","Прайс","Прокат листовой горячекатаный t=40 мм","т",0.83199999999999996,0,0,121282.43,100906.98,100906.98]
["9","Прайс","Прокат листовой горячекатаный t=30 мм","т",0.52,0,0,117875.42,61295.22,61295.22]
["10","Прайс","Прокат листовой горячекатаный t=20 мм","т",1.6639999999999999,0,0,106982.42,178018.75,178018.75]
["11","Прайс","Прокат листовой горячекатаный t=16 мм","т",2.1840000000000002,0,0,103817.25,226736.87,226736.87]
["12","Прайс","Прокат листовой горячекатаный t=12 мм","т",1.6639999999999999,0,0,96028.64,159791.65,159791.65]
["13","Прайс","Прокат листовой горячекатаный t=10 мм","т",1.8720000000000001,0,0,94506.9,176916.91,176916.91]
["14","Прайс","Прокат листовой горячекатаный t=8 мм","т",0.52,0,0,93155.520000000004,48440.87,48440.87]
["15","ТССЦпг-03-02-01-140","Перевозка строительных грузов (кроме массовых навалочных, перевозимых автомобилями-самосвалами, а также бетонных и железобетонных изделий, стеновых и перегородочных материалов, лесоматериалов круглых и пиломатериалов, включенных в таблицу 03-01), бортовым автомобилем грузоподъемностью 5 т, на расстояние до 140 км I класс груза","1 т груза",56.3,0,0,2338.66,131666.64000000001,131666.64000000001]
["16","ТССЦпг-01-01-02-015","Разгрузочные работы при автомобильных перевозках: металлических конструкций массой до 1 т","1 т груза",56.3,0,0,470.67,26498.82,26498.82]
["Конструкции перекрытий",null,null,null,null,null,null,null,null,0]
["17","ТЕРм38-01-002-03","Монорельсы, балки и другие аналогичные конструкции промышленных зданий, сборка с помощью: лебедок электрических (с установкой и снятием их в процессе работы)","1 т конструкций",3.7,39050,144485.07999999999,602.19000000000005,2228.11,146713.19]
[null,"101-0324","Кислород технический: газообразный","м3","0,6\n2,22",null,null,null,null,0]
[null,"101-1521","Электроды диаметром: 5 мм Э42","т","0,0032\n0,0118",null,null,null,null,0]
[null,"101-2278","Пропан-бутан, смесь техническая","кг","0,2\n0,74",null,null,null,null,0]
[null,"999-9950","Вспомогательные ненормируемые ресурсы (2% от Оплаты труда рабочих)","руб","10,14\n37,52",null,null,null,null,0]
["18","ТЕР09-03-002-12\nТех. часть ТЕР09. Строительные металлические конструкции. II. Исчисление объемов работ, п. 2.9.1, k=1,04, (1 % на массу сварных швов и 3 % к итогу на уточнение массы при разработке чертежей КМД)","Монтаж балок, ригелей перекрытия, покрытия и под установку оборудования многоэтажных зданий при высоте здания: до 25 м","1 т конструкций",3.8479999999999999,40830.39,157115.34,1886.42,7258.95,164374.29]
[null,"101-0309","Канаты пеньковые пропитанные","т","0,000115\n0,0004",null,null,null,null,0]
[null,"101-0324","Кислород технический: газообразный","м3","2,2425\n8,629",null,null,null,null,0]
[null,"101-0797","Проволока горячекатаная в мотках, диаметром 6,3-6,5 мм","т","0,0000345\n0,0001",null,null,null,null,0]
[null,"101-1019","Швеллеры № 40 из стали марки: Ст0","т","0,002231\n0,0086",null,null,null,null,0]
[null,"101-1513","Электроды диаметром: 4 мм Э42","т","0,003565\n0,0137",null,null,null,null,0]
[null,"101-1714","Болты с гайками и шайбами строительные","т","0,003565\n0,0137",null,null,null,null,0]
[null,"101-1805","Гвозди строительные","т","0,0000115\n0",null,null,null,null,0]
[null,"101-2278","Пропан-бутан, смесь техническая","кг","0,6785\n2,611",null,null,null,null,0]
[null,"101-2467","Растворитель марки: Р-4","т","0,00069\n0,0027",null,null,null,null,0]
[null,"102-0023","Бруски обрезные хвойных пород длиной: 4-6,5 м, шириной 75-150 мм, толщиной 40-75 мм, I сорта","м3","0,0011845\n0,0046",null,null,null,null,0]
[null,"113-0021","Грунтовка: ГФ-021 красно-коричневая","т","0,0003565\n0,0014",null,null,null,null,0]
[null,"201-0756","Отдельные конструктивные элементы зданий и сооружений с преобладанием: горячекатаных профилей, средняя масса сборочной единицы от 0,1 до 0,5 т","т","0,000575\n0,0022",null,null,null,null,0]
[null,"508-0097","Канат двойной свивки типа ТК, конструкции 6х19(1+6+12)+1 о.с., оцинкованный из проволок марки В, маркировочная группа: 1770 н/мм2, диаметром 5,5 мм","10 м","0,021505\n0,0828",null,null,null,null,0]
["19","Прайс","Двутавры стальные горяекатанные с параллельными гранями полок 70Б1","т",3.8271999999999999,0,0,121465.53,464872.86,464872.86]
["20","Прайс","Прокат листовой горячекатаный t=25 мм","т",0.47839999999999999,0,0,112336.5,53741.78,53741.78]
["21","Прайс","Прокат листовой горячекатаный t=20 мм","т",0.1196,0,0,106985.45,12795.46,12795.46]
["22","ТЕРм38-01-002-03","Монорельсы, балки и другие аналогичные конструкции промышленных зданий, сборка с помощью: лебедок электрических (с установкой и снятием их в процессе работы)","1 т конструкций",33,39050,1288659.22,602.17999999999995,19871.96,1308531.18]
[null,"101-0324","Кислород технический: газообразный","м3","0,6\n19,8",null,null,null,null,0]
[null,"101-1521","Электроды диаметром: 5 мм Э42","т","0,0032\n0,1056",null,null,null,null,0]
[null,"101-2278","Пропан-бутан, смесь техническая","кг","0,2\n6,6",null,null,null,null,0]
[null,"999-9950","Вспомогательные ненормируемые ресурсы (2% от Оплаты труда рабочих)","руб","10,14\n334,6",null,null,null,null,0]
["23","ТЕР09-03-002-12\nТех. часть ТЕР09. Строительные металлические конструкции. II. Исчисление объемов работ, п. 2.9.1, k=1,04, (1 % на массу сварных швов и 3 % к итогу на уточнение массы при разработке чертежей КМД)","Монтаж балок, ригелей перекрытия, покрытия и под установку оборудования многоэтажных зданий при высоте здания: до 25 м","1 т конструкций",34.32,35504.68,1218520.52,1640.28,56294.55,1274815.07]
[null,"101-0309","Канаты пеньковые пропитанные","т","0,0001\n0,0034",null,null,null,null,0]
[null,"101-0324","Кислород технический: газообразный","м3","1,95\n66,92",null,null,null,null,0]
[null,"101-0797","Проволока горячекатаная в мотках, диаметром 6,3-6,5 мм","т","0,00003\n0,001",null,null,null,null,0]
[null,"101-1019","Швеллеры № 40 из стали марки: Ст0","т","0,00194\n0,0666",null,null,null,null,{"$f":"G80+I80","v":0}]
[null,"101-1513","Электроды диаметром: 4 мм Э42","т","0,0031\n0,1064",null,null,null,null,0]
[null,"101-1714","Болты с гайками и шайбами строительные","т","0,0031\n0,1064",null,null,null,null,0]
[null,"101-1805","Гвозди строительные","т","0,00001\n0,0003",null,null,null,null,0]
[null,"101-2278","Пропан-бутан, смесь техническая","кг","0,59\n20,25",null,null,null,null,0]
[null,"101-2467","Растворитель марки: Р-4","т","0,0006\n0,0206",null,null,null,null,0]
[null,"102-0023","Бруски обрезные хвойных пород длиной: 4-6,5 м, шириной 75-150 мм, толщиной 40-75 мм, I сорта","м3","0,00103\n0,0353",null,null,null,null,0]
[null,"113-0021","Грунтовка: ГФ-021 красно-коричневая","т","0,00031\n0,0106",null,null,null,null,0]
[null,"201-0756","Отдельные конструктивные элементы зданий и сооружений с преобладанием: горячекатаных профилей, средняя масса сборочной единицы от 0,1 до 0,5 т","т","0,0005\n0,0172",null,null,null,null,0]
[null,"508-0097","Канат двойной свивки типа ТК, конструкции 6х19(1+6+12)+1 о.с., оцинкованный из проволок марки В, маркировочная группа: 1770 н/мм2, диаметром 5,5 мм","10 м","0,0187\n0,6418",null,null,null,null,0]
["24","Прайс","Двутавры стальные горяекатанные с параллельными гранями полок 50Ш2","т",2.3919999999999999,0,0,98826.69,236393.44,236393.44]
["25","Прайс","Двутавры стальные горяекатанные с параллельными гранями полок 45Б1","т",2.08,0,0,119030.89,247584.26,247584.26]
["26","Прайс","Двутавры стальные горяекатанные с параллельными гранями полок 40Б1","т",0.624,0,0,117754.33,73478.7,73478.7]
["27","Прайс","Двутавры стальные горяекатанные с параллельными гранями полок 35Б1","т",0.93600000000000005,0,0,116415.24,108964.66,108964.66]
["28","Прайс","Двутавры стальные горяекатанные с параллельными гранями полок 35Ш1","т",1.3520000000000001,0,0,95663.12,129336.54,129336.54]
["29","Прайс","Двутавры стальные горяекатанные с параллельными гранями полок 30Б1","т",5.5119999999999996,0,0,114649.21,631946.44999999995,631946.44999999995]
["30","Прайс","Двутавры стальные горяекатанные с параллельными гранями полок 30Ш1","т",2.2879999999999998,0,0,94324.6,215814.69,215814.69]
["31","Прайс","Двутавры стальные горяекатанные с параллельными гранями полок 25Б1","т",2.496,0,0,113715.15,283833.02,283833.02]
["32","Прайс","Двутавры стальные горяекатанные с параллельными гранями полок 20Б1","т",1.976,0,0,101626.57,200814.11,200814.11]
["33","Прайс","Профили стальные гнутые замкнутые квадратные и прямоугольные для строительных конструкций 180х6 мм","т",0.20799999999999999,0,0,128399.62,26707.119999999999,26707.119999999999]
["34","Прайс","Профили стальные гнутые замкнутые квадратные и прямоугольные для строительных конструкций 120х5 мм","т",0.104,0,0,113875.19,11843.02,11843.02]
["35","Прайс","Профили стальные гнутые замкнутые квадратные и прямоугольные для строительных конструкций 100х5 мм","т",0.104,0,0,109786.44,11417.79,11417.79]
["36","Прайс","Швеллеры стальные горячекатанные 30П","т",1.6639999999999999,0,0,114161.78,189965.2,189965.2]
["37","Прайс","Швеллеры стальные горячекатанные 24П","т",0.624,0,0,109841.73,68541.240000000005,68541.240000000005]
["38","Прайс","Швеллеры стальные горячекатанные 20П","т",1.3520000000000001,0,0,107663.51,145561.07,145561.07]
["39","Прайс","Швеллеры стальные горячекатанные 16П","т",1.3520000000000001,0,0,102843.8,139044.82,139044.82]
["40","Прайс","Прокат листовой горячекатаный t=20 мм","т",0.41599999999999998,0,0,106982.43,44504.69,44504.69]
["41","Прайс","Прокат листовой горячекатаный t=16 мм","т",0.41599999999999998,0,0,103815.77,43187.360000000001,43187.360000000001]
["42","Прайс","Прокат листовой горячекатаный t=14 мм","т",1.04,0,0,99313.39,103285.93,103285.93]
["43","Прайс","Прокат листовой горячекатаный t=12 мм","т",1.04,0,0,96028.63,99869.78,99869.78]
["44","Прайс","Прокат листовой горячекатаный t=10 мм","т",2.08,0,0,94507.13,196574.82,196574.82]
["45","Прайс","Прокат листовой горячекатаный t=8 мм","т",0.624,0,0,93155.51,58129.04,58129.04]
["46","Прайс","Прокат листовой горячекатаный t=6 мм","т",0.41599999999999998,0,0,91038.65,37872.080000000002,37872.080000000002]
["47","Прайс","Уголки стальные горячекатаные равнополочные 110х7 мм","т",0.312,0,0,115256.47,35960.019999999997,35960.019999999997]
["48","Прайс","Листы стальные с ромбическим и чечевичным рифлением t=4 мм","т",2.9119999999999999,0,0,105765.39,307988.81,307988.81]
["49","ТССЦпг-03-02-01-140","Перевозка строительных грузов (кроме массовых навалочных, перевозимых автомобилями-самосвалами, а также бетонных и железобетонных изделий, стеновых и перегородочных материалов, лесоматериалов круглых и пиломатериалов, включенных в таблицу 03-01), бортовым автомобилем грузоподъемностью 5 т, на расстояние до 140 км I класс груза","1 т груза",36.700000000000003,0,0,2338.66,85828.83,85828.83]
["50","ТССЦпг-01-01-02-015","Разгрузочные работы при автомобильных перевозках: металлических конструкций массой до 1 т","1 т груза",36.700000000000003,0,0,470.66,17273.22,17273.22]
["Конструкции покрытий",null,null,null,null,null,null,null,null,0]
["51","ТЕРм38-01-002-03","Монорельсы, балки и другие аналогичные конструкции промышленных зданий, сборка с помощью: лебедок электрических (с установкой и снятием их в процессе работы)","1 т конструкций",12.6,39050.300000000003,492033.94,602.22,7587.92,499621.86]
[null,"101-0324","Кислород технический: газообразный","м3","0,6\n7,56",null,null,null,null,0]
[null,"101-1521","Электроды диаметром: 5 мм Э42","т","0,0032\n0,0403",null,null,null,null,0]
[null,"101-2278","Пропан-бутан, смесь техническая","кг","0,2\n2,52",null,null,null,null,0]
[null,"999-9950","Вспомогательные ненормируемые ресурсы (2% от Оплаты труда рабочих)","руб","10,14\n127,8",null,null,null,null,0]
["52","ТЕР09-03-002-12\nТех. часть ТЕР09. Строительные металлические конструкции. II. Исчисление объемов работ, п. 2.9.1, k=1,04, (1 % на массу сварных швов и 3 % к итогу на уточнение массы при разработке чертежей КМД)","Монтаж балок, ригелей перекрытия, покрытия и под установку оборудования многоэтажных зданий при высоте здания: до 25 м","1 т конструкций",13.103999999999999,35504.699999999997,465253.55,1640.36,21495.279999999999,486748.83]
[null,"101-0309","Канаты пеньковые пропитанные","т","0,0001\n0,0013",null,null,null,null,0]
[null,"101-0324","Кислород технический: газообразный","м3","1,95\n25,55",null,null,null,null,0]
[null,"101-0797","Проволока горячекатаная в мотках, диаметром 6,3-6,5 мм","т","0,00003\n0,0004",null,null,null,null,0]
[null,"101-1019","Швеллеры № 40 из стали марки: Ст0","т","0,00194\n0,0254",null,null,null,null,0]
[null,"101-1513","Электроды диаметром: 4 мм Э42","т","0,0031\n0,0406",null,null,null,null,0]
[null,"101-1714","Болты с гайками и шайбами строительные","т","0,0031\n0,0406",null,null,null,null,0]
[null,"101-1805","Гвозди строительные","т","0,00001\n0,0001",null,null,null,null,0]
[null,"101-2278","Пропан-бутан, смесь техническая","кг","0,59\n7,731",null,null,null,null,0]
[null,"101-2467","Растворитель марки: Р-4","т","0,0006\n0,0079",null,null,null,null,0]
[null,"102-0023","Бруски обрезные хвойных пород длиной: 4-6,5 м, шириной 75-150 мм, толщиной 40-75 мм, I сорта","м3","0,00103\n0,0135",null,null,null,null,0]
[null,"113-0021","Грунтовка: ГФ-021 красно-коричневая","т","0,00031\n0,0041",null,null,null,null,0]
[null,"201-0756","Отдельные конструктивные элементы зданий и сооружений с преобладанием: горячекатаных профилей, средняя масса сборочной единицы от 0,1 до 0,5 т","т","0,0005\n0,0066",null,null,null,null,0]
[null,"508-0097","Канат двойной свивки типа ТК, конструкции 6х19(1+6+12)+1 о.с., оцинкованный из проволок марки В, маркировочная группа: 1770 н/мм2, диаметром 5,5 мм","10 м","0,0187\n0,245",null,null,null,null,0]
["53","Прайс","Двутавры стальные горяекатанные с параллельными гранями полок 70Б1","т",3.2240000000000002,0,0,121465.67,391605.33,391605.33]
["54","Прайс","Двутавры стальные горяекатанные с параллельными гранями полок 55Б1","т",1.56,0,0,120734.74,188346.19,188346.19]
["55","Прайс","Двутавры стальные горяекатанные с параллельными гранями полок 40Б1","т",0.41599999999999998,0,0,117753.17,48985.32,48985.32]
["56","Прайс","Двутавры стальные горяекатанные с параллельными гранями полок 25Б1","т",0.83199999999999996,0,0,113714.58,94610.53,94610.53]
["57","Прайс","Двутавры стальные горяекатанные с параллельными гранями полок 20Б1","т",0.624,0,0,101627.55,63415.59,63415.59]
["58","Прайс","Швеллеры стальные горячекатанные 20П","т",4.4720000000000004,0,0,107663.12,481469.46,481469.46]
["59","Прайс","Прокат листовой горячекатаный t=10 мм","т",1.1439999999999999,0,0,94506.69,108115.65,108115.65]
["60","Прайс","Уголки стальные горячекатаные равнополочные 110х7 мм","т",0.41599999999999998,0,0,115259.93,47948.13,{"$f":"G144+I144","v":47948.13}]
["61","Прайс","Уголки стальные горячекатаные неравнополочные 140х90х8 мм","т",0.312,0,0,139176.15,43422.96,43422.96]
["62","Прайс","Прокат сортовой стальной горячетканый круглый Ø16 мм","т",0.104,0,0,102990.48,10711.01,10711.01]
["63","ТЕР09-04-002-01","Монтаж кровельного покрытия: из профилированного листа при высоте здания до 25 м","100 м2 покрытия",2.85,52050.42,148343.69,3033.41,8645.23,156988.92000000001]
[null,"101-0309","Канаты пеньковые пропитанные","т","0,00015\n0,0004",null,null,null,null,0]
[null,"101-0324","Кислород технический: газообразный","м3","1,4\n3,99",null,null,null,null,0]
[null,"101-0797","Проволока горячекатаная в мотках, диаметром 6,3-6,5 мм","т","0,00004\n0,0001",null,null,null,null,0]
[null,"101-1019","Швеллеры № 40 из стали марки: Ст0","т","0,00297\n0,0085",null,null,null,null,0]
[null,"101-1513","Электроды диаметром: 4 мм Э42","т","0,00061\n0,0017",null,null,null,null,0]
[null,"101-1714","Болты с гайками и шайбами строительные","т","0,0022\n0,0063",null,null,null,null,0]
[null,"101-2278","Пропан-бутан, смесь техническая","кг","0,42\n1,197",null,null,null,null,0]
[null,"101-2467","Растворитель марки: Р-4","т","0,00009\n0,0003",null,null,null,null,0]
[null,"102-0023","Бруски обрезные хвойных пород длиной: 4-6,5 м, шириной 75-150 мм, толщиной 40-75 мм, I сорта","м3","0,0013\n0,0037",null,null,null,null,0]
[null,"113-0021","Грунтовка: ГФ-021 красно-коричневая","т","0,00047\n0,0013",null,null,null,null,0]
[null,"201-0756","Отдельные конструктивные элементы зданий и сооружений с преобладанием: горячекатаных профилей, средняя масса сборочной единицы от 0,1 до 0,5 т","т","0,011\n0,0314",null,null,null,null,0]
[null,"508-0097","Канат двойной свивки типа ТК, конструкции 6х19(1+6+12)+1 о.с., оцинкованный из проволок марки В, маркировочная группа: 1770 н/мм2, диаметром 5,5 мм","10 м","0,016\n0,0456",null,null,null,null,0]
["64","Прайс","Профили стальные листовые гнутые с трапециевидными гофрами  для строительства H57-750-0,8","т",3.1,0,0,153670.42000000001,476378.29,476378.29]
["65","ТССЦ-101-1810","Винты самонарезающие: для крепления профилированного настила и панелей к несущим конструкциям","т",1.094E-2,0,0,256454.3,2805.61,2805.61]
["66","ТССЦпг-03-02-01-140","Перевозка строительных грузов (кроме массовых навалочных, перевозимых автомобилями-самосвалами, а также бетонных и железобетонных изделий, стеновых и перегородочных материалов, лесоматериалов круглых и пиломатериалов, включенных в таблицу 03-01), бортовым автомобилем грузоподъемностью 5 т, на расстояние до 140 км I класс груза","1 т груза",15.7,0,0,2338.67,36717.089999999997,36717.089999999997]
["67","ТССЦпг-01-01-02-015","Разгрузочные работы при автомобильных перевозках: металлических конструкций массой до 1 т","1 т груза",15.7,0,0,470.68,7389.67,7389.67]
["Крановые пути и монорельсы",null,null,null,null,null,null,null,null,0]
["68","ТЕРм38-01-002-03","Монорельсы, балки и другие аналогичные конструкции промышленных зданий, сборка с помощью: лебедок электрических (с установкой и снятием их в процессе работы)","1 т конструкций",5.2,39050.5,203062.33,602.25,3131.7,206194.03]
[null,"101-0324","Кислород технический: газообразный","м3","0,6\n3,12",null,null,null,null,0]
[null,"101-1521","Электроды диаметром: 5 мм Э42","т","0,0032\n0,0166",null,null,null,null,0]
[null,"101-2278","Пропан-бутан, смесь техническая","кг","0,2\n1,04",null,null,null,null,0]
[null,"999-9950","Вспомогательные ненормируемые ресурсы (2% от Оплаты труда рабочих)","руб","10,14\n52,73",null,null,null,null,0]
["69","ТЕР09-03-003-02\nТех. часть ТЕР09. Строительные металлические конструкции. II. Исчисление объемов работ, п. 2.9.1, k=1,04, (1 % на массу сварных швов и 3 % к итогу на уточнение массы при разработке чертежей КМД)","Монтаж одиночных подкрановых балок на отметке до 25 м массой: до 2,0 т","1 т конструкций",5.4080000000000004,23013.68,124457.98,1989.35,10758.41,135216.39000000001]
[null,"101-0309","Канаты пеньковые пропитанные","т","0,0001\n0,0005",null,null,null,null,0]
[null,"101-0324","Кислород технический: газообразный","м3","1,1\n5,949",null,null,null,null,0]
[null,"101-0797","Проволока горячекатаная в мотках, диаметром 6,3-6,5 мм","т","0,00003\n0,0002",null,null,null,null,0]
[null,"101-1019","Швеллеры № 40 из стали марки: Ст0","т","0,00194\n0,0105",null,null,null,null,0]
[null,"101-1513","Электроды диаметром: 4 мм Э42","т","0,0034\n0,0184",null,null,null,null,0]
[null,"101-1714","Болты с гайками и шайбами строительные","т","0,0028\n0,0151",null,null,null,null,0]
[null,"101-1805","Гвозди строительные","т","0,00001\n0,0001",null,null,null,null,0]
[null,"101-2278","Пропан-бутан, смесь техническая","кг","0,33\n1,785",null,null,null,null,0]
[null,"101-2467","Растворитель марки: Р-4","т","0,0006\n0,0032",null,null,null,null,0]
[null,"102-0023","Бруски обрезные хвойных пород длиной: 4-6,5 м, шириной 75-150 мм, толщиной 40-75 мм, I сорта","м3","0,00103\n0,0056",null,null,null,null,0]
[null,"113-0021","Грунтовка: ГФ-021 красно-коричневая","т","0,00031\n0,0017",null,null,null,null,0]
[null,"201-0756","Отдельные конструктивные элементы зданий и сооружений с преобладанием: горячекатаных профилей, средняя масса сборочной единицы от 0,1 до 0,5 т","т","0,003\n0,0162",null,null,null,null,0]
[null,"508-0097","Канат двойной свивки типа ТК, конструкции 6х19(1+6+12)+1 о.с., оцинкованный из проволок марки В, маркировочная группа: 1770 н/мм2, диаметром 5,5 мм","10 м","0,0187\n0,1011",null,null,null,null,0]
["70","Прайс","Двутавры стальные горяекатанные с параллельными гранями полок 45М","т",2.496,0,0,113067.66,282216.89,282216.89]
["71","Прайс","Двутавры стальные горяекатанные с параллельными гранями полок 36М","т",1.56,0,0,112215.74,175056.56,175056.56]
["72","Прайс","Прокат листовой горячекатаный t=10 мм","т",1.04,0,0,94507.82,98288.13,98288.13]
["73","Прайс","Прокат листовой горячекатаный t=6 мм","т",0.104,0,0,91042.12,9468.3799999999992,9468.3799999999992]
["74","Прайс","Уголки стальные горячекатаные равнополочные 110х7 мм","т",0.104,0,0,115256.44,11986.67,11986.67]
["75","Прайс","Уголки стальные горячекатаные равнополочные 75х5 мм","т",0.104,0,0,106125.96,11037.1,11037.1]
["76","ТССЦпг-03-02-01-140","Перевозка строительных грузов (кроме массовых навалочных, перевозимых автомобилями-самосвалами, а также бетонных и железобетонных изделий, стеновых и перегородочных материалов, лесоматериалов круглых и пиломатериалов, включенных в таблицу 03-01), бортовым автомобилем грузоподъемностью 5 т, на расстояние до 140 км I класс груза","1 т груза",5.2,0,0,2338.56,12160.5,12160.5]
["77","ТССЦпг-01-01-02-015","Разгрузочные работы при автомобильных перевозках: металлических конструкций массой до 1 т","1 т груза",5.2,0,0,470.75,2447.9,2447.9]
["Конструкции фахверка",null,null,null,null,null,null,null,null,0]
["78","ТЕРм38-01-003-03","Решетчатые конструкции (стойки, опоры, фермы и пр.), сборка с помощью: лебедок электрических (с установкой и снятием их в процессе работы)","1 т конструкций",9.3000000000000007,145545,1353568.83,3563.29,33138.61,1386707.44]
[null,"101-0324","Кислород технический: газообразный","м3","2,6\n24,18",null,null,null,null,0]
[null,"101-1521","Электроды диаметром: 5 мм Э42","т","0,0215\n0,2",null,null,null,null,0]
[null,"101-2278","Пропан-бутан, смесь техническая","кг","0,5\n4,65",null,null,null,null,0]
[null,"999-9950","Вспомогательные ненормируемые ресурсы (2% от Оплаты труда рабочих)","руб","42,32\n393,6",null,null,null,null,0]
["79","ТЕР09-04-006-01\nТех. часть ТЕР09. Строительные металлические конструкции. II. Исчисление объемов работ, п. 2.9.1, k=1,04, (1 % на массу сварных швов и 3 % к итогу на уточнение массы при разработке чертежей КМД)","Монтаж фахверка","1 т конструкций",9.6720000000000006,50226.94,485794.95,2655.98,25688.6,511483.55]
[null,"101-0309","Канаты пеньковые пропитанные","т","0,0001\n0,001",null,null,null,null,0]
[null,"101-0324","Кислород технический: газообразный","м3","2,6\n25,15",null,null,null,null,0]
[null,"101-0797","Проволока горячекатаная в мотках, диаметром 6,3-6,5 мм","т","0,00003\n0,0003",null,null,null,null,0]
[null,"101-1019","Швеллеры № 40 из стали марки: Ст0","т","0,00194\n0,0188",null,null,null,null,0]
[null,"101-1515","Электроды диаметром: 4 мм Э46","т","0,016\n0,1548",null,null,null,null,0]
[null,"101-1805","Гвозди строительные","т","0,00001\n0,0001",null,null,null,null,0]
[null,"101-2278","Пропан-бутан, смесь техническая","кг","0,78\n7,544",null,null,null,null,0]
[null,"101-2467","Растворитель марки: Р-4","т","0,0006\n0,0058",null,null,null,null,0]
[null,"113-0021","Грунтовка: ГФ-021 красно-коричневая","т","0,00031\n0,003",null,null,null,null,0]
[null,"201-0756","Отдельные конструктивные элементы зданий и сооружений с преобладанием: горячекатаных профилей, средняя масса сборочной единицы от 0,1 до 0,5 т","т","0,001\n0,0097",null,null,null,null,{"$f":"G208+I208","v":0}]
[null,"508-0097","Канат двойной свивки типа ТК, конструкции 6х19(1+6+12)+1 о.с., оцинкованный из проволок марки В, маркировочная группа: 1770 н/мм2, диаметром 5,5 мм","10 м","0,0187\n0,1809",null,null,null,null,0]
["80","ТССЦ-101-1810","Винты самонарезающие: для крепления профилированного настила и панелей к несущим конструкциям","т",3.7139999999999999E-2,0,0,256484.65,9525.84,9525.84]
["81","Прайс","Профили стальные гнутые замкнутые квадратные и прямоугольные для строительных конструкций 180х6 мм","т",0.52,0,0,128403.77,66769.960000000006,66769.960000000006]
["82","Прайс","Профили стальные гнутые замкнутые квадратные и прямоугольные для строительных конструкций 120х5 мм","т",1.04,0,0,113871.01,118425.85,118425.85]
["83","Прайс","Профили стальные гнутые замкнутые квадратные и прямоугольные для строительных конструкций 100х5 мм","т",3.8479999999999999,0,0,109780.51,422435.39,422435.39]
["84","Прайс","Профили стальные гнутые замкнутые квадратные и прямоугольные для строительных конструкций 80х5 мм","т",3.64,0,0,99241.96,361240.72,361240.72]
["85","Прайс","Прокат листовой горячекатаный t=8 мм","т",0.52,0,0,93155.520000000004,48440.87,48440.87]
["86","Прайс","Уголки стальные горячекатаные равнополочные 63х5 мм","т",0.104,0,0,103570.58,10771.34,10771.34]
["87","ТЕР09-04-006-02","Монтаж ограждающих конструкций стен: из профилированного листа при высоте здания до 30 м","100 м2",0.60809999999999997,184714.31,112324.77,5924.85,3602.9,115927.67]
[null,"101-0309","Канаты пеньковые пропитанные","т","0,00015\n0,0001",null,null,null,null,0]
[null,"101-0324","Кислород технический: газообразный","м3","2,98\n1,812",null,null,null,null,0]
[null,"101-0797","Проволока горячекатаная в мотках, диаметром 6,3-6,5 мм","т","0,00004\n0",null,null,null,null,0]
[null,"101-1019","Швеллеры № 40 из стали марки: Ст0","т","0,00297\n0,0018",null,null,null,null,0]
[null,"101-1513","Электроды диаметром: 4 мм Э42","т","0,0034\n0,0021",null,null,null,null,0]
[null,"101-1714","Болты с гайками и шайбами строительные","т","0,007\n0,0043",null,null,null,null,0]
[null,"101-1805","Гвозди строительные","т","0,00002\n0",null,null,null,null,0]
[null,"101-2278","Пропан-бутан, смесь техническая","кг","0,903\n0,5491",null,null,null,null,0]
[null,"101-2467","Растворитель марки: Р-4","т","0,00009\n0,0001",null,null,null,null,0]
[null,"102-0023","Бруски обрезные хвойных пород длиной: 4-6,5 м, шириной 75-150 мм, толщиной 40-75 мм, I сорта","м3","0,0013\n0,0008",null,null,null,null,0]
[null,"113-0021","Грунтовка: ГФ-021 красно-коричневая","т","0,00047\n0,0003",null,null,null,null,0]
[null,"201-0756","Отдельные конструктивные элементы зданий и сооружений с преобладанием: горячекатаных профилей, средняя масса сборочной единицы от 0,1 до 0,5 т","т","0,019\n0,0116",null,null,null,null,0]
[null,"508-0097","Канат двойной свивки типа ТК, конструкции 6х19(1+6+12)+1 о.с., оцинкованный из проволок марки В, маркировочная группа: 1770 н/мм2, диаметром 5,5 мм","10 м","0,016\n0,0097",null,null,null,null,0]
["88","ТССЦ-101-1810","Винты самонарезающие: для крепления профилированного настила и панелей к несущим конструкциям","т",2.3E-3,0,0,256708.7,590.42999999999995,590.42999999999995]
["89","Прайс","Профили стальные листовые гнутые с трапециевидными гофрами  для строительства HC35-1000-0,7","т",0.5,0,0,190930.56,95465.279999999999,95465.279999999999]
["90","ТССЦпг-03-02-01-140","Перевозка строительных грузов (кроме массовых навалочных, перевозимых автомобилями-самосвалами, а также бетонных и железобетонных изделий, стеновых и перегородочных материалов, лесоматериалов круглых и пиломатериалов, включенных в таблицу 03-01), бортовым автомобилем грузоподъемностью 5 т, на расстояние до 140 км I класс груза","1 т груза",9.8000000000000007,0,0,2338.66,22918.91,22918.91]
["91","ТССЦпг-01-01-02-015","Разгрузочные работы при автомобильных перевозках: металлических конструкций массой до 1 т","1 т груза",9.8000000000000007,0,0,470.69,4612.8,4612.8]
["Лестницы, ограждения",null,null,null,null,null,null,null,null,0]
["92","ТЕРм38-01-004-06","Сборка с помощью лебедок электрических (с установкой и снятием их в процессе работы): лестницы прямолинейные и криволинейные с ограждением","1 т конструкций",6,181387,1088324.92,2724.92,16349.51,1104674.43]
[null,"101-0324","Кислород технический: газообразный","м3","0,6\n3,6",null,null,null,null,0]
[null,"101-1521","Электроды диаметром: 5 мм Э42","т","0,016\n0,096",null,null,null,null,0]
[null,"101-2278","Пропан-бутан, смесь техническая","кг","0,2\n1,2",null,null,null,null,0]
[null,"999-9950","Вспомогательные ненормируемые ресурсы (2% от Оплаты труда рабочих)","руб","51,07\n306,4",null,null,null,null,0]
["93","ТЕР09-03-029-01\nТех. часть ТЕР09. Строительные металлические конструкции. II. Исчисление объемов работ, п. 2.9.1, k=1,04, (1 % на массу сварных швов и 3 % к итогу на уточнение массы при разработке чертежей КМД)","Монтаж лестниц прямолинейных и криволинейных, пожарных с ограждением","1 т конструкций",6.24,57878.71,361163.15,1157.08,7220.16,368383.31]
[null,"101-0309","Канаты пеньковые пропитанные","т","0,0001\n0,0006",null,null,null,null,0]
[null,"101-0324","Кислород технический: газообразный","м3","1,37\n8,549",null,null,null,null,0]
[null,"101-0797","Проволока горячекатаная в мотках, диаметром 6,3-6,5 мм","т","0,00003\n0,0002",null,null,null,null,0]
[null,"101-1019","Швеллеры № 40 из стали марки: Ст0","т","0,00194\n0,0121",null,null,null,null,0]
[null,"101-1515","Электроды диаметром: 4 мм Э46","т","0,004\n0,025",null,null,null,null,0]
[null,"101-1805","Гвозди строительные","т","0,00001\n0,0001",null,null,null,null,0]
[null,"101-2278","Пропан-бутан, смесь техническая","кг","0,41\n2,558",null,null,null,null,0]
[null,"101-2467","Растворитель марки: Р-4","т","0,0006\n0,0037",null,null,null,null,0]
[null,"102-0023","Бруски обрезные хвойных пород длиной: 4-6,5 м, шириной 75-150 мм, толщиной 40-75 мм, I сорта","м3","0,00103\n0,0064",null,null,null,null,0]
[null,"113-0021","Грунтовка: ГФ-021 красно-коричневая","т","0,00031\n0,0019",null,null,null,null,0]
[null,"201-0756","Отдельные конструктивные элементы зданий и сооружений с преобладанием: горячекатаных профилей, средняя масса сборочной единицы от 0,1 до 0,5 т","т","0,001\n0,0062",null,null,null,null,0]
[null,"508-0097","Канат двойной свивки типа ТК, конструкции 6х19(1+6+12)+1 о.с., оцинкованный из проволок марки В, маркировочная группа: 1770 н/мм2, диаметром 5,5 мм","10 м","0,0187\n0,1167",null,null,null,null,0]
["94","ТССЦ-110-0008","Болты сборочные с гайками и шайбами по классу прочности: 8,8","т",8.1119999999999998E-2,0,0,150367.97,12197.85,12197.85]
["95","Прайс","Швеллеры стальные горячекатанные 20П","т",0.624,0,0,107663.86,67182.25,67182.25]
["96","Прайс","Швеллеры стальные горячекатанные 16П","т",0.624,0,0,102843.09,64174.09,64174.09]
["97","Прайс","Швеллеры стальные горячекатанные 14П","т",0.52,0,0,100095.21,52049.51,52049.51]
["98","Прайс","Прокат листовой горячекатаный t=6 мм","т",0.104,0,0,91042.12,9468.3799999999992,9468.3799999999992]
["99","Прайс","Прокат листовой горячекатаный t=4 мм","т",1.04,0,0,76433.38,79490.720000000001,79490.720000000001]
["100","Прайс","Уголки стальные горячекатаные равнополочные 75х5 мм","т",0.41599999999999998,0,0,106129.47,44149.86,44149.86]
["101","Прайс","Уголки стальные горячекатаные равнополочные 50х4 мм","т",0.312,0,0,101627.53,31707.79,31707.79]
["102","Прайс","Уголки стальные горячекатаные неравнополочные 140х90х8 мм","т",0.312,0,0,139176.15,43422.96,43422.96]
["103","Прайс","Прокат сортовой стальной горячетканый круглый Ø20 мм","т",0.20799999999999999,0,0,107831.92,22429.040000000001,22429.040000000001]
["104","Прайс","Прокат сортовой стальной горячетканый круглый Ø16 мм","т",0.41599999999999998,0,0,102990.43,42844.02,42844.02]
["105","Прайс","Трубы стальные водогазопроводные Ø42,3х2,8 мм","т",1.248,0,0,80170.06,100052.23,100052.23]
["106","Прайс","Трубы стальные водогазопроводные Ø21,3х2,5 мм","т",0.41599999999999998,0,0,74791.009999999995,31113.06,31113.06]
["107","ТЕРм38-01-004-05","Сборка с помощью лебедок электрических (с установкой и снятием их в процессе работы): площадки для обслуживания оборудования и трубопроводов","1 т конструкций",1.3,153618.20000000001,199703.65,2901.85,3772.41,203476.06]
[null,"101-0324","Кислород технический: газообразный","м3","0,9\n1,17",null,null,null,null,0]
[null,"101-1521","Электроды диаметром: 5 мм Э42","т","0,0179\n0,0233",null,null,null,null,0]
[null,"101-2278","Пропан-бутан, смесь техническая","кг","0,2\n0,26",null,null,null,null,0]
[null,"999-9950","Вспомогательные ненормируемые ресурсы (2% от Оплаты труда рабочих)","руб","42,08\n54,7",null,null,null,null,0]
["108","ТЕР09-03-030-01","Монтаж площадок с настилом и ограждением из листовой, рифленой, просечной и круглой стали","1 т конструкций",1.3,63385.5,82401.19,1156.98,1504.08,{"$f":"G272+I272","v":83905.27}]
[null,"101-0309","Канаты пеньковые пропитанные","т","0,0001\n0,0001",null,null,null,null,0]
[null,"101-0324","Кислород технический: газообразный","м3","1,37\n1,781",null,null,null,null,0]
[null,"101-0797","Проволока горячекатаная в мотках, диаметром 6,3-6,5 мм","т","0,00003\n0",null,null,null,null,0]
[null,"101-1019","Швеллеры № 40 из стали марки: Ст0","т","0,00194\n0,0025",null,null,null,null,0]
[null,"101-1515","Электроды диаметром: 4 мм Э46","т","0,004\n0,0052",null,null,null,null,0]
[null,"101-1805","Гвозди строительные","т","0,00001\n0",null,null,null,null,0]
[null,"101-2278","Пропан-бутан, смесь техническая","кг","0,41\n0,533",null,null,null,null,0]
[null,"101-2467","Растворитель марки: Р-4","т","0,0006\n0,0008",null,null,null,null,0]
[null,"102-0023","Бруски обрезные хвойных пород длиной: 4-6,5 м, шириной 75-150 мм, толщиной 40-75 мм, I сорта","м3","0,00103\n0,0013",null,null,null,null,0]
[null,"113-0021","Грунтовка: ГФ-021 красно-коричневая","т","0,00031\n0,0004",null,null,null,null,0]
[null,"201-0756","Отдельные конструктивные элементы зданий и сооружений с преобладанием: горячекатаных профилей, средняя масса сборочной единицы от 0,1 до 0,5 т","т","0,001\n0,0013",null,null,null,null,0]
[null,"508-0097","Канат двойной свивки типа ТК, конструкции 6х19(1+6+12)+1 о.с., оцинкованный из проволок марки В, маркировочная группа: 1770 н/мм2, диаметром 5,5 мм","10 м","0,0187\n0,0243",null,null,null,null,0]
["109","ТССЦ-110-0008","Болты сборочные с гайками и шайбами по классу прочности: 8,8","т",1.3390000000000001E-2,0,0,150415.24,2014.06,2014.06]
["110","Прайс","Листы стальные с ромбическим и чечевичным рифлением t=4 мм","т",0.7,0,0,105765.84,74036.09,74036.09]
["111","Прайс","Листы стальные просечно-вытяжные ПВ506","т",0.6,0,0,165781.63,99468.98,99468.98]
["112","ТССЦпг-03-02-01-140","Перевозка строительных грузов (кроме массовых навалочных, перевозимых автомобилями-самосвалами, а также бетонных и железобетонных изделий, стеновых и перегородочных материалов, лесоматериалов круглых и пиломатериалов, включенных в таблицу 03-01), бортовым автомобилем грузоподъемностью 5 т, на расстояние до 140 км I класс груза","1 т груза",7.3,0,0,2338.64,17072.099999999999,17072.099999999999]
["113","ТССЦпг-01-01-02-015","Разгрузочные работы при автомобильных перевозках: металлических конструкций массой до 1 т","1 т груза",7.3,0,0,470.72,3436.26,3436.26]
["Антикоррозионная защита",null,null,null,null,null,null,null,null,0]
["114","ТЕР13-03-002-04","Огрунтовка металлических поверхностей за один раз: грунтовкой ГФ-021","100 м2 окрашиваемой поверхности",33.731000000000002,7414.15,250086.75,384.83,12980.77,263067.52000000002]
[null,"113-0077","Ксилол нефтяной марки А","т","0,002\n0,0675",null,null,null,null,0]
["115","Прайс\nАналог ТССЦ-113-0021 18353,45/17895,65=3%","Грунтовка: ГФ-021 красно-коричневая","кг",404.8,0,0,403.95,163520.97,163520.97]
["116","ТЕР13-03-004-26","Окраска металлических огрунтованных поверхностей: эмалью ПФ-115, (в 2 слоя)","100 м2 окрашиваемой поверхности",33.731000000000002,9134.9500000000007,308131.03000000003,240.41,8109.39,316240.42]
[null,"101-1292","Уайт-спирит","т","0,0028\n0,0944",null,null,null,null,0]
["117","Прайс\nАналог ТССЦ-113-0246 25096,77/24506,75=2%","Эмаль ПФ-115 серая","кг",1282,0,0,505.53,648090.53,648090.53]
["Раздел 2. Конвейерная галерея №6, (1632-2021-2.2.4, 2.1.6-КМ.СМ2, л. 1)",null,null,null,null,null,null,null,null,0]
["Колонны и вертикальные связи",null,null,null,null,null,null,null,null,0]
["118","ТЕРм38-01-002-03","Монорельсы, балки и другие аналогичные конструкции промышленных зданий, сборка с помощью: лебедок электрических (с установкой и снятием их в процессе работы)","1 т конструкций",51.3,39050.300000000003,2003279.8,602.21,30893.26,2034173.06]
[null,"101-0324","Кислород технический: газообразный","м3","0,6\n30,78",null,null,null,null,0]
[null,"101-1521","Электроды диаметром: 5 мм Э42","т","0,0032\n0,1642",null,null,null,null,0]
[null,"101-2278","Пропан-бутан, смесь техническая","кг","0,2\n10,26",null,null,null,null,0]
[null,"999-9950","Вспомогательные ненормируемые ресурсы (2% от Оплаты труда рабочих)","руб","10,14\n520,2",null,null,null,null,0]
["119","ТЕР09-03-002-03\nТех. часть ТЕР09. Строительные металлические конструкции. II. Исчисление объемов работ, п. 2.9.1, k=1,04, (1 % на массу сварных швов и 3 % к итогу на уточнение массы при разработке чертежей КМД)","Монтаж колонн одноэтажных и многоэтажных зданий и крановых эстакад высотой: до 25 м цельного сечения массой до 5,0 т","1 т конструкций",53.351999999999997,9555.9699999999993,509830.07,638.9,34086.74,543916.81000000006]
[null,"101-0309","Канаты пеньковые пропитанные","т","0,0001\n0,0053",null,null,null,null,0]
[null,"101-0324","Кислород технический: газообразный","м3","0,6\n32,01",null,null,null,null,0]
[null,"101-0797","Проволока горячекатаная в мотках, диаметром 6,3-6,5 мм","т","0,00003\n0,0016",null,null,null,null,0]
[null,"101-1019","Швеллеры № 40 из стали марки: Ст0","т","0,00194\n0,1035",null,null,null,null,0]
[null,"101-1513","Электроды диаметром: 4 мм Э42","т","0,0011\n0,0587",null,null,null,null,0]
[null,"101-1714","Болты с гайками и шайбами строительные","т","0,00007\n0,0037",null,null,null,null,0]
[null,"101-1805","Гвозди строительные","т","0,00001\n0,0005",null,null,null,null,0]
[null,"101-2278","Пропан-бутан, смесь техническая","кг","0,18\n9,603",null,null,null,null,0]
[null,"101-2467","Растворитель марки: Р-4","т","0,0006\n0,032",null,null,null,null,0]
[null,"102-0023","Бруски обрезные хвойных пород длиной: 4-6,5 м, шириной 75-150 мм, толщиной 40-75 мм, I сорта","м3","0,00103\n0,055",null,null,null,null,0]
[null,"113-0021","Грунтовка: ГФ-021 красно-коричневая","т","0,00031\n0,0165",null,null,null,null,0]
[null,"201-0756","Отдельные конструктивные элементы зданий и сооружений с преобладанием: горячекатаных профилей, средняя масса сборочной единицы от 0,1 до 0,5 т","т","0,0003\n0,016",null,null,null,null,0]
[null,"508-0097","Канат двойной свивки типа ТК, конструкции 6х19(1+6+12)+1 о.с., оцинкованный из проволок марки В, маркировочная группа: 1770 н/мм2, диаметром 5,5 мм","10 м","0,0187\n0,9977",null,null,null,null,0]
["120","Прайс","Двутавры стальные горяекатанные с параллельными гранями полок 50Ш2","т",20.175999999999998,0,0,98826.86,1993930.66,1993930.66]
["121","Прайс","Двутавры стальные горяекатанные с параллельными гранями полок 30Ш1","т",8.1120000000000001,0,0,94324.67,765161.7,765161.7]
["122","Прайс","Профили стальные гнутые замкнутые квадратные и прямоугольные для строительных конструкций 200х8 мм","т",3.7440000000000002,0,0,136812.57,512226.25,512226.25]
["123","Прайс","Профили стальные гнутые замкнутые квадратные и прямоугольные для строительных конструкций 180х6 мм","т",1.3520000000000001,0,0,128402.28,173599.88,173599.88]
["124","Прайс","Профили стальные гнутые замкнутые квадратные и прямоугольные для строительных конструкций 160х5 мм","т",1.6639999999999999,0,0,124872.97,207788.62,207788.62]
["125","Прайс","Профили стальные гнутые замкнутые квадратные и прямоугольные для строительных конструкций 140х5 мм","т",2.8079999999999998,0,0,120369.36,337997.15,337997.15]
["126","Прайс","Профили стальные гнутые замкнутые квадратные и прямоугольные для строительных конструкций 120х5 мм","т",3.8479999999999999,0,0,113870.3,438172.92,438172.92]
["127","Прайс","Профили стальные гнутые замкнутые квадратные и прямоугольные для строительных конструкций 100х5 мм","т",2.496,0,0,109780.73,274012.69,274012.69]
["128","Прайс","Профили стальные гнутые замкнутые квадратные и прямоугольные для строительных конструкций 80х5 мм","т",0.624,0,0,99242.48,61927.31,61927.31]
["129","Прайс","Прокат листовой горячекатаный t=40 мм","т",0.72799999999999998,0,0,121282.93,88293.97,88293.97]
["130","Прайс","Прокат листовой горячекатаный t=30 мм","т",0.20799999999999999,0,0,117874.04,24517.8,24517.8]
["131","Прайс","Прокат листовой горячекатаный t=20 мм","т",1.248,0,0,106982.42,133514.06,133514.06]
["132","Прайс","Прокат листовой горячекатаный t=16 мм","т",0.52,0,0,103816.46,53984.56,53984.56]
["133","Прайс","Прокат листовой горячекатаный t=14 мм","т",0.20799999999999999,0,0,99316.15,20657.759999999998,20657.759999999998]
["134","Прайс","Прокат листовой горячекатаный t=12 мм","т",2.2879999999999998,0,0,96028.64,219713.52,219713.52]
["135","Прайс","Прокат листовой горячекатаный t=10 мм","т",1.6639999999999999,0,0,94507.47,157260.43,157260.43]
["136","Прайс","Прокат листовой горячекатаный t=8 мм","т",0.312,0,0,93155.51,29064.52,29064.52]
["137","Прайс","Прокат листовой горячекатаный t=6 мм","т",0.104,0,0,91042.12,9468.3799999999992,9468.3799999999992]
["138","Прайс","Уголки стальные горячекатаные равнополочные 125х9 мм","т",1.248,0,0,123901.16,154628.65,{"$f":"G336+I336","v":154628.65}]
["139","ТССЦпг-03-02-01-140","Перевозка строительных грузов (кроме массовых навалочных, перевозимых автомобилями-самосвалами, а также бетонных и железобетонных изделий, стеновых и перегородочных материалов, лесоматериалов круглых и пиломатериалов, включенных в таблицу 03-01), бортовым автомобилем грузоподъемностью 5 т, на расстояние до 140 км I класс груза","1 т груза",51.3,0,0,2338.66,119973.03,119973.03]
["140","ТССЦпг-01-01-02-015","Разгрузочные работы при автомобильных перевозках: металлических конструкций массой до 1 т","1 т груза",51.3,0,0,470.65,24144.3,24144.3]
["Конструкции перекрытий",null,null,null,null,null,null,null,null,0]
["141","ТЕРм38-01-002-03","Монорельсы, балки и другие аналогичные конструкции промышленных зданий, сборка с помощью: лебедок электрических (с установкой и снятием их в процессе работы)","1 т конструкций",6.9,39050.5,269448.73,602.11,4154.54,273603.27]
[null,"101-0324","Кислород технический: газообразный","м3","0,6\n4,14",null,null,null,null,0]
[null,"101-1521","Электроды диаметром: 5 мм Э42","т","0,0032\n0,0221",null,null,null,null,0]
[null,"101-2278","Пропан-бутан, смесь техническая","кг","0,2\n1,38",null,null,null,null,0]
[null,"999-9950","Вспомогательные ненормируемые ресурсы (2% от Оплаты труда рабочих)","руб","10,14\n69,97",null,null,null,null,0]
["142","ТЕР09-03-002-12\nТех. часть ТЕР09. Строительные металлические конструкции. II. Исчисление объемов работ, п. 2.9.1, k=1,04, (1 % на массу сварных швов и 3 % к итогу на уточнение массы при разработке чертежей КМД)","Монтаж балок, ригелей перекрытия, покрытия и под установку оборудования многоэтажных зданий при высоте здания: до 25 м","1 т конструкций",7.1760000000000002,40830.31,292998.28999999998,1886.39,13536.72,306535.01]
[null,"101-0309","Канаты пеньковые пропитанные","т","0,000115\n0,0008",null,null,null,null,0]
[null,"101-0324","Кислород технический: газообразный","м3","2,2425\n16,09",null,null,null,null,0]
[null,"101-0797","Проволока горячекатаная в мотках, диаметром 6,3-6,5 мм","т","0,0000345\n0,0002",null,null,null,null,0]
[null,"101-1019","Швеллеры № 40 из стали марки: Ст0","т","0,002231\n0,016",null,null,null,null,0]
[null,"101-1513","Электроды диаметром: 4 мм Э42","т","0,003565\n0,0256",null,null,null,null,0]
[null,"101-1714","Болты с гайками и шайбами строительные","т","0,003565\n0,0256",null,null,null,null,0]
[null,"101-1805","Гвозди строительные","т","0,0000115\n0,0001",null,null,null,null,0]
[null,"101-2278","Пропан-бутан, смесь техническая","кг","0,6785\n4,869",null,null,null,null,0]
[null,"101-2467","Растворитель марки: Р-4","т","0,00069\n0,005",null,null,null,null,0]
[null,"102-0023","Бруски обрезные хвойных пород длиной: 4-6,5 м, шириной 75-150 мм, толщиной 40-75 мм, I сорта","м3","0,0011845\n0,0085",null,null,null,null,0]
[null,"113-0021","Грунтовка: ГФ-021 красно-коричневая","т","0,0003565\n0,0026",null,null,null,null,0]
[null,"201-0756","Отдельные конструктивные элементы зданий и сооружений с преобладанием: горячекатаных профилей, средняя масса сборочной единицы от 0,1 до 0,5 т","т","0,000575\n0,0041",null,null,null,null,0]
[null,"508-0097","Канат двойной свивки типа ТК, конструкции 6х19(1+6+12)+1 о.с., оцинкованный из проволок марки В, маркировочная группа: 1770 н/мм2, диаметром 5,5 мм","10 м","0,021505\n0,1543",null,null,null,null,0]
["143","Прайс","Двутавры стальные горяекатанные с параллельными гранями полок 70Б1","т",7.6543999999999999,0,0,121465.53,929745.73,929745.73]
["144","Прайс","Прокат листовой горячекатаный t=25 мм","т",0.2392,0,0,112336.5,26870.89,26870.89]
["145","Прайс","Прокат листовой горячекатаный t=20 мм","т",0.2392,0,0,106979.43,25589.48,25589.48]
["146","Прайс","Прокат листовой горячекатаный t=16 мм","т",0.1196,0,0,103814.38,12416.2,12416.2]
["147","ТЕРм38-01-002-03","Монорельсы, балки и другие аналогичные конструкции промышленных зданий, сборка с помощью: лебедок электрических (с установкой и снятием их в процессе работы)","1 т конструкций",49.7,39050.300000000003,1940800.85,602.16999999999996,29927.89,1970728.74]
[null,"101-0324","Кислород технический: газообразный","м3","0,6\n29,82",null,null,null,null,0]
[null,"101-1521","Электроды диаметром: 5 мм Э42","т","0,0032\n0,159",null,null,null,null,0]
[null,"101-2278","Пропан-бутан, смесь техническая","кг","0,2\n9,94",null,null,null,null,0]
[null,"999-9950","Вспомогательные ненормируемые ресурсы (2% от Оплаты труда рабочих)","руб","10,14\n504",null,null,null,null,0]
["148","ТЕР09-03-002-12\nТех. часть ТЕР09. Строительные металлические конструкции. II. Исчисление объемов работ, п. 2.9.1, k=1,04, (1 % на массу сварных швов и 3 % к итогу на уточнение массы при разработке чертежей КМД)","Монтаж балок, ригелей перекрытия, покрытия и под установку оборудования многоэтажных зданий при высоте здания: до 25 м","1 т конструкций",51.688000000000002,35504.74,1835169.02,1640.26,84781.57,1919950.59]
[null,"101-0309","Канаты пеньковые пропитанные","т","0,0001\n0,0052",null,null,null,null,0]
[null,"101-0324","Кислород технический: газообразный","м3","1,95\n100,8",null,null,null,null,0]
[null,"101-0797","Проволока горячекатаная в мотках, диаметром 6,3-6,5 мм","т","0,00003\n0,0016",null,null,null,null,0]
[null,"101-1019","Швеллеры № 40 из стали марки: Ст0","т","0,00194\n0,1003",null,null,null,null,0]
[null,"101-1513","Электроды диаметром: 4 мм Э42","т","0,0031\n0,1602",null,null,null,null,0]
[null,"101-1714","Болты с гайками и шайбами строительные","т","0,0031\n0,1602",null,null,null,null,0]
[null,"101-1805","Гвозди строительные","т","0,00001\n0,0005",null,null,null,null,0]
[null,"101-2278","Пропан-бутан, смесь техническая","кг","0,59\n30,5",null,null,null,null,0]
[null,"101-2467","Растворитель марки: Р-4","т","0,0006\n0,031",null,null,null,null,0]
[null,"102-0023","Бруски обрезные хвойных пород длиной: 4-6,5 м, шириной 75-150 мм, толщиной 40-75 мм, I сорта","м3","0,00103\n0,0532",null,null,null,null,0]
[null,"113-0021","Грунтовка: ГФ-021 красно-коричневая","т","0,00031\n0,016",null,null,null,null,0]
[null,"201-0756","Отдельные конструктивные элементы зданий и сооружений с преобладанием: горячекатаных профилей, средняя масса сборочной единицы от 0,1 до 0,5 т","т","0,0005\n0,0258",null,null,null,null,0]
[null,"508-0097","Канат двойной свивки типа ТК, конструкции 6х19(1+6+12)+1 о.с., оцинкованный из проволок марки В, маркировочная группа: 1770 н/мм2, диаметром 5,5 мм","10 м","0,0187\n0,9666",null,null,null,null,0]
["149","Прайс","Двутавры стальные горяекатанные с параллельными гранями полок 60Б1","т",27.56,0,0,113781.38,3135814.91,3135814.91]
["150","Прайс","Двутавры стальные горяекатанные с параллельными гранями полок 55Б1","т",4.992,0,0,120734.51,602706.67000000004,602706.67000000004]
["151","Прайс","Двутавры стальные горяекатанные с параллельными гранями полок 45Б1","т",1.1439999999999999,0,0,119031.21,136171.70000000001,136171.70000000001]
["152","Прайс","Двутавры стальные горяекатанные с параллельными гранями полок 40Б1","т",0.93600000000000005,0,0,117753.57,110217.34,110217.34]
["153","Прайс","Двутавры стальные горяекатанные с параллельными гранями полок 30Б1","т",1.976,0,0,114649.42,226547.25,226547.25]
["154","Прайс","Двутавры стальные горяекатанные с параллельными гранями полок 25Б1","т",1.1439999999999999,0,0,113715.67,130090.73,130090.73]
["155","Прайс","Двутавры стальные горяекатанные с параллельными гранями полок 20Б1","т",0.312,0,0,101627.53,31707.79,31707.79]
["156","Прайс","Двутавры стальные горяекатанные с параллельными гранями полок 16Б1","т",0.20799999999999999,0,0,91829.47,19100.53,19100.53]
["157","Прайс","Профили стальные гнутые замкнутые квадратные и прямоугольные для строительных конструкций 120х5 мм","т",0.312,0,0,113870.54,35527.61,35527.61]
["158","Прайс","Профили стальные гнутые замкнутые квадратные и прямоугольные для строительных конструкций 100х5 мм","т",0.104,0,0,109786.44,11417.79,11417.79]
["159","Прайс","Швеллеры стальные горячекатанные 30П","т",1.04,0,0,114162.47,118728.97,118728.97]
["160","Прайс","Швеллеры стальные горячекатанные 24П","т",0.72799999999999998,0,0,109841.73,79964.78,79964.78]
["161","Прайс","Швеллеры стальные горячекатанные 20П","т",1.04,0,0,107663.4,111969.94,111969.94]
["162","Прайс","Швеллеры стальные горячекатанные 16П","т",3.536,0,0,102843.37,363654.15,363654.15]
["163","Прайс","Прокат листовой горячекатаный t=20 мм","т",0.41599999999999998,0,0,106982.43,44504.69,44504.69]
["164","Прайс","Прокат листовой горячекатаный t=16 мм","т",0.312,0,0,103819.23,32391.599999999999,32391.599999999999]
["165","Прайс","Прокат листовой горячекатаный t=14 мм","т",1.04,0,0,99313.39,103285.93,103285.93]
["166","Прайс","Прокат листовой горячекатаный t=12 мм","т",0.104,0,0,96028.65,9986.98,9986.98]
["167","Прайс","Прокат листовой горячекатаный t=10 мм","т",0.72799999999999998,0,0,94507.23,68801.259999999995,{"$f":"G400+I400","v":68801.259999999995}]
["168","Прайс","Прокат листовой горячекатаный t=8 мм","т",0.20799999999999999,0,0,93155.53,19376.349999999999,19376.349999999999]
["169","Прайс","Листы стальные с ромбическим и чечевичным рифлением t=4 мм","т",3.4319999999999999,0,0,105765.61,362987.58,362987.58]
["170","Прайс","Листы стальные просечно-вытяжные ПВ506","т",0.41599999999999998,0,0,165781.32,68965.03,68965.03]
["171","ТССЦпг-03-02-01-140","Перевозка строительных грузов (кроме массовых навалочных, перевозимых автомобилями-самосвалами, а также бетонных и железобетонных изделий, стеновых и перегородочных материалов, лесоматериалов круглых и пиломатериалов, включенных в таблицу 03-01), бортовым автомобилем грузоподъемностью 5 т, на расстояние до 140 км I класс груза","1 т груза",56.6,0,0,2338.65,132367.69,132367.69]
["172","ТССЦпг-01-01-02-015","Разгрузочные работы при автомобильных перевозках: металлических конструкций массой до 1 т","1 т груза",56.6,0,0,470.66,26639.599999999999,26639.599999999999]
["Конструкции покрытий",null,null,null,null,null,null,null,null,0]
["173","ТЕРм38-01-002-03","Монорельсы, балки и другие аналогичные конструкции промышленных зданий, сборка с помощью: лебедок электрических (с установкой и снятием их в процессе работы)","1 т конструкций",20.5,39050.5,800534.17,602.16,12344.38,812878.55]
[null,"101-0324","Кислород технический: газообразный","м3","0,6\n12,3",null,null,null,null,0]
[null,"101-1521","Электроды диаметром: 5 мм Э42","т","0,0032\n0,0656",null,null,null,null,0]
[null,"101-2278","Пропан-бутан, смесь техническая","кг","0,2\n4,1",null,null,null,null,0]
[null,"999-9950","Вспомогательные ненормируемые ресурсы (2% от Оплаты труда рабочих)","руб","10,14\n207,9",null,null,null,null,0]
["174","ТЕР09-03-002-12\nТех. часть ТЕР09. Строительные металлические конструкции. II. Исчисление объемов работ, п. 2.9.1, k=1,04, (1 % на массу сварных швов и 3 % к итогу на уточнение массы при разработке чертежей КМД)","Монтаж балок, ригелей перекрытия, покрытия и под установку оборудования многоэтажных зданий при высоте здания: до 25 м","1 т конструкций",21.32,35504.639999999999,756958.93,1640.32,34971.660000000003,791930.59]
[null,"101-0309","Канаты пеньковые пропитанные","т","0,0001\n0,0021",null,null,null,null,0]
[null,"101-0324","Кислород технический: газообразный","м3","1,95\n41,57",null,null,null,null,0]
[null,"101-0797","Проволока горячекатаная в мотках, диаметром 6,3-6,5 мм","т","0,00003\n0,0006",null,null,null,null,0]
[null,"101-1019","Швеллеры № 40 из стали марки: Ст0","т","0,00194\n0,0414",null,null,null,null,0]
[null,"101-1513","Электроды диаметром: 4 мм Э42","т","0,0031\n0,0661",null,null,null,null,0]
[null,"101-1714","Болты с гайками и шайбами строительные","т","0,0031\n0,0661",null,null,null,null,0]
[null,"101-1805","Гвозди строительные","т","0,00001\n0,0002",null,null,null,null,0]
[null,"101-2278","Пропан-бутан, смесь техническая","кг","0,59\n12,58",null,null,null,null,0]
[null,"101-2467","Растворитель марки: Р-4","т","0,0006\n0,0128",null,null,null,null,0]
[null,"102-0023","Бруски обрезные хвойных пород длиной: 4-6,5 м, шириной 75-150 мм, толщиной 40-75 мм, I сорта","м3","0,00103\n0,022",null,null,null,null,0]
[null,"113-0021","Грунтовка: ГФ-021 красно-коричневая","т","0,00031\n0,0066",null,null,null,null,0]
[null,"201-0756","Отдельные конструктивные элементы зданий и сооружений с преобладанием: горячекатаных профилей, средняя масса сборочной единицы от 0,1 до 0,5 т","т","0,0005\n0,0107",null,null,null,null,0]
[null,"508-0097","Канат двойной свивки типа ТК, конструкции 6х19(1+6+12)+1 о.с., оцинкованный из проволок марки В, маркировочная группа: 1770 н/мм2, диаметром 5,5 мм","10 м","0,0187\n0,3987",null,null,null,null,0]
["175","Прайс","Двутавры стальные горяекатанные с параллельными гранями полок 40Ш1","т",9.984,0,0,96028.49,958748.47,958748.47]
["176","Прайс","Швеллеры стальные горячекатанные 20П","т",9.36,0,0,107663.1,1007726.61,1007726.61]
["177","Прайс","Швеллеры стальные горячекатанные 16П","т",0.312,0,0,102843.11,32087.05,32087.05]
["178","Прайс","Прокат листовой горячекатаный t=20 мм","т",0.41599999999999998,0,0,106982.43,44504.69,44504.69]
["179","Прайс","Прокат листовой горячекатаный t=14 мм","т",0.20799999999999999,0,0,99316.15,20657.759999999998,20657.759999999998]
["180","Прайс","Прокат листовой горячекатаный t=10 мм","т",0.41599999999999998,0,0,94505.75,39314.39,39314.39]
["181","Прайс","Уголки стальные горячекатаные равнополочные 110х7 мм","т",0.312,0,0,115256.47,35960.019999999997,35960.019999999997]
["182","Прайс","Уголки стальные горячекатаные неравнополочные 140х90х8 мм","т",0.312,0,0,139176.15,43422.96,43422.96]
["183","ТЕР09-04-002-01","Монтаж кровельного покрытия: из профилированного листа при высоте здания до 25 м","100 м2 покрытия",5.97,52050.46,310741.26,3033.62,18110.740000000002,328852]
[null,"101-0309","Канаты пеньковые пропитанные","т","0,00015\n0,0009",null,null,null,null,0]
[null,"101-0324","Кислород технический: газообразный","м3","1,4\n8,358",null,null,null,null,0]
[null,"101-0797","Проволока горячекатаная в мотках, диаметром 6,3-6,5 мм","т","0,00004\n0,0002",null,null,null,null,0]
[null,"101-1019","Швеллеры № 40 из стали марки: Ст0","т","0,00297\n0,0177",null,null,null,null,0]
[null,"101-1513","Электроды диаметром: 4 мм Э42","т","0,00061\n0,0036",null,null,null,null,0]
[null,"101-1714","Болты с гайками и шайбами строительные","т","0,0022\n0,0131",null,null,null,null,0]
[null,"101-2278","Пропан-бутан, смесь техническая","кг","0,42\n2,507",null,null,null,null,0]
[null,"101-2467","Растворитель марки: Р-4","т","0,00009\n0,0005",null,null,null,null,0]
[null,"102-0023","Бруски обрезные хвойных пород длиной: 4-6,5 м, шириной 75-150 мм, толщиной 40-75 мм, I сорта","м3","0,0013\n0,0078",null,null,null,null,0]
[null,"113-0021","Грунтовка: ГФ-021 красно-коричневая","т","0,00047\n0,0028",null,null,null,null,0]
[null,"201-0756","Отдельные конструктивные элементы зданий и сооружений с преобладанием: горячекатаных профилей, средняя масса сборочной единицы от 0,1 до 0,5 т","т","0,011\n0,0657",null,null,null,null,0]
[null,"508-0097","Канат двойной свивки типа ТК, конструкции 6х19(1+6+12)+1 о.с., оцинкованный из проволок марки В, маркировочная группа: 1770 н/мм2, диаметром 5,5 мм","10 м","0,016\n0,0955",null,null,null,null,0]
["184","Прайс","Профили стальные листовые гнутые с трапециевидными гофрами  для строительства H57-750-0,8","т",6.5,0,0,153670.35,998857.28,998857.28]
["185","ТССЦ-101-1810","Винты самонарезающие: для крепления профилированного настила и панелей к несущим конструкциям","т",2.2919999999999999E-2,0,0,256475.13,5878.41,5878.41]
["186","ТССЦпг-03-02-01-140","Перевозка строительных грузов (кроме массовых навалочных, перевозимых автомобилями-самосвалами, а также бетонных и железобетонных изделий, стеновых и перегородочных материалов, лесоматериалов круглых и пиломатериалов, включенных в таблицу 03-01), бортовым автомобилем грузоподъемностью 5 т, на расстояние до 140 км I класс груза","1 т груза",27,0,0,2338.67,63144.08,63144.08]
["187","ТССЦпг-01-01-02-015","Разгрузочные работы при автомобильных перевозках: металлических конструкций массой до 1 т","1 т груза",27,0,0,470.66,12707.83,12707.83]
["Конструкции фахверка",null,null,null,null,null,null,null,null,0]
["188","ТЕРм38-01-003-03","Решетчатые конструкции (стойки, опоры, фермы и пр.), сборка с помощью: лебедок электрических (с установкой и снятием их в процессе работы)","1 т конструкций",2.7,145545.5,392972.94,3563.2,9620.65,402593.59]
[null,"101-0324","Кислород технический: газообразный","м3","2,6\n7,02",null,null,null,null,0]
[null,"101-1521","Электроды диаметром: 5 мм Э42","т","0,0215\n0,0581",null,null,null,null,0]
[null,"101-2278","Пропан-бутан, смесь техническая","кг","0,5\n1,35",null,null,null,null,0]
[null,"999-9950","Вспомогательные ненормируемые ресурсы (2% от Оплаты труда рабочих)","руб","42,32\n114,3",null,null,null,null,0]
["189","ТЕР09-04-006-01\nТех. часть ТЕР09. Строительные металлические конструкции. II. Исчисление объемов работ, п. 2.9.1, k=1,04, (1 % на массу сварных швов и 3 % к итогу на уточнение массы при разработке чертежей КМД)","Монтаж фахверка","1 т конструкций",2.8079999999999998,50226.97,141037.34,2656.21,7458.63,148495.97]
[null,"101-0309","Канаты пеньковые пропитанные","т","0,0001\n0,0003",null,null,null,null,0]
[null,"101-0324","Кислород технический: газообразный","м3","2,6\n7,301",null,null,null,null,0]
[null,"101-0797","Проволока горячекатаная в мотках, диаметром 6,3-6,5 мм","т","0,00003\n0,0001",null,null,null,null,0]
[null,"101-1019","Швеллеры № 40 из стали марки: Ст0","т","0,00194\n0,0054",null,null,null,null,0]
[null,"101-1515","Электроды диаметром: 4 мм Э46","т","0,016\n0,0449",null,null,null,null,0]
[null,"101-1805","Гвозди строительные","т","0,00001\n0",null,null,null,null,0]
[null,"101-2278","Пропан-бутан, смесь техническая","кг","0,78\n2,19",null,null,null,null,{"$f":"G464+I464","v":0}]
[null,"101-2467","Растворитель марки: Р-4","т","0,0006\n0,0017",null,null,null,null,0]
[null,"113-0021","Грунтовка: ГФ-021 красно-коричневая","т","0,00031\n0,0009",null,null,null,null,0]
[null,"201-0756","Отдельные конструктивные элементы зданий и сооружений с преобладанием: горячекатаных профилей, средняя масса сборочной единицы от 0,1 до 0,5 т","т","0,001\n0,0028",null,null,null,null,0]
[null,"508-0097","Канат двойной свивки типа ТК, конструкции 6х19(1+6+12)+1 о.с., оцинкованный из проволок марки В, маркировочная группа: 1770 н/мм2, диаметром 5,5 мм","10 м","0,0187\n0,0525",null,null,null,null,0]
["190","ТССЦ-101-1810","Винты самонарезающие: для крепления профилированного настила и панелей к несущим конструкциям","т",1.0782999999999999E-2,0,0,256457.39,2765.38,2765.38]
["191","Прайс","Профили стальные гнутые замкнутые квадратные и прямоугольные для строительных конструкций 120х5 мм","т",0.52,0,0,113869.63,59212.21,59212.21]
["192","Прайс","Профили стальные гнутые замкнутые квадратные и прямоугольные для строительных конструкций 100х5 мм","т",0.312,0,0,109781.89,34251.949999999997,34251.949999999997]
["193","Прайс","Профили стальные гнутые замкнутые квадратные и прямоугольные для строительных конструкций 80х5 мм","т",1.6639999999999999,0,0,99241.91,165138.53,165138.53]
["194","Прайс","Уголки стальные горячекатаные равнополочные 110х7 мм","т",0.20799999999999999,0,0,115256.44,23973.34,23973.34]
["195","Прайс","Уголки стальные горячекатаные равнополочные 63х5 мм","т",0.104,0,0,103570.58,10771.34,10771.34]
["196","ТЕР09-04-006-02","Монтаж ограждающих конструкций стен: из профилированного листа при высоте здания до 30 м","100 м2",1.7027000000000001,166243.21,283062.31,5921.91,10083.23,293145.53999999998]
[null,"101-0309","Канаты пеньковые пропитанные","т","0,00015\n0,0003",null,null,null,null,0]
[null,"101-0324","Кислород технический: газообразный","м3","2,98\n5,074",null,null,null,null,0]
[null,"101-0797","Проволока горячекатаная в мотках, диаметром 6,3-6,5 мм","т","0,00004\n0,0001",null,null,null,null,0]
[null,"101-1019","Швеллеры № 40 из стали марки: Ст0","т","0,00297\n0,0051",null,null,null,null,0]
[null,"101-1513","Электроды диаметром: 4 мм Э42","т","0,0034\n0,0058",null,null,null,null,0]
[null,"101-1714","Болты с гайками и шайбами строительные","т","0,007\n0,0119",null,null,null,null,0]
[null,"101-1805","Гвозди строительные","т","0,00002\n0",null,null,null,null,0]
[null,"101-2278","Пропан-бутан, смесь техническая","кг","0,903\n1,538",null,null,null,null,0]
[null,"101-2467","Растворитель марки: Р-4","т","0,00009\n0,0002",null,null,null,null,0]
[null,"102-0023","Бруски обрезные хвойных пород длиной: 4-6,5 м, шириной 75-150 мм, толщиной 40-75 мм, I сорта","м3","0,0013\n0,0022",null,null,null,null,0]
[null,"113-0021","Грунтовка: ГФ-021 красно-коричневая","т","0,00047\n0,0008",null,null,null,null,0]
[null,"201-0756","Отдельные конструктивные элементы зданий и сооружений с преобладанием: горячекатаных профилей, средняя масса сборочной единицы от 0,1 до 0,5 т","т","0,019\n0,0324",null,null,null,null,0]
[null,"508-0097","Канат двойной свивки типа ТК, конструкции 6х19(1+6+12)+1 о.с., оцинкованный из проволок марки В, маркировочная группа: 1770 н/мм2, диаметром 5,5 мм","10 м","0,016\n0,0272",null,null,null,null,0]
["197","ТССЦ-101-1810","Винты самонарезающие: для крепления профилированного настила и панелей к несущим конструкциям","т",6.4999999999999997E-3,0,0,256592.31,1667.85,1667.85]
["198","Прайс","Профили стальные листовые гнутые с трапециевидными гофрами  для строительства HC35-1000-0,7","т",1.4,0,0,190930.36,267302.51,267302.51]
["199","ТССЦпг-03-02-01-140","Перевозка строительных грузов (кроме массовых навалочных, перевозимых автомобилями-самосвалами, а также бетонных и железобетонных изделий, стеновых и перегородочных материалов, лесоматериалов круглых и пиломатериалов, включенных в таблицу 03-01), бортовым автомобилем грузоподъемностью 5 т, на расстояние до 140 км I класс груза","1 т груза",4.0999999999999996,0,0,2338.79,9589.0499999999993,9589.0499999999993]
["200","ТССЦпг-01-01-02-015","Разгрузочные работы при автомобильных перевозках: металлических конструкций массой до 1 т","1 т груза",4.0999999999999996,0,0,470.56,1929.3,1929.3]
["Лестницы, ограждения",null,null,null,null,null,null,null,null,0]
["201","ТЕРм38-01-004-06","Сборка с помощью лебедок электрических (с установкой и снятием их в процессе работы): лестницы прямолинейные и криволинейные с ограждением","1 т конструкций",8.4,181387.3,1523653.45,2725.02,22890.18,1546543.63]
[null,"101-0324","Кислород технический: газообразный","м3","0,6\n5,04",null,null,null,null,0]
[null,"101-1521","Электроды диаметром: 5 мм Э42","т","0,016\n0,1344",null,null,null,null,0]
[null,"101-2278","Пропан-бутан, смесь техническая","кг","0,2\n1,68",null,null,null,null,0]
[null,"999-9950","Вспомогательные ненормируемые ресурсы (2% от Оплаты труда рабочих)","руб","51,07\n429",null,null,null,null,0]
["202","ТЕР09-03-029-01\nТех. часть ТЕР09. Строительные металлические конструкции. II. Исчисление объемов работ, п. 2.9.1, k=1,04, (1 % на массу сварных швов и 3 % к итогу на уточнение массы при разработке чертежей КМД)","Монтаж лестниц прямолинейных и криволинейных, пожарных с ограждением","1 т конструкций",8.7360000000000007,51512.46,450012.87,1156.8499999999999,10106.209999999999,460119.08]
[null,"101-0309","Канаты пеньковые пропитанные","т","0,0001\n0,0009",null,null,null,null,0]
[null,"101-0324","Кислород технический: газообразный","м3","1,37\n11,97",null,null,null,null,0]
[null,"101-0797","Проволока горячекатаная в мотках, диаметром 6,3-6,5 мм","т","0,00003\n0,0003",null,null,null,null,0]
[null,"101-1019","Швеллеры № 40 из стали марки: Ст0","т","0,00194\n0,0169",null,null,null,null,0]
[null,"101-1515","Электроды диаметром: 4 мм Э46","т","0,004\n0,0349",null,null,null,null,0]
[null,"101-1805","Гвозди строительные","т","0,00001\n0,0001",null,null,null,null,0]
[null,"101-2278","Пропан-бутан, смесь техническая","кг","0,41\n3,582",null,null,null,null,0]
[null,"101-2467","Растворитель марки: Р-4","т","0,0006\n0,0052",null,null,null,null,0]
[null,"102-0023","Бруски обрезные хвойных пород длиной: 4-6,5 м, шириной 75-150 мм, толщиной 40-75 мм, I сорта","м3","0,00103\n0,009",null,null,null,null,0]
[null,"113-0021","Грунтовка: ГФ-021 красно-коричневая","т","0,00031\n0,0027",null,null,null,null,0]
[null,"201-0756","Отдельные конструктивные элементы зданий и сооружений с преобладанием: горячекатаных профилей, средняя масса сборочной единицы от 0,1 до 0,5 т","т","0,001\n0,0087",null,null,null,null,0]
[null,"508-0097","Канат двойной свивки типа ТК, конструкции 6х19(1+6+12)+1 о.с., оцинкованный из проволок марки В, маркировочная группа: 1770 н/мм2, диаметром 5,5 мм","10 м","0,0187\n0,1634",null,null,null,null,0]
["203","ТССЦ-110-0008","Болты сборочные с гайками и шайбами по классу прочности: 8,8","т",0.113568,0,0,150375.54999999999,17077.849999999999,17077.849999999999]
["204","Прайс","Швеллеры стальные горячекатанные 20П","т",0.41599999999999998,0,0,107662.72,44787.69,44787.69]
["205","Прайс","Швеллеры стальные горячекатанные 16П","т",2.2879999999999998,0,0,102843.51,235305.96,235305.96]
["206","Прайс","Швеллеры стальные горячекатанные 14П","т",0.41599999999999998,0,0,100093.15,41638.75,41638.75]
["207","Прайс","Прокат листовой горячекатаный t=8 мм","т",0.41599999999999998,0,0,93155.5,38752.69,38752.69]
["208","Прайс","Прокат листовой горячекатаный t=6 мм","т",0.624,0,0,91037.5,56807.4,56807.4]
["209","Прайс","Прокат листовой горячекатаный t=4 мм","т",1.04,0,0,76433.38,79490.720000000001,79490.720000000001]
["210","Прайс","Уголки стальные горячекатаные равнополочные 75х5 мм","т",0.20799999999999999,0,0,106132.93,22075.65,22075.65]
["211","Прайс","Уголки стальные горячекатаные равнополочные 50х4 мм","т",0.52,0,0,101625.71,52845.37,52845.37]
["212","Прайс","Прокат сортовой стальной горячетканый круглый Ø20 мм","т",0.104,0,0,107838.85,11215.24,11215.24]
["213","Прайс","Прокат сортовой стальной горячетканый круглый Ø16 мм","т",0.41599999999999998,0,0,102990.43,42844.02,42844.02]
["214","Прайс","Трубы стальные водогазопроводные Ø42,3х2,8 мм","т",1.8720000000000001,0,0,80170.44,150079.06,150079.06]
["215","Прайс","Трубы стальные водогазопроводные Ø21,3х2,5 мм","т",0.41599999999999998,0,0,74791.009999999995,31113.06,31113.06]
["216","ТЕРм38-01-004-05","Сборка с помощью лебедок электрических (с установкой и снятием их в процессе работы): площадки для обслуживания оборудования и трубопроводов","1 т конструкций",3.1,136721.70000000001,423837.31,2901.85,8995.75,432833.06]
[null,"101-0324","Кислород технический: газообразный","м3","0,9\n2,79",null,null,null,null,0]
[null,"101-1521","Электроды диаметром: 5 мм Э42","т","0,0179\n0,0555",null,null,null,null,0]
[null,"101-2278","Пропан-бутан, смесь техническая","кг","0,2\n0,62",null,null,null,null,{"$f":"G528+I528","v":0}]
[null,"999-9950","Вспомогательные ненормируемые ресурсы (2% от Оплаты труда рабочих)","руб","42,08\n130,4",null,null,null,null,0]
["217","ТЕР09-03-030-01","Монтаж площадок с настилом и ограждением из листовой, рифленой, просечной и круглой стали","1 т конструкций",3.1,63386.7,196498.68,1156.6600000000001,3585.66,200084.34]
[null,"101-0309","Канаты пеньковые пропитанные","т","0,0001\n0,0003",null,null,null,null,0]
[null,"101-0324","Кислород технический: газообразный","м3","1,37\n4,247",null,null,null,null,0]
[null,"101-0797","Проволока горячекатаная в мотках, диаметром 6,3-6,5 мм","т","0,00003\n0,0001",null,null,null,null,0]
[null,"101-1019","Швеллеры № 40 из стали марки: Ст0","т","0,00194\n0,006",null,null,null,null,0]
[null,"101-1515","Электроды диаметром: 4 мм Э46","т","0,004\n0,0124",null,null,null,null,0]
[null,"101-1805","Гвозди строительные","т","0,00001\n0",null,null,null,null,0]
[null,"101-2278","Пропан-бутан, смесь техническая","кг","0,41\n1,271",null,null,null,null,0]
[null,"101-2467","Растворитель марки: Р-4","т","0,0006\n0,0019",null,null,null,null,0]
[null,"102-0023","Бруски обрезные хвойных пород длиной: 4-6,5 м, шириной 75-150 мм, толщиной 40-75 мм, I сорта","м3","0,00103\n0,0032",null,null,null,null,0]
[null,"113-0021","Грунтовка: ГФ-021 красно-коричневая","т","0,00031\n0,001",null,null,null,null,0]
[null,"201-0756","Отдельные конструктивные элементы зданий и сооружений с преобладанием: горячекатаных профилей, средняя масса сборочной единицы от 0,1 до 0,5 т","т","0,001\n0,0031",null,null,null,null,0]
[null,"508-0097","Канат двойной свивки типа ТК, конструкции 6х19(1+6+12)+1 о.с., оцинкованный из проволок марки В, маркировочная группа: 1770 н/мм2, диаметром 5,5 мм","10 м","0,0187\n0,058",null,null,null,null,0]
["218","ТССЦ-110-0008","Болты сборочные с гайками и шайбами по классу прочности: 8,8","т",8.9980000000000004E-2,0,0,150377.64000000001,13530.98,13530.98]
["219","Прайс","Листы стальные с ромбическим и чечевичным рифлением t=4 мм","т",1.6,0,0,105765.08,169224.12,169224.12]
["220","Прайс","Листы стальные просечно-вытяжные ПВ506","т",1.5,0,0,165782.10999999999,248673.17,248673.17]
["221","ТССЦпг-03-02-01-140","Перевозка строительных грузов (кроме массовых навалочных, перевозимых автомобилями-самосвалами, а также бетонных и железобетонных изделий, стеновых и перегородочных материалов, лесоматериалов круглых и пиломатериалов, включенных в таблицу 03-01), бортовым автомобилем грузоподъемностью 5 т, на расстояние до 140 км I класс груза","1 т груза",11.5,0,0,2338.7199999999998,26895.31,26895.31]
["222","ТССЦпг-01-01-02-015","Разгрузочные работы при автомобильных перевозках: металлических конструкций массой до 1 т","1 т груза",11.5,0,0,470.69,5412.97,5412.97]
["Кабельные конструкции",null,null,null,null,null,null,null,null,0]
["223","ТЕРм38-01-002-03","Монорельсы, балки и другие аналогичные конструкции промышленных зданий, сборка с помощью: лебедок электрических (с установкой и снятием их в процессе работы)","1 т конструкций",1,35145,35145.06,601.91999999999996,601.91999999999996,35746.980000000003]
[null,"101-0324","Кислород технический: газообразный","м3","0,6\n0,6",null,null,null,null,0]
[null,"101-1521","Электроды диаметром: 5 мм Э42","т","0,0032\n0,0032",null,null,null,null,0]
[null,"101-2278","Пропан-бутан, смесь техническая","кг","0,2\n0,2",null,null,null,null,0]
[null,"999-9950","Вспомогательные ненормируемые ресурсы (2% от Оплаты труда рабочих)","руб","10,14\n10,14",null,null,null,null,0]
["224","ТЕР09-03-002-12\nТех. часть ТЕР09. Строительные металлические конструкции. II. Исчисление объемов работ, п. 2.9.1, k=1,04, (1 % на массу сварных швов и 3 % к итогу на уточнение массы при разработке чертежей КМД)","Монтаж балок, ригелей перекрытия, покрытия и под установку оборудования многоэтажных зданий при высоте здания: до 25 м","1 т конструкций",1.04,35505.18,36925.39,1639.62,1705.2,38630.589999999997]
[null,"101-0309","Канаты пеньковые пропитанные","т","0,0001\n0,0001",null,null,null,null,0]
[null,"101-0324","Кислород технический: газообразный","м3","1,95\n2,028",null,null,null,null,0]
[null,"101-0797","Проволока горячекатаная в мотках, диаметром 6,3-6,5 мм","т","0,00003\n0",null,null,null,null,0]
[null,"101-1019","Швеллеры № 40 из стали марки: Ст0","т","0,00194\n0,002",null,null,null,null,0]
[null,"101-1513","Электроды диаметром: 4 мм Э42","т","0,0031\n0,0032",null,null,null,null,0]
[null,"101-1714","Болты с гайками и шайбами строительные","т","0,0031\n0,0032",null,null,null,null,0]
[null,"101-1805","Гвозди строительные","т","0,00001\n0",null,null,null,null,0]
[null,"101-2278","Пропан-бутан, смесь техническая","кг","0,59\n0,6136",null,null,null,null,0]
[null,"101-2467","Растворитель марки: Р-4","т","0,0006\n0,0006",null,null,null,null,0]
[null,"102-0023","Бруски обрезные хвойных пород длиной: 4-6,5 м, шириной 75-150 мм, толщиной 40-75 мм, I сорта","м3","0,00103\n0,0011",null,null,null,null,0]
[null,"113-0021","Грунтовка: ГФ-021 красно-коричневая","т","0,00031\n0,0003",null,null,null,null,0]
[null,"201-0756","Отдельные конструктивные элементы зданий и сооружений с преобладанием: горячекатаных профилей, средняя масса сборочной единицы от 0,1 до 0,5 т","т","0,0005\n0,0005",null,null,null,null,0]
[null,"508-0097","Канат двойной свивки типа ТК, конструкции 6х19(1+6+12)+1 о.с., оцинкованный из проволок марки В, маркировочная группа: 1770 н/мм2, диаметром 5,5 мм","10 м","0,0187\n0,0194",null,null,null,null,0]
["225","Прайс","Швеллеры стальные горячекатанные 20П","т",0.20799999999999999,0,0,107666.15,22394.560000000001,22394.560000000001]
["226","Прайс","Швеллеры стальные горячекатанные 16П","т",0.72799999999999998,0,0,102844.41,74870.73,74870.73]
["227","Прайс","Прокат листовой горячекатаный t=8 мм","т",0.104,0,0,93155.48,9688.17,9688.17]
["228","ТССЦпг-03-02-01-140","Перевозка строительных грузов (кроме массовых навалочных, перевозимых автомобилями-самосвалами, а также бетонных и железобетонных изделий, стеновых и перегородочных материалов, лесоматериалов круглых и пиломатериалов, включенных в таблицу 03-01), бортовым автомобилем грузоподъемностью 5 т, на расстояние до 140 км I класс груза","1 т груза",1,0,0,2338.7199999999998,2338.7199999999998,2338.7199999999998]
["229","ТССЦпг-01-01-02-015","Разгрузочные работы при автомобильных перевозках: металлических конструкций массой до 1 т","1 т груза",1,0,0,471.19,471.19,471.19]
["Антикоррозионная защита",null,null,null,null,null,null,null,null,0]
["230","ТЕР13-03-002-04","Огрунтовка металлических поверхностей за один раз: грунтовкой ГФ-021","100 м2 окрашиваемой поверхности",41.350999999999999,6598.56,272857.07,384.86,15914.23,288771.3]
[null,"113-0077","Ксилол нефтяной марки А","т","0,002\n0,0827",null,null,null,null,0]
["231","Прайс\nАналог ТССЦ-113-0021 18353,45/17895,65=3%","Грунтовка: ГФ-021 красно-коричневая","кг",496.2,0,0,403.96,200443.48,200443.48]
["232","ТЕР13-03-004-26","Окраска металлических огрунтованных поверхностей: эмалью ПФ-115, (в 2 слоя)","100 м2 окрашиваемой поверхности",41.350999999999999,8413.26,347896.88,240.41,9941.01,357837.89]
[null,"101-1292","Уайт-спирит","т","0,0028\n0,1158",null,null,null,null,0]
["233","Прайс\nАналог ТССЦ-113-0246 25096,77/24506,75=2%","Эмаль ПФ-115 серая","кг",1571,0,0,505.53,794188.87,794188.87]
[null,null,"Всего, руб. с НДС",null,null,null,{"$f":"SUM(G15:G579)","v":24065145.030000001},null,{"$f":"SUM(I15:I579)","v":35563978.590000004},{"$f":"SUM(J15:J579)","v":59629123.619999997}]
[null,null,"Всего, руб. без НДС",null,null,null,{"$f":"G580/1.2","v":20054287.530000001},null,{"$f":"I580/1.2","v":29636648.829999998},{"$f":"J580/1.2","v":49690936.350000001}]

{"sheet":"1632-2021-2.2.5,2.1.6,2.1.13-1","index":8,"n_rows":331,"n_cols":10,"rows_kept":331,"cut":false,"hidden":false,"merged":[]}
[]
["Терминал по перевалке минеральных удобрений в морском торговом порту Усть-Луга. Береговые объекты терминала"]
["(наименование стройки)"]
[]
["ЛОКАЛЬНАЯ СМЕТА № 1632-2021-2.2.5,2.1.6,2.1.13-КМ_07.04.024-П-01-03"]
["(локальная смета)"]
["на Конструкции металлические, 07.04.024 Пересыпная станция №5 (код SAP 01.02.019) код ГП 2.2.5"]
["(наименование работ и затрат, наименование объекта)"]
[null,"Основание:","1632-2021-2.2.5, 2.1.6, 2.1.13-КМ_2_0_RU_IFC"]
[]
["№ п/п","Обоснование","Наименование работ и затрат","Ед. изм.","Кол-во","Цена за ед.измерения работ, руб. с НДС","Всего, стоимость работ,руб. с НДС","Цена за ед.измерения материалов, руб. с НДС","Всего, стоимость материалов, руб. с НДС","Итого, руб. с НДС"]
[1,2,3,4,5,"6","7","8","9",10]
["Раздел 1. Колонны"]
["1","ТЕР09-03-002-03","Монтаж колонн одноэтажных и многоэтажных зданий и крановых эстакад высотой: до 25 м цельного сечения массой до 5,0 т","1 т конструкций",34.850050000000003,10199.25,355444.2,638.92999999999995,22266.71,{"$f":"G14+I14","v":377710.91}]
[null,"101-0309","Канаты пеньковые пропитанные","т","0,0001\n0,0035",null,null,null,null,{"$f":"G15+I15","v":0}]
[null,"101-0324","Кислород технический: газообразный","м3","0,6\n20,91",null,null,null,null,0]
[null,"101-0797","Проволока горячекатаная в мотках, диаметром 6,3-6,5 мм","т","0,00003\n0,001",null,null,null,null,0]
[null,"101-1019","Швеллеры № 40 из стали марки: Ст0","т","0,00194\n0,0676",null,null,null,null,0]
[null,"101-1513","Электроды диаметром: 4 мм Э42","т","0,0011\n0,0383",null,null,null,null,0]
[null,"101-1714","Болты с гайками и шайбами строительные","т","0,00007\n0,0024",null,null,null,null,0]
[null,"101-1805","Гвозди строительные","т","0,00001\n0,0003",null,null,null,null,0]
[null,"101-2278","Пропан-бутан, смесь техническая","кг","0,18\n6,273",null,null,null,null,0]
[null,"101-2467","Растворитель марки: Р-4","т","0,0006\n0,0209",null,null,null,null,0]
[null,"102-0023","Бруски обрезные хвойных пород длиной: 4-6,5 м, шириной 75-150 мм, толщиной 40-75 мм, I сорта","м3","0,00103\n0,0359",null,null,null,null,0]
[null,"113-0021","Грунтовка: ГФ-021 красно-коричневая","т","0,00031\n0,0108",null,null,null,null,0]
[null,"201-0756","Отдельные конструктивные элементы зданий и сооружений с преобладанием: горячекатаных профилей, средняя масса сборочной единицы от 0,1 до 0,5 т","т","0,0003\n0,0105",null,null,null,null,0]
[null,"508-0097","Канат двойной свивки типа ТК, конструкции 6х19(1+6+12)+1 о.с., оцинкованный из проволок марки В, маркировочная группа: 1770 н/мм2, диаметром 5,5 мм","10 м","0,0187\n0,6517",null,null,null,null,0]
["2","ТЕРм38-01-002-03","Монорельсы, балки и другие аналогичные конструкции промышленных зданий, сборка с помощью: лебедок электрических (с установкой и снятием их в процессе работы)","1 т конструкций",34.505000000000003,39050.339999999997,1347431.84,602.19000000000005,20778.43,1368210.27]
[null,"101-0324","Кислород технический: газообразный","м3","0,6\n20,7",null,null,null,null,0]
[null,"101-1521","Электроды диаметром: 5 мм Э42","т","0,0032\n0,1104",null,null,null,null,0]
[null,"101-2278","Пропан-бутан, смесь техническая","кг","0,2\n6,901",null,null,null,null,0]
[null,"999-9950","Вспомогательные ненормируемые ресурсы (2% от Оплаты труда рабочих)","руб","10,14\n349,9",null,null,null,null,0]
["3","Прайс","Двутавр 30Ш1","т",5.665,0,0,94324.68,534349.31000000006,534349.31000000006]
["4","Прайс","Двутавр 35Ш1","т",24.617000000000001,0,0,95663.51,2354948.7200000002,2354948.7200000002]
["5","Прайс","Уголок не равнополочный 100*63*8","т",0.309,0,0,118667.44,36668.239999999998,36668.239999999998]
["6","Прайс","Прокат листовой 30мм","т",0.92700000000000005,0,0,117874.01,109269.21,109269.21]
["7","Прайс","Прокат листовой 20мм","т",1.236,0,0,106982.02,132229.78,132229.78]
["8","Прайс","Прокат листовой 16мм","т",0.20599999999999999,0,0,103816.02,21386.1,21386.1]
["9","Прайс","Прокат листовой 12мм","т",0.82399999999999995,0,0,96028.24,79127.27,79127.27]
["10","Прайс","Прокат листовой 10мм","т",0.72099999999999997,0,0,94506.240000000005,68139,68139]
["Перевозка материалов (металл 140 км. ОП \"МКМ-СПб\")",null,null,null,null,null,null,null,null,0]
["11",null,"Металлопрокат, трубопрокат и металлоконструкции","т",34.505000000000003,0,0,0,0,0]
["12","ТССЦпг-03-02-01-140","Перевозка строительных грузов (кроме массовых навалочных, перевозимых автомобилями-самосвалами, а также бетонных и железобетонных изделий, стеновых и перегородочных материалов, лесоматериалов круглых и пиломатериалов, включенных в таблицу 03-01), бортовым автомобилем грузоподъемностью 5 т, на расстояние до 140 км I класс груза","1 т груза",34.505000000000003,0,0,2338.6799999999998,80695.990000000005,80695.990000000005]
["13","ТССЦпг-01-01-02-015","Разгрузочные работы при автомобильных перевозках: металлических конструкций массой до 1 т","1 т груза",34.505000000000003,0,0,470.67,16240.33,16240.33]
["Раздел 2. Балки",null,null,null,null,null,null,null,null,0]
["14","ТЕР09-03-002-12","Монтаж балок, ригелей перекрытия, покрытия и под установку оборудования многоэтажных зданий при высоте здания: до 25 м","1 т конструкций",68.763829999999999,35504.730000000003,2441441.23,1640.28,112791.66,2554232.89]
[null,"101-0309","Канаты пеньковые пропитанные","т","0,0001\n0,0069",null,null,null,null,0]
[null,"101-0324","Кислород технический: газообразный","м3","1,95\n134,1",null,null,null,null,0]
[null,"101-0797","Проволока горячекатаная в мотках, диаметром 6,3-6,5 мм","т","0,00003\n0,0021",null,null,null,null,0]
[null,"101-1019","Швеллеры № 40 из стали марки: Ст0","т","0,00194\n0,1334",null,null,null,null,0]
[null,"101-1513","Электроды диаметром: 4 мм Э42","т","0,0031\n0,2132",null,null,null,null,0]
[null,"101-1714","Болты с гайками и шайбами строительные","т","0,0031\n0,2132",null,null,null,null,0]
[null,"101-1805","Гвозди строительные","т","0,00001\n0,0007",null,null,null,null,0]
[null,"101-2278","Пропан-бутан, смесь техническая","кг","0,59\n40,57",null,null,null,null,0]
[null,"101-2467","Растворитель марки: Р-4","т","0,0006\n0,0413",null,null,null,null,0]
[null,"102-0023","Бруски обрезные хвойных пород длиной: 4-6,5 м, шириной 75-150 мм, толщиной 40-75 мм, I сорта","м3","0,00103\n0,0708",null,null,null,null,0]
[null,"113-0021","Грунтовка: ГФ-021 красно-коричневая","т","0,00031\n0,0213",null,null,null,null,0]
[null,"201-0756","Отдельные конструктивные элементы зданий и сооружений с преобладанием: горячекатаных профилей, средняя масса сборочной единицы от 0,1 до 0,5 т","т","0,0005\n0,0344",null,null,null,null,0]
[null,"508-0097","Канат двойной свивки типа ТК, конструкции 6х19(1+6+12)+1 о.с., оцинкованный из проволок марки В, маркировочная группа: 1770 н/мм2, диаметром 5,5 мм","10 м","0,0187\n1,286",null,null,null,null,0]
["15","ТЕРм38-01-002-03","Монорельсы, балки и другие аналогичные конструкции промышленных зданий, сборка с помощью: лебедок электрических (с установкой и снятием их в процессе работы)","1 т конструкций",68.082999999999998,39050.33,2658663.7599999998,602.17999999999995,40998.04,2699661.8]
[null,"101-0324","Кислород технический: газообразный","м3","0,6\n40,85",null,null,null,null,0]
[null,"101-1521","Электроды диаметром: 5 мм Э42","т","0,0032\n0,2179",null,null,null,null,0]
[null,"101-2278","Пропан-бутан, смесь техническая","кг","0,2\n13,62",null,null,null,null,0]
[null,"999-9950","Вспомогательные ненормируемые ресурсы (2% от Оплаты труда рабочих)","руб","10,14\n690,4",null,null,null,null,0]
["16","Прайс","Двутавр 25Ш1","т",0.309,0,0,93227.77,28807.38,28807.38]
["17","Прайс","Двутавр 30Б1","т",16.068000000000001,0,0,114649.14,1842182.32,1842182.32]
["18","Прайс","Двутавр 30Ш1","т",4.0170000000000003,0,0,94324.58,378901.82,378901.82]
["19","Прайс","Двутавр 35Ш1","т",12.257,0,0,95663.51,1172547.67,1172547.67]
["20","Прайс","Двутавр 40Ш1","т",9.3729999999999993,0,0,96028.479999999996,900074.98,900074.98]
["21","Прайс","Двутавр 70Б2","т",11.536,0,0,121465.57,1401226.77,1401226.77]
["22","Прайс","Швеллер 24П","т",2.06,0,0,109842.59,226275.74,226275.74]
["23","Прайс","Уголок равнополочный 100*7","т",0.10299999999999999,0,0,112540,11591.62,11591.62]
["24","Прайс","Уголок не равнополочный 100*63*8","т",1.236,0,0,118666.29,146671.53,146671.53]
["25","Прайс","Прокат листовой 16мм","т",3.5019999999999998,0,0,103817.64,363569.39,363569.39]
["26","Прайс","Прокат листовой 14мм","т",2.6779999999999999,0,0,99313.74,265962.19,265962.19]
["27","Прайс","Прокат листовой 12мм","т",1.236,0,0,96028.82,118691.62,118691.62]
["28","Прайс","Прокат листовой 10мм","т",3.7080000000000002,0,0,94507.02,350432.03,350432.03]
["Перевозка материалов (металл 140 км. ОП \"МКМ-СПб\")",null,null,null,null,null,null,null,null,0]
["29",null,"Металлопрокат, трубопрокат и металлоконструкции","т",68.082999999999998,0,0,0,0,{"$f":"G79+I79","v":0}]
["30","ТССЦпг-03-02-01-140","Перевозка строительных грузов (кроме массовых навалочных, перевозимых автомобилями-самосвалами, а также бетонных и железобетонных изделий, стеновых и перегородочных материалов, лесоматериалов круглых и пиломатериалов, включенных в таблицу 03-01), бортовым автомобилем грузоподъемностью 5 т, на расстояние до 140 км I класс груза","1 т груза",68.082999999999998,0,0,2338.66,159222.76999999999,159222.76999999999]
["31","ТССЦпг-01-01-02-015","Разгрузочные работы при автомобильных перевозках: металлических конструкций массой до 1 т","1 т груза",68.082999999999998,0,0,470.66,32043.95,32043.95]
["Раздел 3. Прогоны",null,null,null,null,null,null,null,null,0]
["32","ТЕР09-03-015-01","Монтаж прогонов при шаге ферм до 12 м при высоте здания: до 25 м","1 т конструкций",5.7216500000000003,24724.84,141466.87,1307.8499999999999,7483.05,148949.92000000001]
[null,"101-0309","Канаты пеньковые пропитанные","т","0,0001\n0,0006",null,null,null,null,0]
[null,"101-0324","Кислород технический: газообразный","м3","0,5\n2,861",null,null,null,null,0]
[null,"101-0797","Проволока горячекатаная в мотках, диаметром 6,3-6,5 мм","т","0,00003\n0,0002",null,null,null,null,0]
[null,"101-1019","Швеллеры № 40 из стали марки: Ст0","т","0,00194\n0,0111",null,null,null,null,0]
[null,"101-1513","Электроды диаметром: 4 мм Э42","т","0,0026\n0,0149",null,null,null,null,0]
[null,"101-1714","Болты с гайками и шайбами строительные","т","0,003\n0,0172",null,null,null,null,0]
[null,"101-1805","Гвозди строительные","т","0,00001\n0,0001",null,null,null,null,0]
[null,"101-2278","Пропан-бутан, смесь техническая","кг","0,15\n0,8582",null,null,null,null,0]
[null,"101-2467","Растворитель марки: Р-4","т","0,0006\n0,0034",null,null,null,null,0]
[null,"102-0023","Бруски обрезные хвойных пород длиной: 4-6,5 м, шириной 75-150 мм, толщиной 40-75 мм, I сорта","м3","0,00103\n0,0059",null,null,null,null,0]
[null,"113-0021","Грунтовка: ГФ-021 красно-коричневая","т","0,00031\n0,0018",null,null,null,null,0]
[null,"201-0756","Отдельные конструктивные элементы зданий и сооружений с преобладанием: горячекатаных профилей, средняя масса сборочной единицы от 0,1 до 0,5 т","т","0,0001\n0,0006",null,null,null,null,0]
[null,"508-0097","Канат двойной свивки типа ТК, конструкции 6х19(1+6+12)+1 о.с., оцинкованный из проволок марки В, маркировочная группа: 1770 н/мм2, диаметром 5,5 мм","10 м","0,0187\n0,107",null,null,null,null,0]
["33","ТЕРм38-01-003-03","Решетчатые конструкции (стойки, опоры, фермы и пр.), сборка с помощью: лебедок электрических (с установкой и снятием их в процессе работы)","1 т конструкций",5.665,145545.4,824514.69,3563.13,20185.13,844699.82]
[null,"101-0324","Кислород технический: газообразный","м3","2,6\n14,73",null,null,null,null,0]
[null,"101-1521","Электроды диаметром: 5 мм Э42","т","0,0215\n0,1218",null,null,null,null,0]
[null,"101-2278","Пропан-бутан, смесь техническая","кг","0,5\n2,833",null,null,null,null,0]
[null,"999-9950","Вспомогательные ненормируемые ресурсы (2% от Оплаты труда рабочих)","руб","42,32\n239,7",null,null,null,null,0]
["34","Прайс","Швеллер 20П","т",5.15,0,0,107663.2,554465.48,554465.48]
["35","Прайс","Уголок не равнополочный 140*90*8","т",0.51500000000000001,0,0,139173.54999999999,71674.38,71674.38]
["Перевозка материалов (металл 140 км. ОП \"МКМ-СПб\")",null,null,null,null,null,null,null,null,0]
["36",null,"Металлопрокат, трубопрокат и металлоконструкции","т",5.665,0,0,0,0,0]
["37","ТССЦпг-03-02-01-140","Перевозка строительных грузов (кроме массовых навалочных, перевозимых автомобилями-самосвалами, а также бетонных и железобетонных изделий, стеновых и перегородочных материалов, лесоматериалов круглых и пиломатериалов, включенных в таблицу 03-01), бортовым автомобилем грузоподъемностью 5 т, на расстояние до 140 км I класс груза","1 т груза",5.665,0,0,2338.56,13247.97,13247.97]
["38","ТССЦпг-01-01-02-015","Разгрузочные работы при автомобильных перевозках: металлических конструкций массой до 1 т","1 т груза",5.665,0,0,470.65,2666.26,2666.26]
["Раздел 4. Связи, распорки",null,null,null,null,null,null,null,null,0]
["39","ТЕР09-03-014-01","Монтаж связей и распорок из одиночных и парных уголков, гнутосварных профилей для пролетов: до 24 м при высоте здания до  25 м","1 т конструкций",12.587630000000001,85716.35,1078965.72,4252.29,53526.3,1132492.02]
[null,"101-0309","Канаты пеньковые пропитанные","т","0,0001\n0,0013",null,null,null,null,0]
[null,"101-0324","Кислород технический: газообразный","м3","1,2\n15,11",null,null,null,null,0]
[null,"101-0797","Проволока горячекатаная в мотках, диаметром 6,3-6,5 мм","т","0,00003\n0,0004",null,null,null,null,0]
[null,"101-1019","Швеллеры № 40 из стали марки: Ст0","т","0,00194\n0,0244",null,null,null,null,0]
[null,"101-1513","Электроды диаметром: 4 мм Э42","т","0,00044\n0,0055",null,null,null,null,0]
[null,"101-1714","Болты с гайками и шайбами строительные","т","0,021\n0,2643",null,null,null,null,0]
[null,"101-1805","Гвозди строительные","т","0,00001\n0,0001",null,null,null,null,0]
[null,"101-2278","Пропан-бутан, смесь техническая","кг","0,36\n4,532",null,null,null,null,0]
[null,"101-2467","Растворитель марки: Р-4","т","0,0006\n0,0076",null,null,null,null,0]
[null,"102-0023","Бруски обрезные хвойных пород длиной: 4-6,5 м, шириной 75-150 мм, толщиной 40-75 мм, I сорта","м3","0,00103\n0,013",null,null,null,null,0]
[null,"113-0021","Грунтовка: ГФ-021 красно-коричневая","т","0,00031\n0,0039",null,null,null,null,0]
[null,"201-0756","Отдельные конструктивные элементы зданий и сооружений с преобладанием: горячекатаных профилей, средняя масса сборочной единицы от 0,1 до 0,5 т","т","0,0002\n0,0025",null,null,null,null,0]
[null,"508-0097","Канат двойной свивки типа ТК, конструкции 6х19(1+6+12)+1 о.с., оцинкованный из проволок марки В, маркировочная группа: 1770 н/мм2, диаметром 5,5 мм","10 м","0,0187\n0,2354",null,null,null,null,0]
["40","ТЕРм38-01-003-03","Решетчатые конструкции (стойки, опоры, фермы и пр.), сборка с помощью: лебедок электрических (с установкой и снятием их в процессе работы)","1 т конструкций",12.462999999999999,145545.29,1813930.89,3563.22,44408.44,1858339.33]
[null,"101-0324","Кислород технический: газообразный","м3","2,6\n32,4",null,null,null,null,0]
[null,"101-1521","Электроды диаметром: 5 мм Э42","т","0,0215\n0,268",null,null,null,null,0]
[null,"101-2278","Пропан-бутан, смесь техническая","кг","0,5\n6,232",null,null,null,null,0]
[null,"999-9950","Вспомогательные ненормируемые ресурсы (2% от Оплаты труда рабочих)","руб","42,32\n527,4",null,null,null,null,0]
["41","Прайс","Профиль гн. 200*7","т",1.236,0,0,134183.71,165851.07,165851.07]
["42","Прайс","Профиль гн. 160*5","т",3.9140000000000001,0,0,124872.98,488752.83,488752.83]
["43","Прайс","Профиль гн. 120*5","т",1.236,0,0,113870.78,140744.28,140744.28]
["44","Прайс","Профиль гн. 100*5","т",3.7080000000000002,0,0,109780.76,407067.05,407067.05]
["45","Прайс","Профиль гн. 80*5","т",0.10299999999999999,0,0,99248.25,10222.57,10222.57]
["46","Прайс","Уголок равнополочный 100*7","т",0.20599999999999999,0,0,112546.94,23184.67,23184.67]
["47","Прайс","Прокат листовой 16мм","т",1.133,0,0,103817.91,117625.69,117625.69]
["48","Прайс","Прокат листовой 12мм","т",0.41199999999999998,0,0,96029.98,39564.35,39564.35]
["49","Прайс","Прокат листовой 10мм","т",0.41199999999999998,0,0,94506.240000000005,38936.57,38936.57]
["50","Прайс","Прокат листовой 4мм","т",0.10299999999999999,0,0,76430.679999999993,7872.36,7872.36]
["Перевозка материалов (металл 140 км. ОП \"МКМ-СПб\")",null,null,null,null,null,null,null,null,0]
["51",null,"Металлопрокат, трубопрокат и металлоконструкции","т",12.462999999999999,0,0,0,0,0]
["52","ТССЦпг-03-02-01-140","Перевозка строительных грузов (кроме массовых навалочных, перевозимых автомобилями-самосвалами, а также бетонных и железобетонных изделий, стеновых и перегородочных материалов, лесоматериалов круглых и пиломатериалов, включенных в таблицу 03-01), бортовым автомобилем грузоподъемностью 5 т, на расстояние до 140 км I класс груза","1 т груза",12.462999999999999,0,0,2338.63,29146.400000000001,29146.400000000001]
["53","ТССЦпг-01-01-02-015","Разгрузочные работы при автомобильных перевозках: металлических конструкций массой до 1 т","1 т груза",12.462999999999999,0,0,470.63,5865.48,5865.48]
["Раздел 5. Балки крановые, рельсы и эл-ты крепления",null,null,null,null,null,null,null,null,0]
["54","ТЕР09-03-003-02","Монтаж одиночных подкрановых балок на отметке до 25 м массой: до 2,0 т","1 т конструкций",8.5304599999999997,23013.39,196314.8,1989.35,16970.11,{"$f":"G143+I143","v":213284.91}]
[null,"101-0309","Канаты пеньковые пропитанные","т","0,0001\n0,0009",null,null,null,null,0]
[null,"101-0324","Кислород технический: газообразный","м3","1,1\n9,384",null,null,null,null,0]
[null,"101-0797","Проволока горячекатаная в мотках, диаметром 6,3-6,5 мм","т","0,00003\n0,0003",null,null,null,null,0]
[null,"101-1019","Швеллеры № 40 из стали марки: Ст0","т","0,00194\n0,0165",null,null,null,null,0]
[null,"101-1513","Электроды диаметром: 4 мм Э42","т","0,0034\n0,029",null,null,null,null,0]
[null,"101-1714","Болты с гайками и шайбами строительные","т","0,0028\n0,0239",null,null,null,null,0]
[null,"101-1805","Гвозди строительные","т","0,00001\n0,0001",null,null,null,null,0]
[null,"101-2278","Пропан-бутан, смесь техническая","кг","0,33\n2,815",null,null,null,null,0]
[null,"101-2467","Растворитель марки: Р-4","т","0,0006\n0,0051",null,null,null,null,0]
[null,"102-0023","Бруски обрезные хвойных пород длиной: 4-6,5 м, шириной 75-150 мм, толщиной 40-75 мм, I сорта","м3","0,00103\n0,0088",null,null,null,null,0]
[null,"113-0021","Грунтовка: ГФ-021 красно-коричневая","т","0,00031\n0,0026",null,null,null,null,0]
[null,"201-0756","Отдельные конструктивные элементы зданий и сооружений с преобладанием: горячекатаных профилей, средняя масса сборочной единицы от 0,1 до 0,5 т","т","0,003\n0,0256",null,null,null,null,0]
[null,"508-0097","Канат двойной свивки типа ТК, конструкции 6х19(1+6+12)+1 о.с., оцинкованный из проволок марки В, маркировочная группа: 1770 н/мм2, диаметром 5,5 мм","10 м","0,0187\n0,1595",null,null,null,null,0]
["55","ТЕРм38-01-002-03","Монорельсы, балки и другие аналогичные конструкции промышленных зданий, сборка с помощью: лебедок электрических (с установкой и снятием их в процессе работы)","1 т конструкций",8.4459999999999997,39050.129999999997,329817.37,602.28,5086.87,334904.24]
[null,"101-0324","Кислород технический: газообразный","м3","0,6\n5,068",null,null,null,null,0]
[null,"101-1521","Электроды диаметром: 5 мм Э42","т","0,0032\n0,027",null,null,null,null,0]
[null,"101-2278","Пропан-бутан, смесь техническая","кг","0,2\n1,689",null,null,null,null,0]
[null,"999-9950","Вспомогательные ненормируемые ресурсы (2% от Оплаты труда рабочих)","руб","10,14\n85,64",null,null,null,null,0]
["56","Прайс","Двутавр М45","т",5.7679999999999998,0,0,113067.48,652173.24,652173.24]
["57","Прайс","Двутавр М36","т",0.72099999999999997,0,0,112215.21,80907.17,80907.17]
["58","Прайс","Уголок равнополочный 100*7","т",0.10299999999999999,0,0,112540,11591.62,11591.62]
["59","Прайс","Прокат листовой 16мм","т",0.20599999999999999,0,0,103816.02,21386.1,21386.1]
["60","Прайс","Прокат листовой 10мм","т",0.61799999999999999,0,0,94506.25,58404.86,58404.86]
["61","ТЕР09-03-003-02","Монтаж одиночных подкрановых балок на отметке до 25 м массой: до 2,0 т","1 т конструкций",1.01,26003.19,26263.22,2248.71,2271.1999999999998,28534.42]
[null,"101-0309","Канаты пеньковые пропитанные","т","0,000113\n0,0001",null,null,null,null,0]
[null,"101-0324","Кислород технический: газообразный","м3","1,243\n1,255",null,null,null,null,0]
[null,"101-0797","Проволока горячекатаная в мотках, диаметром 6,3-6,5 мм","т","0,0000339\n0",null,null,null,null,0]
[null,"101-1019","Швеллеры № 40 из стали марки: Ст0","т","0,0021922\n0,0022",null,null,null,null,0]
[null,"101-1513","Электроды диаметром: 4 мм Э42","т","0,003842\n0,0039",null,null,null,null,0]
[null,"101-1714","Болты с гайками и шайбами строительные","т","0,003164\n0,0032",null,null,null,null,0]
[null,"101-1805","Гвозди строительные","т","0,0000113\n0",null,null,null,null,0]
[null,"101-2278","Пропан-бутан, смесь техническая","кг","0,3729\n0,3766",null,null,null,null,0]
[null,"101-2467","Растворитель марки: Р-4","т","0,000678\n0,0007",null,null,null,null,0]
[null,"102-0023","Бруски обрезные хвойных пород длиной: 4-6,5 м, шириной 75-150 мм, толщиной 40-75 мм, I сорта","м3","0,0011639\n0,0012",null,null,null,null,0]
[null,"113-0021","Грунтовка: ГФ-021 красно-коричневая","т","0,0003503\n0,0004",null,null,null,null,0]
[null,"201-0756","Отдельные конструктивные элементы зданий и сооружений с преобладанием: горячекатаных профилей, средняя масса сборочной единицы от 0,1 до 0,5 т","т","0,00339\n0,0034",null,null,null,null,0]
[null,"508-0097","Канат двойной свивки типа ТК, конструкции 6х19(1+6+12)+1 о.с., оцинкованный из проволок марки В, маркировочная группа: 1770 н/мм2, диаметром 5,5 мм","10 м","0,021131\n0,0213",null,null,null,null,0]
["62","ТЕРм38-01-002-03","Монорельсы, балки и другие аналогичные конструкции промышленных зданий, сборка с помощью: лебедок электрических (с установкой и снятием их в процессе работы)","1 т конструкций",1.03,39050.78,40222.300000000003,601.13,619.16,40841.46]
[null,"101-0324","Кислород технический: газообразный","м3","0,6\n0,618",null,null,null,null,0]
[null,"101-1521","Электроды диаметром: 5 мм Э42","т","0,0032\n0,0033",null,null,null,null,0]
[null,"101-2278","Пропан-бутан, смесь техническая","кг","0,2\n0,206",null,null,null,null,0]
[null,"999-9950","Вспомогательные ненормируемые ресурсы (2% от Оплаты труда рабочих)","руб","10,14\n10,44",null,null,null,null,0]
["63","Прайс","Прокат листовой 25мм","т",1.03,0,0,112337.75,115707.88,115707.88]
["Перевозка материалов (металл 140 км. ОП \"МКМ-СПб\")",null,null,null,null,null,null,null,null,0]
["64",null,"Металлопрокат, трубопрокат и металлоконструкции","т",9.4760000000000009,0,0,0,0,0]
["65","ТССЦпг-03-02-01-140","Перевозка строительных грузов (кроме массовых навалочных, перевозимых автомобилями-самосвалами, а также бетонных и железобетонных изделий, стеновых и перегородочных материалов, лесоматериалов круглых и пиломатериалов, включенных в таблицу 03-01), бортовым автомобилем грузоподъемностью 5 т, на расстояние до 140 км I класс груза","1 т груза",9.4760000000000009,0,0,2338.73,22161.84,22161.84]
["66","ТССЦпг-01-01-02-015","Разгрузочные работы при автомобильных перевозках: металлических конструкций массой до 1 т","1 т груза",9.4760000000000009,0,0,470.72,4460.5200000000004,4460.5200000000004]
["Раздел 6. Фахверк",null,null,null,null,null,null,null,null,0]
["67","ТЕР09-04-006-01","Монтаж фахверка","1 т конструкций",19.661670000000001,50227.03,987547.23,2655.95,52220.46,1039767.69]
[null,"101-0309","Канаты пеньковые пропитанные","т","0,0001\n0,002",null,null,null,null,0]
[null,"101-0324","Кислород технический: газообразный","м3","2,6\n51,12",null,null,null,null,0]
[null,"101-0797","Проволока горячекатаная в мотках, диаметром 6,3-6,5 мм","т","0,00003\n0,0006",null,null,null,null,0]
[null,"101-1019","Швеллеры № 40 из стали марки: Ст0","т","0,00194\n0,0381",null,null,null,null,0]
[null,"101-1515","Электроды диаметром: 4 мм Э46","т","0,016\n0,3146",null,null,null,null,0]
[null,"101-1805","Гвозди строительные","т","0,00001\n0,0002",null,null,null,null,0]
[null,"101-2278","Пропан-бутан, смесь техническая","кг","0,78\n15,34",null,null,null,null,0]
[null,"101-2467","Растворитель марки: Р-4","т","0,0006\n0,0118",null,null,null,null,0]
[null,"113-0021","Грунтовка: ГФ-021 красно-коричневая","т","0,00031\n0,0061",null,null,null,null,0]
[null,"201-0756","Отдельные конструктивные элементы зданий и сооружений с преобладанием: горячекатаных профилей, средняя масса сборочной единицы от 0,1 до 0,5 т","т","0,001\n0,0197",null,null,null,null,0]
[null,"508-0097","Канат двойной свивки типа ТК, конструкции 6х19(1+6+12)+1 о.с., оцинкованный из проволок марки В, маркировочная группа: 1770 н/мм2, диаметром 5,5 мм","10 м","0,0187\n0,3677",null,null,null,null,0]
["68","ТССЦ-110-0008","Болты сборочные с гайками и шайбами по классу прочности: 8,8","т",0.19661699999999999,0,0,150372.96,29565.88,29565.88]
["69","ТЕРм38-01-003-03","Решетчатые конструкции (стойки, опоры, фермы и пр.), сборка с помощью: лебедок электрических (с установкой и снятием их в процессе работы)","1 т конструкций",19.466999999999999,145545.19,2833328.13,3563.18,69364.39,2902692.52]
[null,"101-0324","Кислород технический: газообразный","м3","2,6\n50,61",null,null,null,null,0]
[null,"101-1521","Электроды диаметром: 5 мм Э42","т","0,0215\n0,4185",null,null,null,null,{"$f":"G207+I207","v":0}]
[null,"101-2278","Пропан-бутан, смесь техническая","кг","0,5\n9,734",null,null,null,null,0]
[null,"999-9950","Вспомогательные ненормируемые ресурсы (2% от Оплаты труда рабочих)","руб","42,32\n823,8",null,null,null,null,0]
["70","Прайс","Профиль гн. 120*5","т",0.92700000000000005,0,0,113871.17,105558.57,105558.57]
["71","Прайс","Профиль гн. 100*5","т",14.625999999999999,0,0,109780.69,1605652.4,1605652.4]
["72","Прайс","Швеллер гнутый 100*63*4","т",0.92700000000000005,0,0,112617.46,104396.39,104396.39]
["73","Прайс","Уголок равнополочный 63*5","т",1.339,0,0,103575.15,138687.12,138687.12]
["74","Прайс","Уголок не равнополочный 100*63*8","т",1.339,0,0,118666.02,158893.79999999999,158893.79999999999]
["75","Прайс","Прокат листовой 10мм","т",0.20599999999999999,0,0,94506.26,19468.29,19468.29]
["76","Прайс","Прокат листовой 4мм","т",0.10299999999999999,0,0,76430.679999999993,7872.36,7872.36]
["Перевозка материалов (металл 140 км. ОП \"МКМ-СПб\")",null,null,null,null,null,null,null,null,0]
["77",null,"Металлопрокат, трубопрокат и металлоконструкции","т",19.466999999999999,0,0,0,0,0]
["78","ТССЦпг-03-02-01-140","Перевозка строительных грузов (кроме массовых навалочных, перевозимых автомобилями-самосвалами, а также бетонных и железобетонных изделий, стеновых и перегородочных материалов, лесоматериалов круглых и пиломатериалов, включенных в таблицу 03-01), бортовым автомобилем грузоподъемностью 5 т, на расстояние до 140 км I класс груза","1 т груза",19.466999999999999,0,0,2338.63,45526.080000000002,45526.080000000002]
["79","ТССЦпг-01-01-02-015","Разгрузочные работы при автомобильных перевозках: металлических конструкций массой до 1 т","1 т груза",19.466999999999999,0,0,470.66,9162.39,9162.39]
["Раздел 7. Лестницы, площадки, ограждения, щиты и рамы",null,null,null,null,null,null,null,null,0]
["80","ТЕР09-03-029-01","Монтаж лестниц прямолинейных и криволинейных, пожарных с ограждением","1 т конструкций",48.894100000000002,57879.040000000001,2829943.59,1156.94,56567.5,2886511.09]
[null,"101-0309","Канаты пеньковые пропитанные","т","0,0001\n0,0049",null,null,null,null,0]
[null,"101-0324","Кислород технический: газообразный","м3","1,37\n66,98",null,null,null,null,0]
[null,"101-0797","Проволока горячекатаная в мотках, диаметром 6,3-6,5 мм","т","0,00003\n0,0015",null,null,null,null,0]
[null,"101-1019","Швеллеры № 40 из стали марки: Ст0","т","0,00194\n0,0949",null,null,null,null,0]
[null,"101-1515","Электроды диаметром: 4 мм Э46","т","0,004\n0,1956",null,null,null,null,0]
[null,"101-1805","Гвозди строительные","т","0,00001\n0,0005",null,null,null,null,0]
[null,"101-2278","Пропан-бутан, смесь техническая","кг","0,41\n20,05",null,null,null,null,0]
[null,"101-2467","Растворитель марки: Р-4","т","0,0006\n0,0293",null,null,null,null,0]
[null,"102-0023","Бруски обрезные хвойных пород длиной: 4-6,5 м, шириной 75-150 мм, толщиной 40-75 мм, I сорта","м3","0,00103\n0,0504",null,null,null,null,0]
[null,"113-0021","Грунтовка: ГФ-021 красно-коричневая","т","0,00031\n0,0152",null,null,null,null,0]
[null,"201-0756","Отдельные конструктивные элементы зданий и сооружений с преобладанием: горячекатаных профилей, средняя масса сборочной единицы от 0,1 до 0,5 т","т","0,001\n0,0489",null,null,null,null,0]
[null,"508-0097","Канат двойной свивки типа ТК, конструкции 6х19(1+6+12)+1 о.с., оцинкованный из проволок марки В, маркировочная группа: 1770 н/мм2, диаметром 5,5 мм","10 м","0,0187\n0,9143",null,null,null,null,0]
["81","ТССЦ-110-0008","Болты сборочные с гайками и шайбами по классу прочности: 8,8","т",0.63562300000000005,0,0,150374.75,95581.65,95581.65]
["82","ТЕРм38-01-004-06","Сборка с помощью лебедок электрических (с установкой и снятием их в процессе работы): лестницы прямолинейные и криволинейные с ограждением","1 т конструкций",48.41,181387.35,8780961.5399999991,2724.99,131916.6,8912878.1400000006]
[null,"101-0324","Кислород технический: газообразный","м3","0,6\n29,05",null,null,null,null,0]
[null,"101-1521","Электроды диаметром: 5 мм Э42","т","0,016\n0,7746",null,null,null,null,0]
[null,"101-2278","Пропан-бутан, смесь техническая","кг","0,2\n9,682",null,null,null,null,0]
[null,"999-9950","Вспомогательные ненормируемые ресурсы (2% от Оплаты труда рабочих)","руб","51,07\n2472",null,null,null,null,0]
["83","Прайс","Двутавр 25Ш1","т",4.12,0,0,93228.68,384102.17,384102.17]
["84","Прайс","Двутавр 30Б1","т",2.472,0,0,114648.91,283412.11,283412.11]
["85","Прайс","Двутавр 30Ш1","т",4.0170000000000003,0,0,94324.58,378901.82,378901.82]
["86","Прайс","Профиль гн. 120*5","т",4.7380000000000004,0,0,113870.42,539518.05000000005,539518.05000000005]
["87","Прайс","Профиль гн. 100*5","т",0.41199999999999998,0,0,109781.92,45230.15,45230.15]
["88","Прайс","Швеллер 24П","т",1.236,0,0,109842.35,135765.15,135765.15]
["89","Прайс","Швеллер 20П","т",13.081,0,0,107663.07,1408340.63,1408340.63]
["90","Прайс","Швеллер 16П","т",2.1629999999999998,0,0,102843.35,222450.17,222450.17]
["91","Прайс","Швеллер 12П","т",0.41199999999999998,0,0,98425.41,40551.269999999997,40551.269999999997]
["92","Прайс","Уголок равнополочный 100*7","т",0.20599999999999999,0,0,112546.94,23184.67,23184.67]
["93","Прайс","Уголок равнополочный 90*6","т",1.339,0,0,108953.41,145888.60999999999,145888.60999999999]
["94","Прайс","Уголок равнополочный 75*6","т",0.20599999999999999,0,0,106131.26,21863.040000000001,21863.040000000001]
["95","Прайс","Уголок равнополочный 63*5","т",0.20599999999999999,0,0,103571.94,21335.82,21335.82]
["96","Прайс","Уголок равнополочный 35*4","т",0.61799999999999999,0,0,95175.71,58818.59,58818.59]
["97","Прайс","Уголок не равнополочный 100*63*8","т",0.82399999999999995,0,0,118666.29,97781.02,97781.02]
["98","Прайс","Прокат листовой 10мм","т",0.72099999999999997,0,0,94506.240000000005,68139,68139]
["99","Прайс","Прокат листовой 4мм","т",4.12,0,0,76433.81,314907.28999999998,314907.28999999998]
["100","Прайс","ВГП 42,3*2,8","т",5.15,0,0,80170.2,412876.51,412876.51]
["101","Прайс","ВГП 21,3*2,5","т",1.236,0,0,74790.710000000006,92441.32,92441.32]
["102","Прайс","Прокат стальной горячетканый круглый диаметр 20мм","т",0.41199999999999998,0,0,107832.79,44427.11,44427.11]
["103","Прайс","Прокат стальной горячетканый круглый диаметр 16мм","т",0.72099999999999997,0,0,102990.12,74255.88,74255.88]
["Перевозка материалов (металл 140 км. ОП \"МКМ-СПб\")",null,null,null,null,null,null,null,null,0]
["104",null,"Металлопрокат, трубопрокат и металлоконструкции","т",48.41,0,0,0,0,0]
["105","ТССЦпг-03-02-01-140","Перевозка строительных грузов (кроме массовых навалочных, перевозимых автомобилями-самосвалами, а также бетонных и железобетонных изделий, стеновых и перегородочных материалов, лесоматериалов круглых и пиломатериалов, включенных в таблицу 03-01), бортовым автомобилем грузоподъемностью 5 т, на расстояние до 140 км I класс груза","1 т груза",48.41,0,0,2338.65,113214.01,113214.01]
["106","ТССЦпг-01-01-02-015","Разгрузочные работы при автомобильных перевозках: металлических конструкций массой до 1 т","1 т груза",48.41,0,0,470.67,22785.31,22785.31]
["Раздел 8. Закладные детали",null,null,null,null,null,null,null,null,0]
["107","ТЕР06-01-015-09","Установка закладных деталей весом: более 20 кг","1 т",1.76851,27757.94,49090.19,0,0,49090.19]
["108","ТССЦ-204-0056","Надбавки на сварку каркасов из листов, полос, уголков, швеллеров и двутавров: плоских","т",1.7509999999999999,0,0,12833.07,22470.7,22470.7]
["109","Прайс","Прокат листовой 25мм","т",0.51500000000000001,0,0,112336.35,57853.22,57853.22]
["110","Прайс","Прокат листовой 20мм","т",0.10299999999999999,0,0,106989.03,11019.87,11019.87]
["111","Прайс","Прокат листовой 16мм","т",0.10299999999999999,0,0,103823.01,10693.77,{"$f":"G271+I271","v":10693.77}]
["112","Прайс","Прокат листовой 12мм","т",0.41199999999999998,0,0,96029.98,39564.35,39564.35]
["113","Прайс","Прокат листовой 10мм","т",0.61799999999999999,0,0,94506.25,58404.86,58404.86]
["Перевозка материалов (металл 140 км. ОП \"МКМ-СПб\")",null,null,null,null,null,null,null,null,0]
["114",null,"Металлопрокат, трубопрокат и металлоконструкции","т",1.7509999999999999,0,0,0,0,0]
["115","ТССЦпг-03-02-01-140","Перевозка строительных грузов (кроме массовых навалочных, перевозимых автомобилями-самосвалами, а также бетонных и железобетонных изделий, стеновых и перегородочных материалов, лесоматериалов круглых и пиломатериалов, включенных в таблицу 03-01), бортовым автомобилем грузоподъемностью 5 т, на расстояние до 140 км I класс груза","1 т груза",1.7509999999999999,0,0,2339.0300000000002,4095.64,4095.64]
["116","ТССЦпг-01-01-02-015","Разгрузочные работы при автомобильных перевозках: металлических конструкций массой до 1 т","1 т груза",1.7509999999999999,0,0,470.93,824.59,824.59]
["Раздел 9. Настил",null,null,null,null,null,null,null,null,0]
["117","ТЕР09-03-030-01","Монтаж площадок с настилом и ограждением из листовой, рифленой, просечной и круглой стали","1 т конструкций",12.483599999999999,57047.82,712162.19,1156.8599999999999,14441.76,726603.95]
[null,"101-0309","Канаты пеньковые пропитанные","т","0,0001\n0,0012",null,null,null,null,0]
[null,"101-0324","Кислород технический: газообразный","м3","1,37\n17,1",null,null,null,null,0]
[null,"101-0797","Проволока горячекатаная в мотках, диаметром 6,3-6,5 мм","т","0,00003\n0,0004",null,null,null,null,0]
[null,"101-1019","Швеллеры № 40 из стали марки: Ст0","т","0,00194\n0,0242",null,null,null,null,0]
[null,"101-1515","Электроды диаметром: 4 мм Э46","т","0,004\n0,0499",null,null,null,null,0]
[null,"101-1805","Гвозди строительные","т","0,00001\n0,0001",null,null,null,null,0]
[null,"101-2278","Пропан-бутан, смесь техническая","кг","0,41\n5,118",null,null,null,null,0]
[null,"101-2467","Растворитель марки: Р-4","т","0,0006\n0,0075",null,null,null,null,0]
[null,"102-0023","Бруски обрезные хвойных пород длиной: 4-6,5 м, шириной 75-150 мм, толщиной 40-75 мм, I сорта","м3","0,00103\n0,0129",null,null,null,null,0]
[null,"113-0021","Грунтовка: ГФ-021 красно-коричневая","т","0,00031\n0,0039",null,null,null,null,0]
[null,"201-0756","Отдельные конструктивные элементы зданий и сооружений с преобладанием: горячекатаных профилей, средняя масса сборочной единицы от 0,1 до 0,5 т","т","0,001\n0,0125",null,null,null,null,0]
[null,"508-0097","Канат двойной свивки типа ТК, конструкции 6х19(1+6+12)+1 о.с., оцинкованный из проволок марки В, маркировочная группа: 1770 н/мм2, диаметром 5,5 мм","10 м","0,0187\n0,2334",null,null,null,null,0]
["118","ТССЦ-110-0008","Болты сборочные с гайками и шайбами по классу прочности: 8,8","т",0.11054600000000001,0,0,150379.84,16623.89,16623.89]
["119","ТЕРм38-01-004-05","Сборка с помощью лебедок электрических (с установкой и снятием их в процессе работы): площадки для обслуживания оборудования и трубопроводов","1 т конструкций",8.4459999999999997,145937.81,1232590.71,2902.21,24512.06,1257102.77]
[null,"101-0324","Кислород технический: газообразный","м3","0,9\n7,601",null,null,null,null,0]
[null,"101-1521","Электроды диаметром: 5 мм Э42","т","0,0179\n0,1512",null,null,null,null,0]
[null,"101-2278","Пропан-бутан, смесь техническая","кг","0,2\n1,689",null,null,null,null,0]
[null,"999-9950","Вспомогательные ненормируемые ресурсы (2% от Оплаты труда рабочих)","руб","42,08\n355,4",null,null,null,null,0]
["120","Прайс","Лист стальной с рифлением ромбическим 4мм","т",6.2830000000000004,0,0,105765.53,664524.80000000005,664524.80000000005]
["121","Прайс","Лист ПВЛ ПВ506","т",0.41199999999999998,0,0,165783.42000000001,68302.77,68302.77]
["122","Прайс","Профиль H57-750-0,8","т",5.665,0,0,153670.53,870543.57,870543.57]
["123","ТССЦ-101-1810","Винты самонарезающие: для крепления профилированного настила и панелей к несущим конструкциям","т",0.2039,0,0,256488.67,52298.04,52298.04]
["124","ТЕР09-04-006-02","Монтаж ограждающих конструкций стен: из профилированного листа при высоте здания до 30 м","100 м2",5.0107999999999997,175479.74,879293.89,5922.22,29675.06,908968.95]
[null,"101-0309","Канаты пеньковые пропитанные","т","0,00015\n0,0008",null,null,null,null,0]
[null,"101-0324","Кислород технический: газообразный","м3","2,98\n14,93",null,null,null,null,0]
[null,"101-0797","Проволока горячекатаная в мотках, диаметром 6,3-6,5 мм","т","0,00004\n0,0002",null,null,null,null,0]
[null,"101-1019","Швеллеры № 40 из стали марки: Ст0","т","0,00297\n0,0149",null,null,null,null,0]
[null,"101-1513","Электроды диаметром: 4 мм Э42","т","0,0034\n0,017",null,null,null,null,0]
[null,"101-1714","Болты с гайками и шайбами строительные","т","0,007\n0,0351",null,null,null,null,0]
[null,"101-1805","Гвозди строительные","т","0,00002\n0,0001",null,null,null,null,0]
[null,"101-2278","Пропан-бутан, смесь техническая","кг","0,903\n4,525",null,null,null,null,0]
[null,"101-2467","Растворитель марки: Р-4","т","0,00009\n0,0005",null,null,null,null,0]
[null,"102-0023","Бруски обрезные хвойных пород длиной: 4-6,5 м, шириной 75-150 мм, толщиной 40-75 мм, I сорта","м3","0,0013\n0,0065",null,null,null,null,0]
[null,"113-0021","Грунтовка: ГФ-021 красно-коричневая","т","0,00047\n0,0024",null,null,null,null,0]
[null,"201-0756","Отдельные конструктивные элементы зданий и сооружений с преобладанием: горячекатаных профилей, средняя масса сборочной единицы от 0,1 до 0,5 т","т","0,019\n0,0952",null,null,null,null,0]
[null,"508-0097","Канат двойной свивки типа ТК, конструкции 6х19(1+6+12)+1 о.с., оцинкованный из проволок марки В, маркировочная группа: 1770 н/мм2, диаметром 5,5 мм","10 м","0,016\n0,0802",null,null,null,null,0]
["125","ТССЦ-201-0382","Конструкции: стальные нащельников и деталей обрамления","т",0.28960000000000002,0,0,179937.33,52109.85,52109.85]
["126","Прайс","Профиль HC35-1000-0,8","т",4.12,0,0,192543.92,793280.97,793280.97]
["127","ТССЦ-101-1810","Винты самонарезающие: для крепления профилированного настила и панелей к несущим конструкциям","т",0.14829999999999999,0,0,256488.81,38037.29,38037.29]
["Перевозка материалов (металл 140 км. ОП \"МКМ-СПб\")",null,null,null,null,null,null,null,null,0]
["128",null,"Металлопрокат, трубопрокат и металлоконструкции","т",12.566000000000001,0,0,0,0,0]
["129","ТССЦпг-03-02-01-140","Перевозка строительных грузов (кроме массовых навалочных, перевозимых автомобилями-самосвалами, а также бетонных и железобетонных изделий, стеновых и перегородочных материалов, лесоматериалов круглых и пиломатериалов, включенных в таблицу 03-01), бортовым автомобилем грузоподъемностью 5 т, на расстояние до 140 км I класс груза","1 т груза",12.566000000000001,0,0,2338.67,29387.75,29387.75]
["130","ТССЦпг-01-01-02-015","Разгрузочные работы при автомобильных перевозках: металлических конструкций массой до 1 т","1 т груза",12.566000000000001,0,0,470.66,5914.33,5914.33]
["Раздел 10. Антикоррозионная обработка",null,null,null,null,null,null,null,null,0]
["131","ТЕР13-03-002-04","Огрунтовка металлических поверхностей за один раз: грунтовкой ГФ-021","100 м2 окрашиваемой поверхности",46.54,7414.1,345052.11,384.85,17911.05,362963.16]
[null,"113-0077","Ксилол нефтяной марки А","т","0,002\n0,0931",null,null,null,null,0]
["132","Прайс\nАналог ТССЦ-113-0021 18353,45/17895,65=3%","Грунтовка: ГФ-021 красно-коричневая","кг",558.5,0,0,403.96,225609.17,225609.17]
["133","ТЕР13-03-004-26","Окраска металлических огрунтованных поверхностей: эмалью ПФ-115 (за 2 раза) К=2","100 м2 окрашиваемой поверхности",46.54,9052.7000000000007,421312.75,240.43,11189.38,432502.13]
[null,"101-1292","Уайт-спирит","т","0,0028\n0,1303",null,null,null,null,0]
["134","Прайс\nАналог ТССЦ-113-0246 25096,77/24506,75=2%","Эмаль ПФ-115 серая","кг",1769,0,0,505.53,894284.2,894284.2]
[null,null,"Всего, руб. с НДС",null,null,null,{"$f":"SUM(G14:G329)","v":30325759.219999999},null,{"$f":"SUM(I14:I329)","v":25856517.989999998},{"$f":"SUM(J14:J329)","v":56182277.210000001}]
[null,null,"Всего, руб. без НДС",null,null,null,{"$f":"G330/1.2","v":25271466.02},null,{"$f":"I330/1.2","v":21547098.329999998},{"$f":"J330/1.2","v":46818564.340000004}]

{"sheet":"1632-2021-2.2.5,2.1.6,2.1.13-2","index":9,"n_rows":257,"n_cols":10,"rows_kept":257,"cut":false,"hidden":false,"merged":[]}
[]
["Терминал по перевалке минеральных удобрений в морском торговом порту Усть-Луга. Береговые объекты терминала"]
["(наименование стройки)"]
[]
["ЛОКАЛЬНАЯ СМЕТА № 1632-2021-2.2.5,2.1.6,2.1.13-КМ_07.04.045-П-00-01"]
["(локальная смета)"]
["на Конструкции металлические, 07.04.045 Конвейерная галерея №6 (код SAP 01.02.011) код ГП 2.1.3"]
["(наименование работ и затрат, наименование объекта)"]
[null,"Основание:","1632-2021-2.2.5, 2.1.6, 2.1.13-КМ_2_0_RU_IFC"]
[]
["№ п/п","Обоснование","Наименование работ и затрат","Ед. изм.","Кол-во","Цена за ед.измерения работ, руб. с НДС","Всего, стоимость работ,руб. с НДС","Цена за ед.измерения материалов, руб. с НДС","Всего, стоимость материалов, руб. с НДС","Итого, руб. с НДС"]
[1,2,3,4,5,6,7,8,9,10]
["Раздел 1. Колонны"]
["1","ТЕР09-03-002-10","Монтаж колонн многоэтажных зданий различного назначения при высоте здания: до 25 м","1 т конструкций",12.79569,18512.18,236876.13,1232.49,15770.58,{"$f":"G14+I14","v":252646.71}]
[null,"101-0309","Канаты пеньковые пропитанные","т","0,0001\n0,0013",null,null,null,null,{"$f":"G15+I15","v":0}]
[null,"101-0324","Кислород технический: газообразный","м3","1,95\n24,95",null,null,null,null,0]
[null,"101-0797","Проволока горячекатаная в мотках, диаметром 6,3-6,5 мм","т","0,00003\n0,0004",null,null,null,null,0]
[null,"101-1019","Швеллеры № 40 из стали марки: Ст0","т","0,00194\n0,0248",null,null,null,null,0]
[null,"101-1513","Электроды диаметром: 4 мм Э42","т","0,0016\n0,0205",null,null,null,null,0]
[null,"101-1714","Болты с гайками и шайбами строительные","т","0,00004\n0,0005",null,null,null,null,0]
[null,"101-1805","Гвозди строительные","т","0,00001\n0,0001",null,null,null,null,0]
[null,"101-2278","Пропан-бутан, смесь техническая","кг","0,59\n7,549",null,null,null,null,0]
[null,"101-2467","Растворитель марки: Р-4","т","0,0006\n0,0077",null,null,null,null,0]
[null,"102-0023","Бруски обрезные хвойных пород длиной: 4-6,5 м, шириной 75-150 мм, толщиной 40-75 мм, I сорта","м3","0,00103\n0,0132",null,null,null,null,0]
[null,"113-0021","Грунтовка: ГФ-021 красно-коричневая","т","0,00031\n0,004",null,null,null,null,0]
[null,"201-0756","Отдельные конструктивные элементы зданий и сооружений с преобладанием: горячекатаных профилей, средняя масса сборочной единицы от 0,1 до 0,5 т","т","0,0023\n0,0294",null,null,null,null,0]
[null,"508-0097","Канат двойной свивки типа ТК, конструкции 6х19(1+6+12)+1 о.с., оцинкованный из проволок марки В, маркировочная группа: 1770 н/мм2, диаметром 5,5 мм","10 м","0,0187\n0,2393",null,null,null,null,0]
["2","ТЕРм38-01-002-03","Монорельсы, балки и другие аналогичные конструкции промышленных зданий, сборка с помощью: лебедок электрических (с установкой и снятием их в процессе работы)","1 т конструкций",12.669,39050.129999999997,494726.06,602.22,7629.58,502355.64]
[null,"101-0324","Кислород технический: газообразный","м3","0,6\n7,601",null,null,null,null,0]
[null,"101-1521","Электроды диаметром: 5 мм Э42","т","0,0032\n0,0405",null,null,null,null,0]
[null,"101-2278","Пропан-бутан, смесь техническая","кг","0,2\n2,534",null,null,null,null,0]
[null,"999-9950","Вспомогательные ненормируемые ресурсы (2% от Оплаты труда рабочих)","руб","10,14\n128,5",null,null,null,null,0]
["3","Прайс","Двутавр 30Ш1","т",2.06,0,0,94324.93,194309.36,194309.36]
["4","Прайс","Двутавр 35Ш1","т",8.9610000000000003,0,0,95663.54,857241.01,857241.01]
["5","Прайс","Уголок не равнополочный 100*63*8","т",0.10299999999999999,0,0,118662.82,12222.27,12222.27]
["6","Прайс","Прокат листовой 30мм","т",0.41199999999999998,0,0,117874.78,48564.41,48564.41]
["7","Прайс","Прокат листовой 20мм","т",0.51500000000000001,0,0,106983.42,55096.46,55096.46]
["8","Прайс","Прокат листовой 12мм","т",0.309,0,0,96026.5,29672.19,29672.19]
["9","Прайс","Прокат листовой 10мм","т",0.309,0,0,94506.25,29202.43,29202.43]
["Перевозка материалов (металл 140 км. ОП \"МКМ-СПб\")",null,null,null,null,null,null,null,null,0]
["10",null,"Арматура, металлопрокат, трубопрокат и металлоконструкции","т",12.669,0,0,0,0,0]
["11","ТССЦпг-03-02-01-140","Перевозка строительных грузов (кроме массовых навалочных, перевозимых автомобилями-самосвалами, а также бетонных и железобетонных изделий, стеновых и перегородочных материалов, лесоматериалов круглых и пиломатериалов, включенных в таблицу 03-01), бортовым автомобилем грузоподъемностью 5 т, на расстояние до 140 км I класс груза","1 т груза",12.669,0,0,200.25,2536.9699999999998,2536.9699999999998]
["12","ТССЦпг-01-01-02-015","Разгрузочные работы при автомобильных перевозках: металлических конструкций массой до 1 т","1 т груза",12.669,0,0,46.83,593.29999999999995,593.29999999999995]
["Раздел 2. Балки",null,null,null,null,null,null,null,null,0]
["13","ТЕР09-03-002-12","Монтаж балок, ригелей перекрытия, покрытия и под установку оборудования многоэтажных зданий при высоте здания: до 25 м","1 т конструкций",27.15183,35504.81,964020.66,1640.27,44536.29,1008556.95]
[null,"101-0309","Канаты пеньковые пропитанные","т","0,0001\n0,0027",null,null,null,null,0]
[null,"101-0324","Кислород технический: газообразный","м3","1,95\n52,95",null,null,null,null,0]
[null,"101-0797","Проволока горячекатаная в мотках, диаметром 6,3-6,5 мм","т","0,00003\n0,0008",null,null,null,null,0]
[null,"101-1019","Швеллеры № 40 из стали марки: Ст0","т","0,00194\n0,0527",null,null,null,null,0]
[null,"101-1513","Электроды диаметром: 4 мм Э42","т","0,0031\n0,0842",null,null,null,null,0]
[null,"101-1714","Болты с гайками и шайбами строительные","т","0,0031\n0,0842",null,null,null,null,0]
[null,"101-1805","Гвозди строительные","т","0,00001\n0,0003",null,null,null,null,0]
[null,"101-2278","Пропан-бутан, смесь техническая","кг","0,59\n16,02",null,null,null,null,0]
[null,"101-2467","Растворитель марки: Р-4","т","0,0006\n0,0163",null,null,null,null,0]
[null,"102-0023","Бруски обрезные хвойных пород длиной: 4-6,5 м, шириной 75-150 мм, толщиной 40-75 мм, I сорта","м3","0,00103\n0,028",null,null,null,null,0]
[null,"113-0021","Грунтовка: ГФ-021 красно-коричневая","т","0,00031\n0,0084",null,null,null,null,0]
[null,"201-0756","Отдельные конструктивные элементы зданий и сооружений с преобладанием: горячекатаных профилей, средняя масса сборочной единицы от 0,1 до 0,5 т","т","0,0005\n0,0136",null,null,null,null,0]
[null,"508-0097","Канат двойной свивки типа ТК, конструкции 6х19(1+6+12)+1 о.с., оцинкованный из проволок марки В, маркировочная группа: 1770 н/мм2, диаметром 5,5 мм","10 м","0,0187\n0,5077",null,null,null,null,0]
["14","ТЕРм38-01-002-01","Монорельсы, балки и другие аналогичные конструкции промышленных зданий, сборка с помощью: крана на автомобильном ходу","1 т конструкций",26.882999999999999,32735.47,880027.76,583.91,15697.31,895725.07]
[null,"101-0324","Кислород технический: газообразный","м3","0,6\n16,13",null,null,null,null,0]
[null,"101-1521","Электроды диаметром: 5 мм Э42","т","0,0032\n0,086",null,null,null,null,0]
[null,"101-2278","Пропан-бутан, смесь техническая","кг","0,2\n5,377",null,null,null,null,0]
[null,"999-9950","Вспомогательные ненормируемые ресурсы (2% от Оплаты труда рабочих)","руб","8,5\n228,5",null,null,null,null,0]
["15","Прайс","Двутавр 30Б1","т",5.5620000000000003,0,0,114649.11,637678.32999999996,637678.32999999996]
["16","Прайс","Двутавр 30Ш1","т",6.6950000000000003,0,0,94324.72,631503.99,631503.99]
["17","Прайс","Двутавр 35Ш1","т",4.7380000000000004,0,0,95663.56,453253.95,453253.95]
["18","Прайс","Двутавр 40Ш1","т",2.9870000000000001,0,0,96028.42,286836.88,286836.88]
["19","Прайс","Двутавр 70Б2","т",4.12,0,0,121465.49,500437.83,500437.83]
["20","Прайс","Швеллер 24П","т",0.82399999999999995,0,0,109842.94,90510.58,90510.58]
["21","Прайс","Уголок не равнополочный 100*63*8","т",0.51500000000000001,0,0,118665.59,61112.78,61112.78]
["22","Прайс","Прокат листовой 12мм","т",0.72099999999999997,0,0,96028.49,69236.539999999994,69236.539999999994]
["23","Прайс","Прокат листовой 10мм","т",0.72099999999999997,0,0,94506.240000000005,68139,68139]
["Перевозка материалов (металл 140 км. ОП \"МКМ-СПб\")",null,null,null,null,null,null,null,null,0]
["24",null,"Арматура, металлопрокат, трубопрокат и металлоконструкции","т",26.882999999999999,0,0,0,0,0]
["25","ТССЦпг-03-02-01-140","Перевозка строительных грузов (кроме массовых навалочных, перевозимых автомобилями-самосвалами, а также бетонных и железобетонных изделий, стеновых и перегородочных материалов, лесоматериалов круглых и пиломатериалов, включенных в таблицу 03-01), бортовым автомобилем грузоподъемностью 5 т, на расстояние до 140 км I класс груза","1 т груза",26.882999999999999,0,0,200.23,5382.8,5382.8]
["26","ТССЦпг-01-01-02-015","Разгрузочные работы при автомобильных перевозках: металлических конструкций массой до 1 т","1 т груза",26.882999999999999,0,0,46.81,1258.43,1258.43]
["Раздел 3. Прогоны",null,null,null,null,null,null,null,null,0]
["27","ТЕР09-03-015-01","Монтаж прогонов при шаге ферм до 12 м при высоте здания: до 25 м","1 т конструкций",2.0806,24725.21,51443.28,1307.72,2720.85,54164.13]
[null,"101-0309","Канаты пеньковые пропитанные","т","0,0001\n0,0002",null,null,null,null,{"$f":"G79+I79","v":0}]
[null,"101-0324","Кислород технический: газообразный","м3","0,5\n1,04",null,null,null,null,0]
[null,"101-0797","Проволока горячекатаная в мотках, диаметром 6,3-6,5 мм","т","0,00003\n0,0001",null,null,null,null,0]
[null,"101-1019","Швеллеры № 40 из стали марки: Ст0","т","0,00194\n0,004",null,null,null,null,0]
[null,"101-1513","Электроды диаметром: 4 мм Э42","т","0,0026\n0,0054",null,null,null,null,0]
[null,"101-1714","Болты с гайками и шайбами строительные","т","0,003\n0,0062",null,null,null,null,0]
[null,"101-1805","Гвозди строительные","т","0,00001\n0",null,null,null,null,0]
[null,"101-2278","Пропан-бутан, смесь техническая","кг","0,15\n0,3121",null,null,null,null,0]
[null,"101-2467","Растворитель марки: Р-4","т","0,0006\n0,0012",null,null,null,null,0]
[null,"102-0023","Бруски обрезные хвойных пород длиной: 4-6,5 м, шириной 75-150 мм, толщиной 40-75 мм, I сорта","м3","0,00103\n0,0021",null,null,null,null,0]
[null,"113-0021","Грунтовка: ГФ-021 красно-коричневая","т","0,00031\n0,0006",null,null,null,null,0]
[null,"201-0756","Отдельные конструктивные элементы зданий и сооружений с преобладанием: горячекатаных профилей, средняя масса сборочной единицы от 0,1 до 0,5 т","т","0,0001\n0,0002",null,null,null,null,0]
[null,"508-0097","Канат двойной свивки типа ТК, конструкции 6х19(1+6+12)+1 о.с., оцинкованный из проволок марки В, маркировочная группа: 1770 н/мм2, диаметром 5,5 мм","10 м","0,0187\n0,0389",null,null,null,null,0]
["28","ТЕРм38-01-003-01","Решетчатые конструкции (стойки, опоры, фермы и пр.), сборка с помощью: крана на автомобильном ходу","1 т конструкций",2.06,131478.19,270845.07,3461,7129.66,277974.73]
[null,"101-0324","Кислород технический: газообразный","м3","2,6\n5,356",null,null,null,null,0]
[null,"101-1521","Электроды диаметром: 5 мм Э42","т","0,0215\n0,0443",null,null,null,null,0]
[null,"101-2278","Пропан-бутан, смесь техническая","кг","0,5\n1,03",null,null,null,null,0]
[null,"999-9950","Вспомогательные ненормируемые ресурсы (2% от Оплаты труда рабочих)","руб","33,2\n68,39",null,null,null,null,0]
["29","Прайс","Швеллер 20П","т",1.8540000000000001,0,0,107663.11,199607.4,199607.4]
["30","Прайс","Уголок не равнополочный 140*90*8","т",0.20599999999999999,0,0,139172.18,28669.47,28669.47]
["Перевозка материалов (металл 140 км. ОП \"МКМ-СПб\")",null,null,null,null,null,null,null,null,0]
["31",null,"Арматура, металлопрокат, трубопрокат и металлоконструкции","т",2.06,0,0,0,0,0]
["32","ТССЦпг-03-02-01-140","Перевозка строительных грузов (кроме массовых навалочных, перевозимых автомобилями-самосвалами, а также бетонных и железобетонных изделий, стеновых и перегородочных материалов, лесоматериалов круглых и пиломатериалов, включенных в таблицу 03-01), бортовым автомобилем грузоподъемностью 5 т, на расстояние до 140 км I класс груза","1 т груза",2.06,0,0,200.14,412.29,412.29]
["33","ТССЦпг-01-01-02-015","Разгрузочные работы при автомобильных перевозках: металлических конструкций массой до 1 т","1 т груза",2.06,0,0,46.72,96.25,96.25]
["Раздел 4. Связи, распорки",null,null,null,null,null,null,null,null,0]
["34","ТЕР09-03-014-01","Монтаж связей и распорок из одиночных и парных уголков, гнутосварных профилей для пролетов: до 24 м при высоте здания до  25 м","1 т конструкций",4.6813500000000001,85716.23,401267.65,4252.29,19906.439999999999,421174.09]
[null,"101-0309","Канаты пеньковые пропитанные","т","0,0001\n0,0005",null,null,null,null,0]
[null,"101-0324","Кислород технический: газообразный","м3","1,2\n5,618",null,null,null,null,0]
[null,"101-0797","Проволока горячекатаная в мотках, диаметром 6,3-6,5 мм","т","0,00003\n0,0001",null,null,null,null,0]
[null,"101-1019","Швеллеры № 40 из стали марки: Ст0","т","0,00194\n0,0091",null,null,null,null,0]
[null,"101-1513","Электроды диаметром: 4 мм Э42","т","0,00044\n0,0021",null,null,null,null,0]
[null,"101-1714","Болты с гайками и шайбами строительные","т","0,021\n0,0983",null,null,null,null,0]
[null,"101-1805","Гвозди строительные","т","0,00001\n0",null,null,null,null,0]
[null,"101-2278","Пропан-бутан, смесь техническая","кг","0,36\n1,685",null,null,null,null,0]
[null,"101-2467","Растворитель марки: Р-4","т","0,0006\n0,0028",null,null,null,null,0]
[null,"102-0023","Бруски обрезные хвойных пород длиной: 4-6,5 м, шириной 75-150 мм, толщиной 40-75 мм, I сорта","м3","0,00103\n0,0048",null,null,null,null,0]
[null,"113-0021","Грунтовка: ГФ-021 красно-коричневая","т","0,00031\n0,0015",null,null,null,null,0]
[null,"201-0756","Отдельные конструктивные элементы зданий и сооружений с преобладанием: горячекатаных профилей, средняя масса сборочной единицы от 0,1 до 0,5 т","т","0,0002\n0,0009",null,null,null,null,0]
[null,"508-0097","Канат двойной свивки типа ТК, конструкции 6х19(1+6+12)+1 о.с., оцинкованный из проволок марки В, маркировочная группа: 1770 н/мм2, диаметром 5,5 мм","10 м","0,0187\n0,0875",null,null,null,null,0]
["35","ТЕРм38-01-003-01","Решетчатые конструкции (стойки, опоры, фермы и пр.), сборка с помощью: крана на автомобильном ходу","1 т конструкций",4.6349999999999998,131477.79999999999,609399.61,3461.39,16043.52,625443.13]
[null,"101-0324","Кислород технический: газообразный","м3","2,6\n12,05",null,null,null,null,0]
[null,"101-1521","Электроды диаметром: 5 мм Э42","т","0,0215\n0,0997",null,null,null,null,0]
[null,"101-2278","Пропан-бутан, смесь техническая","кг","0,5\n2,318",null,null,null,null,0]
[null,"999-9950","Вспомогательные ненормируемые ресурсы (2% от Оплаты труда рабочих)","руб","33,2\n153,9",null,null,null,null,0]
["36","Прайс","Профиль гн. 200*7","т",0.41199999999999998,0,0,134182.54999999999,55283.21,55283.21]
["37","Прайс","Профиль гн. 160*5","т",1.4419999999999999,0,0,124873.29,180067.29,180067.29]
["38","Прайс","Профиль гн. 120*5","т",0.41199999999999998,0,0,113871.94,46915.24,46915.24]
["39","Прайс","Профиль гн. 100*5","т",1.339,0,0,109780.58,146996.19,146996.19]
["40","Прайс","Профиль гн. 80*5","т",0.10299999999999999,0,0,99248.25,10222.57,10222.57]
["41","Прайс","Прокат листовой 16мм","т",0.51500000000000001,0,0,103817.4,53465.96,53465.96]
["42","Прайс","Прокат листовой 12мм","т",0.10299999999999999,0,0,96026.5,9890.73,9890.73]
["43","Прайс","Прокат листовой 10мм","т",0.20599999999999999,0,0,94506.26,19468.29,19468.29]
["44","Прайс","Прокат листовой 4мм","т",0.10299999999999999,0,0,76430.679999999993,7872.36,7872.36]
["Перевозка материалов (металл 140 км. ОП \"МКМ-СПб\")",null,null,null,null,null,null,null,null,0]
["45",null,"Арматура, металлопрокат, трубопрокат и металлоконструкции","т",4.6349999999999998,0,0,0,0,0]
["46","ТССЦпг-03-02-01-140","Перевозка строительных грузов (кроме массовых навалочных, перевозимых автомобилями-самосвалами, а также бетонных и железобетонных изделий, стеновых и перегородочных материалов, лесоматериалов круглых и пиломатериалов, включенных в таблицу 03-01), бортовым автомобилем грузоподъемностью 5 т, на расстояние до 140 км I класс груза","1 т груза",4.6349999999999998,0,0,200.22,928.02,928.02]
["47","ТССЦпг-01-01-02-015","Разгрузочные работы при автомобильных перевозках: металлических конструкций массой до 1 т","1 т груза",4.6349999999999998,0,0,46.8,216.92,216.92]
["Раздел 5. Фахверк",null,null,null,null,null,null,null,null,0]
["48","ТЕР09-04-006-01","Монтаж фахверка","1 т конструкций",1.8725400000000001,50227.57,94053.14,2655.95,4973.38,99026.52]
[null,"101-0309","Канаты пеньковые пропитанные","т","0,0001\n0,0002",null,null,null,null,0]
[null,"101-0324","Кислород технический: газообразный","м3","2,6\n4,869",null,null,null,null,0]
[null,"101-0797","Проволока горячекатаная в мотках, диаметром 6,3-6,5 мм","т","0,00003\n0,0001",null,null,null,null,0]
[null,"101-1019","Швеллеры № 40 из стали марки: Ст0","т","0,00194\n0,0036",null,null,null,null,0]
[null,"101-1515","Электроды диаметром: 4 мм Э46","т","0,016\n0,03",null,null,null,null,0]
[null,"101-1805","Гвозди строительные","т","0,00001\n0",null,null,null,null,{"$f":"G143+I143","v":0}]
[null,"101-2278","Пропан-бутан, смесь техническая","кг","0,78\n1,461",null,null,null,null,0]
[null,"101-2467","Растворитель марки: Р-4","т","0,0006\n0,0011",null,null,null,null,0]
[null,"113-0021","Грунтовка: ГФ-021 красно-коричневая","т","0,00031\n0,0006",null,null,null,null,0]
[null,"201-0756","Отдельные конструктивные элементы зданий и сооружений с преобладанием: горячекатаных профилей, средняя масса сборочной единицы от 0,1 до 0,5 т","т","0,001\n0,0019",null,null,null,null,0]
[null,"508-0097","Канат двойной свивки типа ТК, конструкции 6х19(1+6+12)+1 о.с., оцинкованный из проволок марки В, маркировочная группа: 1770 н/мм2, диаметром 5,5 мм","10 м","0,0187\n0,035",null,null,null,null,0]
["49","ТЕРм38-01-003-01","Решетчатые конструкции (стойки, опоры, фермы и пр.), сборка с помощью: крана на автомобильном ходу","1 т конструкций",1.8540000000000001,131477.96,243760.13,3461.23,6417.12,250177.25]
[null,"101-0324","Кислород технический: газообразный","м3","2,6\n4,82",null,null,null,null,0]
[null,"101-1521","Электроды диаметром: 5 мм Э42","т","0,0215\n0,0399",null,null,null,null,0]
[null,"101-2278","Пропан-бутан, смесь техническая","кг","0,5\n0,927",null,null,null,null,0]
[null,"999-9950","Вспомогательные ненормируемые ресурсы (2% от Оплаты труда рабочих)","руб","33,2\n61,55",null,null,null,null,0]
["50","Прайс","Профиль гн. 80*5","т",1.4419999999999999,0,0,99242.32,143107.42000000001,143107.42000000001]
["51","Прайс","Уголок равнополочный 100*7","т",0.10299999999999999,0,0,112540,11591.62,11591.62]
["52","Прайс","Уголок равнополочный 63*5","т",0.10299999999999999,0,0,103571.94,10667.91,10667.91]
["53","Прайс","Прокат листовой 10мм","т",0.10299999999999999,0,0,94506.21,9734.14,9734.14]
["54","Прайс","Прокат листовой 4мм","т",0.10299999999999999,0,0,76430.679999999993,7872.36,7872.36]
["Перевозка материалов (металл 140 км. ОП \"МКМ-СПб\")",null,null,null,null,null,null,null,null,0]
["55",null,"Арматура, металлопрокат, трубопрокат и металлоконструкции","т",1.8540000000000001,0,0,0,0,0]
["56","ТССЦпг-03-02-01-140","Перевозка строительных грузов (кроме массовых навалочных, перевозимых автомобилями-самосвалами, а также бетонных и железобетонных изделий, стеновых и перегородочных материалов, лесоматериалов круглых и пиломатериалов, включенных в таблицу 03-01), бортовым автомобилем грузоподъемностью 5 т, на расстояние до 140 км I класс груза","1 т груза",1.8540000000000001,0,0,199.91,370.63,370.63]
["57","ТССЦпг-01-01-02-015","Разгрузочные работы при автомобильных перевозках: металлических конструкций массой до 1 т","1 т груза",1.8540000000000001,0,0,46.49,86.19,86.19]
["Раздел 6. Лестницы, площадки, ограждения, щиты и рамы",null,null,null,null,null,null,null,null,0]
["58","ТЕР09-03-029-01","Монтаж лестниц прямолинейных и криволинейных, пожарных с ограждением","1 т конструкций",2.9119999999999999,57879.33,168544.62,1156.8499999999999,3368.74,171913.36]
[null,"101-0309","Канаты пеньковые пропитанные","т","0,0001\n0,0003",null,null,null,null,0]
[null,"101-0324","Кислород технический: газообразный","м3","1,37\n3,989",null,null,null,null,0]
[null,"101-0797","Проволока горячекатаная в мотках, диаметром 6,3-6,5 мм","т","0,00003\n0,0001",null,null,null,null,0]
[null,"101-1019","Швеллеры № 40 из стали марки: Ст0","т","0,00194\n0,0056",null,null,null,null,0]
[null,"101-1515","Электроды диаметром: 4 мм Э46","т","0,004\n0,0116",null,null,null,null,0]
[null,"101-1805","Гвозди строительные","т","0,00001\n0",null,null,null,null,0]
[null,"101-2278","Пропан-бутан, смесь техническая","кг","0,41\n1,194",null,null,null,null,0]
[null,"101-2467","Растворитель марки: Р-4","т","0,0006\n0,0017",null,null,null,null,0]
[null,"102-0023","Бруски обрезные хвойных пород длиной: 4-6,5 м, шириной 75-150 мм, толщиной 40-75 мм, I сорта","м3","0,00103\n0,003",null,null,null,null,0]
[null,"113-0021","Грунтовка: ГФ-021 красно-коричневая","т","0,00031\n0,0009",null,null,null,null,0]
[null,"201-0756","Отдельные конструктивные элементы зданий и сооружений с преобладанием: горячекатаных профилей, средняя масса сборочной единицы от 0,1 до 0,5 т","т","0,001\n0,0029",null,null,null,null,0]
[null,"508-0097","Канат двойной свивки типа ТК, конструкции 6х19(1+6+12)+1 о.с., оцинкованный из проволок марки В, маркировочная группа: 1770 н/мм2, диаметром 5,5 мм","10 м","0,0187\n0,0545",null,null,null,null,0]
["59","ТЕРм38-01-004-02","Сборка с помощью крана на автомобильном ходу: лестницы прямолинейные и криволинейные с ограждением","1 т конструкций",2.8839999999999999,156867.18,452404.94,2404.4,6934.28,459339.22]
[null,"101-0324","Кислород технический: газообразный","м3","0,6\n1,73",null,null,null,null,0]
[null,"101-1515","Электроды диаметром: 4 мм Э46","т","0,016\n0,0461",null,null,null,null,0]
[null,"101-2278","Пропан-бутан, смесь техническая","кг","0,2\n0,5768",null,null,null,null,0]
[null,"999-9950","Вспомогательные ненормируемые ресурсы (2% от Оплаты труда рабочих)","руб","43,78\n126,3",null,null,null,null,0]
["60","Прайс","Профиль гн. 80*5","т",0.309,0,0,99243.66,30666.29,30666.29]
["61","Прайс","Швеллер 24П","т",0.72099999999999997,0,0,109842.19,79196.22,79196.22]
["62","Прайс","Швеллер 16П","т",0.72099999999999997,0,0,102842.69,74149.58,74149.58]
["63","Прайс","Швеллер 12П","т",0.10299999999999999,0,0,98425.44,10137.82,10137.82]
["64","Прайс","Уголок равнополочный 100*7","т",0.309,0,0,112544.63,34776.29,34776.29]
["65","Прайс","Уголок равнополочный 90*6","т",0.10299999999999999,0,0,108955.53,11222.42,11222.42]
["66","Прайс","Уголок равнополочный 35*4","т",0.20599999999999999,0,0,95175.73,19606.2,19606.2]
["67","Прайс","Прокат листовой 4мм","т",0.20599999999999999,0,0,76430.679999999993,15744.72,15744.72]
["68","Прайс","Прокат стальной горячетканый круглый диаметр 16мм","т",0.20599999999999999,0,0,102993.11,21216.58,21216.58]
["69","ТССЦ-110-0008","Болты сборочные с гайками и шайбами по классу прочности: 8,8","т",3.7856000000000001E-2,0,0,150388.04999999999,5693.09,5693.09]
["Перевозка материалов (металл 140 км. ОП \"МКМ-СПб\")",null,null,null,null,null,null,null,null,0]
["70",null,"Арматура, металлопрокат, трубопрокат и металлоконструкции","т",2.9119999999999999,0,0,0,0,0]
["71","ТССЦпг-03-02-01-140","Перевозка строительных грузов (кроме массовых навалочных, перевозимых автомобилями-самосвалами, а также бетонных и железобетонных изделий, стеновых и перегородочных материалов, лесоматериалов круглых и пиломатериалов, включенных в таблицу 03-01), бортовым автомобилем грузоподъемностью 5 т, на расстояние до 140 км I класс груза","1 т груза",2.9119999999999999,0,0,200.29,583.24,583.24]
["72","ТССЦпг-01-01-02-015","Разгрузочные работы при автомобильных перевозках: металлических конструкций массой до 1 т","1 т груза",2.9119999999999999,0,0,46.86,136.47,136.47]
["Раздел 7. Настил",null,null,null,null,null,null,null,null,0]
["73","ТЕР09-03-030-01","Монтаж площадок с настилом и ограждением из листовой, рифленой, просечной и круглой стали","1 т конструкций",1.248,57046.35,71193.850000000006,1156.8399999999999,1443.74,72637.59]
[null,"101-0309","Канаты пеньковые пропитанные","т","0,0001\n0,0001",null,null,null,null,0]
[null,"101-0324","Кислород технический: газообразный","м3","1,37\n1,71",null,null,null,null,0]
[null,"101-0797","Проволока горячекатаная в мотках, диаметром 6,3-6,5 мм","т","0,00003\n0",null,null,null,null,0]
[null,"101-1019","Швеллеры № 40 из стали марки: Ст0","т","0,00194\n0,0024",null,null,null,null,0]
[null,"101-1515","Электроды диаметром: 4 мм Э46","т","0,004\n0,005",null,null,null,null,0]
[null,"101-1805","Гвозди строительные","т","0,00001\n0",null,null,null,null,0]
[null,"101-2278","Пропан-бутан, смесь техническая","кг","0,41\n0,5117",null,null,null,null,0]
[null,"101-2467","Растворитель марки: Р-4","т","0,0006\n0,0007",null,null,null,null,0]
[null,"102-0023","Бруски обрезные хвойных пород длиной: 4-6,5 м, шириной 75-150 мм, толщиной 40-75 мм, I сорта","м3","0,00103\n0,0013",null,null,null,null,0]
[null,"113-0021","Грунтовка: ГФ-021 красно-коричневая","т","0,00031\n0,0004",null,null,null,null,{"$f":"G207+I207","v":0}]
[null,"201-0756","Отдельные конструктивные элементы зданий и сооружений с преобладанием: горячекатаных профилей, средняя масса сборочной единицы от 0,1 до 0,5 т","т","0,001\n0,0012",null,null,null,null,0]
[null,"508-0097","Канат двойной свивки типа ТК, конструкции 6х19(1+6+12)+1 о.с., оцинкованный из проволок марки В, маркировочная группа: 1770 н/мм2, диаметром 5,5 мм","10 м","0,0187\n0,0233",null,null,null,null,0]
["74","Прайс","Лист стальной с рифлением ромбическим 4мм","т",1.04,0,0,105765.49,109996.11,109996.11]
["75","Прайс","Лист ПВЛ ПВ506","т",0.20799999999999999,0,0,165784.76,34483.230000000003,34483.230000000003]
["76","ТССЦ-110-0008","Болты сборочные с гайками и шайбами по классу прочности: 8,8","т",1.2854000000000001E-2,0,0,150428.66,1933.61,1933.61]
["77","ТЕР09-04-002-01","Монтаж кровельного покрытия: из профилированного листа при высоте здания до 25 м","100 м2 покрытия",2.12,46845.27,99311.97,3033.72,6431.49,105743.46]
[null,"101-0309","Канаты пеньковые пропитанные","т","0,00015\n0,0003",null,null,null,null,0]
[null,"101-0324","Кислород технический: газообразный","м3","1,4\n2,968",null,null,null,null,0]
[null,"101-0797","Проволока горячекатаная в мотках, диаметром 6,3-6,5 мм","т","0,00004\n0,0001",null,null,null,null,0]
[null,"101-1019","Швеллеры № 40 из стали марки: Ст0","т","0,00297\n0,0063",null,null,null,null,0]
[null,"101-1513","Электроды диаметром: 4 мм Э42","т","0,00061\n0,0013",null,null,null,null,0]
[null,"101-1714","Болты с гайками и шайбами строительные","т","0,0022\n0,0047",null,null,null,null,0]
[null,"101-2278","Пропан-бутан, смесь техническая","кг","0,42\n0,8904",null,null,null,null,0]
[null,"101-2467","Растворитель марки: Р-4","т","0,00009\n0,0002",null,null,null,null,0]
[null,"102-0023","Бруски обрезные хвойных пород длиной: 4-6,5 м, шириной 75-150 мм, толщиной 40-75 мм, I сорта","м3","0,0013\n0,0028",null,null,null,null,0]
[null,"113-0021","Грунтовка: ГФ-021 красно-коричневая","т","0,00047\n0,001",null,null,null,null,0]
[null,"201-0756","Отдельные конструктивные элементы зданий и сооружений с преобладанием: горячекатаных профилей, средняя масса сборочной единицы от 0,1 до 0,5 т","т","0,011\n0,0233",null,null,null,null,0]
[null,"508-0097","Канат двойной свивки типа ТК, конструкции 6х19(1+6+12)+1 о.с., оцинкованный из проволок марки В, маркировочная группа: 1770 н/мм2, диаметром 5,5 мм","10 м","0,016\n0,0339",null,null,null,null,0]
["78","Прайс","Профиль H57-750-0,8","т",2.08,0,0,153670.68,319635.02,319635.02]
["79","ТССЦ-101-1810","Винты самонарезающие: для крепления профилированного настила и панелей к несущим конструкциям","т",7.6300000000000007E-2,0,0,256491.22,19570.28,19570.28]
["80","ТЕР09-04-006-02","Монтаж ограждающих конструкций стен: из профилированного листа при высоте здания до 30 м","100 м2",2.1080999999999999,166243.96,368904.11,5922.47,12485.16,381389.27]
[null,"101-0309","Канаты пеньковые пропитанные","т","0,00015\n0,0003",null,null,null,null,0]
[null,"101-0324","Кислород технический: газообразный","м3","2,98\n6,282",null,null,null,null,0]
[null,"101-0797","Проволока горячекатаная в мотках, диаметром 6,3-6,5 мм","т","0,00004\n0,0001",null,null,null,null,0]
[null,"101-1019","Швеллеры № 40 из стали марки: Ст0","т","0,00297\n0,0063",null,null,null,null,0]
[null,"101-1513","Электроды диаметром: 4 мм Э42","т","0,0034\n0,0072",null,null,null,null,0]
[null,"101-1714","Болты с гайками и шайбами строительные","т","0,007\n0,0148",null,null,null,null,0]
[null,"101-1805","Гвозди строительные","т","0,00002\n0",null,null,null,null,0]
[null,"101-2278","Пропан-бутан, смесь техническая","кг","0,903\n1,904",null,null,null,null,0]
[null,"101-2467","Растворитель марки: Р-4","т","0,00009\n0,0002",null,null,null,null,0]
[null,"102-0023","Бруски обрезные хвойных пород длиной: 4-6,5 м, шириной 75-150 мм, толщиной 40-75 мм, I сорта","м3","0,0013\n0,0027",null,null,null,null,0]
[null,"113-0021","Грунтовка: ГФ-021 красно-коричневая","т","0,00047\n0,001",null,null,null,null,0]
[null,"201-0756","Отдельные конструктивные элементы зданий и сооружений с преобладанием: горячекатаных профилей, средняя масса сборочной единицы от 0,1 до 0,5 т","т","0,019\n0,0401",null,null,null,null,0]
[null,"508-0097","Канат двойной свивки типа ТК, конструкции 6х19(1+6+12)+1 о.с., оцинкованный из проволок марки В, маркировочная группа: 1770 н/мм2, диаметром 5,5 мм","10 м","0,016\n0,0337",null,null,null,null,0]
["81","ТССЦ-201-0382","Конструкции: стальные нащельников и деталей обрамления","т",0.12180000000000001,0,0,179935.88,21916.19,21916.19]
["82","Прайс","Профиль HC35-1000-0,8","т",1.56,0,0,192543.49,300367.84999999998,300367.84999999998]
["83","ТССЦ-101-1810","Винты самонарезающие: для крепления профилированного настила и панелей к несущим конструкциям","т",7.5899999999999995E-2,0,0,256480.24,19466.849999999999,19466.849999999999]
["Перевозка материалов (металл 140 км. ОП \"МКМ-СПб\")",null,null,null,null,null,null,null,null,0]
["84",null,"Арматура, металлопрокат, трубопрокат и металлоконструкции","т",4.8879999999999999,0,0,0,0,0]
["85","ТССЦпг-03-02-01-140","Перевозка строительных грузов (кроме массовых навалочных, перевозимых автомобилями-самосвалами, а также бетонных и железобетонных изделий, стеновых и перегородочных материалов, лесоматериалов круглых и пиломатериалов, включенных в таблицу 03-01), бортовым автомобилем грузоподъемностью 5 т, на расстояние до 140 км I класс груза","1 т груза",4.8879999999999999,0,0,200.14,978.3,978.3]
["86","ТССЦпг-01-01-02-015","Разгрузочные работы при автомобильных перевозках: металлических конструкций массой до 1 т","1 т груза",4.8879999999999999,0,0,46.73,228.41,228.41]
["Раздел 8. Антикоррозионная обработка",null,null,null,null,null,null,null,null,0]
["87","ТЕР13-03-002-04","Огрунтовка металлических поверхностей за один раз: грунтовкой ГФ-021","100 м2 окрашиваемой поверхности",13.95,6524.41,103426.7,384.83,5368.43,108795.13]
[null,"113-0077","Ксилол нефтяной марки А","т","0,002\n0,0279",null,null,null,null,0]
["88","Прайс","Грунтовка: ГФ-021 красно-коричневая","кг",167.4,0,0,400.05,66968.210000000006,66968.210000000006]
["89","ТЕР13-03-004-26","Окраска металлических огрунтованных поверхностей: эмалью ПФ-115 (за 2 раза) К=2","100 м2 окрашиваемой поверхности",13.95,7764.83,124505,240.35,3352.94,127857.94]
[null,"101-1292","Уайт-спирит","т","0,0028\n0,0391",null,null,null,null,0]
["90","Прайс","Эмаль ПФ-115 серая","кг",530.1,0,0,505.53,267982,267982]
[null,null,"Всего, руб. с НДС",null,null,null,{"$f":"SUM(G14:G255)","v":5634710.6799999997},null,{"$f":"SUM(I14:I255)","v":6625196.46},{"$f":"SUM(J14:J255)","v":12259907.140000001}]
[null,null,"Всего, руб. без НДС",null,null,null,{"$f":"G256/1.2","v":4695592.2300000004},null,{"$f":"I256/1.2","v":5520997.0499999998},{"$f":"J256/1.2","v":10216589.279999999}]

{"sheet":"1632-2021-2.2.5,2.1.6,2.1.13-3","index":10,"n_rows":229,"n_cols":10,"rows_kept":229,"cut":false,"hidden":false,"merged":[]}
[]
["Терминал по перевалке минеральных удобрений в морском торговом порту Усть-Луга. Береговые объекты терминала"]
["(наименование стройки)"]
[]
["ЛОКАЛЬНАЯ СМЕТА № 1632-2021-2.2.5,2.1.6,2.1.13-КМ_07.04.052-П-00-01"]
["(локальная смета)"]
["на Конструкции металлические, 07.04.052 Конвейерная галерея № 13 (код SAP 01.02.011) код ГП 2.1.3"]
["(наименование работ и затрат, наименование объекта)"]
[null,"Основание:","1632-2021-2.2.5, 2.1.6, 2.1.13-КМ_2_0_RU_IFC"]
[]
["№ п/п","Обоснование","Наименование работ и затрат","Ед. изм.","Кол-во","Цена за ед.измерения работ, руб. с НДС","Всего, стоимость работ,руб. с НДС","Цена за ед.измерения материалов, руб. с НДС","Всего, стоимость материалов, руб. с НДС","Итого, руб. с НДС"]
[1,2,3,4,5,"6","7","8","9",10]
["Раздел 1. Колонны"]
["1","ТЕР09-03-002-02","Монтаж колонн одноэтажных и многоэтажных зданий и крановых эстакад высотой: до 25 м цельного сечения массой до 3,0 т","1 т конструкций",7.8,11888.1,92727.2,834.86,6511.94,{"$f":"G14+I14","v":99239.14}]
[null,"101-0309","Канаты пеньковые пропитанные","т","0,0001\n0,0008",null,null,null,null,{"$f":"G15+I15","v":0}]
[null,"101-0324","Кислород технический: газообразный","м3","0,7\n5,46",null,null,null,null,0]
[null,"101-0797","Проволока горячекатаная в мотках, диаметром 6,3-6,5 мм","т","0,00003\n0,0002",null,null,null,null,0]
[null,"101-1019","Швеллеры № 40 из стали марки: Ст0","т","0,00194\n0,0151",null,null,null,null,0]
[null,"101-1513","Электроды диаметром: 4 мм Э42","т","0,0018\n0,014",null,null,null,null,0]
[null,"101-1714","Болты с гайками и шайбами строительные","т","0,00015\n0,0012",null,null,null,null,0]
[null,"101-1805","Гвозди строительные","т","0,00001\n0,0001",null,null,null,null,0]
[null,"101-2278","Пропан-бутан, смесь техническая","кг","0,21\n1,638",null,null,null,null,0]
[null,"101-2467","Растворитель марки: Р-4","т","0,0006\n0,0047",null,null,null,null,0]
[null,"102-0023","Бруски обрезные хвойных пород длиной: 4-6,5 м, шириной 75-150 мм, толщиной 40-75 мм, I сорта","м3","0,00103\n0,008",null,null,null,null,0]
[null,"113-0021","Грунтовка: ГФ-021 красно-коричневая","т","0,00031\n0,0024",null,null,null,null,0]
[null,"201-0756","Отдельные конструктивные элементы зданий и сооружений с преобладанием: горячекатаных профилей, средняя масса сборочной единицы от 0,1 до 0,5 т","т","0,0007\n0,0055",null,null,null,null,0]
[null,"508-0097","Канат двойной свивки типа ТК, конструкции 6х19(1+6+12)+1 о.с., оцинкованный из проволок марки В, маркировочная группа: 1770 н/мм2, диаметром 5,5 мм","10 м","0,0187\n0,1459",null,null,null,null,0]
["2","ТЕРм38-01-002-03","Монорельсы, балки и другие аналогичные конструкции промышленных зданий, сборка с помощью: лебедок электрических (с установкой и снятием их в процессе работы)","1 т конструкций",7.7249999999999996,39049.94,301660.76,602.33000000000004,4653.0200000000004,306313.78000000003]
[null,"101-0324","Кислород технический: газообразный","м3","0,6\n4,635",null,null,null,null,0]
[null,"101-1521","Электроды диаметром: 5 мм Э42","т","0,0032\n0,0247",null,null,null,null,0]
[null,"101-2278","Пропан-бутан, смесь техническая","кг","0,2\n1,545",null,null,null,null,0]
[null,"999-9950","Вспомогательные ненормируемые ресурсы (2% от Оплаты труда рабочих)","руб","10,14\n78,33",null,null,null,null,0]
["3","Прайс","Двутавр 35Ш1","т",5.4589999999999996,0,0,95663.6,522227.6,522227.6]
["4","Прайс","Двутавр 30Ш1","т",1.236,0,0,94324.94,116585.62,116585.62]
["5","Прайс","Уголок не равнополочный 100*63*8","т",0.10299999999999999,0,0,118662.82,12222.27,12222.27]
["6","Прайс","Прокат листовой 30мм","т",0.20599999999999999,0,0,117874.81,24282.21,24282.21]
["7","Прайс","Прокат листовой 20мм","т",0.309,0,0,106984.34,33058.160000000003,33058.160000000003]
["8","Прайс","Прокат листовой 12мм","т",0.20599999999999999,0,0,96026.5,19781.46,19781.46]
["9","Прайс","Прокат листовой 10мм","т",0.20599999999999999,0,0,94506.26,19468.29,19468.29]
["Перевозка материалов (металл 140 км. ОП \"МКМ-СПб\")",null,null,null,null,null,null,null,null,0]
["10",null,"металлопрокат, трубопрокат и металлоконструкции","т",7.7249999999999996,0,0,0,0,0]
["11","ТССЦпг-03-02-01-140","Перевозка строительных грузов (кроме массовых навалочных, перевозимых автомобилями-самосвалами, а также бетонных и железобетонных изделий, стеновых и перегородочных материалов, лесоматериалов круглых и пиломатериалов, включенных в таблицу 03-01), бортовым автомобилем грузоподъемностью 5 т, на расстояние до 140 км I класс груза","1 т груза",7.7249999999999996,0,0,2338.67,18066.2,18066.2]
["12","ТССЦпг-01-01-02-015","Разгрузочные работы при автомобильных перевозках: металлических конструкций массой до 1 т","1 т груза",7.7249999999999996,0,0,470.67,3635.94,3635.94]
["Раздел 2. Балки",null,null,null,null,null,null,null,null,0]
["13","ТЕР09-03-002-12","Монтаж балок, ригелей перекрытия, покрытия и под установку оборудования многоэтажных зданий при высоте здания: до 25 м","1 т конструкций",11.231999999999999,35504.9,398791.02,1640.18,18422.47,417213.49]
[null,"101-0309","Канаты пеньковые пропитанные","т","0,0001\n0,0011",null,null,null,null,0]
[null,"101-0324","Кислород технический: газообразный","м3","1,95\n21,9",null,null,null,null,0]
[null,"101-0797","Проволока горячекатаная в мотках, диаметром 6,3-6,5 мм","т","0,00003\n0,0003",null,null,null,null,0]
[null,"101-1019","Швеллеры № 40 из стали марки: Ст0","т","0,00194\n0,0218",null,null,null,null,0]
[null,"101-1513","Электроды диаметром: 4 мм Э42","т","0,0031\n0,0348",null,null,null,null,0]
[null,"101-1714","Болты с гайками и шайбами строительные","т","0,0031\n0,0348",null,null,null,null,0]
[null,"101-1805","Гвозди строительные","т","0,00001\n0,0001",null,null,null,null,0]
[null,"101-2278","Пропан-бутан, смесь техническая","кг","0,59\n6,627",null,null,null,null,0]
[null,"101-2467","Растворитель марки: Р-4","т","0,0006\n0,0067",null,null,null,null,0]
[null,"102-0023","Бруски обрезные хвойных пород длиной: 4-6,5 м, шириной 75-150 мм, толщиной 40-75 мм, I сорта","м3","0,00103\n0,0116",null,null,null,null,0]
[null,"113-0021","Грунтовка: ГФ-021 красно-коричневая","т","0,00031\n0,0035",null,null,null,null,0]
[null,"201-0756","Отдельные конструктивные элементы зданий и сооружений с преобладанием: горячекатаных профилей, средняя масса сборочной единицы от 0,1 до 0,5 т","т","0,0005\n0,0056",null,null,null,null,0]
[null,"508-0097","Канат двойной свивки типа ТК, конструкции 6х19(1+6+12)+1 о.с., оцинкованный из проволок марки В, маркировочная группа: 1770 н/мм2, диаметром 5,5 мм","10 м","0,0187\n0,21",null,null,null,null,0]
["14","ТЕРм38-01-002-03","Монорельсы, балки и другие аналогичные конструкции промышленных зданий, сборка с помощью: лебедок электрических (с установкой и снятием их в процессе работы)","1 т конструкций",11.124000000000001,39050.230000000003,434394.77,602.30999999999995,6700.12,441094.89]
[null,"101-0324","Кислород технический: газообразный","м3","0,6\n6,674",null,null,null,null,0]
[null,"101-1521","Электроды диаметром: 5 мм Э42","т","0,0032\n0,0356",null,null,null,null,0]
[null,"101-2278","Пропан-бутан, смесь техническая","кг","0,2\n2,225",null,null,null,null,0]
[null,"999-9950","Вспомогательные ненормируемые ресурсы (2% от Оплаты труда рабочих)","руб","10,14\n112,8",null,null,null,null,0]
["15","Прайс","Двутавр 25Ш1","т",2.8839999999999999,0,0,93228.58,268871.23,268871.23]
["16","Прайс","Двутавр 30Б1","т",3.399,0,0,114648.96000000001,389691.83,389691.83]
["17","Прайс","Двутавр 30Ш1","т",0.309,0,0,94324.92,29146.400000000001,29146.400000000001]
["18","Прайс","Двутавр 35Ш1","т",2.8839999999999999,0,0,95663.37,275893.15000000002,275893.15000000002]
["19","Прайс","Швеллер 24П","т",0.51500000000000001,0,0,109842.58,56568.93,56568.93]
["20","Прайс","Уголок не равнополочный 100*63*8","т",0.309,0,0,118667.44,36668.239999999998,36668.239999999998]
["21","Прайс","Прокат листовой 12мм","т",0.41199999999999998,0,0,96029.98,39564.35,39564.35]
["22","Прайс","Прокат листовой 10мм","т",0.41199999999999998,0,0,94506.240000000005,38936.57,38936.57]
["Перевозка материалов (металл 140 км. ОП \"МКМ-СПб\")",null,null,null,null,null,null,null,null,0]
["23",null,"металлопрокат, трубопрокат и металлоконструкции","т",11.124000000000001,0,0,0,0,0]
["24","ТССЦпг-03-02-01-140","Перевозка строительных грузов (кроме массовых навалочных, перевозимых автомобилями-самосвалами, а также бетонных и железобетонных изделий, стеновых и перегородочных материалов, лесоматериалов круглых и пиломатериалов, включенных в таблицу 03-01), бортовым автомобилем грузоподъемностью 5 т, на расстояние до 140 км I класс груза","1 т груза",11.124000000000001,0,0,2338.61,26014.7,26014.7]
["25","ТССЦпг-01-01-02-015","Разгрузочные работы при автомобильных перевозках: металлических конструкций массой до 1 т","1 т груза",11.124000000000001,0,0,470.72,5236.2700000000004,5236.2700000000004]
["Раздел 3. Прогоны",null,null,null,null,null,null,null,null,0]
["26","ТЕР09-03-015-01","Монтаж прогонов при шаге ферм до 12 м при высоте здания: до 25 м","1 т конструкций",1.248,24726.59,30858.79,1306.49,1630.5,32489.29]
[null,"101-0309","Канаты пеньковые пропитанные","т","0,0001\n0,0001",null,null,null,null,0]
[null,"101-0324","Кислород технический: газообразный","м3","0,5\n0,624",null,null,null,null,{"$f":"G79+I79","v":0}]
[null,"101-0797","Проволока горячекатаная в мотках, диаметром 6,3-6,5 мм","т","0,00003\n0",null,null,null,null,0]
[null,"101-1019","Швеллеры № 40 из стали марки: Ст0","т","0,00194\n0,0024",null,null,null,null,0]
[null,"101-1513","Электроды диаметром: 4 мм Э42","т","0,0026\n0,0032",null,null,null,null,0]
[null,"101-1714","Болты с гайками и шайбами строительные","т","0,003\n0,0037",null,null,null,null,0]
[null,"101-1805","Гвозди строительные","т","0,00001\n0",null,null,null,null,0]
[null,"101-2278","Пропан-бутан, смесь техническая","кг","0,15\n0,1872",null,null,null,null,0]
[null,"101-2467","Растворитель марки: Р-4","т","0,0006\n0,0007",null,null,null,null,0]
[null,"102-0023","Бруски обрезные хвойных пород длиной: 4-6,5 м, шириной 75-150 мм, толщиной 40-75 мм, I сорта","м3","0,00103\n0,0013",null,null,null,null,0]
[null,"113-0021","Грунтовка: ГФ-021 красно-коричневая","т","0,00031\n0,0004",null,null,null,null,0]
[null,"201-0756","Отдельные конструктивные элементы зданий и сооружений с преобладанием: горячекатаных профилей, средняя масса сборочной единицы от 0,1 до 0,5 т","т","0,0001\n0,0001",null,null,null,null,0]
[null,"508-0097","Канат двойной свивки типа ТК, конструкции 6х19(1+6+12)+1 о.с., оцинкованный из проволок марки В, маркировочная группа: 1770 н/мм2, диаметром 5,5 мм","10 м","0,0187\n0,0233",null,null,null,null,0]
["27","ТЕРм38-01-003-03","Решетчатые конструкции (стойки, опоры, фермы и пр.), сборка с помощью: лебедок электрических (с установкой и снятием их в процессе работы)","1 т конструкций",1.236,145546.04,179894.9,3563.51,4404.5,184299.4]
[null,"101-0324","Кислород технический: газообразный","м3","2,6\n3,214",null,null,null,null,0]
[null,"101-1521","Электроды диаметром: 5 мм Э42","т","0,0215\n0,0266",null,null,null,null,0]
[null,"101-2278","Пропан-бутан, смесь техническая","кг","0,5\n0,618",null,null,null,null,0]
[null,"999-9950","Вспомогательные ненормируемые ресурсы (2% от Оплаты труда рабочих)","руб","42,32\n52,31",null,null,null,null,0]
["28","Прайс","Швеллер 20П","т",1.133,0,0,107663.53,121982.78,121982.78]
["29","Прайс","Уголок не равнополочный 140*90*8","т",0.10299999999999999,0,0,139179.13,14335.45,14335.45]
["Перевозка материалов (металл 140 км. ОП \"МКМ-СПб\")",null,null,null,null,null,null,null,null,0]
["30",null,"металлопрокат, трубопрокат и металлоконструкции","т",1.236,0,0,0,0,0]
["31","ТССЦпг-03-02-01-140","Перевозка строительных грузов (кроме массовых навалочных, перевозимых автомобилями-самосвалами, а также бетонных и железобетонных изделий, стеновых и перегородочных материалов, лесоматериалов круглых и пиломатериалов, включенных в таблицу 03-01), бортовым автомобилем грузоподъемностью 5 т, на расстояние до 140 км I класс груза","1 т груза",1.236,0,0,2338.48,2890.36,2890.36]
["32","ТССЦпг-01-01-02-015","Разгрузочные работы при автомобильных перевозках: металлических конструкций массой до 1 т","1 т груза",1.236,0,0,470.72,581.80999999999995,581.80999999999995]
["Раздел 4. Связи, распорки",null,null,null,null,null,null,null,null,0]
["33","ТЕР09-03-014-01","Монтаж связей и распорок из одиночных и парных уголков, гнутосварных профилей для пролетов: до 24 м при высоте здания до  25 м","1 т конструкций",1.56,85715.78,133716.62,4251.67,6632.61,140349.23000000001]
[null,"101-0309","Канаты пеньковые пропитанные","т","0,0001\n0,0002",null,null,null,null,0]
[null,"101-0324","Кислород технический: газообразный","м3","1,2\n1,872",null,null,null,null,0]
[null,"101-0797","Проволока горячекатаная в мотках, диаметром 6,3-6,5 мм","т","0,00003\n0",null,null,null,null,0]
[null,"101-1019","Швеллеры № 40 из стали марки: Ст0","т","0,00194\n0,003",null,null,null,null,0]
[null,"101-1513","Электроды диаметром: 4 мм Э42","т","0,00044\n0,0007",null,null,null,null,0]
[null,"101-1714","Болты с гайками и шайбами строительные","т","0,021\n0,0328",null,null,null,null,0]
[null,"101-1805","Гвозди строительные","т","0,00001\n0",null,null,null,null,0]
[null,"101-2278","Пропан-бутан, смесь техническая","кг","0,36\n0,5616",null,null,null,null,0]
[null,"101-2467","Растворитель марки: Р-4","т","0,0006\n0,0009",null,null,null,null,0]
[null,"102-0023","Бруски обрезные хвойных пород длиной: 4-6,5 м, шириной 75-150 мм, толщиной 40-75 мм, I сорта","м3","0,00103\n0,0016",null,null,null,null,0]
[null,"113-0021","Грунтовка: ГФ-021 красно-коричневая","т","0,00031\n0,0005",null,null,null,null,0]
[null,"201-0756","Отдельные конструктивные элементы зданий и сооружений с преобладанием: горячекатаных профилей, средняя масса сборочной единицы от 0,1 до 0,5 т","т","0,0002\n0,0003",null,null,null,null,0]
[null,"508-0097","Канат двойной свивки типа ТК, конструкции 6х19(1+6+12)+1 о.с., оцинкованный из проволок марки В, маркировочная группа: 1770 н/мм2, диаметром 5,5 мм","10 м","0,0187\n0,0292",null,null,null,null,0]
["34","ТЕРм38-01-003-03","Решетчатые конструкции (стойки, опоры, фермы и пр.), сборка с помощью: лебедок электрических (с установкой и снятием их в процессе работы)","1 т конструкций",1.5449999999999999,145545.57,224867.91,3563.05,5504.91,230372.82]
[null,"101-0324","Кислород технический: газообразный","м3","2,6\n4,017",null,null,null,null,0]
[null,"101-1521","Электроды диаметром: 5 мм Э42","т","0,0215\n0,0332",null,null,null,null,0]
[null,"101-2278","Пропан-бутан, смесь техническая","кг","0,5\n0,7725",null,null,null,null,0]
[null,"999-9950","Вспомогательные ненормируемые ресурсы (2% от Оплаты труда рабочих)","руб","42,32\n65,38",null,null,null,null,0]
["35","Прайс","Профиль гн. 120*5","т",0.309,0,0,113869.61,35185.71,35185.71]
["36","Прайс","Профиль гн. 100*5","т",0.82399999999999995,0,0,109780.18,90458.87,90458.87]
["37","Прайс","Профиль гн. 80*5","т",0.10299999999999999,0,0,99248.25,10222.57,10222.57]
["38","Прайс","Прокат листовой 12мм","т",0.10299999999999999,0,0,96026.5,9890.73,9890.73]
["39","Прайс","Прокат листовой 10мм","т",0.10299999999999999,0,0,94506.21,9734.14,9734.14]
["40","Прайс","Прокат листовой 4мм","т",0.10299999999999999,0,0,76430.679999999993,7872.36,7872.36]
["Перевозка материалов (металл 140 км. ОП \"МКМ-СПб\")",null,null,null,null,null,null,null,null,0]
["41",null,"металлопрокат, трубопрокат и металлоконструкции","т",1.5449999999999999,0,0,0,0,0]
["42","ТССЦпг-03-02-01-140","Перевозка строительных грузов (кроме массовых навалочных, перевозимых автомобилями-самосвалами, а также бетонных и железобетонных изделий, стеновых и перегородочных материалов, лесоматериалов круглых и пиломатериалов, включенных в таблицу 03-01), бортовым автомобилем грузоподъемностью 5 т, на расстояние до 140 км I класс груза","1 т груза",1.5449999999999999,0,0,2338.48,3612.95,3612.95]
["43","ТССЦпг-01-01-02-015","Разгрузочные работы при автомобильных перевозках: металлических конструкций массой до 1 т","1 т груза",1.5449999999999999,0,0,470.49,726.9,726.9]
["Раздел 5. Фахверк",null,null,null,null,null,null,null,null,0]
["44","ТЕР09-04-006-01","Монтаж фахверка","1 т конструкций",2.496,50226.14,125364.45,2656.14,6629.73,131994.18]
[null,"101-0309","Канаты пеньковые пропитанные","т","0,0001\n0,0002",null,null,null,null,0]
[null,"101-0324","Кислород технический: газообразный","м3","2,6\n6,49",null,null,null,null,0]
[null,"101-0797","Проволока горячекатаная в мотках, диаметром 6,3-6,5 мм","т","0,00003\n0,0001",null,null,null,null,0]
[null,"101-1019","Швеллеры № 40 из стали марки: Ст0","т","0,00194\n0,0048",null,null,null,null,0]
[null,"101-1515","Электроды диаметром: 4 мм Э46","т","0,016\n0,0399",null,null,null,null,0]
[null,"101-1805","Гвозди строительные","т","0,00001\n0",null,null,null,null,0]
[null,"101-2278","Пропан-бутан, смесь техническая","кг","0,78\n1,947",null,null,null,null,0]
[null,"101-2467","Растворитель марки: Р-4","т","0,0006\n0,0015",null,null,null,null,0]
[null,"113-0021","Грунтовка: ГФ-021 красно-коричневая","т","0,00031\n0,0008",null,null,null,null,0]
[null,"201-0756","Отдельные конструктивные элементы зданий и сооружений с преобладанием: горячекатаных профилей, средняя масса сборочной единицы от 0,1 до 0,5 т","т","0,001\n0,0025",null,null,null,null,{"$f":"G143+I143","v":0}]
[null,"508-0097","Канат двойной свивки типа ТК, конструкции 6х19(1+6+12)+1 о.с., оцинкованный из проволок марки В, маркировочная группа: 1770 н/мм2, диаметром 5,5 мм","10 м","0,0187\n0,0467",null,null,null,null,0]
["45","ТЕРм38-01-003-03","Решетчатые конструкции (стойки, опоры, фермы и пр.), сборка с помощью: лебедок электрических (с установкой и снятием их в процессе работы)","1 т конструкций",2.472,145544.29,359785.49,3563.51,8809,368594.49]
[null,"101-0324","Кислород технический: газообразный","м3","2,6\n6,427",null,null,null,null,0]
[null,"101-1521","Электроды диаметром: 5 мм Э42","т","0,0215\n0,0531",null,null,null,null,0]
[null,"101-2278","Пропан-бутан, смесь техническая","кг","0,5\n1,236",null,null,null,null,0]
[null,"999-9950","Вспомогательные ненормируемые ресурсы (2% от Оплаты труда рабочих)","руб","42,32\n104,6",null,null,null,null,0]
["46","Прайс","Профиль гн. 100*5","т",0.51500000000000001,0,0,109781.22,56537.33,56537.33]
["47","Прайс","Профиль гн. 80*5","т",1.5449999999999999,0,0,99241.79,153328.56,153328.56]
["48","Прайс","Уголок равнополочный 100*7","т",0.10299999999999999,0,0,112540,11591.62,11591.62]
["49","Прайс","Уголок равнополочный 63*5","т",0.10299999999999999,0,0,103571.94,10667.91,10667.91]
["50","Прайс","Прокат листовой 10мм","т",0.10299999999999999,0,0,94506.21,9734.14,9734.14]
["51","Прайс","Прокат листовой 4мм","т",0.10299999999999999,0,0,76430.679999999993,7872.36,7872.36]
["Перевозка материалов (металл 140 км. ОП \"МКМ-СПб\")",null,null,null,null,null,null,null,null,0]
["52",null,"металлопрокат, трубопрокат и металлоконструкции","т",2.472,0,0,0,0,0]
["53","ТССЦпг-03-02-01-140","Перевозка строительных грузов (кроме массовых навалочных, перевозимых автомобилями-самосвалами, а также бетонных и железобетонных изделий, стеновых и перегородочных материалов, лесоматериалов круглых и пиломатериалов, включенных в таблицу 03-01), бортовым автомобилем грузоподъемностью 5 т, на расстояние до 140 км I класс груза","1 т груза",2.472,0,0,2338.48,5780.73,5780.73]
["54","ТССЦпг-01-01-02-015","Разгрузочные работы при автомобильных перевозках: металлических конструкций массой до 1 т","1 т груза",2.472,0,0,470.72,1163.6199999999999,1163.6199999999999]
["Раздел 6. Лестницы, площадки, ограждения, щиты и рамы",null,null,null,null,null,null,null,null,0]
["55","ТЕР09-03-029-01","Монтаж лестниц прямолинейных и криволинейных, пожарных с ограждением","1 т конструкций",0.104,57863.08,6017.76,1160.29,120.67,6138.43]
[null,"101-0309","Канаты пеньковые пропитанные","т","0,0001\n0",null,null,null,null,0]
[null,"101-0324","Кислород технический: газообразный","м3","1,37\n0,1425",null,null,null,null,0]
[null,"101-0797","Проволока горячекатаная в мотках, диаметром 6,3-6,5 мм","т","0,00003\n0",null,null,null,null,0]
[null,"101-1019","Швеллеры № 40 из стали марки: Ст0","т","0,00194\n0,0002",null,null,null,null,0]
[null,"101-1515","Электроды диаметром: 4 мм Э46","т","0,004\n0,0004",null,null,null,null,0]
[null,"101-1805","Гвозди строительные","т","0,00001\n0",null,null,null,null,0]
[null,"101-2278","Пропан-бутан, смесь техническая","кг","0,41\n0,0426",null,null,null,null,0]
[null,"101-2467","Растворитель марки: Р-4","т","0,0006\n0,0001",null,null,null,null,0]
[null,"102-0023","Бруски обрезные хвойных пород длиной: 4-6,5 м, шириной 75-150 мм, толщиной 40-75 мм, I сорта","м3","0,00103\n0,0001",null,null,null,null,0]
[null,"113-0021","Грунтовка: ГФ-021 красно-коричневая","т","0,00031\n0",null,null,null,null,0]
[null,"201-0756","Отдельные конструктивные элементы зданий и сооружений с преобладанием: горячекатаных профилей, средняя масса сборочной единицы от 0,1 до 0,5 т","т","0,001\n0,0001",null,null,null,null,0]
[null,"508-0097","Канат двойной свивки типа ТК, конструкции 6х19(1+6+12)+1 о.с., оцинкованный из проволок марки В, маркировочная группа: 1770 н/мм2, диаметром 5,5 мм","10 м","0,0187\n0,0019",null,null,null,null,0]
["56","ТЕРм38-01-004-06","Сборка с помощью лебедок электрических (с установкой и снятием их в процессе работы): лестницы прямолинейные и криволинейные с ограждением","1 т конструкций",0.10299999999999999,181383.4,18682.490000000002,2733.69,281.57,18964.060000000001]
[null,"101-0324","Кислород технический: газообразный","м3","0,6\n0,0618",null,null,null,null,0]
[null,"101-1521","Электроды диаметром: 5 мм Э42","т","0,016\n0,0016",null,null,null,null,0]
[null,"101-2278","Пропан-бутан, смесь техническая","кг","0,2\n0,0206",null,null,null,null,0]
[null,"999-9950","Вспомогательные ненормируемые ресурсы (2% от Оплаты труда рабочих)","руб","51,07\n5,26",null,null,null,null,0]
["57","Прайс","Прокат стальной горячетканый круглый диаметр 16мм","т",0.10299999999999999,0,0,102986.12,10607.57,10607.57]
["58","ТССЦ-110-0008","Болты сборочные с гайками и шайбами по классу прочности: 8,8","т",1.3519999999999999E-3,0,0,150880.18,203.99,203.99]
["Перевозка материалов (металл 140 км. ОП \"МКМ-СПб\")",null,null,null,null,null,null,null,null,0]
["59",null,"металлопрокат, трубопрокат и металлоконструкции","т",0.10299999999999999,0,0,0,0,0]
["60","ТССЦпг-03-02-01-140","Перевозка строительных грузов (кроме массовых навалочных, перевозимых автомобилями-самосвалами, а также бетонных и железобетонных изделий, стеновых и перегородочных материалов, лесоматериалов круглых и пиломатериалов, включенных в таблицу 03-01), бортовым автомобилем грузоподъемностью 5 т, на расстояние до 140 км I класс груза","1 т груза",0.10299999999999999,0,0,2343.11,241.34,241.34]
["61","ТССЦпг-01-01-02-015","Разгрузочные работы при автомобильных перевозках: металлических конструкций массой до 1 т","1 т груза",0.10299999999999999,0,0,474.17,48.84,48.84]
["Раздел 7. Настил",null,null,null,null,null,null,null,null,0]
["62","ТЕР09-04-002-01","Монтаж кровельного покрытия: из профилированного листа при высоте здания до 25 м","100 м2 покрытия",1.1399999999999999,52050.17,59337.19,3033.16,3457.8,62794.99]
[null,"101-0309","Канаты пеньковые пропитанные","т","0,00015\n0,0002",null,null,null,null,0]
[null,"101-0324","Кислород технический: газообразный","м3","1,4\n1,596",null,null,null,null,0]
[null,"101-0797","Проволока горячекатаная в мотках, диаметром 6,3-6,5 мм","т","0,00004\n0",null,null,null,null,0]
[null,"101-1019","Швеллеры № 40 из стали марки: Ст0","т","0,00297\n0,0034",null,null,null,null,0]
[null,"101-1513","Электроды диаметром: 4 мм Э42","т","0,00061\n0,0007",null,null,null,null,0]
[null,"101-1714","Болты с гайками и шайбами строительные","т","0,0022\n0,0025",null,null,null,null,0]
[null,"101-2278","Пропан-бутан, смесь техническая","кг","0,42\n0,4788",null,null,null,null,0]
[null,"101-2467","Растворитель марки: Р-4","т","0,00009\n0,0001",null,null,null,null,0]
[null,"102-0023","Бруски обрезные хвойных пород длиной: 4-6,5 м, шириной 75-150 мм, толщиной 40-75 мм, I сорта","м3","0,0013\n0,0015",null,null,null,null,0]
[null,"113-0021","Грунтовка: ГФ-021 красно-коричневая","т","0,00047\n0,0005",null,null,null,null,0]
[null,"201-0756","Отдельные конструктивные элементы зданий и сооружений с преобладанием: горячекатаных профилей, средняя масса сборочной единицы от 0,1 до 0,5 т","т","0,011\n0,0125",null,null,null,null,0]
[null,"508-0097","Канат двойной свивки типа ТК, конструкции 6х19(1+6+12)+1 о.с., оцинкованный из проволок марки В, маркировочная группа: 1770 н/мм2, диаметром 5,5 мм","10 м","0,016\n0,0182",null,null,null,null,0]
["63","Прайс","Профиль стальной H57-750-0,8","т",1.236,0,0,153670.28,189936.47,189936.47]
["64","ТССЦ-101-1810","Винты самонарезающие: для крепления профилированного настила и панелей к несущим конструкциям","т",4.1000000000000002E-2,0,0,256478.78,10515.63,10515.63]
["65","ТЕР09-04-006-02","Монтаж ограждающих конструкций стен: из профилированного листа при высоте здания до 30 м","100 м2",1.1274,166241.71,187420.9,5922.6,6677.14,194098.04]
[null,"101-0309","Канаты пеньковые пропитанные","т","0,00015\n0,0002",null,null,null,null,0]
[null,"101-0324","Кислород технический: газообразный","м3","2,98\n3,36",null,null,null,null,0]
[null,"101-0797","Проволока горячекатаная в мотках, диаметром 6,3-6,5 мм","т","0,00004\n0",null,null,null,null,0]
[null,"101-1019","Швеллеры № 40 из стали марки: Ст0","т","0,00297\n0,0033",null,null,null,null,0]
[null,"101-1513","Электроды диаметром: 4 мм Э42","т","0,0034\n0,0038",null,null,null,null,0]
[null,"101-1714","Болты с гайками и шайбами строительные","т","0,007\n0,0079",null,null,null,null,{"$f":"G207+I207","v":0}]
[null,"101-1805","Гвозди строительные","т","0,00002\n0",null,null,null,null,0]
[null,"101-2278","Пропан-бутан, смесь техническая","кг","0,903\n1,018",null,null,null,null,0]
[null,"101-2467","Растворитель марки: Р-4","т","0,00009\n0,0001",null,null,null,null,0]
[null,"102-0023","Бруски обрезные хвойных пород длиной: 4-6,5 м, шириной 75-150 мм, толщиной 40-75 мм, I сорта","м3","0,0013\n0,0015",null,null,null,null,0]
[null,"113-0021","Грунтовка: ГФ-021 красно-коричневая","т","0,00047\n0,0005",null,null,null,null,0]
[null,"201-0756","Отдельные конструктивные элементы зданий и сооружений с преобладанием: горячекатаных профилей, средняя масса сборочной единицы от 0,1 до 0,5 т","т","0,019\n0,0214",null,null,null,null,0]
[null,"508-0097","Канат двойной свивки типа ТК, конструкции 6х19(1+6+12)+1 о.с., оцинкованный из проволок марки В, маркировочная группа: 1770 н/мм2, диаметром 5,5 мм","10 м","0,016\n0,018",null,null,null,null,0]
["66","Прайс","Профиль стальной HC35-1000-0,8","т",0.92700000000000005,0,0,192544.23,178488.5,178488.5]
["67","ТССЦ-101-1810","Винты самонарезающие: для крепления профилированного настила и панелей к несущим конструкциям","т",4.0599999999999997E-2,0,0,256493.6,10413.64,10413.64]
["Перевозка материалов (металл 140 км. ОП \"МКМ-СПб\")",null,null,null,null,null,null,null,null,0]
["68",null,"металлопрокат, трубопрокат и металлоконструкции","т",2.1629999999999998,0,0,0,0,0]
["69","ТССЦпг-03-02-01-140","Перевозка строительных грузов (кроме массовых навалочных, перевозимых автомобилями-самосвалами, а также бетонных и железобетонных изделий, стеновых и перегородочных материалов, лесоматериалов круглых и пиломатериалов, включенных в таблицу 03-01), бортовым автомобилем грузоподъемностью 5 т, на расстояние до 140 км I класс груза","1 т груза",2.1629999999999998,0,0,2338.48,5058.13,5058.13]
["70","ТССЦпг-01-01-02-015","Разгрузочные работы при автомобильных перевозках: металлических конструкций массой до 1 т","1 т груза",2.1629999999999998,0,0,470.88,1018.52,1018.52]
["Раздел 8. Антикоррозионная обработка",null,null,null,null,null,null,null,null,0]
["71","ТЕР13-03-002-04","Огрунтовка металлических поверхностей за один раз: грунтовкой ГФ-021","100 м2 окрашиваемой поверхности",6.37,7413.97,47226.97,384.96,2452.21,49679.18]
[null,"113-0077","Ксилол нефтяной марки А","т","0,002\n0,0127",null,null,null,null,0]
["72","Прайс\nАналог ТССЦ-113-0021 18353,45/17895,65=3%","Грунтовка: ГФ-021 красно-коричневая","кг",76.400000000000006,0,0,403.95,30861.66,30861.66]
["73","ТЕР13-03-004-26","Окраска металлических огрунтованных поверхностей: эмалью ПФ-115 (за 2 раза) К=2","100 м2 окрашиваемой поверхности",6.37,9135.14,58190.81,240.4,1531.37,59722.18]
[null,"101-1292","Уайт-спирит","т","0,0028\n0,0178",null,null,null,null,0]
["74","Прайс\nАналог ТССЦ-113-0246 25096,77/24506,75=2%","Эмаль ПФ-115 серая","кг",242.1,0,0,505.53,122389.33,122389.33]
[null,null,"Всего, руб. с НДС",null,null,null,{"$f":"SUM(G14:G227)","v":2658938.0299999998},null,{"$f":"SUM(I14:I227)","v":3144293.5},{"$f":"SUM(J14:J227)","v":5803231.5300000003}]
[null,null,"Всего, руб. без НДС",null,null,null,{"$f":"G228/1.2","v":2215781.69},null,{"$f":"I228/1.2","v":2620244.58},{"$f":"J228/1.2","v":4836026.28}]

{"sheet":"1632-2021-2.2.6-КМ","index":11,"n_rows":324,"n_cols":10,"rows_kept":324,"cut":false,"hidden":false,"merged":[]}
[]
["Терминал по перевалке минеральных удобрений в морском торговом порту Усть-Луга. Береговые объекты терминала"]
["(наименование стройки)"]
[]
["ЛОКАЛЬНАЯ СМЕТА № 1632-2021-2.2.6-КМ_07.04.025-П-01-03"]
["(локальная смета)"]
["на Конструкции металлические, 07.04.025 Пересыпная станция №6 (код SAP 01.02.020) код ГП 2.2.6"]
["(наименование работ и затрат, наименование объекта)"]
[null,"Основание:","1632-2021-2.2.6-КМ_2_0_RU_IFС"]
[]
["№ п/п","Обоснование","Наименование работ и затрат","Ед. изм.","Кол-во","Цена за ед.измерения работ, руб. с НДС","Всего, стоимость работ,руб. с НДС","Цена за ед.измерения материалов, руб. с НДС","Всего, стоимость материалов, руб. с НДС","Итого, руб. с НДС"]
[1,2,3,4,5,"6","7","8","9",10]
["Раздел 1. Колонны"]
["1","ТЕР09-03-002-03","Монтаж колонн одноэтажных и многоэтажных зданий и крановых эстакад высотой: до 25 м цельного сечения массой до 5,0 т","1 т конструкций",17.576000000000001,9556.0499999999993,167957.07,638.84,11228.17,{"$f":"G14+I14","v":179185.24}]
[null,"101-0309","Канаты пеньковые пропитанные","т","0,0001\n0,0018",null,null,null,null,{"$f":"G15+I15","v":0}]
[null,"101-0324","Кислород технический: газообразный","м3","0,6\n10,55",null,null,null,null,0]
[null,"101-0797","Проволока горячекатаная в мотках, диаметром 6,3-6,5 мм","т","0,00003\n0,0005",null,null,null,null,0]
[null,"101-1019","Швеллеры № 40 из стали марки: Ст0","т","0,00194\n0,0341",null,null,null,null,0]
[null,"101-1513","Электроды диаметром: 4 мм Э42","т","0,0011\n0,0193",null,null,null,null,0]
[null,"101-1714","Болты с гайками и шайбами строительные","т","0,00007\n0,0012",null,null,null,null,0]
[null,"101-1805","Гвозди строительные","т","0,00001\n0,0002",null,null,null,null,0]
[null,"101-2278","Пропан-бутан, смесь техническая","кг","0,18\n3,164",null,null,null,null,0]
[null,"101-2467","Растворитель марки: Р-4","т","0,0006\n0,0105",null,null,null,null,0]
[null,"102-0023","Бруски обрезные хвойных пород длиной: 4-6,5 м, шириной 75-150 мм, толщиной 40-75 мм, I сорта","м3","0,00103\n0,0181",null,null,null,null,0]
[null,"113-0021","Грунтовка: ГФ-021 красно-коричневая","т","0,00031\n0,0054",null,null,null,null,0]
[null,"201-0756","Отдельные конструктивные элементы зданий и сооружений с преобладанием: горячекатаных профилей, средняя масса сборочной единицы от 0,1 до 0,5 т","т","0,0003\n0,0053",null,null,null,null,0]
[null,"508-0097","Канат двойной свивки типа ТК, конструкции 6х19(1+6+12)+1 о.с., оцинкованный из проволок марки В, маркировочная группа: 1770 н/мм2, диаметром 5,5 мм","10 м","0,0187\n0,3287",null,null,null,null,0]
["2","ТЕРм38-01-002-03","Монорельсы, балки и другие аналогичные конструкции промышленных зданий, сборка с помощью: лебедок электрических (с установкой и снятием их в процессе работы)","1 т конструкций",16.899999999999999,39050.300000000003,659950.78,602.16999999999996,10176.6,670127.38]
[null,"101-0324","Кислород технический: газообразный","м3","0,6\n10,14",null,null,null,null,0]
[null,"101-1521","Электроды диаметром: 5 мм Э42","т","0,0032\n0,0541",null,null,null,null,0]
[null,"101-2278","Пропан-бутан, смесь техническая","кг","0,2\n3,38",null,null,null,null,0]
[null,"999-9950","Вспомогательные ненормируемые ресурсы (2% от Оплаты труда рабочих)","руб","10,14\n171,4",null,null,null,null,0]
["3","Прайс","Двутавр 35Ш1","т",14.144,0,0,95663.5,1353064.6,1353064.6]
["4","Прайс","Двутавр 25К1","т",1.04,0,0,89394.21,92969.98,92969.98]
["5","Прайс","Уголок не равнополочный 100*63*8","т",0.20799999999999999,0,0,118668.32,24683.01,24683.01]
["6","Прайс","Прокат листовой 30мм","т",0.41599999999999998,0,0,117874.04,49035.6,49035.6]
["7","Прайс","Прокат листовой 20мм","т",0.52,0,0,106982.42,55630.86,55630.86]
["8","Прайс","Прокат листовой 16мм","т",0.104,0,0,103819.23,10797.2,10797.2]
["9","Прайс","Прокат листовой 12мм","т",0.624,0,0,96028.64,59921.87,59921.87]
["10","Прайс","Прокат листовой 10мм","т",0.312,0,0,94509.2,29486.87,29486.87]
["11","Прайс","Прокат листовой 8мм","т",0.20799999999999999,0,0,93155.53,19376.349999999999,19376.349999999999]
["Перевозка материалов (металл 140 км. ОП \"МКМ-СПб\")",null,null,null,null,null,null,null,null,0]
["12",null,"Металлопрокат, трубопрокат и металлоконструкции","т",16.899999999999999,0,0,0,0,0]
["13","ТССЦпг-03-02-01-140","Перевозка строительных грузов (кроме массовых навалочных, перевозимых автомобилями-самосвалами, а также бетонных и железобетонных изделий, стеновых и перегородочных материалов, лесоматериалов круглых и пиломатериалов, включенных в таблицу 03-01), бортовым автомобилем грузоподъемностью 5 т, на расстояние до 140 км I класс груза","1 т груза",16.899999999999999,0,0,2338.71,39524.129999999997,39524.129999999997]
["14","ТССЦпг-01-01-02-015","Разгрузочные работы при автомобильных перевозках: металлических конструкций массой до 1 т","1 т груза",16.899999999999999,0,0,470.67,7954.24,7954.24]
["Раздел 2. Балки",null,null,null,null,null,null,null,null,0]
["15","ТЕР09-03-002-12","Монтаж балок, ригелей перекрытия, покрытия и под установку оборудования многоэтажных зданий при высоте здания: до 25 м","1 т конструкций",16.015999999999998,35504.769999999997,568644.35,1640.26,26270.41,594914.76]
[null,"101-0309","Канаты пеньковые пропитанные","т","0,0001\n0,0016",null,null,null,null,0]
[null,"101-0324","Кислород технический: газообразный","м3","1,95\n31,23",null,null,null,null,0]
[null,"101-0797","Проволока горячекатаная в мотках, диаметром 6,3-6,5 мм","т","0,00003\n0,0005",null,null,null,null,0]
[null,"101-1019","Швеллеры № 40 из стали марки: Ст0","т","0,00194\n0,0311",null,null,null,null,0]
[null,"101-1513","Электроды диаметром: 4 мм Э42","т","0,0031\n0,0496",null,null,null,null,0]
[null,"101-1714","Болты с гайками и шайбами строительные","т","0,0031\n0,0496",null,null,null,null,0]
[null,"101-1805","Гвозди строительные","т","0,00001\n0,0002",null,null,null,null,0]
[null,"101-2278","Пропан-бутан, смесь техническая","кг","0,59\n9,449",null,null,null,null,0]
[null,"101-2467","Растворитель марки: Р-4","т","0,0006\n0,0096",null,null,null,null,0]
[null,"102-0023","Бруски обрезные хвойных пород длиной: 4-6,5 м, шириной 75-150 мм, толщиной 40-75 мм, I сорта","м3","0,00103\n0,0165",null,null,null,null,0]
[null,"113-0021","Грунтовка: ГФ-021 красно-коричневая","т","0,00031\n0,005",null,null,null,null,0]
[null,"201-0756","Отдельные конструктивные элементы зданий и сооружений с преобладанием: горячекатаных профилей, средняя масса сборочной единицы от 0,1 до 0,5 т","т","0,0005\n0,008",null,null,null,null,0]
[null,"508-0097","Канат двойной свивки типа ТК, конструкции 6х19(1+6+12)+1 о.с., оцинкованный из проволок марки В, маркировочная группа: 1770 н/мм2, диаметром 5,5 мм","10 м","0,0187\n0,2995",null,null,null,null,0]
["16","ТЕРм38-01-002-03","Монорельсы, балки и другие аналогичные конструкции промышленных зданий, сборка с помощью: лебедок электрических (с установкой и снятием их в процессе работы)","1 т конструкций",15.4,39050.300000000003,601374.97,602.24,9274.44,610649.41]
[null,"101-0324","Кислород технический: газообразный","м3","0,6\n9,24",null,null,null,null,0]
[null,"101-1521","Электроды диаметром: 5 мм Э42","т","0,0032\n0,0493",null,null,null,null,0]
[null,"101-2278","Пропан-бутан, смесь техническая","кг","0,2\n3,08",null,null,null,null,0]
[null,"999-9950","Вспомогательные ненормируемые ресурсы (2% от Оплаты труда рабочих)","руб","10,14\n156,2",null,null,null,null,0]
["17","Прайс","Двутавр 30Б1","т",4.2640000000000002,0,0,114649.03,488863.45,488863.45]
["18","Прайс","Двутавр 35Б1","т",1.1439999999999999,0,0,116414.26,133177.91,133177.91]
["19","Прайс","Двутавр 40Ш1","т",3.952,0,0,96028.27,379503.74,379503.74]
["20","Прайс","Двутавр 35Ш1","т",3.3279999999999998,0,0,95663.45,318367.96999999997,318367.96999999997]
["21","Прайс","Швеллер 20П","т",1.1439999999999999,0,0,107663.03,123166.51,123166.51]
["22","Прайс","Уголок не равнополочный 100*63*8","т",0.20799999999999999,0,0,118668.32,24683.01,24683.01]
["23","Прайс","Прокат листовой 12мм","т",1.04,0,0,96028.63,99869.78,99869.78]
["24","Прайс","Прокат листовой 10мм","т",0.72799999999999998,0,0,94507.23,68801.259999999995,68801.259999999995]
["25","Прайс","Прокат листовой 8мм","т",0.20799999999999999,0,0,93155.53,19376.349999999999,19376.349999999999]
["Перевозка материалов (металл 140 км. ОП \"МКМ-СПб\")",null,null,null,null,null,null,null,null,0]
["26",null,"Металлопрокат, трубопрокат и металлоконструкции","т",15.4,0,0,0,0,0]
["27","ТССЦпг-03-02-01-140","Перевозка строительных грузов (кроме массовых навалочных, перевозимых автомобилями-самосвалами, а также бетонных и железобетонных изделий, стеновых и перегородочных материалов, лесоматериалов круглых и пиломатериалов, включенных в таблицу 03-01), бортовым автомобилем грузоподъемностью 5 т, на расстояние до 140 км I класс груза","1 т груза",15.4,0,0,2338.6999999999998,36016.04,36016.04]
["28","ТССЦпг-01-01-02-015","Разгрузочные работы при автомобильных перевозках: металлических конструкций массой до 1 т","1 т груза",15.4,0,0,470.71,7248.89,7248.89]
["Раздел 3. Прогоны",null,null,null,null,null,null,null,null,{"$f":"G79+I79","v":0}]
["29","ТЕР09-03-015-01","Монтаж прогонов при шаге ферм до 12 м при высоте здания: до 25 м","1 т конструкций",1.976,24725.439999999999,48857.47,1307.1600000000001,2582.94,51440.41]
[null,"101-0309","Канаты пеньковые пропитанные","т","0,0001\n0,0002",null,null,null,null,0]
[null,"101-0324","Кислород технический: газообразный","м3","0,5\n0,988",null,null,null,null,0]
[null,"101-0797","Проволока горячекатаная в мотках, диаметром 6,3-6,5 мм","т","0,00003\n0,0001",null,null,null,null,0]
[null,"101-1019","Швеллеры № 40 из стали марки: Ст0","т","0,00194\n0,0038",null,null,null,null,0]
[null,"101-1513","Электроды диаметром: 4 мм Э42","т","0,0026\n0,0051",null,null,null,null,0]
[null,"101-1714","Болты с гайками и шайбами строительные","т","0,003\n0,0059",null,null,null,null,0]
[null,"101-1805","Гвозди строительные","т","0,00001\n0",null,null,null,null,0]
[null,"101-2278","Пропан-бутан, смесь техническая","кг","0,15\n0,2964",null,null,null,null,0]
[null,"101-2467","Растворитель марки: Р-4","т","0,0006\n0,0012",null,null,null,null,0]
[null,"102-0023","Бруски обрезные хвойных пород длиной: 4-6,5 м, шириной 75-150 мм, толщиной 40-75 мм, I сорта","м3","0,00103\n0,002",null,null,null,null,0]
[null,"113-0021","Грунтовка: ГФ-021 красно-коричневая","т","0,00031\n0,0006",null,null,null,null,0]
[null,"201-0756","Отдельные конструктивные элементы зданий и сооружений с преобладанием: горячекатаных профилей, средняя масса сборочной единицы от 0,1 до 0,5 т","т","0,0001\n0,0002",null,null,null,null,0]
[null,"508-0097","Канат двойной свивки типа ТК, конструкции 6х19(1+6+12)+1 о.с., оцинкованный из проволок марки В, маркировочная группа: 1770 н/мм2, диаметром 5,5 мм","10 м","0,0187\n0,037",null,null,null,null,0]
["30","ТЕРм38-01-003-03","Решетчатые конструкции (стойки, опоры, фермы и пр.), сборка с помощью: лебедок электрических (с установкой и снятием их в процессе работы)","1 т конструкций",1.9,145544.9,276535.28999999998,3562.67,6769.08,283304.37]
[null,"101-0324","Кислород технический: газообразный","м3","2,6\n4,94",null,null,null,null,0]
[null,"101-1521","Электроды диаметром: 5 мм Э42","т","0,0215\n0,0409",null,null,null,null,0]
[null,"101-2278","Пропан-бутан, смесь техническая","кг","0,5\n0,95",null,null,null,null,0]
[null,"999-9950","Вспомогательные ненормируемые ресурсы (2% от Оплаты труда рабочих)","руб","42,32\n80,41",null,null,null,null,0]
["31","Прайс","Швеллер 20П","т",1.56,0,0,107662.95,167954.2,167954.2]
["32","Прайс","Уголок равнополочный 75*6","т",0.20799999999999999,0,0,106132.93,22075.65,22075.65]
["33","Прайс","Уголок не равнополочный 140*90*8","т",0.20799999999999999,0,0,139173.85,28948.16,28948.16]
["Перевозка материалов (металл 140 км. ОП \"МКМ-СПб\")",null,null,null,null,null,null,null,null,0]
["34",null,"Металлопрокат, трубопрокат и металлоконструкции","т",1.9,0,0,0,0,0]
["35","ТССЦпг-03-02-01-140","Перевозка строительных грузов (кроме массовых навалочных, перевозимых автомобилями-самосвалами, а также бетонных и железобетонных изделий, стеновых и перегородочных материалов, лесоматериалов круглых и пиломатериалов, включенных в таблицу 03-01), бортовым автомобилем грузоподъемностью 5 т, на расстояние до 140 км I класс груза","1 т груза",1.9,0,0,2338.5700000000002,4443.29,4443.29]
["36","ТССЦпг-01-01-02-015","Разгрузочные работы при автомобильных перевозках: металлических конструкций массой до 1 т","1 т груза",1.9,0,0,471.04,894.98,894.98]
["Раздел 4. Связи, распорки",null,null,null,null,null,null,null,null,0]
["37","ТЕР09-03-014-01","Монтаж связей и распорок из одиночных и парных уголков, гнутосварных профилей для пролетов: до 24 м при высоте здания до  25 м","1 т конструкций",6.4480000000000004,85716.49,552699.94999999995,4252.21,27418.22,580118.17000000004]
[null,"101-0309","Канаты пеньковые пропитанные","т","0,0001\n0,0006",null,null,null,null,0]
[null,"101-0324","Кислород технический: газообразный","м3","1,2\n7,738",null,null,null,null,0]
[null,"101-0797","Проволока горячекатаная в мотках, диаметром 6,3-6,5 мм","т","0,00003\n0,0002",null,null,null,null,0]
[null,"101-1019","Швеллеры № 40 из стали марки: Ст0","т","0,00194\n0,0125",null,null,null,null,0]
[null,"101-1513","Электроды диаметром: 4 мм Э42","т","0,00044\n0,0028",null,null,null,null,0]
[null,"101-1714","Болты с гайками и шайбами строительные","т","0,021\n0,1354",null,null,null,null,0]
[null,"101-1805","Гвозди строительные","т","0,00001\n0,0001",null,null,null,null,0]
[null,"101-2278","Пропан-бутан, смесь техническая","кг","0,36\n2,321",null,null,null,null,0]
[null,"101-2467","Растворитель марки: Р-4","т","0,0006\n0,0039",null,null,null,null,0]
[null,"102-0023","Бруски обрезные хвойных пород длиной: 4-6,5 м, шириной 75-150 мм, толщиной 40-75 мм, I сорта","м3","0,00103\n0,0066",null,null,null,null,0]
[null,"113-0021","Грунтовка: ГФ-021 красно-коричневая","т","0,00031\n0,002",null,null,null,null,0]
[null,"201-0756","Отдельные конструктивные элементы зданий и сооружений с преобладанием: горячекатаных профилей, средняя масса сборочной единицы от 0,1 до 0,5 т","т","0,0002\n0,0013",null,null,null,null,0]
[null,"508-0097","Канат двойной свивки типа ТК, конструкции 6х19(1+6+12)+1 о.с., оцинкованный из проволок марки В, маркировочная группа: 1770 н/мм2, диаметром 5,5 мм","10 м","0,0187\n0,1206",null,null,null,null,0]
["38","ТЕРм38-01-003-03","Решетчатые конструкции (стойки, опоры, фермы и пр.), сборка с помощью: лебедок электрических (с установкой и снятием их в процессе работы)","1 т конструкций",6.2,145545.5,902382.09,3562.9,22090.01,924472.1]
[null,"101-0324","Кислород технический: газообразный","м3","2,6\n16,12",null,null,null,null,0]
[null,"101-1521","Электроды диаметром: 5 мм Э42","т","0,0215\n0,1333",null,null,null,null,0]
[null,"101-2278","Пропан-бутан, смесь техническая","кг","0,5\n3,1",null,null,null,null,0]
[null,"999-9950","Вспомогательные ненормируемые ресурсы (2% от Оплаты труда рабочих)","руб","42,32\n262,4",null,null,null,null,0]
["39","Прайс","Профиль гн. 120*5","т",3.12,0,0,113870.55,355276.12,355276.12]
["40","Прайс","Профиль гн. 100*5","т",2.6,0,0,109780.95,285430.48,285430.48]
["41","Прайс","Уголок не равнополочный 140*90*8","т",0.20799999999999999,0,0,139173.85,28948.16,28948.16]
["42","Прайс","Прокат листовой 12мм","т",0.20799999999999999,0,0,96028.65,19973.96,19973.96]
["43","Прайс","Прокат листовой 10мм","т",0.20799999999999999,0,0,94509.18,19657.91,19657.91]
["44","Прайс","Прокат листовой 4мм","т",0.104,0,0,76427.88,7948.5,7948.5]
["Перевозка материалов (металл 140 км. ОП \"МКМ-СПб\")",null,null,null,null,null,null,null,null,0]
["45",null,"Металлопрокат, трубопрокат и металлоконструкции","т",6.2,0,0,0,0,0]
["46","ТССЦпг-03-02-01-140","Перевозка строительных грузов (кроме массовых навалочных, перевозимых автомобилями-самосвалами, а также бетонных и железобетонных изделий, стеновых и перегородочных материалов, лесоматериалов круглых и пиломатериалов, включенных в таблицу 03-01), бортовым автомобилем грузоподъемностью 5 т, на расстояние до 140 км I класс груза","1 т груза",6.2,0,0,2338.58,14499.22,14499.22]
["47","ТССЦпг-01-01-02-015","Разгрузочные работы при автомобильных перевозках: металлических конструкций массой до 1 т","1 т груза",6.2,0,0,470.59,2917.66,2917.66]
["Раздел 5. Балки крановые, рельсы и эл-ты крепления",null,null,null,null,null,null,null,null,0]
["48","ТЕР09-03-003-02","Монтаж одиночных подкрановых балок на отметке до 25 м массой: до 2,0 т","1 т конструкций",4.2640000000000002,23012.95,98127.23,1989.42,8482.9,106610.13]
[null,"101-0309","Канаты пеньковые пропитанные","т","0,0001\n0,0004",null,null,null,null,0]
[null,"101-0324","Кислород технический: газообразный","м3","1,1\n4,69",null,null,null,null,0]
[null,"101-0797","Проволока горячекатаная в мотках, диаметром 6,3-6,5 мм","т","0,00003\n0,0001",null,null,null,null,0]
[null,"101-1019","Швеллеры № 40 из стали марки: Ст0","т","0,00194\n0,0083",null,null,null,null,0]
[null,"101-1513","Электроды диаметром: 4 мм Э42","т","0,0034\n0,0145",null,null,null,null,0]
[null,"101-1714","Болты с гайками и шайбами строительные","т","0,0028\n0,0119",null,null,null,null,{"$f":"G143+I143","v":0}]
[null,"101-1805","Гвозди строительные","т","0,00001\n0",null,null,null,null,0]
[null,"101-2278","Пропан-бутан, смесь техническая","кг","0,33\n1,407",null,null,null,null,0]
[null,"101-2467","Растворитель марки: Р-4","т","0,0006\n0,0026",null,null,null,null,0]
[null,"102-0023","Бруски обрезные хвойных пород длиной: 4-6,5 м, шириной 75-150 мм, толщиной 40-75 мм, I сорта","м3","0,00103\n0,0044",null,null,null,null,0]
[null,"113-0021","Грунтовка: ГФ-021 красно-коричневая","т","0,00031\n0,0013",null,null,null,null,0]
[null,"201-0756","Отдельные конструктивные элементы зданий и сооружений с преобладанием: горячекатаных профилей, средняя масса сборочной единицы от 0,1 до 0,5 т","т","0,003\n0,0128",null,null,null,null,0]
[null,"508-0097","Канат двойной свивки типа ТК, конструкции 6х19(1+6+12)+1 о.с., оцинкованный из проволок марки В, маркировочная группа: 1770 н/мм2, диаметром 5,5 мм","10 м","0,0187\n0,0797",null,null,null,null,0]
["49","ТЕРм38-01-002-03","Монорельсы, балки и другие аналогичные конструкции промышленных зданий, сборка с помощью: лебедок электрических (с установкой и снятием их в процессе работы)","1 т конструкций",4.0999999999999996,39050.699999999997,160107.70000000001,601.95000000000005,2468.0100000000002,162575.71]
[null,"101-0324","Кислород технический: газообразный","м3","0,6\n2,46",null,null,null,null,0]
[null,"101-1521","Электроды диаметром: 5 мм Э42","т","0,0032\n0,0131",null,null,null,null,0]
[null,"101-2278","Пропан-бутан, смесь техническая","кг","0,2\n0,82",null,null,null,null,0]
[null,"999-9950","Вспомогательные ненормируемые ресурсы (2% от Оплаты труда рабочих)","руб","10,14\n41,57",null,null,null,null,0]
["50","Прайс","Двутавр М45","т",2.7040000000000002,0,0,113067.62,305734.84999999998,305734.84999999998]
["51","Прайс","Двутавр М30","т",0.41599999999999998,0,0,110753.39,46073.41,46073.41]
["52","Прайс","Уголок равнополочный 100*7","т",1.04,0,0,112544.95,117046.75,117046.75]
["53","Прайс","Прокат листовой 20мм","т",0.312,0,0,106982.44,33378.519999999997,33378.519999999997]
["54","Прайс","Прокат листовой 16мм","т",0.104,0,0,103819.23,10797.2,10797.2]
["55","Прайс","Прокат листовой 12мм","т",0.41599999999999998,0,0,96028.63,39947.910000000003,39947.910000000003]
["56","Прайс","Прокат листовой 10мм","т",0.20799999999999999,0,0,94509.18,19657.91,19657.91]
["Перевозка материалов (металл 140 км. ОП \"МКМ-СПб\")",null,null,null,null,null,null,null,null,0]
["57",null,"Металлопрокат, трубопрокат и металлоконструкции","т",4.0999999999999996,0,0,0,0,0]
["58","ТССЦпг-03-02-01-140","Перевозка строительных грузов (кроме массовых навалочных, перевозимых автомобилями-самосвалами, а также бетонных и железобетонных изделий, стеновых и перегородочных материалов, лесоматериалов круглых и пиломатериалов, включенных в таблицу 03-01), бортовым автомобилем грузоподъемностью 5 т, на расстояние до 140 км I класс груза","1 т груза",4.0999999999999996,0,0,2338.79,9589.0499999999993,9589.0499999999993]
["59","ТССЦпг-01-01-02-015","Разгрузочные работы при автомобильных перевозках: металлических конструкций массой до 1 т","1 т груза",4.0999999999999996,0,0,470.56,1929.3,1929.3]
["Раздел 6. Фахверк",null,null,null,null,null,null,null,null,0]
["60","ТЕР09-04-006-01","Монтаж фахверка","1 т конструкций",9.6720000000000006,50226.94,485794.95,2655.98,25688.6,511483.55]
[null,"101-0309","Канаты пеньковые пропитанные","т","0,0001\n0,001",null,null,null,null,0]
[null,"101-0324","Кислород технический: газообразный","м3","2,6\n25,15",null,null,null,null,0]
[null,"101-0797","Проволока горячекатаная в мотках, диаметром 6,3-6,5 мм","т","0,00003\n0,0003",null,null,null,null,0]
[null,"101-1019","Швеллеры № 40 из стали марки: Ст0","т","0,00194\n0,0188",null,null,null,null,0]
[null,"101-1515","Электроды диаметром: 4 мм Э46","т","0,016\n0,1548",null,null,null,null,0]
[null,"101-1805","Гвозди строительные","т","0,00001\n0,0001",null,null,null,null,0]
[null,"101-2278","Пропан-бутан, смесь техническая","кг","0,78\n7,544",null,null,null,null,0]
[null,"101-2467","Растворитель марки: Р-4","т","0,0006\n0,0058",null,null,null,null,0]
[null,"113-0021","Грунтовка: ГФ-021 красно-коричневая","т","0,00031\n0,003",null,null,null,null,0]
[null,"201-0756","Отдельные конструктивные элементы зданий и сооружений с преобладанием: горячекатаных профилей, средняя масса сборочной единицы от 0,1 до 0,5 т","т","0,001\n0,0097",null,null,null,null,0]
[null,"508-0097","Канат двойной свивки типа ТК, конструкции 6х19(1+6+12)+1 о.с., оцинкованный из проволок марки В, маркировочная группа: 1770 н/мм2, диаметром 5,5 мм","10 м","0,0187\n0,1809",null,null,null,null,0]
["61","ТССЦ-110-0008","Болты сборочные с гайками и шайбами по классу прочности: 8,8","т",9.672E-2,0,0,150369.62,14543.75,14543.75]
["62","ТЕРм38-01-003-03","Решетчатые конструкции (стойки, опоры, фермы и пр.), сборка с помощью: лебедок электрических (с установкой и снятием их в процессе работы)","1 т конструкций",9.3000000000000007,145545,1353568.83,3563.29,33138.61,1386707.44]
[null,"101-0324","Кислород технический: газообразный","м3","2,6\n24,18",null,null,null,null,0]
[null,"101-1521","Электроды диаметром: 5 мм Э42","т","0,0215\n0,2",null,null,null,null,0]
[null,"101-2278","Пропан-бутан, смесь техническая","кг","0,5\n4,65",null,null,null,null,0]
[null,"999-9950","Вспомогательные ненормируемые ресурсы (2% от Оплаты труда рабочих)","руб","42,32\n393,6",null,null,null,null,0]
["63","Прайс","Профиль гн. 160*8","т",1.56,0,0,125116.25,195181.35,195181.35]
["64","Прайс","Профиль гн. 120*5","т",4.5759999999999996,0,0,113870.45,521071.16,521071.16]
["65","Прайс","Профиль гн. 100*5","т",1.248,0,0,109780.72,137006.34,137006.34]
["66","Прайс","Уголок равнополочный 100*7","т",0.312,0,0,112544.49,35113.879999999997,35113.879999999997]
["67","Прайс","Уголок равнополочный 63*5","т",0.624,0,0,103575.19,64630.92,64630.92]
["68","Прайс","Швеллер гнутый 120*60*5","т",0.52,0,0,134536.79,69959.13,69959.13]
["69","Прайс","Уголок не равнополочный 140*90*8","т",0.20799999999999999,0,0,139173.85,28948.16,28948.16]
["70","Прайс","Уголок не равнополочный 100*63*8","т",0.20799999999999999,0,0,118668.32,24683.01,24683.01]
["71","Прайс","Прокат листовой 10мм","т",0.312,0,0,94509.2,29486.87,29486.87]
["72","Прайс","Прокат листовой 4мм","т",0.104,0,0,76427.88,7948.5,7948.5]
["Перевозка материалов (металл 140 км. ОП \"МКМ-СПб\")",null,null,null,null,null,null,null,null,0]
["73",null,"Арматура, металлопрокат, трубопрокат и металлоконструкции","т",9.3000000000000007,0,0,0,0,0]
["74","ТССЦпг-03-02-01-140","Перевозка строительных грузов (кроме массовых навалочных, перевозимых автомобилями-самосвалами, а также бетонных и железобетонных изделий, стеновых и перегородочных материалов, лесоматериалов круглых и пиломатериалов, включенных в таблицу 03-01), бортовым автомобилем грузоподъемностью 5 т, на расстояние до 140 км I класс груза","1 т груза",9.3000000000000007,0,0,2338.66,21749.55,21749.55]
["75","ТССЦпг-01-01-02-015","Разгрузочные работы при автомобильных перевозках: металлических конструкций массой до 1 т","1 т груза",9.3000000000000007,0,0,470.67,4377.2,4377.2]
["Раздел 7. Лестницы, площадки, ограждения, щиты и рамы",null,null,null,null,null,null,null,null,0]
["76","ТЕР09-03-029-01","Монтаж лестниц прямолинейных и криволинейных, пожарных с ограждением","1 т конструкций",13.103999999999999,57879.17,758448.65,1156.9000000000001,15160.04,773608.69]
[null,"101-0309","Канаты пеньковые пропитанные","т","0,0001\n0,0013",null,null,null,null,0]
[null,"101-0324","Кислород технический: газообразный","м3","1,37\n17,95",null,null,null,null,0]
[null,"101-0797","Проволока горячекатаная в мотках, диаметром 6,3-6,5 мм","т","0,00003\n0,0004",null,null,null,null,0]
[null,"101-1019","Швеллеры № 40 из стали марки: Ст0","т","0,00194\n0,0254",null,null,null,null,0]
[null,"101-1515","Электроды диаметром: 4 мм Э46","т","0,004\n0,0524",null,null,null,null,0]
[null,"101-1805","Гвозди строительные","т","0,00001\n0,0001",null,null,null,null,{"$f":"G207+I207","v":0}]
[null,"101-2278","Пропан-бутан, смесь техническая","кг","0,41\n5,373",null,null,null,null,0]
[null,"101-2467","Растворитель марки: Р-4","т","0,0006\n0,0079",null,null,null,null,0]
[null,"102-0023","Бруски обрезные хвойных пород длиной: 4-6,5 м, шириной 75-150 мм, толщиной 40-75 мм, I сорта","м3","0,00103\n0,0135",null,null,null,null,0]
[null,"113-0021","Грунтовка: ГФ-021 красно-коричневая","т","0,00031\n0,0041",null,null,null,null,0]
[null,"201-0756","Отдельные конструктивные элементы зданий и сооружений с преобладанием: горячекатаных профилей, средняя масса сборочной единицы от 0,1 до 0,5 т","т","0,001\n0,0131",null,null,null,null,0]
[null,"508-0097","Канат двойной свивки типа ТК, конструкции 6х19(1+6+12)+1 о.с., оцинкованный из проволок марки В, маркировочная группа: 1770 н/мм2, диаметром 5,5 мм","10 м","0,0187\n0,245",null,null,null,null,0]
["77","ТССЦ-110-0008","Болты сборочные с гайками и шайбами по классу прочности: 8,8","т",0.170352,0,0,150375.51999999999,25616.77,25616.77]
["78","ТЕРм38-01-004-06","Сборка с помощью лебедок электрических (с установкой и снятием их в процессе работы): лестницы прямолинейные и криволинейные с ограждением","1 т конструкций",12.6,181387.4,2285480.89,2725.02,34335.269999999997,2319816.16]
[null,"101-0324","Кислород технический: газообразный","м3","0,6\n7,56",null,null,null,null,0]
[null,"101-1521","Электроды диаметром: 5 мм Э42","т","0,016\n0,2016",null,null,null,null,0]
[null,"101-2278","Пропан-бутан, смесь техническая","кг","0,2\n2,52",null,null,null,null,0]
[null,"999-9950","Вспомогательные ненормируемые ресурсы (2% от Оплаты труда рабочих)","руб","51,07\n643,5",null,null,null,null,0]
["79","Прайс","Двутавр 30Б1","т",1.04,0,0,114648.69,119234.64,119234.64]
["80","Прайс","Профиль гн. 160*8","т",1.56,0,0,125116.25,195181.35,195181.35]
["81","Прайс","Профиль гн. 100*5","т",0.52,0,0,109780.96,57086.1,57086.1]
["82","Прайс","Швеллер 20П","т",1.56,0,0,107662.95,167954.2,167954.2]
["83","Прайс","Швеллер 16П","т",2.08,0,0,102843.33,213914.12,213914.12]
["84","Прайс","Уголок равнополочный 100*7","т",0.72799999999999998,0,0,112545.15,81932.87,81932.87]
["85","Прайс","Уголок равнополочный 75*6","т",0.624,0,0,106130.61,66225.5,66225.5]
["86","Прайс","Уголок равнополочный 63*5","т",0.20799999999999999,0,0,103577.5,21544.12,21544.12]
["87","Прайс","Уголок не равнополочный 100*63*8","т",0.20799999999999999,0,0,118668.32,24683.01,24683.01]
["88","Прайс","Прокат листовой 30мм","т",0.104,0,0,117880.96000000001,12259.62,12259.62]
["89","Прайс","Прокат листовой 16мм","т",0.104,0,0,103819.23,10797.2,10797.2]
["90","Прайс","Прокат листовой 10мм","т",0.20799999999999999,0,0,94509.18,19657.91,19657.91]
["91","Прайс","Прокат листовой 6мм","т",0.312,0,0,91037.5,28403.7,28403.7]
["92","Прайс","Прокат листовой 4мм","т",0.83199999999999996,0,0,76433.03,63592.28,63592.28]
["93","Прайс"," ВГП 42,3*2,8","т",2.08,0,0,80170.509999999995,166754.67000000001,166754.67000000001]
["94","Прайс","ВГП 21,3*2,5","т",0.41599999999999998,0,0,74791.009999999995,31113.06,31113.06]
["95","Прайс","Прокат стальной горячетканый круглый диаметр 20мм","т",0.20799999999999999,0,0,107831.92,22429.040000000001,22429.040000000001]
["96","Прайс","Прокат стальной горячетканый круглый диаметр 16мм","т",0.312,0,0,102990.45,32133.02,32133.02]
["Перевозка материалов (металл 140 км. ОП \"МКМ-СПб\")",null,null,null,null,null,null,null,null,0]
["97",null,"Арматура, металлопрокат, трубопрокат и металлоконструкции","т",12.6,0,0,0,0,0]
["98","ТССЦпг-03-02-01-140","Перевозка строительных грузов (кроме массовых навалочных, перевозимых автомобилями-самосвалами, а также бетонных и железобетонных изделий, стеновых и перегородочных материалов, лесоматериалов круглых и пиломатериалов, включенных в таблицу 03-01), бортовым автомобилем грузоподъемностью 5 т, на расстояние до 140 км I класс груза","1 т груза",12.6,0,0,2338.63,29466.76,29466.76]
["99","ТССЦпг-01-01-02-015","Разгрузочные работы при автомобильных перевозках: металлических конструкций массой до 1 т","1 т груза",12.6,0,0,470.65,5930.13,5930.13]
["Раздел 8. Закладные детали",null,null,null,null,null,null,null,null,0]
["100","ТЕР06-01-015-09","Установка закладных деталей весом: более 20 кг","1 т",2.1840000000000002,27758.400000000001,60624.35,0,0,60624.35]
["101","ТЕРм38-01-006-07","Сборка с помощью лебедок ручных (с установкой и снятием их в процессе работы) или вручную (мелких деталей): листовые конструкции массой до 0,5 т (бачки, течки, воронки, желоба, лотки и пр.)","1 т конструкций",2.1,274693.90000000002,576857.17000000004,7096.61,14902.89,591760.06000000006]
[null,"101-0324","Кислород технический: газообразный","м3","1,1\n2,31",null,null,null,null,0]
[null,"101-1521","Электроды диаметром: 5 мм Э42","т","0,0476\n0,1",null,null,null,null,0]
[null,"101-2278","Пропан-бутан, смесь техническая","кг","0,3\n0,63",null,null,null,null,0]
[null,"999-9950","Вспомогательные ненормируемые ресурсы (2% от Оплаты труда рабочих)","руб","69,18\n145,3",null,null,null,null,0]
["102","Прайс","Прокат листовой 25мм","т",0.93600000000000005,0,0,112337.3,105147.71,105147.71]
["103","Прайс","Прокат листовой 20мм","т",0.52,0,0,106982.42,55630.86,55630.86]
["104","Прайс","Прокат листовой 16мм","т",0.312,0,0,103819.23,32391.599999999999,32391.599999999999]
["105","Прайс","Прокат листовой 10мм","т",0.41599999999999998,0,0,94505.75,39314.39,39314.39]
["Перевозка материалов (металл 140 км. ОП \"МКМ-СПб\")",null,null,null,null,null,null,null,null,0]
["106",null,"Арматура, металлопрокат, трубопрокат и металлоконструкции","т",2.1,0,0,0,0,0]
["107","ТССЦпг-03-02-01-140","Перевозка строительных грузов (кроме массовых навалочных, перевозимых автомобилями-самосвалами, а также бетонных и железобетонных изделий, стеновых и перегородочных материалов, лесоматериалов круглых и пиломатериалов, включенных в таблицу 03-01), бортовым автомобилем грузоподъемностью 5 т, на расстояние до 140 км I класс груза","1 т груза",2.1,0,0,2338.86,4911.6099999999997,4911.6099999999997]
["108","ТССЦпг-01-01-02-015","Разгрузочные работы при автомобильных перевозках: металлических конструкций массой до 1 т","1 т груза",2.1,0,0,470.64,988.35,988.35]
["Раздел 9. Настил",null,null,null,null,null,null,null,null,0]
["109","ТЕР09-03-030-01","Монтаж площадок с настилом и ограждением из листовой, рифленой, просечной и круглой стали","1 т конструкций",2.3919999999999999,63385.89,151619.04999999999,1157.3,2768.25,154387.29999999999]
[null,"101-0309","Канаты пеньковые пропитанные","т","0,0001\n0,0002",null,null,null,null,0]
[null,"101-0324","Кислород технический: газообразный","м3","1,37\n3,277",null,null,null,null,0]
[null,"101-0797","Проволока горячекатаная в мотках, диаметром 6,3-6,5 мм","т","0,00003\n0,0001",null,null,null,null,0]
[null,"101-1019","Швеллеры № 40 из стали марки: Ст0","т","0,00194\n0,0046",null,null,null,null,0]
[null,"101-1515","Электроды диаметром: 4 мм Э46","т","0,004\n0,0096",null,null,null,null,0]
[null,"101-1805","Гвозди строительные","т","0,00001\n0",null,null,null,null,0]
[null,"101-2278","Пропан-бутан, смесь техническая","кг","0,41\n0,9807",null,null,null,null,0]
[null,"101-2467","Растворитель марки: Р-4","т","0,0006\n0,0014",null,null,null,null,0]
[null,"102-0023","Бруски обрезные хвойных пород длиной: 4-6,5 м, шириной 75-150 мм, толщиной 40-75 мм, I сорта","м3","0,00103\n0,0025",null,null,null,null,0]
[null,"113-0021","Грунтовка: ГФ-021 красно-коричневая","т","0,00031\n0,0007",null,null,null,null,0]
[null,"201-0756","Отдельные конструктивные элементы зданий и сооружений с преобладанием: горячекатаных профилей, средняя масса сборочной единицы от 0,1 до 0,5 т","т","0,001\n0,0024",null,null,null,null,0]
[null,"508-0097","Канат двойной свивки типа ТК, конструкции 6х19(1+6+12)+1 о.с., оцинкованный из проволок марки В, маркировочная группа: 1770 н/мм2, диаметром 5,5 мм","10 м","0,0187\n0,0447",null,null,null,null,0]
["110","ТССЦ-110-0008","Болты сборочные с гайками и шайбами по классу прочности: 8,8","т",2.4638E-2,0,0,150373,3704.89,{"$f":"G271+I271","v":3704.89}]
["111","ТЕРм38-01-004-05","Сборка с помощью лебедок электрических (с установкой и снятием их в процессе работы): площадки для обслуживания оборудования и трубопроводов","1 т конструкций",2.2999999999999998,153619.1,353323.83,2902.48,6675.7,359999.53]
[null,"101-0324","Кислород технический: газообразный","м3","0,9\n2,07",null,null,null,null,0]
[null,"101-1521","Электроды диаметром: 5 мм Э42","т","0,0179\n0,0412",null,null,null,null,0]
[null,"101-2278","Пропан-бутан, смесь техническая","кг","0,2\n0,46",null,null,null,null,0]
[null,"999-9950","Вспомогательные ненормируемые ресурсы (2% от Оплаты труда рабочих)","руб","42,08\n96,78",null,null,null,null,0]
["112","Прайс","Лист стальной с рифлением ромбическим 4мм","т",1.3,0,0,105765.21,137494.76999999999,137494.76999999999]
["113","Прайс","Лист ПВЛ ПВ506","т",1,0,0,165782.10999999999,165782.10999999999,165782.10999999999]
["114","ТССЦ-110-0008","Болты сборочные с гайками и шайбами по классу прочности: 8,8","т",2.4638E-2,0,0,150373,3704.89,3704.89]
["115","ТЕР09-04-002-01","Монтаж кровельного покрытия: из профилированного листа при высоте здания до 25 м","100 м2 покрытия",1.74,52050.6,90568.04,3033.29,5277.93,95845.97]
[null,"101-0309","Канаты пеньковые пропитанные","т","0,00015\n0,0003",null,null,null,null,0]
[null,"101-0324","Кислород технический: газообразный","м3","1,4\n2,436",null,null,null,null,0]
[null,"101-0797","Проволока горячекатаная в мотках, диаметром 6,3-6,5 мм","т","0,00004\n0,0001",null,null,null,null,0]
[null,"101-1019","Швеллеры № 40 из стали марки: Ст0","т","0,00297\n0,0052",null,null,null,null,0]
[null,"101-1513","Электроды диаметром: 4 мм Э42","т","0,00061\n0,0011",null,null,null,null,0]
[null,"101-1714","Болты с гайками и шайбами строительные","т","0,0022\n0,0038",null,null,null,null,0]
[null,"101-2278","Пропан-бутан, смесь техническая","кг","0,42\n0,7308",null,null,null,null,0]
[null,"101-2467","Растворитель марки: Р-4","т","0,00009\n0,0002",null,null,null,null,0]
[null,"102-0023","Бруски обрезные хвойных пород длиной: 4-6,5 м, шириной 75-150 мм, толщиной 40-75 мм, I сорта","м3","0,0013\n0,0023",null,null,null,null,0]
[null,"113-0021","Грунтовка: ГФ-021 красно-коричневая","т","0,00047\n0,0008",null,null,null,null,0]
[null,"201-0756","Отдельные конструктивные элементы зданий и сооружений с преобладанием: горячекатаных профилей, средняя масса сборочной единицы от 0,1 до 0,5 т","т","0,011\n0,0191",null,null,null,null,0]
[null,"508-0097","Канат двойной свивки типа ТК, конструкции 6х19(1+6+12)+1 о.с., оцинкованный из проволок марки В, маркировочная группа: 1770 н/мм2, диаметром 5,5 мм","10 м","0,016\n0,0278",null,null,null,null,0]
["116","Прайс","Профиль H57-750-0,8","т",1.9,0,0,153670.54,291974.02,291974.02]
["117","ТССЦ-101-1810","Винты самонарезающие: для крепления профилированного настила и панелей к несущим конструкциям","т",6.7000000000000002E-3,0,0,256437.31,1718.13,1718.13]
["118","ТЕР09-04-006-02","Монтаж ограждающих конструкций стен: из профилированного листа при высоте здания до 30 м","100 м2",4.9865000000000004,169937.89,847395.27,5922.56,29532.84,876928.11]
[null,"101-0309","Канаты пеньковые пропитанные","т","0,00015\n0,0007",null,null,null,null,0]
[null,"101-0324","Кислород технический: газообразный","м3","2,98\n14,86",null,null,null,null,0]
[null,"101-0797","Проволока горячекатаная в мотках, диаметром 6,3-6,5 мм","т","0,00004\n0,0002",null,null,null,null,0]
[null,"101-1019","Швеллеры № 40 из стали марки: Ст0","т","0,00297\n0,0148",null,null,null,null,0]
[null,"101-1513","Электроды диаметром: 4 мм Э42","т","0,0034\n0,017",null,null,null,null,0]
[null,"101-1714","Болты с гайками и шайбами строительные","т","0,007\n0,0349",null,null,null,null,0]
[null,"101-1805","Гвозди строительные","т","0,00002\n0,0001",null,null,null,null,0]
[null,"101-2278","Пропан-бутан, смесь техническая","кг","0,903\n4,503",null,null,null,null,0]
[null,"101-2467","Растворитель марки: Р-4","т","0,00009\n0,0004",null,null,null,null,0]
[null,"102-0023","Бруски обрезные хвойных пород длиной: 4-6,5 м, шириной 75-150 мм, толщиной 40-75 мм, I сорта","м3","0,0013\n0,0065",null,null,null,null,0]
[null,"113-0021","Грунтовка: ГФ-021 красно-коричневая","т","0,00047\n0,0023",null,null,null,null,0]
[null,"201-0756","Отдельные конструктивные элементы зданий и сооружений с преобладанием: горячекатаных профилей, средняя масса сборочной единицы от 0,1 до 0,5 т","т","0,019\n0,0947",null,null,null,null,0]
[null,"508-0097","Канат двойной свивки типа ТК, конструкции 6х19(1+6+12)+1 о.с., оцинкованный из проволок марки В, маркировочная группа: 1770 н/мм2, диаметром 5,5 мм","10 м","0,016\n0,0798",null,null,null,null,0]
["119","ТССЦ-201-0382","Конструкции: стальные нащельников и деталей обрамления","т",0.28820000000000001,0,0,179934.11,51857.01,51857.01]
["120","ТССЦ-101-1810","Винты самонарезающие: для крепления профилированного настила и панелей к несущим конструкциям","т",1.9099999999999999E-2,0,0,256475.39,4898.68,4898.68]
["121","Прайс","Профиль HC35-1000-0,7","т",4.0999999999999996,0,0,190108.99,779446.87,779446.87]
["Перевозка материалов (металл 140 км. ОП \"МКМ-СПб\")",null,null,null,null,null,null,null,null,0]
["122",null,"Арматура, металлопрокат, трубопрокат и металлоконструкции","т",8.3000000000000007,0,0,0,0,0]
["123","ТССЦпг-03-02-01-140","Перевозка строительных грузов (кроме массовых навалочных, перевозимых автомобилями-самосвалами, а также бетонных и железобетонных изделий, стеновых и перегородочных материалов, лесоматериалов круглых и пиломатериалов, включенных в таблицу 03-01), бортовым автомобилем грузоподъемностью 5 т, на расстояние до 140 км I класс груза","1 т груза",8.3000000000000007,0,0,2338.65,19410.82,19410.82]
["124","ТССЦпг-01-01-02-015","Разгрузочные работы при автомобильных перевозках: металлических конструкций массой до 1 т","1 т груза",8.3000000000000007,0,0,470.6,3906.01,3906.01]
["Раздел 10. Антикоррозионная обработка",null,null,null,null,null,null,null,null,0]
["125","ТЕР13-03-002-04","Огрунтовка металлических поверхностей за один раз: грунтовкой ГФ-021","100 м2 окрашиваемой поверхности",12.207100000000001,7414.11,90504.84,384.82,4697.5600000000004,95202.4]
[null,"113-0077","Ксилол нефтяной марки А","т","0,002\n0,0244",null,null,null,null,0]
["126","Прайс\nАналог ТССЦ-113-0021 18353,45/17895,65=3%","Грунтовка: ГФ-021 красно-коричневая","кг",146.5,0,0,403.95,59179.17,59179.17]
["127","ТЕР13-03-004-26","Окраска металлических огрунтованных поверхностей: эмалью ПФ-115 (за 2 раза) К=2","100 м2 окрашиваемой поверхности",12.207100000000001,8769.59,112685.48,240.43,2934.9,115620.38]
[null,"101-1292","Уайт-спирит","т","0,0028\n0,0342",null,null,null,null,0]
["128","Прайс\nАналог ТССЦ-113-0021 18353,45/17895,65=3%","Эмаль ПФ-115 серая","кг",463.9,0,0,505.53,234515.85,234515.85]
[null,null,"Всего, руб. с НДС",null,null,null,{"$f":"SUM(G14:G322)","v":11203508.25},null,{"$f":"SUM(I14:I322)","v":9833103.8100000005},{"$f":"SUM(J14:J322)","v":21036612.059999999}]
[null,null,"Всего, руб. без НДС",null,null,null,{"$f":"G323/1.2","v":9336256.8800000008},null,{"$f":"I323/1.2","v":8194253.1799999997},{"$f":"J323/1.2","v":17530510.050000001}]

{"sheet":"1632-2021-2.2.7-КМ ","index":12,"n_rows":328,"n_cols":10,"rows_kept":328,"cut":false,"hidden":false,"merged":[]}
[]
["Терминал по перевалке минеральных удобрений в морском торговом порту Усть-Луга. Береговые объекты терминала"]
["(наименование стройки)"]
[]
["ЛОКАЛЬНАЯ СМЕТА № 1632-2021-2.2.7-КМ_07.04.026-П-01-03"]
["(локальная смета)"]
["на Конструкции металлические., 07.04.026 Приводная станция  (код SAP 01.02.005) код ГП 2.2.7"]
["(наименование работ и затрат, наименование объекта)"]
[null,"Основание:","1632-2021-2.2.7-КМ_1_0_RU_IFC"]
[]
["№ п/п","Обоснование","Наименование работ и затрат","Ед. изм.","Кол-во","Цена за ед.измерения работ, руб. с НДС","Всего, стоимость работ,руб. с НДС","Цена за ед.измерения материалов, руб. с НДС","Всего, стоимость материалов, руб. с НДС","Итого, руб. с НДС"]
[1,2,3,4,5,"6","7","8","9",10]
["Раздел 1. Фахверк"]
["1","ТЕР09-04-006-01","Монтаж фахверка","1 т конструкций",8.4239999999999995,50226.97,423112.01,2656.04,22374.45,{"$f":"G14+I14","v":445486.46}]
[null,"101-0309","Канаты пеньковые пропитанные","т","0,0001\n0,0008",null,null,null,null,{"$f":"G15+I15","v":0}]
[null,"101-0324","Кислород технический: газообразный","м3","2,6\n21,9",null,null,null,null,0]
[null,"101-0797","Проволока горячекатаная в мотках, диаметром 6,3-6,5 мм","т","0,00003\n0,0003",null,null,null,null,0]
[null,"101-1019","Швеллеры № 40 из стали марки: Ст0","т","0,00194\n0,0163",null,null,null,null,0]
[null,"101-1515","Электроды диаметром: 4 мм Э46","т","0,016\n0,1348",null,null,null,null,0]
[null,"101-1805","Гвозди строительные","т","0,00001\n0,0001",null,null,null,null,0]
[null,"101-2278","Пропан-бутан, смесь техническая","кг","0,78\n6,571",null,null,null,null,0]
[null,"101-2467","Растворитель марки: Р-4","т","0,0006\n0,0051",null,null,null,null,0]
[null,"113-0021","Грунтовка: ГФ-021 красно-коричневая","т","0,00031\n0,0026",null,null,null,null,0]
[null,"201-0756","Отдельные конструктивные элементы зданий и сооружений с преобладанием: горячекатаных профилей, средняя масса сборочной единицы от 0,1 до 0,5 т","т","0,001\n0,0084",null,null,null,null,0]
[null,"508-0097","Канат двойной свивки типа ТК, конструкции 6х19(1+6+12)+1 о.с., оцинкованный из проволок марки В, маркировочная группа: 1770 н/мм2, диаметром 5,5 мм","10 м","0,0187\n0,1575",null,null,null,null,0]
["2","ТССЦ-110-0008","Болты сборочные с гайками и шайбами по классу прочности: 8,8","т",8.4239999999999995E-2,0,0,150375.12,12667.6,12667.6]
["3","ТЕРм38-01-003-03","Решетчатые конструкции (стойки, опоры, фермы и пр.), сборка с помощью: лебедок электрических (с установкой и снятием их в процессе работы)","1 т конструкций",8.1,145545,1178914.51,3563.2,28861.96,1207776.47]
[null,"101-0324","Кислород технический: газообразный","м3","2,6\n21,06",null,null,null,null,0]
[null,"101-1521","Электроды диаметром: 5 мм Э42","т","0,0215\n0,1742",null,null,null,null,0]
[null,"101-2278","Пропан-бутан, смесь техническая","кг","0,5\n4,05",null,null,null,null,0]
[null,"999-9950","Вспомогательные ненормируемые ресурсы (2% от Оплаты труда рабочих)","руб","42,32\n342,8",null,null,null,null,0]
["4","Прайс","Профиль гн. 160*5","т",0.312,0,0,124874.97,38960.99,38960.99]
["5","Прайс","Профиль гн. 140*5","т",0.20799999999999999,0,0,120367.31,25036.400000000001,25036.400000000001]
["6","Прайс","Профиль гн. 120*5","т",5.4080000000000004,0,0,113870.37,615810.98,615810.98]
["7","Прайс","Профиль гн. 100*5","т",0.72799999999999998,0,0,109780.56,79920.25,79920.25]
["8","Прайс","Уголок равнополочный 125*8","т",0.20799999999999999,0,0,123903.46,25771.919999999998,25771.919999999998]
["9","Прайс","Уголок равнополочный 100*7","т",0.20799999999999999,0,0,112542.21,23408.78,23408.78]
["10","Прайс","Уголок равнополочный 63*5","т",0.20799999999999999,0,0,103577.5,21544.12,21544.12]
["11","Прайс","Швеллер гнутый 120*60*5","т",0.72799999999999998,0,0,134535.6,97941.92,97941.92]
["12","Прайс","Прокат листовой 8мм","т",0.20799999999999999,0,0,93155.53,19376.349999999999,19376.349999999999]
["13","Прайс","Прокат листовой 4мм","т",0.20799999999999999,0,0,76434.759999999995,15898.43,15898.43]
["Перевозка материалов (металл 140 км. ОП \"МКМ-СПб\")",null,null,null,null,null,null,null,null,0]
["14",null,"Металлопрокат, трубопрокат и металлоконструкции","т",8.1,0,0,0,0,0]
["15","ТССЦпг-03-02-01-140","Перевозка строительных грузов (кроме массовых навалочных, перевозимых автомобилями-самосвалами, а также бетонных и железобетонных изделий, стеновых и перегородочных материалов, лесоматериалов круглых и пиломатериалов, включенных в таблицу 03-01), бортовым автомобилем грузоподъемностью 5 т, на расстояние до 140 км I класс груза","1 т груза",8.1,0,0,2338.58,18942.509999999998,18942.509999999998]
["16","ТССЦпг-01-01-02-015","Разгрузочные работы при автомобильных перевозках: металлических конструкций массой до 1 т","1 т груза",8.1,0,0,470.7,3812.64,3812.64]
["Раздел 2. Монорельсы",null,null,null,null,null,null,null,null,0]
["17","ТЕР09-03-003-02","Монтаж одиночных подкрановых балок на отметке до 25 м массой: до 2,0 т","1 т конструкций",1.3520000000000001,23012.62,31113.06,1989.08,2689.24,33802.300000000003]
[null,"101-0309","Канаты пеньковые пропитанные","т","0,0001\n0,0001",null,null,null,null,0]
[null,"101-0324","Кислород технический: газообразный","м3","1,1\n1,487",null,null,null,null,0]
[null,"101-0797","Проволока горячекатаная в мотках, диаметром 6,3-6,5 мм","т","0,00003\n0",null,null,null,null,0]
[null,"101-1019","Швеллеры № 40 из стали марки: Ст0","т","0,00194\n0,0026",null,null,null,null,0]
[null,"101-1513","Электроды диаметром: 4 мм Э42","т","0,0034\n0,0046",null,null,null,null,0]
[null,"101-1714","Болты с гайками и шайбами строительные","т","0,0028\n0,0038",null,null,null,null,0]
[null,"101-1805","Гвозди строительные","т","0,00001\n0",null,null,null,null,0]
[null,"101-2278","Пропан-бутан, смесь техническая","кг","0,33\n0,4462",null,null,null,null,0]
[null,"101-2467","Растворитель марки: Р-4","т","0,0006\n0,0008",null,null,null,null,0]
[null,"102-0023","Бруски обрезные хвойных пород длиной: 4-6,5 м, шириной 75-150 мм, толщиной 40-75 мм, I сорта","м3","0,00103\n0,0014",null,null,null,null,0]
[null,"113-0021","Грунтовка: ГФ-021 красно-коричневая","т","0,00031\n0,0004",null,null,null,null,0]
[null,"201-0756","Отдельные конструктивные элементы зданий и сооружений с преобладанием: горячекатаных профилей, средняя масса сборочной единицы от 0,1 до 0,5 т","т","0,003\n0,0041",null,null,null,null,0]
[null,"508-0097","Канат двойной свивки типа ТК, конструкции 6х19(1+6+12)+1 о.с., оцинкованный из проволок марки В, маркировочная группа: 1770 н/мм2, диаметром 5,5 мм","10 м","0,0187\n0,0253",null,null,null,null,0]
["18","ТЕРм38-01-002-03","Монорельсы, балки и другие аналогичные конструкции промышленных зданий, сборка с помощью: лебедок электрических (с установкой и снятием их в процессе работы)","1 т конструкций",1.3,39050.199999999997,50765.22,602.25,782.93,51548.15]
[null,"101-0324","Кислород технический: газообразный","м3","0,6\n0,78",null,null,null,null,0]
[null,"101-1521","Электроды диаметром: 5 мм Э42","т","0,0032\n0,0042",null,null,null,null,0]
[null,"101-2278","Пропан-бутан, смесь техническая","кг","0,2\n0,26",null,null,null,null,0]
[null,"999-9950","Вспомогательные ненормируемые ресурсы (2% от Оплаты труда рабочих)","руб","10,14\n13,18",null,null,null,null,0]
["19","Прайс","Уголок равнополочный 100*7","т",0.104,0,0,112549.13,11705.11,11705.11]
["20","Прайс","Прокат листовой 20мм","т",0.41599999999999998,0,0,106982.43,44504.69,44504.69]
["21","Прайс","Прокат листовой 10мм","т",0.72799999999999998,0,0,94507.23,68801.259999999995,68801.259999999995]
["22","Прайс","Прокат листовой 6мм","т",0.104,0,0,91042.12,9468.3799999999992,9468.3799999999992]
["23","ТЕР09-03-003-02","Монтаж одиночных подкрановых балок на отметке до 25 м массой: до 2,0 т","1 т конструкций",2.2879999999999998,26465.26,60552.52,2287.9499999999998,5234.83,65787.350000000006]
[null,"101-0309","Канаты пеньковые пропитанные","т","0,000115\n0,0003",null,null,null,null,0]
[null,"101-0324","Кислород технический: газообразный","м3","1,265\n2,894",null,null,null,null,0]
[null,"101-0797","Проволока горячекатаная в мотках, диаметром 6,3-6,5 мм","т","0,0000345\n0,0001",null,null,null,null,0]
[null,"101-1019","Швеллеры № 40 из стали марки: Ст0","т","0,002231\n0,0051",null,null,null,null,0]
[null,"101-1513","Электроды диаметром: 4 мм Э42","т","0,00391\n0,0089",null,null,null,null,0]
[null,"101-1714","Болты с гайками и шайбами строительные","т","0,00322\n0,0074",null,null,null,null,0]
[null,"101-1805","Гвозди строительные","т","0,0000115\n0",null,null,null,null,0]
[null,"101-2278","Пропан-бутан, смесь техническая","кг","0,3795\n0,8683",null,null,null,null,0]
[null,"101-2467","Растворитель марки: Р-4","т","0,00069\n0,0016",null,null,null,null,{"$f":"G79+I79","v":0}]
[null,"102-0023","Бруски обрезные хвойных пород длиной: 4-6,5 м, шириной 75-150 мм, толщиной 40-75 мм, I сорта","м3","0,0011845\n0,0027",null,null,null,null,0]
[null,"113-0021","Грунтовка: ГФ-021 красно-коричневая","т","0,0003565\n0,0008",null,null,null,null,0]
[null,"201-0756","Отдельные конструктивные элементы зданий и сооружений с преобладанием: горячекатаных профилей, средняя масса сборочной единицы от 0,1 до 0,5 т","т","0,00345\n0,0079",null,null,null,null,0]
[null,"508-0097","Канат двойной свивки типа ТК, конструкции 6х19(1+6+12)+1 о.с., оцинкованный из проволок марки В, маркировочная группа: 1770 н/мм2, диаметром 5,5 мм","10 м","0,021505\n0,0492",null,null,null,null,0]
["24","ТЕРм38-01-002-03","Монорельсы, балки и другие аналогичные конструкции промышленных зданий, сборка с помощью: лебедок электрических (с установкой и снятием их в процессе работы)","1 т конструкций",2.2000000000000002,39050.300000000003,85910.71,602.04999999999995,1324.51,87235.22]
[null,"101-0324","Кислород технический: газообразный","м3","0,6\n1,32",null,null,null,null,0]
[null,"101-1521","Электроды диаметром: 5 мм Э42","т","0,0032\n0,007",null,null,null,null,0]
[null,"101-2278","Пропан-бутан, смесь техническая","кг","0,2\n0,44",null,null,null,null,0]
[null,"999-9950","Вспомогательные ненормируемые ресурсы (2% от Оплаты труда рабочих)","руб","10,14\n22,31",null,null,null,null,0]
["25","Прайс","Двутавр М45","т",2.6312000000000002,0,0,113067.55,297503.34999999998,297503.34999999998]
["Перевозка материалов (металл 140 км. ОП \"МКМ-СПб\")",null,null,null,null,null,null,null,null,0]
["26",null,"Металлопрокат, трубопрокат и металлоконструкции\n201-0758","т",3.5,0,0,0,0,0]
["27","ТССЦпг-03-02-01-140","Перевозка строительных грузов (кроме массовых навалочных, перевозимых автомобилями-самосвалами, а также бетонных и железобетонных изделий, стеновых и перегородочных материалов, лесоматериалов круглых и пиломатериалов, включенных в таблицу 03-01), бортовым автомобилем грузоподъемностью 5 т, на расстояние до 140 км I класс груза","1 т груза",3.5,0,0,2338.7199999999998,8185.53,8185.53]
["28","ТССЦпг-01-01-02-015","Разгрузочные работы при автомобильных перевозках: металлических конструкций массой до 1 т","1 т груза",3.5,0,0,470.78,1647.74,1647.74]
["Раздел 3. Настил",null,null,null,null,null,null,null,null,0]
["29","ТЕР09-03-030-01","Монтаж площадок с настилом и ограждением из листовой, рифленой, просечной и круглой стали","1 т конструкций",2.496,63386.57,158212.87,1156.8499999999999,2887.49,161100.35999999999]
[null,"101-0309","Канаты пеньковые пропитанные","т","0,0001\n0,0002",null,null,null,null,0]
[null,"101-0324","Кислород технический: газообразный","м3","1,37\n3,42",null,null,null,null,0]
[null,"101-0797","Проволока горячекатаная в мотках, диаметром 6,3-6,5 мм","т","0,00003\n0,0001",null,null,null,null,0]
[null,"101-1019","Швеллеры № 40 из стали марки: Ст0","т","0,00194\n0,0048",null,null,null,null,0]
[null,"101-1515","Электроды диаметром: 4 мм Э46","т","0,004\n0,01",null,null,null,null,0]
[null,"101-1805","Гвозди строительные","т","0,00001\n0",null,null,null,null,0]
[null,"101-2278","Пропан-бутан, смесь техническая","кг","0,41\n1,023",null,null,null,null,0]
[null,"101-2467","Растворитель марки: Р-4","т","0,0006\n0,0015",null,null,null,null,0]
[null,"102-0023","Бруски обрезные хвойных пород длиной: 4-6,5 м, шириной 75-150 мм, толщиной 40-75 мм, I сорта","м3","0,00103\n0,0026",null,null,null,null,0]
[null,"113-0021","Грунтовка: ГФ-021 красно-коричневая","т","0,00031\n0,0008",null,null,null,null,0]
[null,"201-0756","Отдельные конструктивные элементы зданий и сооружений с преобладанием: горячекатаных профилей, средняя масса сборочной единицы от 0,1 до 0,5 т","т","0,001\n0,0025",null,null,null,null,0]
[null,"508-0097","Канат двойной свивки типа ТК, конструкции 6х19(1+6+12)+1 о.с., оцинкованный из проволок марки В, маркировочная группа: 1770 н/мм2, диаметром 5,5 мм","10 м","0,0187\n0,0467",null,null,null,null,0]
["30","ТССЦ-110-0008","Болты сборочные с гайками и шайбами по классу прочности: 8,8","т",2.5708999999999999E-2,0,0,150367.19,3865.79,3865.79]
["31","ТЕРм38-01-004-05","Сборка с помощью лебедок электрических (с установкой и снятием их в процессе работы): площадки для обслуживания оборудования и трубопроводов","1 т конструкций",2.4,153618.20000000001,368683.55,2902.45,6965.89,375649.44]
[null,"101-0324","Кислород технический: газообразный","м3","0,9\n2,16",null,null,null,null,0]
[null,"101-1521","Электроды диаметром: 5 мм Э42","т","0,0179\n0,043",null,null,null,null,0]
[null,"101-2278","Пропан-бутан, смесь техническая","кг","0,2\n0,48",null,null,null,null,0]
[null,"999-9950","Вспомогательные ненормируемые ресурсы (2% от Оплаты труда рабочих)","руб","42,08\n101",null,null,null,null,0]
["32","Прайс","Лист стальной с рифлением ромбическим 4мм","т",2.2000000000000002,0,0,105765.56,232684.24,232684.24]
["33","Прайс","Лист ПВЛ ПВ506","т",0.2,0,0,165779.25,33155.85,33155.85]
["34","ТЕР09-04-002-01","Монтаж кровельного покрытия: из профилированного листа при высоте здания до 25 м","100 м2 покрытия",1.19,52050.62,61940.24,3033.68,3610.08,65550.320000000007]
[null,"101-0309","Канаты пеньковые пропитанные","т","0,00015\n0,0002",null,null,null,null,0]
[null,"101-0324","Кислород технический: газообразный","м3","1,4\n1,666",null,null,null,null,0]
[null,"101-0797","Проволока горячекатаная в мотках, диаметром 6,3-6,5 мм","т","0,00004\n0",null,null,null,null,0]
[null,"101-1019","Швеллеры № 40 из стали марки: Ст0","т","0,00297\n0,0035",null,null,null,null,0]
[null,"101-1513","Электроды диаметром: 4 мм Э42","т","0,00061\n0,0007",null,null,null,null,0]
[null,"101-1714","Болты с гайками и шайбами строительные","т","0,0022\n0,0026",null,null,null,null,0]
[null,"101-2278","Пропан-бутан, смесь техническая","кг","0,42\n0,4998",null,null,null,null,0]
[null,"101-2467","Растворитель марки: Р-4","т","0,00009\n0,0001",null,null,null,null,0]
[null,"102-0023","Бруски обрезные хвойных пород длиной: 4-6,5 м, шириной 75-150 мм, толщиной 40-75 мм, I сорта","м3","0,0013\n0,0015",null,null,null,null,0]
[null,"113-0021","Грунтовка: ГФ-021 красно-коричневая","т","0,00047\n0,0006",null,null,null,null,0]
[null,"201-0756","Отдельные конструктивные элементы зданий и сооружений с преобладанием: горячекатаных профилей, средняя масса сборочной единицы от 0,1 до 0,5 т","т","0,011\n0,0131",null,null,null,null,0]
[null,"508-0097","Канат двойной свивки типа ТК, конструкции 6х19(1+6+12)+1 о.с., оцинкованный из проволок марки В, маркировочная группа: 1770 н/мм2, диаметром 5,5 мм","10 м","0,016\n0,019",null,null,null,null,0]
["35","Прайс","Профиль H57-750-0,8","т",1.3,0,0,153670.13,199771.17,199771.17]
["36","ТССЦ-101-1810","Винты самонарезающие: для крепления профилированного настила и панелей к несущим конструкциям","т",4.5999999999999999E-3,0,0,256395.65,1179.42,1179.42]
["37","ТЕР09-04-006-02","Монтаж ограждающих конструкций стен: из профилированного листа при высоте здания до 30 м","100 м2",3.7166000000000001,184715.67,686514.25,5922.35,22011,708525.25]
[null,"101-0309","Канаты пеньковые пропитанные","т","0,00015\n0,0006",null,null,null,null,0]
[null,"101-0324","Кислород технический: газообразный","м3","2,98\n11,08",null,null,null,null,0]
[null,"101-0797","Проволока горячекатаная в мотках, диаметром 6,3-6,5 мм","т","0,00004\n0,0001",null,null,null,null,0]
[null,"101-1019","Швеллеры № 40 из стали марки: Ст0","т","0,00297\n0,011",null,null,null,null,0]
[null,"101-1513","Электроды диаметром: 4 мм Э42","т","0,0034\n0,0126",null,null,null,null,0]
[null,"101-1714","Болты с гайками и шайбами строительные","т","0,007\n0,026",null,null,null,null,0]
[null,"101-1805","Гвозди строительные","т","0,00002\n0,0001",null,null,null,null,0]
[null,"101-2278","Пропан-бутан, смесь техническая","кг","0,903\n3,356",null,null,null,null,0]
[null,"101-2467","Растворитель марки: Р-4","т","0,00009\n0,0003",null,null,null,null,0]
[null,"102-0023","Бруски обрезные хвойных пород длиной: 4-6,5 м, шириной 75-150 мм, толщиной 40-75 мм, I сорта","м3","0,0013\n0,0048",null,null,null,null,0]
[null,"113-0021","Грунтовка: ГФ-021 красно-коричневая","т","0,00047\n0,0017",null,null,null,null,0]
[null,"201-0756","Отдельные конструктивные элементы зданий и сооружений с преобладанием: горячекатаных профилей, средняя масса сборочной единицы от 0,1 до 0,5 т","т","0,019\n0,0706",null,null,null,null,{"$f":"G143+I143","v":0}]
[null,"508-0097","Канат двойной свивки типа ТК, конструкции 6х19(1+6+12)+1 о.с., оцинкованный из проволок марки В, маркировочная группа: 1770 н/мм2, диаметром 5,5 мм","10 м","0,016\n0,0595",null,null,null,null,0]
["38","ТССЦ-201-0382","Конструкции: стальные нащельников и деталей обрамления","т",0.21479999999999999,0,0,179938.08,38650.699999999997,38650.699999999997]
["39","ТССЦ-101-1810","Винты самонарезающие: для крепления профилированного настила и панелей к несущим конструкциям","т",1.43E-2,0,0,256471.33,3667.54,3667.54]
["40","Прайс","Профиль HC35-1000-0,7","т",3.3,0,0,190108.94,627359.5,627359.5]
["Перевозка материалов (металл 140 км. ОП \"МКМ-СПб\")",null,null,null,null,null,null,null,null,0]
["41",null,"Металлопрокат, трубопрокат и металлоконструкции","т",7,0,0,0,0,0]
["42","ТССЦпг-03-02-01-140","Перевозка строительных грузов (кроме массовых навалочных, перевозимых автомобилями-самосвалами, а также бетонных и железобетонных изделий, стеновых и перегородочных материалов, лесоматериалов круглых и пиломатериалов, включенных в таблицу 03-01), бортовым автомобилем грузоподъемностью 5 т, на расстояние до 140 км I класс груза","1 т груза",7,0,0,2338.7199999999998,16371.06,16371.06]
["43","ТССЦпг-01-01-02-015","Разгрузочные работы при автомобильных перевозках: металлических конструкций массой до 1 т","1 т груза",7,0,0,470.58,3294.04,3294.04]
["Раздел 4. Лестницы, площадки, ограждения",null,null,null,null,null,null,null,null,0]
["44","ТЕР09-03-029-01","Монтаж лестниц прямолинейных и криволинейных, пожарных с ограждением","1 т конструкций",11.128,57879.19,644079.65,1156.94,12874.47,656954.12]
[null,"101-0309","Канаты пеньковые пропитанные","т","0,0001\n0,0011",null,null,null,null,0]
[null,"101-0324","Кислород технический: газообразный","м3","1,37\n15,25",null,null,null,null,0]
[null,"101-0797","Проволока горячекатаная в мотках, диаметром 6,3-6,5 мм","т","0,00003\n0,0003",null,null,null,null,0]
[null,"101-1019","Швеллеры № 40 из стали марки: Ст0","т","0,00194\n0,0216",null,null,null,null,0]
[null,"101-1515","Электроды диаметром: 4 мм Э46","т","0,004\n0,0445",null,null,null,null,0]
[null,"101-1805","Гвозди строительные","т","0,00001\n0,0001",null,null,null,null,0]
[null,"101-2278","Пропан-бутан, смесь техническая","кг","0,41\n4,562",null,null,null,null,0]
[null,"101-2467","Растворитель марки: Р-4","т","0,0006\n0,0067",null,null,null,null,0]
[null,"102-0023","Бруски обрезные хвойных пород длиной: 4-6,5 м, шириной 75-150 мм, толщиной 40-75 мм, I сорта","м3","0,00103\n0,0115",null,null,null,null,0]
[null,"113-0021","Грунтовка: ГФ-021 красно-коричневая","т","0,00031\n0,0034",null,null,null,null,0]
[null,"201-0756","Отдельные конструктивные элементы зданий и сооружений с преобладанием: горячекатаных профилей, средняя масса сборочной единицы от 0,1 до 0,5 т","т","0,001\n0,0111",null,null,null,null,0]
[null,"508-0097","Канат двойной свивки типа ТК, конструкции 6х19(1+6+12)+1 о.с., оцинкованный из проволок марки В, маркировочная группа: 1770 н/мм2, диаметром 5,5 мм","10 м","0,0187\n0,2081",null,null,null,null,0]
["45","ТССЦ-110-0008","Болты сборочные с гайками и шайбами по классу прочности: 8,8","т",0.14466399999999999,0,0,150375.07999999999,21753.86,21753.86]
["46","ТЕРм38-01-004-06","Сборка с помощью лебедок электрических (с установкой и снятием их в процессе работы): лестницы прямолинейные и криволинейные с ограждением","1 т конструкций",10.7,181387.4,1940845.39,2724.9,29156.46,1970001.85]
[null,"101-0324","Кислород технический: газообразный","м3","0,6\n6,42",null,null,null,null,0]
[null,"101-1521","Электроды диаметром: 5 мм Э42","т","0,016\n0,1712",null,null,null,null,0]
[null,"101-2278","Пропан-бутан, смесь техническая","кг","0,2\n2,14",null,null,null,null,0]
[null,"999-9950","Вспомогательные ненормируемые ресурсы (2% от Оплаты труда рабочих)","руб","51,07\n546,4",null,null,null,null,0]
["47","Прайс","Двутавр 30Б1","т",0.52,0,0,114648.69,59617.32,59617.32]
["48","Прайс","Профиль гн. 200*6","т",1.04,0,0,134183.16,139550.49,139550.49]
["49","Прайс","Профиль гн. 120*5","т",0.104,0,0,113875.19,11843.02,11843.02]
["50","Прайс","Профиль гн. 100*5","т",0.20799999999999999,0,0,109779.57,22834.15,22834.15]
["51","Прайс","Швеллер 27П","т",1.3520000000000001,0,0,112544.84,152160.63,152160.63]
["52","Прайс","Швеллер 22П","т",0.83199999999999996,0,0,109050.94,90730.38,90730.38]
["53","Прайс","Швеллер 16П","т",2.2879999999999998,0,0,102843.51,235305.96,235305.96]
["54","Прайс","ВГП 65*3","т",0.104,0,0,86290.38,8974.2000000000007,8974.2000000000007]
["55","Прайс","ВГП 42,3*2,8","т",1.1439999999999999,0,0,80169.95,91714.42,91714.42]
["56","Прайс","ВГП 21,3*2,5","т",0.20799999999999999,0,0,74791.009999999995,15556.53,15556.53]
["57","Прайс","Уголок равнополочный 100*7","т",0.624,0,0,112544.49,70227.759999999995,70227.759999999995]
["58","Прайс","Уголок равнополочный 50*4","т",0.624,0,0,101627.55,63415.59,63415.59]
["59","Прайс","Уголок не равнополочный 125*80*10","т",0.104,0,0,123475.29,12841.43,12841.43]
["60","Прайс","Прокат стальной горячетканый круглый диаметр 20","т",0.104,0,0,107838.85,11215.24,11215.24]
["61","Прайс","Прокат стальной горячетканый круглый диаметр 16","т",0.20799999999999999,0,0,102990.43,21422.01,21422.01]
["62","Прайс","Прокат листовой 12мм","т",0.104,0,0,96028.65,9986.98,9986.98]
["63","Прайс","Прокат листовой 10мм","т",0.41599999999999998,0,0,94505.75,39314.39,39314.39]
["64","Прайс","Прокат листовой 8мм","т",0.312,0,0,93155.51,29064.52,29064.52]
["65","Прайс","Прокат листовой 6мм","т",0.312,0,0,91037.5,28403.7,28403.7]
["66","Прайс","Прокат листовой 4мм","т",0.52,0,0,76433.38,39745.360000000001,39745.360000000001]
["Перевозка материалов (металл 140 км. ОП \"МКМ-СПб\")",null,null,null,null,null,null,null,null,0]
["67",null,"Металлопрокат, трубопрокат и металлоконструкции","т",10.7,0,0,0,0,0]
["68","ТССЦпг-03-02-01-140","Перевозка строительных грузов (кроме массовых навалочных, перевозимых автомобилями-самосвалами, а также бетонных и железобетонных изделий, стеновых и перегородочных материалов, лесоматериалов круглых и пиломатериалов, включенных в таблицу 03-01), бортовым автомобилем грузоподъемностью 5 т, на расстояние до 140 км I класс груза","1 т груза",10.7,0,0,2338.64,25023.47,25023.47]
["69","ТССЦпг-01-01-02-015","Разгрузочные работы при автомобильных перевозках: металлических конструкций массой до 1 т","1 т груза",10.7,0,0,470.71,5036.59,5036.59]
["Раздел 5. Связи и распорки",null,null,null,null,null,null,null,null,0]
["70","ТЕР09-03-014-02","Монтаж связей и распорок из одиночных и парных уголков, гнутосварных профилей для пролетов: до 24 м при высоте здания до  50 м","1 т конструкций",11.44,97016.9,1109873.3500000001,4061.93,46468.47,1156341.82]
[null,"101-0309","Канаты пеньковые пропитанные","т","0,0001\n0,0011",null,null,null,null,0]
[null,"101-0324","Кислород технический: газообразный","м3","1,1\n12,58",null,null,null,null,0]
[null,"101-0797","Проволока горячекатаная в мотках, диаметром 6,3-6,5 мм","т","0,00003\n0,0003",null,null,null,null,0]
[null,"101-1019","Швеллеры № 40 из стали марки: Ст0","т","0,00194\n0,0222",null,null,null,null,0]
[null,"101-1513","Электроды диаметром: 4 мм Э42","т","0,00041\n0,0047",null,null,null,null,0]
[null,"101-1714","Болты с гайками и шайбами строительные","т","0,02\n0,2288",null,null,null,null,0]
[null,"101-1805","Гвозди строительные","т","0,00001\n0,0001",null,null,null,null,0]
[null,"101-2278","Пропан-бутан, смесь техническая","кг","0,33\n3,775",null,null,null,null,0]
[null,"101-2467","Растворитель марки: Р-4","т","0,0006\n0,0069",null,null,null,null,0]
[null,"102-0023","Бруски обрезные хвойных пород длиной: 4-6,5 м, шириной 75-150 мм, толщиной 40-75 мм, I сорта","м3","0,00103\n0,0118",null,null,null,null,{"$f":"G207+I207","v":0}]
[null,"113-0021","Грунтовка: ГФ-021 красно-коричневая","т","0,00031\n0,0035",null,null,null,null,0]
[null,"201-0756","Отдельные конструктивные элементы зданий и сооружений с преобладанием: горячекатаных профилей, средняя масса сборочной единицы от 0,1 до 0,5 т","т","0,0002\n0,0023",null,null,null,null,0]
[null,"508-0097","Канат двойной свивки типа ТК, конструкции 6х19(1+6+12)+1 о.с., оцинкованный из проволок марки В, маркировочная группа: 1770 н/мм2, диаметром 5,5 мм","10 м","0,0187\n0,2139",null,null,null,null,0]
["71","ТЕРм38-01-003-03","Решетчатые конструкции (стойки, опоры, фермы и пр.), сборка с помощью: лебедок электрических (с установкой и снятием их в процессе работы)","1 т конструкций",11,145545,1600996.5,3563.2,39195.15,1640191.65]
[null,"101-0324","Кислород технический: газообразный","м3","2,6\n28,6",null,null,null,null,0]
[null,"101-1521","Электроды диаметром: 5 мм Э42","т","0,0215\n0,2365",null,null,null,null,0]
[null,"101-2278","Пропан-бутан, смесь техническая","кг","0,5\n5,5",null,null,null,null,0]
[null,"999-9950","Вспомогательные ненормируемые ресурсы (2% от Оплаты труда рабочих)","руб","42,32\n465,5",null,null,null,null,0]
["72","Прайс","Профиль гн. 200*6","т",3.2240000000000002,0,0,134183.51999999999,432607.68,432607.68]
["73","Прайс","Профиль гн. 160*5","т",2.3919999999999999,0,0,124873.38,298697.13,298697.13]
["74","Прайс","Профиль гн. 140*5","т",0.104,0,0,120367.31,12518.2,12518.2]
["75","Прайс","Профиль гн. 120*5","т",2.496,0,0,113870.55,284220.90000000002,284220.90000000002]
["76","Прайс","Уголок равнополочный 125*8","т",0.52,0,0,123900.69,64428.36,64428.36]
["77","Прайс","Уголок равнополочный 100*7","т",0.20799999999999999,0,0,112542.21,23408.78,23408.78]
["78","Прайс","Прокат листовой 16мм","т",0.52,0,0,103816.46,53984.56,53984.56]
["79","Прайс","Прокат листовой 12мм","т",0.83199999999999996,0,0,96028.64,79895.83,79895.83]
["80","Прайс","Прокат листовой 10мм","т",0.52,0,0,94506.44,49143.35,49143.35]
["81","Прайс","Прокат листовой 8мм","т",0.312,0,0,93155.51,29064.52,29064.52]
["82","Прайс","Прокат листовой 4мм","т",0.312,0,0,76432.47,23846.93,23846.93]
["Перевозка материалов (металл 140 км. ОП \"МКМ-СПб\")",null,null,null,null,null,null,null,null,0]
["83",null,"Металлопрокат, трубопрокат и металлоконструкции","т",11,0,0,0,0,0]
["84","ТССЦпг-03-02-01-140","Перевозка строительных грузов (кроме массовых навалочных, перевозимых автомобилями-самосвалами, а также бетонных и железобетонных изделий, стеновых и перегородочных материалов, лесоматериалов круглых и пиломатериалов, включенных в таблицу 03-01), бортовым автомобилем грузоподъемностью 5 т, на расстояние до 140 км I класс груза","1 т груза",11,0,0,2338.7199999999998,25725.95,25725.95]
["85","ТССЦпг-01-01-02-015","Разгрузочные работы при автомобильных перевозках: металлических конструкций массой до 1 т","1 т груза",11,0,0,470.67,5177.37,5177.37]
["Раздел 6. Балки",null,null,null,null,null,null,null,null,0]
["86","ТЕР09-03-002-12","Монтаж балок, ригелей перекрытия, покрытия и под установку оборудования многоэтажных зданий при высоте здания: до 25 м","1 т конструкций",30.056000000000001,35504.720000000001,1067129.8799999999,1640.27,49299.93,1116429.81]
[null,"101-0309","Канаты пеньковые пропитанные","т","0,0001\n0,003",null,null,null,null,0]
[null,"101-0324","Кислород технический: газообразный","м3","1,95\n58,61",null,null,null,null,0]
[null,"101-0797","Проволока горячекатаная в мотках, диаметром 6,3-6,5 мм","т","0,00003\n0,0009",null,null,null,null,0]
[null,"101-1019","Швеллеры № 40 из стали марки: Ст0","т","0,00194\n0,0583",null,null,null,null,0]
[null,"101-1513","Электроды диаметром: 4 мм Э42","т","0,0031\n0,0932",null,null,null,null,0]
[null,"101-1714","Болты с гайками и шайбами строительные","т","0,0031\n0,0932",null,null,null,null,0]
[null,"101-1805","Гвозди строительные","т","0,00001\n0,0003",null,null,null,null,0]
[null,"101-2278","Пропан-бутан, смесь техническая","кг","0,59\n17,73",null,null,null,null,0]
[null,"101-2467","Растворитель марки: Р-4","т","0,0006\n0,018",null,null,null,null,0]
[null,"102-0023","Бруски обрезные хвойных пород длиной: 4-6,5 м, шириной 75-150 мм, толщиной 40-75 мм, I сорта","м3","0,00103\n0,031",null,null,null,null,0]
[null,"113-0021","Грунтовка: ГФ-021 красно-коричневая","т","0,00031\n0,0093",null,null,null,null,0]
[null,"201-0756","Отдельные конструктивные элементы зданий и сооружений с преобладанием: горячекатаных профилей, средняя масса сборочной единицы от 0,1 до 0,5 т","т","0,0005\n0,015",null,null,null,null,0]
[null,"508-0097","Канат двойной свивки типа ТК, конструкции 6х19(1+6+12)+1 о.с., оцинкованный из проволок марки В, маркировочная группа: 1770 н/мм2, диаметром 5,5 мм","10 м","0,0187\n0,562",null,null,null,null,0]
["87","ТЕР09-03-002-12","Монтаж балок, ригелей перекрытия, покрытия и под установку оборудования многоэтажных зданий при высоте здания: до 25 м","1 т конструкций",0.624,40829.21,25477.43,1887.79,1177.98,26655.41]
[null,"101-0309","Канаты пеньковые пропитанные","т","0,000115\n0,0001",null,null,null,null,0]
[null,"101-0324","Кислород технический: газообразный","м3","2,2425\n1,399",null,null,null,null,0]
[null,"101-0797","Проволока горячекатаная в мотках, диаметром 6,3-6,5 мм","т","0,0000345\n0",null,null,null,null,0]
[null,"101-1019","Швеллеры № 40 из стали марки: Ст0","т","0,002231\n0,0014",null,null,null,null,0]
[null,"101-1513","Электроды диаметром: 4 мм Э42","т","0,003565\n0,0022",null,null,null,null,0]
[null,"101-1714","Болты с гайками и шайбами строительные","т","0,003565\n0,0022",null,null,null,null,0]
[null,"101-1805","Гвозди строительные","т","0,0000115\n0",null,null,null,null,0]
[null,"101-2278","Пропан-бутан, смесь техническая","кг","0,6785\n0,4234",null,null,null,null,0]
[null,"101-2467","Растворитель марки: Р-4","т","0,00069\n0,0004",null,null,null,null,0]
[null,"102-0023","Бруски обрезные хвойных пород длиной: 4-6,5 м, шириной 75-150 мм, толщиной 40-75 мм, I сорта","м3","0,0011845\n0,0007",null,null,null,null,0]
[null,"113-0021","Грунтовка: ГФ-021 красно-коричневая","т","0,0003565\n0,0002",null,null,null,null,0]
[null,"201-0756","Отдельные конструктивные элементы зданий и сооружений с преобладанием: горячекатаных профилей, средняя масса сборочной единицы от 0,1 до 0,5 т","т","0,000575\n0,0004",null,null,null,null,0]
[null,"508-0097","Канат двойной свивки типа ТК, конструкции 6х19(1+6+12)+1 о.с., оцинкованный из проволок марки В, маркировочная группа: 1770 н/мм2, диаметром 5,5 мм","10 м","0,021505\n0,0134",null,null,null,null,0]
["88","ТЕРм38-01-002-03","Монорельсы, балки и другие аналогичные конструкции промышленных зданий, сборка с помощью: лебедок электрических (с установкой и снятием их в процессе работы)","1 т конструкций",29.5,39050.199999999997,1151981.8500000001,602.24,17765.96,1169747.81]
[null,"101-0324","Кислород технический: газообразный","м3","0,6\n17,7",null,null,null,null,0]
[null,"101-1521","Электроды диаметром: 5 мм Э42","т","0,0032\n0,0944",null,null,null,null,0]
[null,"101-2278","Пропан-бутан, смесь техническая","кг","0,2\n5,9",null,null,null,null,0]
[null,"999-9950","Вспомогательные ненормируемые ресурсы (2% от Оплаты труда рабочих)","руб","10,14\n299,1",null,null,null,null,0]
["89","Прайс","Двутавр 50Ш1","т",1.456,0,0,98826.77,143891.78,143891.78]
["90","Прайс","Двутавр 40Ш1","т",5.2,0,0,96028.36,499347.47,499347.47]
["91","Прайс","Двутавр 20Ш1","т",1.04,0,0,88239.43,91769.01,91769.01]
["92","Прайс","Двутавр 40Б1","т",8.32,0,0,117753.53,979709.35,979709.35]
["93","Прайс","Двутавр 30Б1","т",4.2640000000000002,0,0,114649.03,488863.45,488863.45]
["94","Прайс","Швеллер 40П","т",0.624,0,0,116232.6,72529.14,72529.14]
["95","Прайс","Швеллер 27П","т",1.8720000000000001,0,0,112544.49,210683.29,{"$f":"G271+I271","v":210683.29}]
["96","Прайс","Швеллер 24П","т",1.768,0,0,109842.55,194201.62,194201.62]
["97","Прайс","Швеллер 22П","т",2.08,0,0,109050.93,226825.94,226825.94]
["98","Прайс","Уголок не равнополочный 140*90*8","т",0.104,0,0,139180.76999999999,14474.8,14474.8]
["99","Прайс","Прокат листовой 25мм","т",0.23504,0,0,112338.37,26404.01,26404.01]
["100","Прайс","Прокат листовой 20мм","т",0.11752,0,0,106984.26,12572.79,12572.79]
["101","Прайс","Прокат листовой 16мм","т",0.11752,0,0,103818.24000000001,12200.72,12200.72]
["102","Прайс","Прокат листовой 12мм","т",0.23504,0,0,96025.44,22569.82,22569.82]
["103","Прайс","Прокат листовой 20мм","т",0.41599999999999998,0,0,106982.43,44504.69,44504.69]
["104","Прайс","Прокат листовой 12мм","т",1.04,0,0,96028.63,99869.78,99869.78]
["105","Прайс","Прокат листовой 10мм","т",0.93600000000000005,0,0,94507.66,88459.17,88459.17]
["106","Прайс","Прокат листовой 8мм","т",0.72799999999999998,0,0,93155.51,67817.210000000006,67817.210000000006]
["107","Прайс","Прокат листовой 6мм","т",0.20799999999999999,0,0,91035.19,18935.32,18935.32]
["Перевозка материалов (металл 140 км. ОП \"МКМ-СПб\")",null,null,null,null,null,null,null,null,0]
["108",null,"Металлопрокат, трубопрокат и металлоконструкции","т",29.5,0,0,0,0,0]
["109","ТССЦпг-03-02-01-140","Перевозка строительных грузов (кроме массовых навалочных, перевозимых автомобилями-самосвалами, а также бетонных и железобетонных изделий, стеновых и перегородочных материалов, лесоматериалов круглых и пиломатериалов, включенных в таблицу 03-01), бортовым автомобилем грузоподъемностью 5 т, на расстояние до 140 км I класс груза","1 т груза",29.5,0,0,2338.67,68990.880000000005,68990.880000000005]
["110","ТССЦпг-01-01-02-015","Разгрузочные работы при автомобильных перевозках: металлических конструкций массой до 1 т","1 т груза",29.5,0,0,470.66,13884.37,13884.37]
["Раздел 7. Колонны",null,null,null,null,null,null,null,null,0]
["111","ТЕР09-03-002-03","Монтаж колонн одноэтажных и многоэтажных зданий и крановых эстакад высотой: до 25 м цельного сечения массой до 5,0 т","1 т конструкций",17.992000000000001,9078.15,163334.07,638.91999999999996,11495.37,174829.44]
[null,"101-0309","Канаты пеньковые пропитанные","т","0,0001\n0,0018",null,null,null,null,0]
[null,"101-0324","Кислород технический: газообразный","м3","0,6\n10,8",null,null,null,null,0]
[null,"101-0797","Проволока горячекатаная в мотках, диаметром 6,3-6,5 мм","т","0,00003\n0,0005",null,null,null,null,0]
[null,"101-1019","Швеллеры № 40 из стали марки: Ст0","т","0,00194\n0,0349",null,null,null,null,0]
[null,"101-1513","Электроды диаметром: 4 мм Э42","т","0,0011\n0,0198",null,null,null,null,0]
[null,"101-1714","Болты с гайками и шайбами строительные","т","0,00007\n0,0013",null,null,null,null,0]
[null,"101-1805","Гвозди строительные","т","0,00001\n0,0002",null,null,null,null,0]
[null,"101-2278","Пропан-бутан, смесь техническая","кг","0,18\n3,239",null,null,null,null,0]
[null,"101-2467","Растворитель марки: Р-4","т","0,0006\n0,0108",null,null,null,null,0]
[null,"102-0023","Бруски обрезные хвойных пород длиной: 4-6,5 м, шириной 75-150 мм, толщиной 40-75 мм, I сорта","м3","0,00103\n0,0185",null,null,null,null,0]
[null,"113-0021","Грунтовка: ГФ-021 красно-коричневая","т","0,00031\n0,0056",null,null,null,null,0]
[null,"201-0756","Отдельные конструктивные элементы зданий и сооружений с преобладанием: горячекатаных профилей, средняя масса сборочной единицы от 0,1 до 0,5 т","т","0,0003\n0,0054",null,null,null,null,0]
[null,"508-0097","Канат двойной свивки типа ТК, конструкции 6х19(1+6+12)+1 о.с., оцинкованный из проволок марки В, маркировочная группа: 1770 н/мм2, диаметром 5,5 мм","10 м","0,0187\n0,3365",null,null,null,null,0]
["112","ТЕРм38-01-002-03","Монорельсы, балки и другие аналогичные конструкции промышленных зданий, сборка с помощью: лебедок электрических (с установкой и снятием их в процессе работы)","1 т конструкций",17.3,35535.800000000003,614769.17000000004,602.19000000000005,10417.950000000001,625187.12]
[null,"101-0324","Кислород технический: газообразный","м3","0,6\n10,38",null,null,null,null,0]
[null,"101-1521","Электроды диаметром: 5 мм Э42","т","0,0032\n0,0554",null,null,null,null,0]
[null,"101-2278","Пропан-бутан, смесь техническая","кг","0,2\n3,46",null,null,null,null,0]
[null,"999-9950","Вспомогательные ненормируемые ресурсы (2% от Оплаты труда рабочих)","руб","10,14\n175,4",null,null,null,null,0]
["113","Прайс","Двутавр 35Ш1","т",14.664,0,0,95663.52,1402809.86,1402809.86]
["114","Прайс","Профиль гн. 200*6","т",1.04,0,0,134183.16,139550.49,139550.49]
["115","Прайс","Прокат листовой 40мм","т",0.52,0,0,121284.5,63067.94,63067.94]
["116","Прайс","Прокат листовой 30мм","т",0.20799999999999999,0,0,117874.04,24517.8,24517.8]
["117","Прайс","Прокат листовой 16мм","т",0.41599999999999998,0,0,103815.77,43187.360000000001,43187.360000000001]
["118","Прайс","Прокат листовой 12мм","т",0.41599999999999998,0,0,96028.63,39947.910000000003,39947.910000000003]
["119","Прайс","Прокат листовой 10мм","т",0.52,0,0,94506.44,49143.35,49143.35]
["120","Прайс","Прокат листовой 8мм","т",0.20799999999999999,0,0,93155.53,19376.349999999999,19376.349999999999]
["Перевозка материалов (металл 140 км. ОП \"МКМ-СПб\")",null,null,null,null,null,null,null,null,0]
["121",null,"Металлопрокат, трубопрокат и металлоконструкции\n201-0757","т",17.3,0,0,0,0,0]
["122","ТССЦпг-03-02-01-140","Перевозка строительных грузов (кроме массовых навалочных, перевозимых автомобилями-самосвалами, а также бетонных и железобетонных изделий, стеновых и перегородочных материалов, лесоматериалов круглых и пиломатериалов, включенных в таблицу 03-01), бортовым автомобилем грузоподъемностью 5 т, на расстояние до 140 км I класс груза","1 т груза",17.3,0,0,2338.69,40459.33,40459.33]
["123","ТССЦпг-01-01-02-015","Разгрузочные работы при автомобильных перевозках: металлических конструкций массой до 1 т","1 т груза",17.3,0,0,470.66,8142.43,8142.43]
["Раздел 8. Антикоррозионная обработка",null,null,null,null,null,null,null,null,0]
["124","ТЕР13-03-002-04","Огрунтовка металлических поверхностей за один раз: грунтовкой ГФ-021","100 м2 окрашиваемой поверхности",11.743,7043.44,82711.06,384.86,4519.42,87230.48]
[null,"113-0077","Ксилол нефтяной марки А","т","0,002\n0,0235",null,null,null,null,0]
["125","Прайс\nАналог ТССЦ-113-0021 18353,45/17895,65=3%","Грунтовка: ГФ-021 красно-коричневая","кг",140.9,0,0,403.96,56918.02,56918.02]
["126","ТЕР13-03-004-26","Окраска металлических огрунтованных поверхностей: эмалью ПФ-115 (за 2 раза) К=2","100 м2 окрашиваемой поверхности",11.743,8678.14,101907.4,240.51,2824.28,104731.68]
[null,"101-1292","Уайт-спирит","т","0,0028\n0,0329",null,null,null,null,0]
["127","Прайс\nАналог ТССЦ-113-0246 25096,77/24506,75=2%","Эмаль ПФ-115 серая","кг",446.2,0,0,505.53,225567.51,225567.51]
[null,null,"Всего, руб. с НДС",null,null,null,{"$f":"SUM(G14:G326)","v":11608824.689999999},null,{"$f":"SUM(I14:I326)","v":11022496.6},{"$f":"SUM(J14:J326)","v":22631321.289999999}]
[null,null,"Всего, руб. без НДС",null,null,null,{"$f":"G327/1.2","v":9674020.5800000001},null,{"$f":"I327/1.2","v":9185413.8300000001},{"$f":"J327/1.2","v":18859434.41}]

{"sheet":"1632-2021-3.3.9-КМ","index":13,"n_rows":129,"n_cols":10,"rows_kept":129,"cut":false,"hidden":false,"merged":[]}
[]
["Терминал по перевалке минеральных удобрений в морском торговом порту Усть-Луга. Береговые объекты терминала"]
["(наименование стройки)"]
[]
["ЛОКАЛЬНАЯ СМЕТА № 1632-2021-3.3.9-КМ-03.02.080-П-00-00"]
["(локальная смета)"]
["на Конструкции металлические, 03.02.080 Электропомещение купольного склада (ЭП-7) (код SAP 02.05.001.09) код ГП 3.3.9"]
["(наименование работ и затрат, наименование объекта)"]
[null,"Основание:","1632-2021-3.3.9-КМ_0_A_RU_IFR"]
[]
["№ п/п","Обоснование","Наименование работ и затрат","Ед. изм.","Кол-во","Цена за ед.измерения работ, руб. с НДС","Всего, стоимость работ,руб. с НДС","Цена за ед.измерения материалов, руб. с НДС","Всего, стоимость материалов, руб. с НДС","Итого, руб. с НДС"]
[1,2,3,4,5,"6","7","8","9",10]
["Раздел 1. Колонны"]
["1","ТЕР09-03-002-10","Монтаж колонн многоэтажных зданий различного назначения при высоте здания: до 25 м","т",0.83199999999999996,12992.94,10810.13,859.87,715.41,{"$f":"G14+I14","v":11525.54}]
[null,"01.3.02.08-0001","Кислород газообразный технический","м3","1,95\n1,622",null,null,null,null,{"$f":"G15+I15","v":0}]
[null,"01.3.02.09-0022","Пропан-бутан смесь техническая","кг","0,59\n0,4909",null,null,null,null,0]
[null,"01.7.11.07-0032","Электроды сварочные Э42, диаметр 4 мм","т","0,0016\n0,0013",null,null,null,null,0]
[null,"01.7.15.03-0042","Болты с гайками и шайбами строительные","кг","0,04\n0,0333",null,null,null,null,0]
[null,"01.7.15.06-0111","Гвозди строительные","т","0,00001\n0",null,null,null,null,0]
[null,"01.7.20.08-0071","Канат пеньковый пропитанный","т","0,0001\n0,0001",null,null,null,null,0]
[null,"07.2.07.12-0020","Элементы конструктивные зданий и сооружений с преобладанием горячекатаных профилей, средняя масса сборочной единицы от 0,1 до 0,5 т","т","0,0023\n0,0019",null,null,null,null,0]
[null,"08.2.02.11-0007","Канат двойной свивки ТК, конструкции 6х19(1+6+12)+1 о.с., оцинкованный, из проволок марки В, маркировочная группа 1770 н/мм2, диаметр 5,5 мм","10 м","0,0187\n0,0156",null,null,null,null,0]
[null,"08.3.03.06-0002","Проволока горячекатаная в мотках, диаметр 6,3-6,5 мм","т","0,00003\n0",null,null,null,null,0]
[null,"08.3.11.01-0091","Швеллеры № 40, марка стали Ст0","т","0,00194\n0,0016",null,null,null,null,0]
[null,"11.1.03.01-0077","Бруски обрезные, хвойных пород, длина 4-6,5 м, ширина 75-150 мм, толщина 40-75 мм, сорт I","м3","0,00103\n0,0009",null,null,null,null,0]
[null,"14.4.01.01-0003","Грунтовка ГФ-021","т","0,00031\n0,0003",null,null,null,null,0]
[null,"14.5.09.07-0030","Растворитель Р-4","кг","0,6\n0,4992",null,null,null,null,0]
["2","ТЕРм38-01-002-03","Монорельсы, балки и другие аналогичные конструкции промышленных зданий, сборка с помощью: лебедок электрических (с установкой и снятием их в процессе работы)","1 т конструкций",0.8,39051.1,31240.91,601.55999999999995,481.25,31722.16]
[null,"101-0324","Кислород технический: газообразный","м3","0,6\n0,48",null,null,null,null,0]
[null,"101-1521","Электроды диаметром: 5 мм Э42","т","0,0032\n0,0026",null,null,null,null,0]
[null,"101-2278","Пропан-бутан, смесь техническая","кг","0,2\n0,16",null,null,null,null,0]
[null,"999-9950","Вспомогательные ненормируемые ресурсы (2% от Оплаты труда рабочих)","руб","10,14\n8,112",null,null,null,null,0]
["3","Прайс","Профиль гн. 140*6","т",0.624,0,0,120369.62,75110.64,75110.64]
["4","Прайс","Прокат листовой 20мм","т",0.104,0,0,106982.39999999999,11126.17,11126.17]
["5","Прайс","Прокат листовой 10мм","т",0.104,0,0,94509.23,9828.9599999999991,9828.9599999999991]
["Перевозка материалов ( металл 140 км. ОП \"МКМ-СПб\")",null,null,null,null,null,null,null,null,0]
["6",null,"металлопрокат, трубопрокат и металлоконструкции\n201-0757","т",0.8,0,0,0,0,0]
["7","ТССЦпг-03-02-01-140","Перевозка строительных грузов (кроме массовых навалочных, перевозимых автомобилями-самосвалами, а также бетонных и железобетонных изделий, стеновых и перегородочных материалов, лесоматериалов круглых и пиломатериалов, включенных в таблицу 03-01), бортовым автомобилем грузоподъемностью 5 т, на расстояние до 140 км I класс груза","1 т груза",0.8,0,0,2338,1870.4,1870.4]
["8","ТССЦпг-01-01-02-015","Разгрузочные работы при автомобильных перевозках: металлических конструкций массой до 1 т","1 т груза",0.8,0,0,470.48,376.38,376.38]
["Раздел 2. Балки",null,null,null,null,null,null,null,null,0]
["9","ТЕР09-03-002-12","Монтаж балок, ригелей перекрытия, покрытия и под установку оборудования многоэтажных зданий при высоте здания: до 25 м","1 т конструкций",2.496,35505.410000000003,88621.5,1639.73,4092.76,92714.26]
[null,"101-0309","Канаты пеньковые пропитанные","т","0,0001\n0,0002",null,null,null,null,0]
[null,"101-0324","Кислород технический: газообразный","м3","1,95\n4,867",null,null,null,null,0]
[null,"101-0797","Проволока горячекатаная в мотках, диаметром 6,3-6,5 мм","т","0,00003\n0,0001",null,null,null,null,0]
[null,"101-1019","Швеллеры № 40 из стали марки: Ст0","т","0,00194\n0,0048",null,null,null,null,0]
[null,"101-1513","Электроды диаметром: 4 мм Э42","т","0,0031\n0,0077",null,null,null,null,0]
[null,"101-1714","Болты с гайками и шайбами строительные","т","0,0031\n0,0077",null,null,null,null,0]
[null,"101-1805","Гвозди строительные","т","0,00001\n0",null,null,null,null,0]
[null,"101-2278","Пропан-бутан, смесь техническая","кг","0,59\n1,473",null,null,null,null,0]
[null,"101-2467","Растворитель марки: Р-4","т","0,0006\n0,0015",null,null,null,null,0]
[null,"102-0023","Бруски обрезные хвойных пород длиной: 4-6,5 м, шириной 75-150 мм, толщиной 40-75 мм, I сорта","м3","0,00103\n0,0026",null,null,null,null,0]
[null,"113-0021","Грунтовка: ГФ-021 красно-коричневая","т","0,00031\n0,0008",null,null,null,null,0]
[null,"201-0756","Отдельные конструктивные элементы зданий и сооружений с преобладанием: горячекатаных профилей, средняя масса сборочной единицы от 0,1 до 0,5 т","т","0,0005\n0,0012",null,null,null,null,0]
[null,"508-0097","Канат двойной свивки типа ТК, конструкции 6х19(1+6+12)+1 о.с., оцинкованный из проволок марки В, маркировочная группа: 1770 н/мм2, диаметром 5,5 мм","10 м","0,0187\n0,0467",null,null,null,null,0]
["10","ТЕРм38-01-002-03","Монорельсы, балки и другие аналогичные конструкции промышленных зданий, сборка с помощью: лебедок электрических (с установкой и снятием их в процессе работы)","1 т конструкций",2.4,39050.5,93721.3,602.16,1445.18,95166.48]
[null,"101-0324","Кислород технический: газообразный","м3","0,6\n1,44",null,null,null,null,0]
[null,"101-1521","Электроды диаметром: 5 мм Э42","т","0,0032\n0,0077",null,null,null,null,0]
[null,"101-2278","Пропан-бутан, смесь техническая","кг","0,2\n0,48",null,null,null,null,0]
[null,"999-9950","Вспомогательные ненормируемые ресурсы (2% от Оплаты труда рабочих)","руб","10,14\n24,34",null,null,null,null,0]
["11","Прайс","Профиль гн. 120*5","т",0.104,0,0,113875.19,11843.02,11843.02]
["12","Прайс","Швеллер 16П","т",1.976,0,0,102843.58,203218.92,203218.92]
["13","Прайс","Уголок равнополочный  40*4","т",0.41599999999999998,0,0,98825.79,41111.53,41111.53]
["14","Прайс","Прокат листовой 20мм","т",19.3752,0,0,106982.24,2072802.22,2072802.22]
["Перевозка материалов ( металл 140 км. ОП \"МКМ-СПб\")",null,null,null,null,null,null,null,null,0]
["15",null,"металлопрокат, трубопрокат и металлоконструкции","т",2.4,0,0,0,0,0]
["16","ТССЦпг-03-02-01-140","Перевозка строительных грузов (кроме массовых навалочных, перевозимых автомобилями-самосвалами, а также бетонных и железобетонных изделий, стеновых и перегородочных материалов, лесоматериалов круглых и пиломатериалов, включенных в таблицу 03-01), бортовым автомобилем грузоподъемностью 5 т, на расстояние до 140 км I класс груза","1 т груза",2.4,0,0,2338.6,5612.65,5612.65]
["17","ТССЦпг-01-01-02-015","Разгрузочные работы при автомобильных перевозках: металлических конструкций массой до 1 т","1 т груза",2.4,0,0,470.48,1129.1400000000001,1129.1400000000001]
["Раздел 3. Ограждения",null,null,null,null,null,null,null,null,0]
["18","ТЕР09-03-029-01","Монтаж лестниц прямолинейных и криволинейных, пожарных с ограждением","1 т конструкций",2.1840000000000002,57879.5,126408.83,1157.01,2526.91,128935.74]
[null,"101-0309","Канаты пеньковые пропитанные","т","0,0001\n0,0002",null,null,null,null,0]
[null,"101-0324","Кислород технический: газообразный","м3","1,37\n2,992",null,null,null,null,0]
[null,"101-0797","Проволока горячекатаная в мотках, диаметром 6,3-6,5 мм","т","0,00003\n0,0001",null,null,null,null,0]
[null,"101-1019","Швеллеры № 40 из стали марки: Ст0","т","0,00194\n0,0042",null,null,null,null,0]
[null,"101-1515","Электроды диаметром: 4 мм Э46","т","0,004\n0,0087",null,null,null,null,0]
[null,"101-1805","Гвозди строительные","т","0,00001\n0",null,null,null,null,0]
[null,"101-2278","Пропан-бутан, смесь техническая","кг","0,41\n0,8954",null,null,null,null,0]
[null,"101-2467","Растворитель марки: Р-4","т","0,0006\n0,0013",null,null,null,null,0]
[null,"102-0023","Бруски обрезные хвойных пород длиной: 4-6,5 м, шириной 75-150 мм, толщиной 40-75 мм, I сорта","м3","0,00103\n0,0022",null,null,null,null,0]
[null,"113-0021","Грунтовка: ГФ-021 красно-коричневая","т","0,00031\n0,0007",null,null,null,null,{"$f":"G79+I79","v":0}]
[null,"201-0756","Отдельные конструктивные элементы зданий и сооружений с преобладанием: горячекатаных профилей, средняя масса сборочной единицы от 0,1 до 0,5 т","т","0,001\n0,0022",null,null,null,null,0]
[null,"508-0097","Канат двойной свивки типа ТК, конструкции 6х19(1+6+12)+1 о.с., оцинкованный из проволок марки В, маркировочная группа: 1770 н/мм2, диаметром 5,5 мм","10 м","0,0187\n0,0408",null,null,null,null,0]
["19","ТЕРм38-01-004-06","Сборка с помощью лебедок электрических (с установкой и снятием их в процессе работы): лестницы прямолинейные и криволинейные с ограждением","1 т конструкций",2.1,181387.8,380914.44,2724.68,5721.83,386636.27]
[null,"101-0324","Кислород технический: газообразный","м3","0,6\n1,26",null,null,null,null,0]
[null,"101-1521","Электроды диаметром: 5 мм Э42","т","0,016\n0,0336",null,null,null,null,0]
[null,"101-2278","Пропан-бутан, смесь техническая","кг","0,2\n0,42",null,null,null,null,0]
[null,"999-9950","Вспомогательные ненормируемые ресурсы (2% от Оплаты труда рабочих)","руб","51,07\n107,2",null,null,null,null,0]
["20","Прайс","Прокат листовой 6мм","т",0.104,0,0,91042.12,9468.3799999999992,9468.3799999999992]
["21","Прайс","Прокат листовой 4мм","т",1.1439999999999999,0,0,76434.13,87440.65,87440.65]
["22","Прайс","ВГП 42,3*2,8","т",0.83199999999999996,0,0,80169.47,66701,66701]
["23","Прайс","ВГП 21,3*2,5","т",0.104,0,0,74784.13,7777.55,7777.55]
["24","ТССЦ-110-0007","Болты сборочные с гайками и шайбами по классу прочности: 5.8","т",2.8392000000000001E-2,0,0,166364.47,4723.42,4723.42]
["Перевозка материалов ( металл 140 км. ОП \"МКМ-СПб\")",null,null,null,null,null,null,null,null,0]
["25",null,"металлопрокат, трубопрокат и металлоконструкции","т",2.1,0,0,0,0,0]
["26","ТССЦпг-03-02-01-140","Перевозка строительных грузов (кроме массовых навалочных, перевозимых автомобилями-самосвалами, а также бетонных и железобетонных изделий, стеновых и перегородочных материалов, лесоматериалов круглых и пиломатериалов, включенных в таблицу 03-01), бортовым автомобилем грузоподъемностью 5 т, на расстояние до 140 км I класс груза","1 т груза",2.1,0,0,2338.86,4911.6099999999997,4911.6099999999997]
["27","ТССЦпг-01-01-02-015","Разгрузочные работы при автомобильных перевозках: металлических конструкций массой до 1 т","1 т груза",2.1,0,0,470.64,988.35,988.35]
["Раздел 4. Настил",null,null,null,null,null,null,null,null,0]
["28","ТЕР09-03-030-01","Монтаж площадок с настилом и ограждением из листовой, рифленой, просечной и круглой стали","1 т конструкций",0.72799999999999998,29208.78,21263.99,1156.3599999999999,841.83,22105.82]
[null,"101-0309","Канаты пеньковые пропитанные","т","0,0001\n0,0001",null,null,null,null,0]
[null,"101-0324","Кислород технический: газообразный","м3","1,37\n0,9974",null,null,null,null,0]
[null,"101-0797","Проволока горячекатаная в мотках, диаметром 6,3-6,5 мм","т","0,00003\n0",null,null,null,null,0]
[null,"101-1019","Швеллеры № 40 из стали марки: Ст0","т","0,00194\n0,0014",null,null,null,null,0]
[null,"101-1515","Электроды диаметром: 4 мм Э46","т","0,004\n0,0029",null,null,null,null,0]
[null,"101-1805","Гвозди строительные","т","0,00001\n0",null,null,null,null,0]
[null,"101-2278","Пропан-бутан, смесь техническая","кг","0,41\n0,2985",null,null,null,null,0]
[null,"101-2467","Растворитель марки: Р-4","т","0,0006\n0,0004",null,null,null,null,0]
[null,"102-0023","Бруски обрезные хвойных пород длиной: 4-6,5 м, шириной 75-150 мм, толщиной 40-75 мм, I сорта","м3","0,00103\n0,0007",null,null,null,null,0]
[null,"113-0021","Грунтовка: ГФ-021 красно-коричневая","т","0,00031\n0,0002",null,null,null,null,0]
[null,"201-0756","Отдельные конструктивные элементы зданий и сооружений с преобладанием: горячекатаных профилей, средняя масса сборочной единицы от 0,1 до 0,5 т","т","0,001\n0,0007",null,null,null,null,0]
[null,"508-0097","Канат двойной свивки типа ТК, конструкции 6х19(1+6+12)+1 о.с., оцинкованный из проволок марки В, маркировочная группа: 1770 н/мм2, диаметром 5,5 мм","10 м","0,0187\n0,0136",null,null,null,null,0]
["29","ТЕРм38-01-004-05","Сборка с помощью лебедок электрических (с установкой и снятием их в процессе работы): площадки для обслуживания оборудования и трубопроводов","1 т конструкций",0.7,135187.20000000001,94631.039999999994,2899.8,2029.86,96660.9]
[null,"101-0324","Кислород технический: газообразный","м3","0,9\n0,63",null,null,null,null,0]
[null,"101-1521","Электроды диаметром: 5 мм Э42","т","0,0179\n0,0125",null,null,null,null,0]
[null,"101-2278","Пропан-бутан, смесь техническая","кг","0,2\n0,14",null,null,null,null,0]
[null,"999-9950","Вспомогательные ненормируемые ресурсы (2% от Оплаты труда рабочих)","руб","42,08\n29,46",null,null,null,null,0]
["30","Прайс","Лист ПВЛ ПВ506","т",0.72799999999999998,0,0,165780.82,120688.44,120688.44]
["31","ТССЦ-101-1810","Винты самонарезающие: для крепления профилированного настила и панелей к несущим конструкциям","т",2.7959999999999999E-3,0,0,256380.54,716.84,716.84]
["Перевозка материалов ( металл 140 км. ОП \"МКМ-СПб\")",null,null,null,null,null,null,null,null,0]
["32",null,"металлопрокат, трубопрокат и металлоконструкции","т",0.7,0,0,0,0,0]
["33","ТССЦпг-03-02-01-140","Перевозка строительных грузов (кроме массовых навалочных, перевозимых автомобилями-самосвалами, а также бетонных и железобетонных изделий, стеновых и перегородочных материалов, лесоматериалов круглых и пиломатериалов, включенных в таблицу 03-01), бортовым автомобилем грузоподъемностью 5 т, на расстояние до 140 км I класс груза","1 т груза",0.7,0,0,2339.54,1637.68,1637.68]
["34","ТССЦпг-01-01-02-015","Разгрузочные работы при автомобильных перевозках: металлических конструкций массой до 1 т","1 т груза",0.7,0,0,469.96,328.97,328.97]
["Раздел 5. Антикоррозионная обработка",null,null,null,null,null,null,null,null,0]
["35","ТЕР13-03-002-04","Огрунтовка металлических поверхностей за один раз: грунтовкой ГФ-021","100 м2 окрашиваемой поверхности",2.77,7414.63,20538.53,384.81,1065.93,21604.46]
[null,"113-0077","Ксилол нефтяной марки А","т","0,002\n0,0055",null,null,null,null,0]
["36","Прайс\nАналог ТССЦ-113-0021 18353,45/17895,65=3%","Грунтовка: ГФ-021 красно-коричневая","кг",33.200000000000003,0,0,402.97,13378.7,13378.7]
["37","ТЕР13-03-004-26","Окраска металлических огрунтованных поверхностей: эмалью ПФ-115 (за 2 раза) К=2","100 м2 окрашиваемой поверхности",2.77,9134.8700000000008,25303.599999999999,240.12,665.13,25968.73]
[null,"101-1292","Уайт-спирит","т","0,0028\n0,0078",null,null,null,null,0]
["38","Прайс\nАналог ТССЦ-113-0246 25096,77/24506,75=2%","Эмаль ПФ-115 серая","кг",105.3,0,0,505.53,53231.8,53231.8]
[null,null,"Всего, руб. с НДС",null,null,null,{"$f":"SUM(G14:G127)","v":893454.27},null,{"$f":"SUM(I14:I127)","v":2825609.51},{"$f":"SUM(J14:J127)","v":3719063.78}]
[null,null,"Всего, руб. без НДС",null,null,null,{"$f":"G128/1.2","v":744545.23},null,{"$f":"I128/1.2","v":2354674.59},{"$f":"J128/1.2","v":3099219.82}]